{"text_format":"3","workbook":"xlsx","n_sheets":134,"sheets":["SUMMARY","SUMMARY (OR TAMBO)","SCHED 1B-1_OR","SCHED 1B-2_OR","SCHED 1B-3A_OR","SCHED 1B-4_OR","SCHED 1B-5_OR","SCHED 1B-6_OR","SCHED 2B-1_OR","SCHED 2B-2_OR","SCHED 2B-3_OR","SCHED 2B-4_OR","SCHEDULE 3B_OR","SUMMARY (AN)","SCHED 1B-1_AN","SCHED 1B-2_AN","SCHED 1B-3A_AN","SCHED 1B-4_AN","SCHED 1B-5_AN","SCHED 1B-6_AN","SCHED 2B-1_AN","SCHED 2B-2_AN","SCHED 2B-3_AN","SCHED 2B-4_AN","SCHEDULE 3B_AN","SCHEDULE 4","WORK ORDERS  01 LAETITIA BAM CH","JOSE PEARSON TB HOSPITAL (02)","NEW BRIGHTON MORTUARY (03)","DORA NGIZA HOSPITAL (04)","LAETITIA BAM CHC (05)","MOTHERWELL CHC (06)","MOTHERWEL CHC (07)","ORSMOND TB HOSPITAL (08)","JOSE PEARSON TB HOSPITAL (09)","LIVINGSTONE HOSPITAL (10)","LAETITIA BAM CHC (11)","WEST END (12)","PORT ELIZABETH PRO.(13)","DORA NGIZA HOSP (14)","ORSMOND TB HOSP (15)","MOUNT RD MORT. (16)","PARMACEUTICA DEP (17)","DORA NGIZA HOSP (18)","DORA NGIZA (19)","LIVINGSTONE HOSPITAL (20)","PE PROV. HOSPITAL (21)","GQEBERA CHC (22)","PORT EZIABERTH MEDIC DEPOT(23)","LIVINGSTONE HOSPITAL (24)","MOTHERWELL CHC (25)","LIVINGSTONE HOSPITAL (26)","GQEBERA CHC (27)","DORA NGINZA HOSPITAL (28)","ELIZABETH DOKIN HOSP(29)","PORT ELIZABETH PROV (30)","MOUNTROAD MORTUARY (31)","UITENHAGE PRO.HOSPITAL (32)","JOSE PEARSON TB HSPITAL (33)","LAETITA BAM CHC (34)","MOTHEWELL CHC (35)","LAETITA BAM CHC (36)","PE PROV. (37)","ORSMOND TB HOSP. (38)","Gqebera CHC (39)","Dora Ngiza (40)","PE Pronvincial Hospital (41)","Motherwell CHC (42)","Westend Clinic (43)","Dora Ngiza (44)","Elizabeth Hospital (45)","Jose Pearson (46)","Livingstone Hospital (47)","PE Pro. Hosp (48)","Elizabeth Donken hosp.(49)","Dora Ngiza (50)","Dora Ngiza (51)","West End (52)","Elizabeth Hospital (53)","Orsmond TB Hosp.(54)","Port Elizabeth (55)","Livingston Hosp (56)","New Brighton M.(57)","West End (58)","Dora Ngiza chc (59)","New Brighston (60)","Jose Pearson TB Hosp (61)","Jose Pearson TB Hosp (62)","Livingstone Hosp (63)","Jose Pearson TB Hosp (64)","Motherwell chc (65)","Dora Ngiza (66)","Orsmond TB Hosp (66)","Dora Ngiza Hosp (67)","Uitenhage Forensic (68)","Dora Ngiza Hospital (70)","Jose Pearson Sant (71)","Gqebera chc (72)","Dora Ngiza Hospital (73)","Jose Pearson Sant (74)","Livingston Hospital (75)","Leticia Bam Hospital (76)","Unitenhage Pro (69)","Gqebera chc (77)","PE Prov (78)","Linvingston (79)","Dora Ngiza (80)","Dora Ngiza (81)","Galvendale Foresic (83)","Struandale Depot (84)","PE Prov (85)","West End (86)","Livingston Hospital (87)","Dora Ngiza (88)","Mt Road (82)","West End (89)","Walton Conyng (90)","Uitenhage Hospital  (91)","Jose Pearson Hospital (92)","Motherwell Hospital (93)","West End chc (94)","Qoutation ","Jose Pearson Hospital (95)","Qoutation Jose Pearson","Jose Pearson","Dora Ngiza (96)","Uitenhage Pro (97)","Jose Pearson (98)","Dora Ngiza (99)","Gqebera chc (100)","Jose Pearson (101)","Dora Ngiza (102)","PE PRO. (103)","West End (104)"],"not_rendered":{"images":1,"external_links":1,"defined_names":63},"read":"whole","date_system":"1900"}

{"sheet":"SUMMARY","index":0,"n_rows":26,"n_cols":6,"rows_kept":26,"merged":[[3,5,3,6],[5,1,5,2],[5,3,5,5],[6,1,6,4],[7,2,7,4],[8,2,8,4],[9,2,9,4],[10,2,10,4],[11,2,11,4],[12,2,12,4],[13,2,13,4],[14,2,14,4],[15,2,15,4],[16,2,16,4],[17,2,17,4],[18,2,18,4],[19,2,19,4],[20,2,20,4],[21,2,21,4],[22,2,22,4],[23,1,23,4],[24,1,24,4],[25,1,25,4]]}
[]
[null,"SCHEDULE MAINTENANCE OF LAUNDRY AND ASSOCIATED EQUIPMENT AT CLUSTER ONE (1) – OR TAMBO AND ALFRED NZO DISTRICT – HEALTH FACILITIES (36 MONTHS)"]
[]
[null,"CONTRACT REF NO",null,"SCMU3-2526-0161-HO","Cluster/District:","OR TAMBO DISTRICT & ALFRED NZO"]
[null,"C2.2 IS A MANDATORY RETURNABLE DOCUMENT. FAILURE TO COMPLETE AND SUBMIT THIS DOCUMENT WILL RESULT IN DISQUALIFICATION OF THE TENDERER"]
[null,"ASSET TYPE",null,"LAUNDRY EQUIPMENT "]
[]
[null,null,"DESCRIPTION",null,null,"TOTAL AMOUNT OF WORKS (EXCL VAT)"]
[null,1,"OR TAMBO DISTRICT"]
[]
[null,2,"ALFRED NZO DISTRICT"]
[]
[null,3,"SCHEDULE 4: TERM REPAIRS SUBJECT TO APPROVAL OF QUOTATION OF THE WORKS "]
[]
[null,4,"Add contingencies (10%)"]
{"$rows_empty":8}
[null,"SUBTOTAL AMOUNT OF WORKS (EXCL VAT)"]
[null,"ALLOWANCE FOR VAT AT 15%"]
[null,"TOTAL AMOUNT OF WORKS (INCL VAT) - ENTER THIS AMOUNT TO FORM OF OFFER"]

{"sheet":"SUMMARY (OR TAMBO)","index":1,"n_rows":38,"n_cols":6,"rows_kept":38,"merged":[[1,1,1,5],[3,5,3,6],[5,1,5,2],[5,3,5,5],[6,1,6,4],[7,2,7,4],[35,2,35,4],[37,1,37,4]]}
[]
[null,"SCHEDULE MAINTENANCE OF LAUNDRY AND ASSOCIATED EQUIPMENT AT CLUSTER ONE (1) – OR TAMBO AND ALFRED NZO DISTRICT – HEALTH FACILITIES (36 MONTHS)"]
[]
[null,"CONTRACT REF NO",null,"SCMU3-2526-0161-HO","Cluster/District:","OR TAMBO DISTRICT"]
[{"$nulls":5},"Cluster 1 "]
[null,"ASSET TYPE",null,"LAUNDRY EQUIPMENT"]
[]
[null,"SCHEDULE NUMBER","DESCRIPTION",null,null,"TENDER AMOUNT"]
[]
[null,"1B-1","OR DISTRICT - ",{"$f":"'SCHED 1B-1_OR'!D6","v":"FIXED CHARGE AND VALUE RELATED ITEMS APPLICABLE TO ALL WORK "}]
[]
[null,"1B-2","OR DISTRICT - ",{"$f":"'SCHED 1B-2_OR'!D6","v":"FIXED CHARGE AND VALUE RELATED ITEMS APPLICABLE TO ALL WORK (continued)"}]
[]
[null,"1B-3","OR DISTRICT - ",{"$f":"'SCHED 1B-4_OR'!D6","v":"FIXED CHARGE AND VALUE RELATED ITEMS APPLICABLE TO ALL WORK (continued)"}]
[]
[null,"1B-4","OR DISTRICT - ",{"$f":"'SCHED 1B-5_OR'!D6","v":"FIXED CHARGE AND VALUE RELATED ITEMS APPLICABLE TO ALL WORK (continued)"}]
[]
[null,"1B-5","OR DISTRICT - ",{"$f":"'SCHED 1B-6_OR'!D6","v":"FIXED CHARGE AND VALUE RELATED ITEMS APPLICABLE TO ALL WORK "}]
[]
[null,"1B-6","OR DISTRICT - ",{"$f":"'SCHED 1B-6_OR'!D6","v":"FIXED CHARGE AND VALUE RELATED ITEMS APPLICABLE TO ALL WORK "}]
[]
[null,"2B-1","OR DISTRICT - ",{"$f":"'SCHED 2B-1_OR'!D6","v":"FUNCTIONAL REPAIR SCHEDULE "}]
[]
[null,"2B-2","OR DISTRICT - ",{"$f":"'SCHED 2B-2_OR'!D6","v":"FUNCTIONAL REPAIR SCHEDULE (continued)"}]
[]
[null,"2B-3","OR DISTRICT - ",{"$f":"'SCHED 2B-3_OR'!D6","v":"FUNCTIONAL REPAIR SCHEDULE (continued)"}]
[]
[null,"2B-4","OR DISTRICT - ",{"$f":"'SCHED 2B-4_OR'!D6","v":"FUNCTIONAL REPAIR SCHEDULE "}]
[]
[null,"3B","OR DISTRICT - ",{"$f":"'SCHEDULE 3B_OR'!D6","v":"MAINTENANCE SERVICE SCHEDULE"}]
{"$rows_empty":7}
[null,"TOTAL AMOUNT OF WORKS (EXCL VAT) - CARRIED TO FINAL SUMMARY"]

{"sheet":"SCHED 1B-1_OR","index":2,"n_rows":26,"n_cols":8,"rows_kept":26,"merged":[[1,1,1,5],[2,4,2,5]]}
[]
[null,"SCHEDULE MAINTENANCE OF LAUNDRY AND ASSOCIATED EQUIPMENT AT CLUSTER ONE (1) – OR TAMBO AND ALFRED NZO DISTRICT – HEALTH FACILITIES (36 MONTHS)"]
[null,"CONTRACT REF. NO:",null,"SCMU3-2526-0161-HO","Cluster/District:",null,{"$f":"'SUMMARY (OR TAMBO)'!F4","v":"OR TAMBO DISTRICT"}]
[null,"ASSET TYPE:",null,{"$f":"'SUMMARY (OR TAMBO)'!D6","v":"LAUNDRY EQUIPMENT"},null,null,{"$f":"'SUMMARY (OR TAMBO)'!F5","v":"Cluster 1 "}]
[]
[null,"SCHEDULE 1B-1 : ",null,"FIXED CHARGE AND VALUE RELATED ITEMS APPLICABLE TO ALL WORK "]
[]
[null,"ITEM Nr.","PAYMENT REFERS","DESCRIPTION","UNIT","QTY","RATE","AMOUNT"]
[null,1,"GM 2.5","VERIFICATION OF ASSETS ON SITE : Verify assets on site  vs Asset Register (C4.1), and compile plant layout line drawings as per GM 2.5 (1) and (2)."]
[null,"1.1",null,"Zithulele District Hospital","Item",1]
[null,"1.2",null,"Nelson Mandela Academic Hospital","Item",1]
[null,"1.3",null,"Ngangelizwe CHC","Item",1]
[null,"1.4",null,"Mthatha Regional Hospital","Item",1]
[null,"1.5",null,"Canzibe Hospital","Item",1]
[null,"1.6",null,"St Barnabas Hospital","Item",1]
[null,"1.7",null,"Nessie Knight Hospital","Item",1]
[null,"1.8",null,"St Lucy's Hospital","Item",1]
[null,"1.9",null,"Dr Malizo Mpehle Memorial Hospital","Item",1]
[null,"1.10",null,"Isilimela Hospital","Item",1]
[null,"1.11",null,"Port St Johns CHC","Item",1]
[null,"1.12",null,"Bambisana Hospital","Item",1]
[null,"1.13",null,"Holy Cross Hospital","Item",1]
[null,"1.14",null,"Flagstaff CHC","Item",1]
[null,"1.15",null,"Lusikisiki EMS Station","Item",1]
[null,"1.16",null,"St Elizabeth's Hospital","Item",1]
[null,"TOTAL CARRIED FORWARD TO SUMMARY "]

{"sheet":"SCHED 1B-2_OR","index":3,"n_rows":26,"n_cols":8,"rows_kept":26,"merged":[[1,1,1,5],[2,4,2,5]]}
[]
[null,"SCHEDULE MAINTENANCE OF LAUNDRY AND ASSOCIATED EQUIPMENT AT CLUSTER ONE (1) – OR TAMBO AND ALFRED NZO DISTRICT – HEALTH FACILITIES (36 MONTHS)"]
[null,"CONTRACT REF. NO:",null,"SCMU3-2526-0161-HO","Cluster/District:",null,{"$f":"'SUMMARY (OR TAMBO)'!F4","v":"OR TAMBO DISTRICT"}]
[null,"ASSET TYPE:",null,{"$f":"'SUMMARY (OR TAMBO)'!D6","v":"LAUNDRY EQUIPMENT"},null,null,{"$f":"'SUMMARY (OR TAMBO)'!F5","v":"Cluster 1 "}]
[]
[null,"SCHEDULE 1B-2: ",null,"FIXED CHARGE AND VALUE RELATED ITEMS APPLICABLE TO ALL WORK (continued)"]
[]
[null,"ITEM Nr.","PAYMENT REFERS","DESCRIPTION","UNIT","QTY","RATE","AMOUNT"]
[null,2,"GM 2.5 & 3.2","VERIFICATION OF SPARE PART INVENTORY ON SITE : Find and verify all spares for the asset type that is currently available on site"]
[null,2.1,null,"Zithulele District Hospital","Item",1]
[null,2.2,null,"Nelson Mandela Academic Hospital","Item",1]
[null,2.3,null,"Ngangelizwe CHC","Item",1]
[null,2.4,null,"Mthatha Regional Hospital","Item",1]
[null,2.5,null,"Canzibe Hospital","Item",1]
[null,2.6,null,"St Barnabas Hospital","Item",1]
[null,2.7,null,"Nessie Knight Hospital","Item",1]
[null,2.8,null,"St Lucy's Hospital","Item",1]
[null,2.9,null,"Dr Malizo Mpehle Memorial Hospital","Item",1]
[null,2.1,null,"Isilimela Hospital","Item",1]
[null,2.11,null,"Port St Johns CHC","Item",1]
[null,2.12,null,"Bambisana Hospital","Item",1]
[null,2.13,null,"Holy Cross Hospital","Item",1]
[null,2.14,null,"Flagstaff CHC","Item",1]
[null,2.15,null,"Lusikisiki EMS Station","Item",1]
[null,2.16,null,"St Elizabeth's Hospital","Item",1]
[null,"TOTAL CARRIED FORWARD TO SUMMARY "]

{"sheet":"SCHED 1B-3A_OR","index":4,"n_rows":27,"n_cols":8,"rows_kept":27,"merged":[[1,1,1,5],[2,4,2,5]]}
[]
[null,"SCHEDULE MAINTENANCE OF LAUNDRY AND ASSOCIATED EQUIPMENT AT CLUSTER ONE (1) – OR TAMBO AND ALFRED NZO DISTRICT – HEALTH FACILITIES (36 MONTHS)"]
[null,"CONTRACT REF. NO:",null,"SCMU3-2526-0161-HO","Cluster/District:",null,{"$f":"'SUMMARY (OR TAMBO)'!F4","v":"OR TAMBO DISTRICT"}]
[null,"ASSET TYPE:",null,{"$f":"'SUMMARY (OR TAMBO)'!D6","v":"LAUNDRY EQUIPMENT"},null,null,{"$f":"'SUMMARY (OR TAMBO)'!F5","v":"Cluster 1 "}]
[]
[null,"SCHEDULE 1B-3: ",null,"FIXED CHARGE AND VALUE RELATED ITEMS APPLICABLE TO ALL WORK (continued)"]
[]
[null,"ITEM Nr.","PAYMENT REFERS","DESCRIPTION","UNIT","QTY","RATE","AMOUNT"]
[null,3,"GM 2.7","COMPILING OF CONDITIONAL AND PERFORMANCE INSPECTION  REPORT: Compile a inspection report on the current status and operation of the existing generating sets on site. The report shall be in line with the inspection report template included in this tender."]
[null,3.1,null,"Zithulele District Hospital","Item",1]
[null,3.2,null,"Nelson Mandela Academic Hospital","Item",1]
[null,3.3,null,"Ngangelizwe CHC","Item",1]
[null,3.4,null,"Mthatha Regional Hospital","Item",1]
[null,3.5,null,"Canzibe Hospital","Item",1]
[null,3.6,null,"St Barnabas Hospital","Item",1]
[null,3.7,null,"Nessie Knight Hospital","Item",1]
[null,3.8,null,"St Lucy's Hospital","Item",1]
[null,3.9,null,"Dr Malizo Mpehle Memorial Hospital","Item",1]
[null,3.1,null,"Isilimela Hospital","Item",1]
[null,3.11,null,"Port St Johns CHC","Item",1]
[null,3.12,null,"Bambisana Hospital","Item",1]
[null,3.13,null,"Holy Cross Hospital","Item",1]
[null,3.14,null,"Flagstaff CHC","Item",1]
[null,3.15,null,"Lusikisiki EMS Station","Item",1]
[null,3.16,null,"St Elizabeth's Hospital","Item",1]
[]
[null,"TOTAL CARRIED FORWARD TO SUMMARY "]

{"sheet":"SCHED 1B-4_OR","index":5,"n_rows":27,"n_cols":8,"rows_kept":27,"merged":[[1,1,1,5],[2,4,2,5]]}
[]
[null,"SCHEDULE MAINTENANCE OF LAUNDRY AND ASSOCIATED EQUIPMENT AT CLUSTER ONE (1) – OR TAMBO AND ALFRED NZO DISTRICT – HEALTH FACILITIES (36 MONTHS)"]
[null,"CONTRACT REF. NO:",null,"SCMU3-2526-0161-HO","Cluster/District:",null,{"$f":"'SUMMARY (OR TAMBO)'!F4","v":"OR TAMBO DISTRICT"}]
[null,"ASSET TYPE:",null,{"$f":"'SUMMARY (OR TAMBO)'!D6","v":"LAUNDRY EQUIPMENT"},null,null,{"$f":"'SUMMARY (OR TAMBO)'!F5","v":"Cluster 1 "}]
[]
[null,"SCHEDULE 1B-4: ",null,"FIXED CHARGE AND VALUE RELATED ITEMS APPLICABLE TO ALL WORK (continued)"]
[]
[null,"ITEM Nr.","PAYMENT REFERS","DESCRIPTION","UNIT","QTY","RATE","AMOUNT"]
[null,4,"GM 2.7","COMPILING OF OPERATING AND MAINTENANCE MANUALS : Compile three sets of O&M Manuals per site per asset type and asset model as per information from the Asset Register C4.1"]
[null,4.1,null,"Zithulele District Hospital","Item",1]
[null,4.2,null,"Nelson Mandela Academic Hospital","Item",1]
[null,4.3,null,"Ngangelizwe CHC","Item",1]
[null,4.4,null,"Mthatha Regional Hospital","Item",1]
[null,4.5,null,"Canzibe Hospital","Item",1]
[null,4.6,null,"St Barnabas Hospital","Item",1]
[null,4.7,null,"Nessie Knight Hospital","Item",1]
[null,4.8,null,"St Lucy's Hospital","Item",1]
[null,4.9,null,"Dr Malizo Mpehle Memorial Hospital","Item",1]
[null,"4.10",null,"Isilimela Hospital","Item",1]
[null,"4.11",null,"Port St Johns CHC","Item",1]
[null,4.12,null,"Bambisana Hospital","Item",1]
[null,4.13,null,"Holy Cross Hospital","Item",1]
[null,4.14,null,"Flagstaff CHC","Item",1]
[null,4.15,null,"Lusikisiki EMS Station","Item",1]
[null,4.16,null,"St Elizabeth's Hospital","Item",1]
[]
[null,"TOTAL CARRIED FORWARD TO SUMMARY "]

{"sheet":"SCHED 1B-5_OR","index":6,"n_rows":26,"n_cols":8,"rows_kept":26,"merged":[[1,1,1,5],[2,4,2,5]]}
[]
[null,"SCHEDULE MAINTENANCE OF LAUNDRY AND ASSOCIATED EQUIPMENT AT CLUSTER ONE (1) – OR TAMBO AND ALFRED NZO DISTRICT – HEALTH FACILITIES (36 MONTHS)"]
[null,"CONTRACT REF. NO:",null,"SCMU3-2526-0161-HO","Cluster/District:",null,{"$f":"'SUMMARY (OR TAMBO)'!F4","v":"OR TAMBO DISTRICT"}]
[null,"ASSET TYPE:",null,{"$f":"'SUMMARY (OR TAMBO)'!D6","v":"LAUNDRY EQUIPMENT"},null,null,{"$f":"'SUMMARY (OR TAMBO)'!F5","v":"Cluster 1 "}]
[]
[null,"SCHEDULE 1B-5: ",null,"FIXED CHARGE AND VALUE RELATED ITEMS APPLICABLE TO ALL WORK (continued)"]
[]
[null,"ITEM Nr.","PAYMENT REFERS","DESCRIPTION","UNIT","QTY","RATE","AMOUNT"]
[null,5,"SS 8 & 9","OPERATOR AND MAINTAINER TRAINING : Provide Operator and Maintainer training as per SS8 and SS9"]
[null,5.1,null,"Zithulele District Hospital","Hrs ",40]
[null,5.2,null,"Nelson Mandela Academic Hospital","Hrs ",40]
[null,5.3,null,"Ngangelizwe CHC","Hrs ",40]
[null,5.4,null,"Mthatha Regional Hospital","Hrs ",40]
[null,5.5,null,"Canzibe Hospital","Hrs ",40]
[null,5.6,null,"St Barnabas Hospital","Hrs ",40]
[null,5.7,null,"Nessie Knight Hospital","Hrs ",40]
[null,5.8,null,"St Lucy's Hospital","Hrs ",40]
[null,5.9,null,"Dr Malizo Mpehle Memorial Hospital","Hrs ",40]
[null,"5,10",null,"Isilimela Hospital","Hrs ",40]
[null,5.11,null,"Port St Johns CHC","Hrs ",40]
[null,5.12,null,"Bambisana Hospital","Hrs ",40]
[null,5.13,null,"Holy Cross Hospital","Hrs ",40]
[null,5.14,null,"Flagstaff CHC","Hrs ",40]
[null,5.15,null,"Lusikisiki EMS Station","Hrs ",40]
[null,5.16,null,"St Elizabeth's Hospital","Hrs ",40]
[null,"TOTAL CARRIED FORWARD TO SUMMARY "]

{"sheet":"SCHED 1B-6_OR","index":7,"n_rows":26,"n_cols":8,"rows_kept":26,"merged":[[1,1,1,5],[2,4,2,5]]}
[]
[null,"SCHEDULE MAINTENANCE OF LAUNDRY AND ASSOCIATED EQUIPMENT AT CLUSTER ONE (1) – OR TAMBO AND ALFRED NZO DISTRICT – HEALTH FACILITIES (36 MONTHS)"]
[null,"CONTRACT REF. NO:",null,"SCMU3-2526-0161-HO","Cluster/District:",null,{"$f":"'SUMMARY (OR TAMBO)'!F4","v":"OR TAMBO DISTRICT"}]
[null,"ASSET TYPE:",null,{"$f":"'SUMMARY (OR TAMBO)'!D6","v":"LAUNDRY EQUIPMENT"},null,null,{"$f":"'SUMMARY (OR TAMBO)'!F5","v":"Cluster 1 "}]
[]
[null,"SCHEDULE 1B-6: ",null,"FIXED CHARGE AND VALUE RELATED ITEMS APPLICABLE TO ALL WORK "]
[]
[null,"ITEM Nr.","PAYMENT REFERS","DESCRIPTION","UNIT","QTY","RATE","AMOUNT"]
[null,6,"GM 3","MAINTENANCE CONTROL PLAN : Compiling of a detailed Maintenance Control Plan for each Health Facility included in this Tender (See SS 3 for facility listing)"]
[null,6.1,null,"Zithulele District Hospital","Item",1]
[null,6.2,null,"Nelson Mandela Academic Hospital","Item",1]
[null,6.3,null,"Ngangelizwe CHC","Item",1]
[null,6.4,null,"Mthatha Regional Hospital","Item",1]
[null,6.5,null,"Canzibe Hospital","Item",1]
[null,6.6,null,"St Barnabas Hospital","Item",1]
[null,6.7,null,"Nessie Knight Hospital","Item",1]
[null,6.8,null,"St Lucy's Hospital","Item",1]
[null,6.9,null,"Dr Malizo Mpehle Memorial Hospital","Item",1]
[null,"6,10",null,"Isilimela Hospital","Item",1]
[null,6.11,null,"Port St Johns CHC","Item",1]
[null,6.12,null,"Bambisana Hospital","Item",1]
[null,6.13,null,"Holy Cross Hospital","Item",1]
[null,6.14,null,"Flagstaff CHC","Item",1]
[null,6.15,null,"Lusikisiki EMS Station","Item",1]
[null,6.16,null,"St Elizabeth's Hospital","Item",1]
[null,"TOTAL CARRIED FORWARD TO SUMMARY "]

{"sheet":"SCHED 2B-1_OR","index":8,"n_rows":26,"n_cols":8,"rows_kept":26,"merged":[[1,1,1,5],[2,4,2,5]]}
[]
[null,"SCHEDULE MAINTENANCE OF LAUNDRY AND ASSOCIATED EQUIPMENT AT CLUSTER ONE (1) – OR TAMBO AND ALFRED NZO DISTRICT – HEALTH FACILITIES (36 MONTHS)"]
[null,"CONTRACT REF. NO:",null,"SCMU3-2526-0161-HO","Cluster/District:",null,{"$f":"'SCHED 1B-1_OR'!G3","v":"OR TAMBO DISTRICT"}]
[null,"ASSET TYPE:",null,{"$f":"'SUMMARY (OR TAMBO)'!D6","v":"LAUNDRY EQUIPMENT"},null,null,{"$f":"'SUMMARY (OR TAMBO)'!F5","v":"Cluster 1 "}]
[]
[null,"SCHEDULE 2B-1: ",null,"FUNCTIONAL REPAIR SCHEDULE "]
[]
[null,"ITEM Nr.","PAYMENT REFERS","DESCRIPTION","UNIT","QTY","RATE","AMOUNT"]
[null,1,"GM 2.5","FUNCTIONAL CONDITION ASSESSMENT : Perform Functional Condition Assessment (Inspection and Testing) on all listed assets at all Health Facilities included in the Tender"]
[null,"1.1",null,"Zithulele District Hospital","Item",1]
[null,"1.2",null,"Nelson Mandela Academic Hospital","Item",1]
[null,"1.3",null,"Ngangelizwe CHC","Item",1]
[null,"1.4",null,"Mthatha Regional Hospital","Item",1]
[null,"1.5",null,"Canzibe Hospital","Item",1]
[null,"1.6",null,"St Barnabas Hospital","Item",1]
[null,"1.7",null,"Nessie Knight Hospital","Item",1]
[null,"1.8",null,"St Lucy's Hospital","Item",1]
[null,"1.9",null,"Dr Malizo Mpehle Memorial Hospital","Item",1]
[null,"1.10",null,"Isilimela Hospital","Item",1]
[null,"1.11",null,"Port St Johns CHC","Item",1]
[null,"1.12",null,"Bambisana Hospital","Item",1]
[null,"1.13",null,"Holy Cross Hospital","Item",1]
[null,"1.14",null,"Flagstaff CHC","Item",1]
[null,"1.15",null,"Lusikisiki EMS Station","Item",1]
[null,"1.16",null,"St Elizabeth's Hospital","Item",1]
[null,"TOTAL CARRIED FORWARD TO SUMMARY "]

{"sheet":"SCHED 2B-2_OR","index":9,"n_rows":26,"n_cols":8,"rows_kept":26,"merged":[[1,1,1,5],[2,4,2,5]]}
[]
[null,"SCHEDULE MAINTENANCE OF LAUNDRY AND ASSOCIATED EQUIPMENT AT CLUSTER ONE (1) – OR TAMBO AND ALFRED NZO DISTRICT – HEALTH FACILITIES (36 MONTHS)"]
[null,"CONTRACT REF. NO:",null,"SCMU3-2526-0161-HO","Cluster/District:",null,{"$f":"'SCHED 1B-1_OR'!G3","v":"OR TAMBO DISTRICT"}]
[null,"ASSET TYPE:",null,{"$f":"'SUMMARY (OR TAMBO)'!D6","v":"LAUNDRY EQUIPMENT"},null,null,{"$f":"'SUMMARY (OR TAMBO)'!F5","v":"Cluster 1 "}]
[]
[null,"SCHEDULE 2B-2: ",null,"FUNCTIONAL REPAIR SCHEDULE (continued)"]
[]
[null,"ITEM Nr.","PAYMENT REFERS","DESCRIPTION","UNIT","QTY","RATE","AMOUNT"]
[null,2,"GM 2.5.(5)","COMPILING OF PRICED SPARE PART LISTS : Compile detailed, comprehensive priced spare parts lists for each site and asset type (based on Contrcator's cost price). NOTE: The Employer retains the right to negotiate the offered spare part prices, if they are not in line with national  price norms."]
[null,2.1,null,"Zithulele District Hospital","Item",1]
[null,2.2,null,"Nelson Mandela Academic Hospital","Item",1]
[null,2.3,null,"Ngangelizwe CHC","Item",1]
[null,2.4,null,"Mthatha Regional Hospital","Item",1]
[null,2.5,null,"Canzibe Hospital","Item",1]
[null,2.6,null,"St Barnabas Hospital","Item",1]
[null,2.7,null,"Nessie Knight Hospital","Item",1]
[null,2.8,null,"St Lucy's Hospital","Item",1]
[null,2.9,null,"Dr Malizo Mpehle Memorial Hospital","Item",1]
[null,2.1,null,"Isilimela Hospital","Item",1]
[null,2.11,null,"Port St Johns CHC","Item",1]
[null,2.12,null,"Bambisana Hospital","Item",1]
[null,2.13,null,"Holy Cross Hospital","Item",1]
[null,2.14,null,"Flagstaff CHC","Item",1]
[null,2.15,null,"Lusikisiki EMS Station","Item",1]
[null,2.16,null,"St Elizabeth's Hospital","Item",1]
[null,"TOTAL CARRIED FORWARD TO SUMMARY "]

{"sheet":"SCHED 2B-3_OR","index":10,"n_rows":26,"n_cols":8,"rows_kept":26,"merged":[[1,1,1,5],[2,4,2,5]]}
[]
[null,"SCHEDULE MAINTENANCE OF LAUNDRY AND ASSOCIATED EQUIPMENT AT CLUSTER ONE (1) – OR TAMBO AND ALFRED NZO DISTRICT – HEALTH FACILITIES (36 MONTHS)"]
[null,"CONTRACT REF. NO:",null,"SCMU3-2526-0161-HO","Cluster/District:",null,{"$f":"'SCHED 1B-1_OR'!G3","v":"OR TAMBO DISTRICT"}]
[null,"ASSET TYPE:",null,{"$f":"'SUMMARY (OR TAMBO)'!D6","v":"LAUNDRY EQUIPMENT"},null,null,{"$f":"'SUMMARY (OR TAMBO)'!F5","v":"Cluster 1 "}]
[]
[null,"SCHEDULE 2B-3: ",null,"FUNCTIONAL REPAIR SCHEDULE (continued)"]
[]
[null,"ITEM Nr.","PAYMENT REFERS","DESCRIPTION","UNIT","QTY","RATE","AMOUNT"]
[null,3,"GM 2.5","COMPILING OF DETAILED REPAIR SCHEDULE : Compile detailed, comprehensive repair schedule including defect description, recommended repair method, detailed quote including priced spare parts, outsourced work, and provisional work program, for each Health Facility and asset type."]
[null,3.1,null,"Zithulele District Hospital","Item",1]
[null,3.2,null,"Nelson Mandela Academic Hospital","Item",1]
[null,3.3,null,"Ngangelizwe CHC","Item",1]
[null,3.4,null,"Mthatha Regional Hospital","Item",1]
[null,3.5,null,"Canzibe Hospital","Item",1]
[null,3.6,null,"St Barnabas Hospital","Item",1]
[null,3.7,null,"Nessie Knight Hospital","Item",1]
[null,3.8,null,"St Lucy's Hospital","Item",1]
[null,3.9,null,"Dr Malizo Mpehle Memorial Hospital","Item",1]
[null,3.1,null,"Isilimela Hospital","Item",1]
[null,3.11,null,"Port St Johns CHC","Item",1]
[null,3.12,null,"Bambisana Hospital","Item",1]
[null,3.13,null,"Holy Cross Hospital","Item",1]
[null,3.14,null,"Flagstaff CHC","Item",1]
[null,3.15,null,"Lusikisiki EMS Station","Item",1]
[null,3.16,null,"St Elizabeth's Hospital","Item",1]
[null,"TOTAL CARRIED FORWARD TO SUMMARY "]

{"sheet":"SCHED 2B-4_OR","index":11,"n_rows":26,"n_cols":8,"rows_kept":26,"merged":[[1,1,1,5],[2,4,2,5]]}
[]
[null,"SCHEDULE MAINTENANCE OF LAUNDRY AND ASSOCIATED EQUIPMENT AT CLUSTER ONE (1) – OR TAMBO AND ALFRED NZO DISTRICT – HEALTH FACILITIES (36 MONTHS)"]
[null,"CONTRACT REF. NO:",null,"SCMU3-2526-0161-HO","Cluster/District:",null,{"$f":"'SCHED 1B-1_OR'!G3","v":"OR TAMBO DISTRICT"}]
[null,"ASSET TYPE:",null,{"$f":"'SUMMARY (OR TAMBO)'!D6","v":"LAUNDRY EQUIPMENT"},null,null,{"$f":"'SUMMARY (OR TAMBO)'!F5","v":"Cluster 1 "}]
[]
[null,"SCHEDULE 2B-4: ",null,"FUNCTIONAL REPAIR SCHEDULE "]
[]
[null,"ITEM Nr.","PAYMENT REFERS","DESCRIPTION","UNIT","QTY","RATE","AMOUNT"]
[null,4,"GM 2.6","COMPILE FUNCTIONAL CONDITION ASSESSMENT REPORT: Compile Functional Condition Assessment Report for all asset types at all Health Facilities included in the Tender"]
[null,4.1,null,"Zithulele District Hospital","Item",1]
[null,4.2,null,"Nelson Mandela Academic Hospital","Item",1]
[null,4.3,null,"Ngangelizwe CHC","Item",1]
[null,4.4,null,"Mthatha Regional Hospital","Item",1]
[null,4.5,null,"Canzibe Hospital","Item",1]
[null,4.6,null,"St Barnabas Hospital","Item",1]
[null,4.7,null,"Nessie Knight Hospital","Item",1]
[null,4.8,null,"St Lucy's Hospital","Item",1]
[null,4.9,null,"Dr Malizo Mpehle Memorial Hospital","Item",1]
[null,"4.10",null,"Isilimela Hospital","Item",1]
[null,"4.11",null,"Port St Johns CHC","Item",1]
[null,4.12,null,"Bambisana Hospital","Item",1]
[null,4.13,null,"Holy Cross Hospital","Item",1]
[null,4.14,null,"Flagstaff CHC","Item",1]
[null,4.15,null,"Lusikisiki EMS Station","Item",1]
[null,4.16,null,"St Elizabeth's Hospital","Item",1]
[null,"TOTAL CARRIED FORWARD TO SUMMARY "]

{"sheet":"SCHEDULE 3B_OR","index":12,"n_rows":190,"n_cols":9,"rows_kept":190,"merged":[[1,1,1,5],[2,4,2,6]]}
[]
["QTY O","SCHEDULE MAINTENANCE OF LAUNDRY AND ASSOCIATED EQUIPMENT AT CLUSTER ONE (1) – OR TAMBO AND ALFRED NZO DISTRICT – HEALTH FACILITIES (36 MONTHS)"]
[null,"CONTRACT REF. NO:",null,"SCMU3-2526-0161-HO","Cluster/District:",null,null,{"$f":"'SCHED 1B-1_OR'!G3","v":"OR TAMBO DISTRICT"}]
[null,"ASSET TYPE:",null,{"$f":"'SUMMARY (OR TAMBO)'!D6","v":"LAUNDRY EQUIPMENT"},{"$nulls":3},{"$f":"'SUMMARY (OR TAMBO)'!F5","v":"Cluster 1 "}]
[]
[null,"SCHEDULE 3B : ",null,"MAINTENANCE SERVICE SCHEDULE"]
[]
[null,"ITEM Nr.","PAYMENT REFERS","DESCRIPTION","UNIT","MACHINE QTY","QTY OF SERVICE PER MACHINE","RATE","AMOUNT"]
[null,1,"GM 3.2","MAINTENANCE WORKS : Standard servicing and planned Maintenance Costs including all parts, consumables and lubricants, labour, travelling, accommodation and subsistence allowances (Price per machine)"]
[null,"1.1",null,"Zithulele District Hospital: Tumble Dryer"]
[null,"1.1.1",null,"Minor Service Cost : Price per Three Monthly Service / Inspection per machine, as per tasks from the Three Monthly Service Inspection Guideline in C6.","No",2,6]
[null,"1.1.2",null,"Major Service Cost : Price per Six Monthly Service / Inspection per machine, as per tasks from the Six Monthly Service Inspection Guideline in C6.","No",2,6]
[null,"1.2",null,"Zithulele District Hospital: Washing Machine"]
[null,"1.2.1",null,"Minor Service Cost : Price per Three Monthly Service / Inspection per machine, as per tasks from the Three Monthly Service Inspection Guideline in C6.","No",1,6]
[null,"1.2.2",null,"Major Service Cost : Price per Six Monthly Service / Inspection per machine, as per tasks from the Six Monthly Service Inspection Guideline in C6.","No",1,6]
[null,1.3,null,"Zithulele District Hospital: Washer Extractor "]
[null,"1.3.1",null,"Minor Service Cost : Price per Three Monthly Service / Inspection per machine, as per tasks from the Three Monthly Service Inspection Guideline in C6.","No",1,6]
[null,"1.3.2",null,"Major Service Cost : Price per Six Monthly Service / Inspection per machine, as per tasks from the Six Monthly Service Inspection Guideline in C6.","No",1,6]
[null,1.4,null,"Nelson Mandela Academic Hospital: Tumble Dryer"]
[null,"1.4.1",null,"Minor Service Cost : Price per Three Monthly Service / Inspection per machine, as per tasks from the Three Monthly Service Inspection Guideline in C6.","No",5,6]
[null,"1.4.2",null,"Major Service Cost : Price per Six Monthly Service / Inspection per machine, as per tasks from the Six Monthly Service Inspection Guideline in C6.","No",5,6]
[null,1.5,null,"Nelson Mandela Academic Hospital: Roller Ironer"]
[null,"1.5.1",null,"Minor Service Cost : Price per Three Monthly Service / Inspection per machine, as per tasks from the Three Monthly Service Inspection Guideline in C6.","No",2,6]
[null,"1.5.2",null,"Major Service Cost : Price per Six Monthly Service / Inspection per machine, as per tasks from the Six Monthly Service Inspection Guideline in C6.","No",2,6]
[null,1.6,null,"Nelson Mandela Academic Hospital: Washing Machine"]
[null,"1.6.1",null,"Minor Service Cost : Price per Three Monthly Service / Inspection per machine, as per tasks from the Three Monthly Service Inspection Guideline in C6.","No",5,6]
[null,"1.6.2",null,"Major Service Cost : Price per Six Monthly Service / Inspection per machine, as per tasks from the Six Monthly Service Inspection Guideline in C6.","No",5,6]
[null,1.7,null,"Nelson Mandela Academic Hospital : Laundry Press"]
[null,"1.7.1",null,"Minor Service Cost : Price per Three Monthly Service / Inspection per machine, as per tasks from the Three Monthly Service Inspection Guideline in C6.","No",2,6]
[null,"1.7.2",null,"Major Service Cost : Price per Six Monthly Service / Inspection per machine, as per tasks from the Six Monthly Service Inspection Guideline in C6.","No",2,6]
[null,1.8,null,"Nelson Mandela Academic Hospital : Air Compressor "]
[null,"1.8.1",null,"Minor Service Cost : Price per Three Monthly Service / Inspection per machine, as per tasks from the Three Monthly Service Inspection Guideline in C6.","No",1,6]
[null,"1.8.2",null,"Major Service Cost : Price per Six Monthly Service / Inspection per machine, as per tasks from the Six Monthly Service Inspection Guideline in C6.","No",1,6]
[null,1.9,null,"Ngangelizwe CHC: Tumble Dryer"]
[null,"1.9.1",null,"Minor Service Cost : Price per Three Monthly Service / Inspection per machine, as per tasks from the Three Monthly Service Inspection Guideline in C6.","No",1,6]
[null,"1.9.2",null,"Major Service Cost : Price per Six Monthly Service / Inspection per machine, as per tasks from the Six Monthly Service Inspection Guideline in C6.","No",1,6]
[null,{"v":1.1,"d":"1.10"},null,"Ngangelizwe CHC: Washing Machine"]
[null,"1.10.1",null,"Minor Service Cost : Price per Three Monthly Service / Inspection per machine, as per tasks from the Three Monthly Service Inspection Guideline in C6.","No",1,6]
[null,"1.10.2",null,"Major Service Cost : Price per Six Monthly Service / Inspection per machine, as per tasks from the Six Monthly Service Inspection Guideline in C6.","No",1,6]
[null,1.11,null,"Mthatha General Hospital: Tumble Dryer"]
[null,"1.11.1",null,"Minor Service Cost : Price per Three Monthly Service / Inspection per machine, as per tasks from the Three Monthly Service Inspection Guideline in C6.","No",7,6]
[null,"1.11.2",null,"Major Service Cost : Price per Six Monthly Service / Inspection per machine, as per tasks from the Six Monthly Service Inspection Guideline in C6.","No",7,6]
[null,1.12,null,"Mthatha General Hospital: Washer Extractor"]
[null,"1.12.1.",null,"Minor Service Cost : Price per Three Monthly Service / Inspection per machine, as per tasks from the Three Monthly Service Inspection Guideline in C6.","No",1,6]
[null,"1.12.2",null,"Major Service Cost : Price per Six Monthly Service / Inspection per machine, as per tasks from the Six Monthly Service Inspection Guideline in C6.","No",1,6]
[null,1.13,null,"Mthatha General Hospital: Roller Ironer"]
[null,"1.13.1",null,"Minor Service Cost : Price per Three Monthly Service / Inspection per machine, as per tasks from the Three Monthly Service Inspection Guideline in C6.","No",1,6]
[null,"1.13.2",null,"Major Service Cost : Price per Six Monthly Service / Inspection per machine, as per tasks from the Six Monthly Service Inspection Guideline in C6.","No",1,6]
[null,1.14,null,"Mthatha General Hospital: Scale"]
[null,"1.14.1",null,"Minor Service Cost : Price per Three Monthly Service / Inspection per machine, as per tasks from the Three Monthly Service Inspection Guideline in C6.","No",1,6]
[null,"1.14.2",null,"Major Service Cost : Price per Six Monthly Service / Inspection per machine, as per tasks from the Six Monthly Service Inspection Guideline in C6.","No",1,6]
[null,1.15,null,"Mthatha General Hospital: Washing Machine"]
[null,"1.15.1",null,"Minor Service Cost : Price per Three Monthly Service / Inspection per machine, as per tasks from the Three Monthly Service Inspection Guideline in C6.","No",3,6]
[null,"1.15.2",null,"Major Service Cost : Price per Six Monthly Service / Inspection per machine, as per tasks from the Six Monthly Service Inspection Guideline in C6.","No",3,6]
[null,1.16,null,"Mthatha General Hospital : Laundry Press"]
[null,"1.16.1",null,"Minor Service Cost : Price per Three Monthly Service / Inspection per machine, as per tasks from the Three Monthly Service Inspection Guideline in C6.","No",1,6]
[null,"1.16.2",null,"Major Service Cost : Price per Six Monthly Service / Inspection per machine, as per tasks from the Six Monthly Service Inspection Guideline in C6.","No",1,6]
[null,1.17,null,"Canzibe Hospital: Tumble Dryer"]
[null,"1.17.1",null,"Minor Service Cost : Price per Three Monthly Service / Inspection per machine, as per tasks from the Three Monthly Service Inspection Guideline in C6.","No",2,6]
[null,"1.17.2",null,"Major Service Cost : Price per Six Monthly Service / Inspection per machine, as per tasks from the Six Monthly Service Inspection Guideline in C6.","No",2,6]
[null,1.18,null,"Canzibe Hospital: Iron Press"]
[null,"1.18.1",null,"Minor Service Cost : Price per Three Monthly Service / Inspection per machine, as per tasks from the Three Monthly Service Inspection Guideline in C6.","No",1,6]
[null,"1.18.2",null,"Major Service Cost : Price per Six Monthly Service / Inspection per machine, as per tasks from the Six Monthly Service Inspection Guideline in C6.","No",1,6]
[null,1.19,null,"Canzibe District Hospital: Roller Ironer"]
[null,"1.19.1",null,"Minor Service Cost : Price per Three Monthly Service / Inspection per machine, as per tasks from the Three Monthly Service Inspection Guideline in C6.","No",1,6]
[null,"1.19.2",null,"Major Service Cost : Price per Six Monthly Service / Inspection per machine, as per tasks from the Six Monthly Service Inspection Guideline in C6.","No",1,6]
[null,{"v":1.2,"d":"1.20"},null,"Canzibe District Hospital: Washing Machine"]
[null,"1.20.1",null,"Minor Service Cost : Price per Three Monthly Service / Inspection per machine, as per tasks from the Three Monthly Service Inspection Guideline in C6.","No",2,6]
[null,"1.20.2",null,"Major Service Cost : Price per Six Monthly Service / Inspection per machine, as per tasks from the Six Monthly Service Inspection Guideline in C6.","No",2,6]
[null,1.21,null,"Canzibe District Hospital : Laundry Press"]
[null,"1.21.1",null,"Minor Service Cost : Price per Three Monthly Service / Inspection per machine, as per tasks from the Three Monthly Service Inspection Guideline in C6.","No",1,6]
[null,"1.21.2",null,"Major Service Cost : Price per Six Monthly Service / Inspection per machine, as per tasks from the Six Monthly Service Inspection Guideline in C6.","No",1,6]
[null,1.22,null,"Canzibe District Hospital : Mattress Washer "]
[null,"1.22.1",null,"Minor Service Cost : Price per Three Monthly Service / Inspection per machine, as per tasks from the Three Monthly Service Inspection Guideline in C6.","No",1,6]
[null,"1.22.2",null,"Major Service Cost : Price per Six Monthly Service / Inspection per machine, as per tasks from the Six Monthly Service Inspection Guideline in C6.","No",1,6]
[null,1.23,null,"Canzibe District Hospital : Spin Dryer "]
[null,"1.23.1",null,"Minor Service Cost : Price per Three Monthly Service / Inspection per machine, as per tasks from the Three Monthly Service Inspection Guideline in C6.","No",2,6]
[null,"1.23.2",null,"Major Service Cost : Price per Six Monthly Service / Inspection per machine, as per tasks from the Six Monthly Service Inspection Guideline in C6.","No",2,6]
[null,1.24,null,"St Barnabas Hospital: Tumble Dryer"]
[null,"1.24.1",null,"Minor Service Cost : Price per Three Monthly Service / Inspection per machine, as per tasks from the Three Monthly Service Inspection Guideline in C6.","No",2,6]
[null,"1.24.2",null,"Major Service Cost : Price per Six Monthly Service / Inspection per machine, as per tasks from the Six Monthly Service Inspection Guideline in C6.","No",2,6]
[null,1.25,null,"St Barnabas Hospital: Roller Ironer"]
[null,"1.25.1",null,"Minor Service Cost : Price per Three Monthly Service / Inspection per machine, as per tasks from the Three Monthly Service Inspection Guideline in C6.","No",1,6]
[null,"1.25.2",null,"Major Service Cost : Price per Six Monthly Service / Inspection per machine, as per tasks from the Six Monthly Service Inspection Guideline in C6.","No",1,6]
[null,1.26,null,"St Barnabast Hospital: Washing Machine"]
[null,"1.26.1",null,"Minor Service Cost : Price per Three Monthly Service / Inspection per machine, as per tasks from the Three Monthly Service Inspection Guideline in C6.","No",2,6]
[null,"1.26.2",null,"Major Service Cost : Price per Six Monthly Service / Inspection per machine, as per tasks from the Six Monthly Service Inspection Guideline in C6.","No",2,6]
[null,1.27,null,"Nessie Knight Hospital: Tumble Dryer"]
[null,"1.27.1",null,"Minor Service Cost : Price per Three Monthly Service / Inspection per machine, as per tasks from the Three Monthly Service Inspection Guideline in C6.","No",2,6]
[null,"1.27.2",null,"Major Service Cost : Price per Six Monthly Service / Inspection per machine, as per tasks from the Six Monthly Service Inspection Guideline in C6.","No",2,6]
[null,1.28,null,"Nessie Knight Hospital: Laundry Press"]
[null,"1.28.1",null,"Minor Service Cost : Price per Three Monthly Service / Inspection per machine, as per tasks from the Three Monthly Service Inspection Guideline in C6.","No",1,6]
[null,"1.28.2",null,"Major Service Cost : Price per Six Monthly Service / Inspection per machine, as per tasks from the Six Monthly Service Inspection Guideline in C6.","No",1,6]
[null,1.29,null,"Nessie Knight Hospital: Roller Ironer"]
[null,"1.29.1",null,"Minor Service Cost : Price per Three Monthly Service / Inspection per machine, as per tasks from the Three Monthly Service Inspection Guideline in C6.","No",1,6]
[null,"1.29.2",null,"Major Service Cost : Price per Six Monthly Service / Inspection per machine, as per tasks from the Six Monthly Service Inspection Guideline in C6.","No",1,6]
[null,{"v":1.3,"d":"1.30"},null,"Nessie Knight Hospital: Washing Machine"]
[null,"1.30.1",null,"Minor Service Cost : Price per Three Monthly Service / Inspection per machine, as per tasks from the Three Monthly Service Inspection Guideline in C6.","No",4,6]
[null,"1.30.2",null,"Major Service Cost : Price per Six Monthly Service / Inspection per machine, as per tasks from the Six Monthly Service Inspection Guideline in C6.","No",4,6]
[null,1.31,null,"St Lucys Hospital: Tumble Dryer"]
[null,"1.31.1",null,"Minor Service Cost : Price per Three Monthly Service / Inspection per machine, as per tasks from the Three Monthly Service Inspection Guideline in C6.","No",1,6]
[null,"1.31.2",null,"Major Service Cost : Price per Six Monthly Service / Inspection per machine, as per tasks from the Six Monthly Service Inspection Guideline in C6.","No",1,6]
[null,1.32,null,"St Lucys Hospital: Laundry Press"]
[null,"1.32.1",null,"Minor Service Cost : Price per Three Monthly Service / Inspection per machine, as per tasks from the Three Monthly Service Inspection Guideline in C6.","No",1,6]
[null,"1.32.2",null,"Major Service Cost : Price per Six Monthly Service / Inspection per machine, as per tasks from the Six Monthly Service Inspection Guideline in C6.","No",1,6]
[null,1.33,null,"St Lucys Hospital: Washing Machine"]
[null,"1.33.1",null,"Minor Service Cost : Price per Three Monthly Service / Inspection per machine, as per tasks from the Three Monthly Service Inspection Guideline in C6.","No",2,6]
[null,"1.33.2",null,"Major Service Cost : Price per Six Monthly Service / Inspection per machine, as per tasks from the Six Monthly Service Inspection Guideline in C6.","No",2,6]
[null,1.34,null,"St Lucys Hospital : Air Compressor "]
[null,"1.34.1",null,"Minor Service Cost : Price per Three Monthly Service / Inspection per machine, as per tasks from the Three Monthly Service Inspection Guideline in C6.","No",1,6]
[null,"1.34.2",null,"Major Service Cost : Price per Six Monthly Service / Inspection per machine, as per tasks from the Six Monthly Service Inspection Guideline in C6.","No",1,6]
[null,1.35,null,"Dr Malizo Mpehle Memorial Hospital: Tumble Dryer"]
[null,"1.35.1",null,"Minor Service Cost : Price per Three Monthly Service / Inspection per machine, as per tasks from the Three Monthly Service Inspection Guideline in C6.","No",1,6]
[null,"1.35.1",null,"Major Service Cost : Price per Six Monthly Service / Inspection per machine, as per tasks from the Six Monthly Service Inspection Guideline in C6.","No",1,6]
[null,1.28,null,"Dr Malizo Mpehle Memorial Hospital: Laundry Press"]
[null,"1.28.1",null,"Minor Service Cost : Price per Three Monthly Service / Inspection per machine, as per tasks from the Three Monthly Service Inspection Guideline in C6.","No",2,6]
[null,"1.28.2",null,"Major Service Cost : Price per Six Monthly Service / Inspection per machine, as per tasks from the Six Monthly Service Inspection Guideline in C6.","No",2,6]
[null,1.29,null,"Dr Malizo Mpehle Memorial Hospital: Roller Ironer"]
[null,"1.29.1",null,"Minor Service Cost : Price per Three Monthly Service / Inspection per machine, as per tasks from the Three Monthly Service Inspection Guideline in C6.","No",1,6]
[null,"1.29.2",null,"Major Service Cost : Price per Six Monthly Service / Inspection per machine, as per tasks from the Six Monthly Service Inspection Guideline in C6.","No",1,6]
[null,{"v":1.3,"d":"1.30"},null,"Dr Malizo Mpehle Memorial Hospital: Washing Machine"]
[null,"1.30.1",null,"Minor Service Cost : Price per Three Monthly Service / Inspection per machine, as per tasks from the Three Monthly Service Inspection Guideline in C6.","No",2,6]
[null,"1.30.2",null,"Major Service Cost : Price per Six Monthly Service / Inspection per machine, as per tasks from the Six Monthly Service Inspection Guideline in C6.","No",2,6]
[null,1.31,null,"Dr Malizo Mpehle Memorial Hospital : Air Compressor "]
[null,"1.31.1",null,"Minor Service Cost : Price per Three Monthly Service / Inspection per machine, as per tasks from the Three Monthly Service Inspection Guideline in C6.","No",1,6]
[null,"1.31.2",null,"Major Service Cost : Price per Six Monthly Service / Inspection per machine, as per tasks from the Six Monthly Service Inspection Guideline in C6.","No",1,6]
[null,1.32,null,"Isilimela Hospital: Tumble Dryer"]
[null,"1.32.1",null,"Minor Service Cost : Price per Three Monthly Service / Inspection per machine, as per tasks from the Three Monthly Service Inspection Guideline in C6.","No",1,6]
[null,"1.32.2",null,"Major Service Cost : Price per Six Monthly Service / Inspection per machine, as per tasks from the Six Monthly Service Inspection Guideline in C6.","No",1,6]
[null,1.33,null,"Isilimela District Hospital: Washing Machine"]
[null,"1.33.1",null,"Minor Service Cost : Price per Three Monthly Service / Inspection per machine, as per tasks from the Three Monthly Service Inspection Guideline in C6.","No",2,6]
[null,"1.33.2",null,"Major Service Cost : Price per Six Monthly Service / Inspection per machine, as per tasks from the Six Monthly Service Inspection Guideline in C6.","No",2,6]
[null,1.34,null,"Port St Johns CHC: Tumble Dryer"]
[null,"1.34.1",null,"Minor Service Cost : Price per Three Monthly Service / Inspection per machine, as per tasks from the Three Monthly Service Inspection Guideline in C6.","No",2,6]
[null,"1.34.2",null,"Major Service Cost : Price per Six Monthly Service / Inspection per machine, as per tasks from the Six Monthly Service Inspection Guideline in C6.","No",2,6]
[null,1.35,null,"Port St Johns CHC: Washing Machine"]
[null,"1.35.1",null,"Minor Service Cost : Price per Three Monthly Service / Inspection per machine, as per tasks from the Three Monthly Service Inspection Guideline in C6.","No",2,6]
[null,"1.35.2",null,"Major Service Cost : Price per Six Monthly Service / Inspection per machine, as per tasks from the Six Monthly Service Inspection Guideline in C6.","No",2,6]
[null,1.36,null,"Bambisana Hospital: Tumble Dryer"]
[null,"1.36.1",null,"Minor Service Cost : Price per Three Monthly Service / Inspection per machine, as per tasks from the Three Monthly Service Inspection Guideline in C6.","No",1,6]
[null,"1.36.2",null,"Major Service Cost : Price per Six Monthly Service / Inspection per machine, as per tasks from the Six Monthly Service Inspection Guideline in C6.","No",1,6]
[null,1.37,null,"Bambisana Hospital: Washing Machine "]
[null,"1.37.1",null,"Minor Service Cost : Price per Three Monthly Service / Inspection per machine, as per tasks from the Three Monthly Service Inspection Guideline in C6.","No",1,6]
[null,"1.37.2",null,"Major Service Cost : Price per Six Monthly Service / Inspection per machine, as per tasks from the Six Monthly Service Inspection Guideline in C6.","No",1,6]
[null,1.38,null,"Bambisana District Hospital: Roller Ironer"]
[null,"1.38.1",null,"Minor Service Cost : Price per Three Monthly Service / Inspection per machine, as per tasks from the Three Monthly Service Inspection Guideline in C6.","No",1,6]
[null,"1.38.2",null,"Major Service Cost : Price per Six Monthly Service / Inspection per machine, as per tasks from the Six Monthly Service Inspection Guideline in C6.","No",1,6]
[null,1.39,null,"Holy Cross Hospital: Tumble Dryer"]
[null,"1.39.1",null,"Minor Service Cost : Price per Three Monthly Service / Inspection per machine, as per tasks from the Three Monthly Service Inspection Guideline in C6.","No",3,6]
[null,"1.39.2",null,"Major Service Cost : Price per Six Monthly Service / Inspection per machine, as per tasks from the Six Monthly Service Inspection Guideline in C6.","No",3,6]
[null,{"v":1.4,"d":"1.40"},null,"Holy Cross District Hospital: Roller Ironer"]
[null,"1.40.1",null,"Minor Service Cost : Price per Three Monthly Service / Inspection per machine, as per tasks from the Three Monthly Service Inspection Guideline in C6.","No",1,6]
[null,"1.40.2",null,"Major Service Cost : Price per Six Monthly Service / Inspection per machine, as per tasks from the Six Monthly Service Inspection Guideline in C6.","No",1,6]
[null,1.41,null,"Holy Cross District Hospital: Washing Machine"]
[null,"1.41.1",null,"Minor Service Cost : Price per Three Monthly Service / Inspection per machine, as per tasks from the Three Monthly Service Inspection Guideline in C6.","No",3,6]
[null,"1.41.2",null,"Major Service Cost : Price per Six Monthly Service / Inspection per machine, as per tasks from the Six Monthly Service Inspection Guideline in C6.","No",3,6]
[null,1.42,null,"Flagstaff CHC: Tumble Dryer"]
[null,"1.42.1",null,"Minor Service Cost : Price per Three Monthly Service / Inspection per machine, as per tasks from the Three Monthly Service Inspection Guideline in C6.","No",1,6]
[null,"1.42.2",null,"Major Service Cost : Price per Six Monthly Service / Inspection per machine, as per tasks from the Six Monthly Service Inspection Guideline in C6.","No",1,6]
[null,1.43,null,"Flagstaff CHC: Washing Machine"]
[null,"1.43.1",null,"Minor Service Cost : Price per Three Monthly Service / Inspection per machine, as per tasks from the Three Monthly Service Inspection Guideline in C6.","No",1,6]
[null,"1.43.2",null,"Major Service Cost : Price per Six Monthly Service / Inspection per machine, as per tasks from the Six Monthly Service Inspection Guideline in C6.","No",1,6]
[null,1.44,null,"Flagstaff CHC: Roller Ironer"]
[null,"1.44.1",null,"Minor Service Cost : Price per Three Monthly Service / Inspection per machine, as per tasks from the Three Monthly Service Inspection Guideline in C6.","No",1,6]
[null,"1.44.2",null,"Major Service Cost : Price per Six Monthly Service / Inspection per machine, as per tasks from the Six Monthly Service Inspection Guideline in C6.","No",1,6]
[null,1.45,null,"Lusikisiki EMS Station: Roller Ironer"]
[null,"1.45.1",null,"Minor Service Cost : Price per Three Monthly Service / Inspection per machine, as per tasks from the Three Monthly Service Inspection Guideline in C6.","No",1,6]
[null,"1.45.2",null,"Major Service Cost : Price per Six Monthly Service / Inspection per machine, as per tasks from the Six Monthly Service Inspection Guideline in C6.","No",1,6]
[null,1.46,null,"Lusikisiki EMS Station: Washing Machine"]
[null,"1.46.1",null,"Minor Service Cost : Price per Three Monthly Service / Inspection per machine, as per tasks from the Three Monthly Service Inspection Guideline in C6.","No",2,6]
[null,"1.46.2",null,"Major Service Cost : Price per Six Monthly Service / Inspection per machine, as per tasks from the Six Monthly Service Inspection Guideline in C6.","No",2,6]
[null,1.47,null," St Elizabeths Hospital: Tumble Dryer"]
[null,"1.47.1",null,"Minor Service Cost : Price per Three Monthly Service / Inspection per machine, as per tasks from the Three Monthly Service Inspection Guideline in C6.","No",11,6]
[null,"1.47.2",null,"Major Service Cost : Price per Six Monthly Service / Inspection per machine, as per tasks from the Six Monthly Service Inspection Guideline in C6.","No",11,6]
[null,1.48,null,"St Elizabeths Hospital: Washing Machine "]
[null,"1.48.1",null,"Minor Service Cost : Price per Three Monthly Service / Inspection per machine, as per tasks from the Three Monthly Service Inspection Guideline in C6.","No",11,6]
[null,"1.48.2",null,"Major Service Cost : Price per Six Monthly Service / Inspection per machine, as per tasks from the Six Monthly Service Inspection Guideline in C6.","No",11,6]
[null,1.49,null,"St Elizabeths Hospital: Laundry Press"]
[null,"1.49.1",null,"Minor Service Cost : Price per Three Monthly Service / Inspection per machine, as per tasks from the Three Monthly Service Inspection Guideline in C6.","No",3,6]
[null,"1.49.2",null,"Major Service Cost : Price per Six Monthly Service / Inspection per machine, as per tasks from the Six Monthly Service Inspection Guideline in C6.","No",3,6]
[null,{"v":1.5,"d":"1.50"},null,"St Elizabeths Hospital: Roller Ironer"]
[null,"1.50.1",null,"Minor Service Cost : Price per Three Monthly Service / Inspection per machine, as per tasks from the Three Monthly Service Inspection Guideline in C6.","No",3,6]
[null,"1.50.2",null,"Major Service Cost : Price per Six Monthly Service / Inspection per machine, as per tasks from the Six Monthly Service Inspection Guideline in C6.","No",3,6]
[null,1.51,null,"St Elizabeths Hospital: Air Compressor "]
[null,"1.51.1",null,"Minor Service Cost : Price per Three Monthly Service / Inspection per machine, as per tasks from the Three Monthly Service Inspection Guideline in C6.","No",1,6]
[null,"1.51.2",null,"Major Service Cost : Price per Six Monthly Service / Inspection per machine, as per tasks from the Six Monthly Service Inspection Guideline in C6.","No",1,6]
[null,1.52,null,"St Elizabeths Hospital: Scale"]
[null,"1.52.1",null,"Minor Service Cost : Price per Three Monthly Service / Inspection per machine, as per tasks from the Three Monthly Service Inspection Guideline in C6.","No",10,6]
[null,"1.52.2",null,"Major Service Cost : Price per Six Monthly Service / Inspection per machine, as per tasks from the Six Monthly Service Inspection Guideline in C6.","No",10,6]
[null,"TOTAL CARRIED TO FINAL SUMMARY"]

{"sheet":"SUMMARY (AN)","index":13,"n_rows":38,"n_cols":6,"rows_kept":38,"merged":[[1,1,1,5],[3,5,3,6],[5,1,5,2],[5,3,5,5],[6,1,6,4],[7,2,7,4],[35,2,35,4],[37,1,37,4]]}
[]
[null,"SCHEDULE MAINTENANCE OF LAUNDRY AND ASSOCIATED EQUIPMENT AT CLUSTER ONE (1) – OR TAMBO AND ALFRED NZO DISTRICT – HEALTH FACILITIES (36 MONTHS)"]
[]
[null,"CONTRACT REF NO",null,"SCMU3-2526-0161-HO","Cluster/District:","ALFRED NZO DISTRICT"]
[{"$nulls":5},"Cluster 1 "]
[null,"ASSET TYPE",null,"LAUNDRY EQUIPMENT"]
[]
[null,"SCHEDULE NUMBER","DESCRIPTION",null,null,"TENDER AMOUNT"]
[]
[null,"1B-1","AN DISTRICT - ",{"$f":"'SCHED 1B-1_AN'!D6","v":"FIXED CHARGE AND VALUE RELATED ITEMS APPLICABLE TO ALL WORK "}]
[]
[null,"1B-2","AN DISTRICT - ",{"$f":"'SCHED 1B-2_AN'!D6","v":"FIXED CHARGE AND VALUE RELATED ITEMS APPLICABLE TO ALL WORK (continued)"}]
[]
[null,"1B-3","AN DISTRICT - ",{"$f":"'SCHED 1B-4_AN'!D6","v":"FIXED CHARGE AND VALUE RELATED ITEMS APPLICABLE TO ALL WORK (continued)"}]
[]
[null,"1B-4","AN DISTRICT - ",{"$f":"'SCHED 1B-5_AN'!D6","v":"FIXED CHARGE AND VALUE RELATED ITEMS APPLICABLE TO ALL WORK (continued)"}]
[]
[null,"1B-5","AN DISTRICT - ",{"$f":"'SCHED 1B-6_AN'!D6","v":"FIXED CHARGE AND VALUE RELATED ITEMS APPLICABLE TO ALL WORK "}]
[]
[null,"1B-6","AN DISTRICT - ",{"$f":"'SCHED 1B-6_AN'!D8","v":"DESCRIPTION"}]
[]
[null,"2B-1","AN DISTRICT - ",{"$f":"'SCHED 2B-1_AN'!D6","v":"FUNCTIONAL REPAIR SCHEDULE "}]
[]
[null,"2B-2","AN DISTRICT - ",{"$f":"'SCHED 2B-2_AN'!D6","v":"FUNCTIONAL REPAIR SCHEDULE (continued)"}]
[]
[null,"2B-3","AN DISTRICT - ",{"$f":"'SCHED 2B-3_AN'!D6","v":"FUNCTIONAL REPAIR SCHEDULE (continued)"}]
[]
[null,"2B-4","AN DISTRICT - ",{"$f":"'SCHED 2B-4_AN'!D6","v":"FUNCTIONAL REPAIR SCHEDULE "}]
[]
[null,"3B","AN DISTRICT - ",{"$f":"'SCHEDULE 3B_AN'!D6","v":"MAINTENANCE SERVICE SCHEDULE"}]
{"$rows_empty":7}
[null,"TOTAL AMOUNT OF WORKS (EXCL VAT) - CARRIED TO FINAL SUMMARY"]

{"sheet":"SCHED 1B-1_AN","index":14,"n_rows":25,"n_cols":8,"rows_kept":25,"merged":[[1,1,1,5],[2,4,2,5]]}
[]
[null,"SCHEDULE MAINTENANCE OF LAUNDRY AND ASSOCIATED EQUIPMENT AT CLUSTER ONE (1) – OR TAMBO AND ALFRED NZO DISTRICT – HEALTH FACILITIES (36 MONTHS)"]
[null,"CONTRACT REF. NO:",null,"SCMU3-2526-0161-HO","Cluster/District:",null,{"$f":"'SUMMARY (AN)'!F4","v":"ALFRED NZO DISTRICT"}]
[null,"ASSET TYPE:",null,{"$f":"'SUMMARY (AN)'!D6","v":"LAUNDRY EQUIPMENT"},null,null,{"$f":"'SUMMARY (AN)'!F5","v":"Cluster 1 "}]
[]
[null,"SCHEDULE 1B-1 : ",null,"FIXED CHARGE AND VALUE RELATED ITEMS APPLICABLE TO ALL WORK "]
[]
[null,"ITEM Nr.","PAYMENT REFERS","DESCRIPTION","UNIT","QTY","RATE","AMOUNT"]
[null,1,"GM 2.5","VERIFICATION OF ASSETS ON SITE : Verify assets on site  vs Asset Register (C4.1), and compile plant layout line drawings as per GM 2.5 (1) and (2)."]
[null,"1.1",null,"Mount Ayliff Hospital ","Item",1]
[null,"1.2",null,"Madzikane ka Zulu Hospital ","Item",1]
[null,"1.3",null,"St Patrick’s Hospital ","Item",1]
[null,"1.4",null,"Greenville Hospital ","Item",1]
[null,"1.5",null,"Khotsong TB Hospital","Item",1]
[null,"1.6",null,"Tayler Bequest Hospital","Item",1]
[null,"1.7",null,"Sipetu Hospital","Item",1]
{"$rows_empty":8}
[null,"TOTAL CARRIED FORWARD TO SUMMARY "]

{"sheet":"SCHED 1B-2_AN","index":15,"n_rows":26,"n_cols":8,"rows_kept":26,"merged":[[1,1,1,5],[2,4,2,5]]}
[]
[null,"SCHEDULE MAINTENANCE OF LAUNDRY AND ASSOCIATED EQUIPMENT AT CLUSTER ONE (1) – OR TAMBO AND ALFRED NZO DISTRICT – HEALTH FACILITIES (36 MONTHS)"]
[null,"CONTRACT REF. NO:",null,"SCMU3-2526-0161-HO","Cluster/District:",null,{"$f":"'SUMMARY (AN)'!F4","v":"ALFRED NZO DISTRICT"}]
[null,"ASSET TYPE:",null,{"$f":"'SUMMARY (AN)'!D6","v":"LAUNDRY EQUIPMENT"},null,null,{"$f":"'SUMMARY (AN)'!F5","v":"Cluster 1 "}]
[]
[null,"SCHEDULE 1B-2: ",null,"FIXED CHARGE AND VALUE RELATED ITEMS APPLICABLE TO ALL WORK (continued)"]
[]
[null,"ITEM Nr.","PAYMENT REFERS","DESCRIPTION","UNIT","QTY","RATE","AMOUNT"]
[null,2,"GM 2.5 & 3.2","VERIFICATION OF SPARE PART INVENTORY ON SITE : Find and verify all spares for the asset type that is currently available on site"]
[null,"2.1",null,"Mount Ayliff Hospital ","Item",1]
[null,"2.2",null,"Madzikane ka Zulu Hospital ","Item",1]
[null,"2.3",null,"St Patrick’s Hospital ","Item",1]
[null,"2.4",null,"Greenville Hospital ","Item",1]
[null,"2.5",null,"Khotsong TB Hospital","Item",1]
[null,"2.6",null,"Tayler Bequest Hospital","Item",1]
[null,"2.7",null,"Sipetu Hospital","Item",1]
{"$rows_empty":9}
[null,"TOTAL CARRIED FORWARD TO SUMMARY "]

{"sheet":"SCHED 1B-3A_AN","index":16,"n_rows":27,"n_cols":8,"rows_kept":27,"merged":[[1,1,1,5],[2,4,2,5]]}
[]
[null,"SCHEDULE MAINTENANCE OF LAUNDRY AND ASSOCIATED EQUIPMENT AT CLUSTER ONE (1) – OR TAMBO AND ALFRED NZO DISTRICT – HEALTH FACILITIES (36 MONTHS)"]
[null,"CONTRACT REF. NO:",null,"SCMU3-2526-0161-HO","Cluster/District:",null,{"$f":"'SUMMARY (AN)'!F4","v":"ALFRED NZO DISTRICT"}]
[null,"ASSET TYPE:",null,{"$f":"'SUMMARY (AN)'!D6","v":"LAUNDRY EQUIPMENT"},null,null,{"$f":"'SUMMARY (AN)'!F5","v":"Cluster 1 "}]
[]
[null,"SCHEDULE 1B-3: ",null,"FIXED CHARGE AND VALUE RELATED ITEMS APPLICABLE TO ALL WORK (continued)"]
[]
[null,"ITEM Nr.","PAYMENT REFERS","DESCRIPTION","UNIT","QTY","RATE","AMOUNT"]
[null,3,"GM 2.7","COMPILING OF CONDITIONAL AND PERFORMANCE INSPECTION  REPORT: Compile a inspection report on the current status and operation of the existing generating sets on site. The report shall be in line with the inspection report template included in this tender."]
[null,"3.1",null,"Mount Ayliff Hospital ","Item",1]
[null,"3.2",null,"Madzikane ka Zulu Hospital ","Item",1]
[null,"3.3",null,"St Patrick’s Hospital ","Item",1]
[null,"3.4",null,"Greenville Hospital ","Item",1]
[null,"3.5",null,"Khotsong TB Hospital","Item",1]
[null,"3.6",null,"Tayler Bequest Hospital","Item",1]
[null,"3.7",null,"Sipetu Hospital","Item",1]
{"$rows_empty":10}
[null,"TOTAL CARRIED FORWARD TO SUMMARY "]

{"sheet":"SCHED 1B-4_AN","index":17,"n_rows":27,"n_cols":8,"rows_kept":27,"merged":[[1,1,1,5],[2,4,2,5]]}
[]
[null,"SCHEDULE MAINTENANCE OF LAUNDRY AND ASSOCIATED EQUIPMENT AT CLUSTER ONE (1) – OR TAMBO AND ALFRED NZO DISTRICT – HEALTH FACILITIES (36 MONTHS)"]
[null,"CONTRACT REF. NO:",null,"SCMU3-2526-0161-HO","Cluster/District:",null,{"$f":"'SUMMARY (AN)'!F4","v":"ALFRED NZO DISTRICT"}]
[null,"ASSET TYPE:",null,{"$f":"'SUMMARY (AN)'!D6","v":"LAUNDRY EQUIPMENT"},null,null,{"$f":"'SUMMARY (AN)'!F5","v":"Cluster 1 "}]
[]
[null,"SCHEDULE 1B-4: ",null,"FIXED CHARGE AND VALUE RELATED ITEMS APPLICABLE TO ALL WORK (continued)"]
[]
[null,"ITEM Nr.","PAYMENT REFERS","DESCRIPTION","UNIT","QTY","RATE","AMOUNT"]
[null,4,"GM 2.7","COMPILING OF OPERATING AND MAINTENANCE MANUALS : Compile three sets of O&M Manuals per site per asset type and asset model as per information from the Asset Register C4.1"]
[null,"4.1",null,"Mount Ayliff Hospital ","Item",1]
[null,"4.2",null,"Madzikane ka Zulu Hospital ","Item",1]
[null,"4.3",null,"St Patrick’s Hospital ","Item",1]
[null,"4.4",null,"Greenville Hospital ","Item",1]
[null,"4.5",null,"Khotsong TB Hospital","Item",1]
[null,"4.6",null,"Tayler Bequest Hospital","Item",1]
[null,"4.7",null,"Sipetu Hospital","Item",1]
{"$rows_empty":10}
[null,"TOTAL CARRIED FORWARD TO SUMMARY "]

{"sheet":"SCHED 1B-5_AN","index":18,"n_rows":26,"n_cols":8,"rows_kept":26,"merged":[[1,1,1,5],[2,4,2,5]]}
[]
[null,"SCHEDULE MAINTENANCE OF LAUNDRY AND ASSOCIATED EQUIPMENT AT CLUSTER ONE (1) – OR TAMBO AND ALFRED NZO DISTRICT – HEALTH FACILITIES (36 MONTHS)"]
[null,"CONTRACT REF. NO:",null,"SCMU3-2526-0161-HO","Cluster/District:",null,{"$f":"'SUMMARY (AN)'!F4","v":"ALFRED NZO DISTRICT"}]
[null,"ASSET TYPE:",null,{"$f":"'SUMMARY (AN)'!D6","v":"LAUNDRY EQUIPMENT"},null,null,{"$f":"'SUMMARY (AN)'!F5","v":"Cluster 1 "}]
[]
[null,"SCHEDULE 1B-5: ",null,"FIXED CHARGE AND VALUE RELATED ITEMS APPLICABLE TO ALL WORK (continued)"]
[]
[null,"ITEM Nr.","PAYMENT REFERS","DESCRIPTION","UNIT","QTY","RATE","AMOUNT"]
[null,5,"SS 8 & 9","OPERATOR AND MAINTAINER TRAINING : Provide Operator and Maintainer training as per SS8 and SS9"]
[null,"5.1",null,"Mount Ayliff Hospital ","Hrs",40]
[null,"5.2",null,"Madzikane ka Zulu Hospital ","Hrs",40]
[null,"5.3",null,"St Patrick’s Hospital ","Hrs",40]
[null,"5.4",null,"Greenville Hospital ","Hrs",40]
[null,"5.5",null,"Khotsong TB Hospital","Hrs",40]
[null,"5.6",null,"Tayler Bequest Hospital","Hrs",40]
[null,"5.7",null,"Sipetu Hospital","Hrs",40]
{"$rows_empty":9}
[null,"TOTAL CARRIED FORWARD TO SUMMARY "]

{"sheet":"SCHED 1B-6_AN","index":19,"n_rows":25,"n_cols":8,"rows_kept":25,"merged":[[1,1,1,5],[2,4,2,5]]}
[]
[null,"SCHEDULE MAINTENANCE OF LAUNDRY AND ASSOCIATED EQUIPMENT AT CLUSTER ONE (1) – OR TAMBO AND ALFRED NZO DISTRICT – HEALTH FACILITIES (36 MONTHS)"]
[null,"CONTRACT REF. NO:",null,"SCMU3-2526-0161-HO","Cluster/District:",null,{"$f":"'SUMMARY (AN)'!F4","v":"ALFRED NZO DISTRICT"}]
[null,"ASSET TYPE:",null,{"$f":"'SUMMARY (AN)'!D6","v":"LAUNDRY EQUIPMENT"},null,null,{"$f":"'SUMMARY (AN)'!F5","v":"Cluster 1 "}]
[]
[null,"SCHEDULE 1B-5: ",null,"FIXED CHARGE AND VALUE RELATED ITEMS APPLICABLE TO ALL WORK "]
[]
[null,"ITEM Nr.","PAYMENT REFERS","DESCRIPTION","UNIT","QTY","RATE","AMOUNT"]
[null,6,"GM 3","MAINTENANCE CONTROL PLAN : Compiling of a detailed Maintenance Control Plan for each Health Facility included in this Tender (See SS 3 for facility listing)"]
[null,"6.1",null,"Mount Ayliff Hospital ","Item",1]
[null,"6.2",null,"Madzikane ka Zulu Hospital ","Item",1]
[null,"6.3",null,"St Patrick’s Hospital ","Item",1]
[null,"6.4",null,"Greenville Hospital ","Item",1]
[null,"6.5",null,"Khotsong TB Hospital","Item",1]
[null,"6.6",null,"Tayler Bequest Hospital","Item",1]
[null,"6.7",null,"Sipetu Hospital","Item",1]
{"$rows_empty":8}
[null,"TOTAL CARRIED FORWARD TO SUMMARY "]

{"sheet":"SCHED 2B-1_AN","index":20,"n_rows":24,"n_cols":8,"rows_kept":24,"merged":[[1,1,1,5],[2,4,2,5]]}
[]
[null,"SCHEDULE MAINTENANCE OF LAUNDRY AND ASSOCIATED EQUIPMENT AT CLUSTER ONE (1) – OR TAMBO AND ALFRED NZO DISTRICT – HEALTH FACILITIES (36 MONTHS)"]
[null,"CONTRACT REF. NO:",null,"SCMU3-2526-0161-HO","Cluster/District:",null,{"$f":"'SCHED 1B-1_AN'!G3","v":"ALFRED NZO DISTRICT"}]
[null,"ASSET TYPE:",null,{"$f":"'SUMMARY (AN)'!D6","v":"LAUNDRY EQUIPMENT"},null,null,{"$f":"'SUMMARY (AN)'!F5","v":"Cluster 1 "}]
[]
[null,"SCHEDULE 2B-1: ",null,"FUNCTIONAL REPAIR SCHEDULE "]
[]
[null,"ITEM Nr.","PAYMENT REFERS","DESCRIPTION","UNIT","QTY","RATE","AMOUNT"]
[null,1,"GM 2.5","FUNCTIONAL CONDITION ASSESSMENT : Perform Functional Condition Assessment (Inspection and Testing) on all listed assets at all Health Facilities included in the Tender"]
[null,"1.1",null,"Mount Ayliff Hospital ","Item",1]
[null,"1.2",null,"Madzikane ka Zulu Hospital ","Item",1]
[null,"1.3",null,"St Patrick’s Hospital ","Item",1]
[null,"1.4",null,"Greenville Hospital ","Item",1]
[null,"1.5",null,"Khotsong TB Hospital","Item",1]
[null,"1.6",null,"Tayler Bequest Hospital","Item",1]
[null,"1.7",null,"Sipetu Hospital","Item",1]
{"$rows_empty":7}
[null,"TOTAL CARRIED FORWARD TO SUMMARY "]

{"sheet":"SCHED 2B-2_AN","index":21,"n_rows":25,"n_cols":8,"rows_kept":25,"merged":[[1,1,1,5],[2,4,2,5]]}
[]
[null,"SCHEDULE MAINTENANCE OF LAUNDRY AND ASSOCIATED EQUIPMENT AT CLUSTER ONE (1) – OR TAMBO AND ALFRED NZO DISTRICT – HEALTH FACILITIES (36 MONTHS)"]
[null,"CONTRACT REF. NO:",null,"SCMU3-2526-0161-HO","Cluster/District:",null,{"$f":"'SCHED 1B-1_AN'!G3","v":"ALFRED NZO DISTRICT"}]
[null,"ASSET TYPE:",null,{"$f":"'SUMMARY (AN)'!D6","v":"LAUNDRY EQUIPMENT"},null,null,{"$f":"'SUMMARY (AN)'!F5","v":"Cluster 1 "}]
[]
[null,"SCHEDULE 2B-2: ",null,"FUNCTIONAL REPAIR SCHEDULE (continued)"]
[]
[null,"ITEM Nr.","PAYMENT REFERS","DESCRIPTION","UNIT","QTY","RATE","AMOUNT"]
[null,2,"GM 2.5.(5)","COMPILING OF PRICED SPARE PART LISTS : Compile detailed, comprehensive priced spare parts lists for each site and asset type (based on Contrcator's cost price). NOTE: The Employer retains the right to negotiate the offered spare part prices, if they are not in line with national  price norms."]
[null,"2.1",null,"Mount Ayliff Hospital ","Item",1]
[null,"2.2",null,"Madzikane ka Zulu Hospital ","Item",1]
[null,"2.3",null,"St Patrick’s Hospital ","Item",1]
[null,"2.4",null,"Greenville Hospital ","Item",1]
[null,"2.5",null,"Khotsong TB Hospital","Item",1]
[null,"2.6",null,"Tayler Bequest Hospital","Item",1]
[null,"2.7",null,"Sipetu Hospital","Item",1]
{"$rows_empty":8}
[null,"TOTAL CARRIED FORWARD TO SUMMARY "]

{"sheet":"SCHED 2B-3_AN","index":22,"n_rows":25,"n_cols":8,"rows_kept":25,"merged":[[1,1,1,5],[2,4,2,5]]}
[]
[null,"SCHEDULE MAINTENANCE OF LAUNDRY AND ASSOCIATED EQUIPMENT AT CLUSTER ONE (1) – OR TAMBO AND ALFRED NZO DISTRICT – HEALTH FACILITIES (36 MONTHS)"]
[null,"CONTRACT REF. NO:",null,"SCMU3-2526-0161-HO","Cluster/District:",null,{"$f":"'SCHED 1B-1_AN'!G3","v":"ALFRED NZO DISTRICT"}]
[null,"ASSET TYPE:",null,{"$f":"'SUMMARY (AN)'!D6","v":"LAUNDRY EQUIPMENT"},null,null,{"$f":"'SUMMARY (AN)'!F5","v":"Cluster 1 "}]
[]
[null,"SCHEDULE 2B-3: ",null,"FUNCTIONAL REPAIR SCHEDULE (continued)"]
[]
[null,"ITEM Nr.","PAYMENT REFERS","DESCRIPTION","UNIT","QTY","RATE","AMOUNT"]
[null,3,"GM 2.5","COMPILING OF DETAILED REPAIR SCHEDULE : Compile detailed, comprehensive repair schedule including defect description, recommended repair method, detailed quote including priced spare parts, outsourced work, and provisional work program, for each Health Facility and asset type."]
[null,"3.1",null,"Mount Ayliff Hospital ","Item",1]
[null,"3.2",null,"Madzikane ka Zulu Hospital ","Item",1]
[null,"3.3",null,"St Patrick’s Hospital ","Item",1]
[null,"3.4",null,"Greenville Hospital ","Item",1]
[null,"3.5",null,"Khotsong TB Hospital","Item",1]
[null,"3.6",null,"Tayler Bequest Hospital","Item",1]
[null,"3.7",null,"Sipetu Hospital","Item",1]
{"$rows_empty":8}
[null,"TOTAL CARRIED FORWARD TO SUMMARY "]

{"sheet":"SCHED 2B-4_AN","index":23,"n_rows":25,"n_cols":8,"rows_kept":25,"merged":[[1,1,1,5],[2,4,2,5]]}
[]
[null,"SCHEDULE MAINTENANCE OF LAUNDRY AND ASSOCIATED EQUIPMENT AT CLUSTER ONE (1) – OR TAMBO AND ALFRED NZO DISTRICT – HEALTH FACILITIES (36 MONTHS)"]
[null,"CONTRACT REF. NO:",null,"SCMU3-2526-0161-HO","Cluster/District:",null,{"$f":"'SCHED 1B-1_AN'!G3","v":"ALFRED NZO DISTRICT"}]
[null,"ASSET TYPE:",null,{"$f":"'SUMMARY (AN)'!D6","v":"LAUNDRY EQUIPMENT"},null,null,{"$f":"'SUMMARY (AN)'!F5","v":"Cluster 1 "}]
[]
[null,"SCHEDULE 2B-4: ",null,"FUNCTIONAL REPAIR SCHEDULE "]
[]
[null,"ITEM Nr.","PAYMENT REFERS","DESCRIPTION","UNIT","QTY","RATE","AMOUNT"]
[null,4,"GM 2.6","COMPILE FUNCTIONAL CONDITION ASSESSMENT REPORT: Compile Functional Condition Assessment Report for all asset types at all Health Facilities included in the Tender"]
[null,"4.1",null,"Mount Ayliff Hospital ","Item",1]
[null,"4.2",null,"Madzikane ka Zulu Hospital ","Item",1]
[null,"4.3",null,"St Patrick’s Hospital ","Item",1]
[null,"4.4",null,"Greenville Hospital ","Item",1]
[null,"4.5",null,"Khotsong TB Hospital","Item",1]
[null,"4.6",null,"Tayler Bequest Hospital","Item",1]
[null,"4.7",null,"Sipetu Hospital","Item",1]
{"$rows_empty":8}
[null,"TOTAL CARRIED FORWARD TO SUMMARY "]

{"sheet":"SCHEDULE 3B_AN","index":24,"n_rows":91,"n_cols":9,"rows_kept":91,"merged":[[1,1,1,5],[2,4,2,6]]}
[]
[null,"SCHEDULE MAINTENANCE OF LAUNDRY AND ASSOCIATED EQUIPMENT AT CLUSTER ONE (1) – OR TAMBO AND ALFRED NZO DISTRICT – HEALTH FACILITIES (36 MONTHS)"]
[null,"CONTRACT REF. NO:",null,"SCMU3-2526-0161-HO","Cluster/District:",null,null,{"$f":"'SCHED 1B-1_AN'!G3","v":"ALFRED NZO DISTRICT"}]
[null,"ASSET TYPE:",null,{"$f":"'SUMMARY (AN)'!D6","v":"LAUNDRY EQUIPMENT"},{"$nulls":3},{"$f":"'SUMMARY (AN)'!F5","v":"Cluster 1 "}]
[]
[null,"SCHEDULE 3B : ",null,"MAINTENANCE SERVICE SCHEDULE"]
[]
[null,"ITEM Nr.","PAYMENT REFERS","DESCRIPTION","UNIT","MACHINE QTY","QTY OF SERVICE PER MACHINE ","RATE","AMOUNT"]
[null,1,"GM 3.2","MAINTENANCE WORKS : Standard servicing and planned Maintenance Costs including all parts, consumables and lubricants, labour, travelling, accommodation and subsistence allowances (Price per machine)"]
[null,"1.1",null,"Mount Ayliff Hospital: Tumble Dryer"]
[null,"1.1.1",null,"Minor Service Cost : Price per Three Monthly Service / Inspection per machine, as per tasks from the Three Monthly Service Inspection Guideline in C6.","No",2,6]
[null,"1.1.2",null,"Major Service Cost : Price per Six Monthly Service / Inspection per machine, as per tasks from the Six Monthly Service Inspection Guideline in C6.","No",2,6]
[null,"1.3",null,"Mount Ayliff Hospital: Laundry Press "]
[null,"1.3.1",null,"Minor Service Cost : Price per Three Monthly Service / Inspection per machine, as per tasks from the Three Monthly Service Inspection Guideline in C6.","No",1,6]
[null,"1.3.2",null,"Major Service Cost : Price per Six Monthly Service / Inspection per machine, as per tasks from the Six Monthly Service Inspection Guideline in C6.","No",1,6]
[null,"1.4",null,"Mount Ayliff Hospital: Roller Ironer"]
[null,"1.4.1",null,"Minor Service Cost : Price per Three Monthly Service / Inspection per machine, as per tasks from the Three Monthly Service Inspection Guideline in C6.","No",1,6]
[null,"1.4.2",null,"Major Service Cost : Price per Six Monthly Service / Inspection per machine, as per tasks from the Six Monthly Service Inspection Guideline in C6.","No",1,6]
[null,"1.5",null,"Mount Ayliff Hospital: Scale"]
[null,"1.5.1",null,"Minor Service Cost : Price per Three Monthly Service / Inspection per machine, as per tasks from the Three Monthly Service Inspection Guideline in C6.","No",1,6]
[null,"1.5.2",null,"Major Service Cost : Price per Six Monthly Service / Inspection per machine, as per tasks from the Six Monthly Service Inspection Guideline in C6.","No",1,6]
[null,"1.6",null,"Mount Ayliff Hospital: Washing Machine"]
[null,"1.6.1",null,"Minor Service Cost : Price per Three Monthly Service / Inspection per machine, as per tasks from the Three Monthly Service Inspection Guideline in C6.","No",5,6]
[null,"1.6.2",null,"Major Service Cost : Price per Six Monthly Service / Inspection per machine, as per tasks from the Six Monthly Service Inspection Guideline in C6.","No",5,6]
[null,"1.7",null,"Madzikane kaZulu Memorial Hospital: TumbleDryer"]
[null,"1.7.1",null,"Minor Service Cost : Price per Three Monthly Service / Inspection per machine, as per tasks from the Three Monthly Service Inspection Guideline in C6.","No",3,6]
[null,"1.7.2",null,"Major Service Cost : Price per Six Monthly Service / Inspection per machine, as per tasks from the Six Monthly Service Inspection Guideline in C6.","No",3,6]
[null,1.9,null,"Madzikane kaZulu Memorial Hospital: Laundry Press"]
[null,"1.9.1",null,"Minor Service Cost : Price per Three Monthly Service / Inspection per machine, as per tasks from the Three Monthly Service Inspection Guideline in C6.","No",2,6]
[null,"1.9.2",null,"Major Service Cost : Price per Six Monthly Service / Inspection per machine, as per tasks from the Six Monthly Service Inspection Guideline in C6.","No",2,6]
[null,{"v":1.1,"d":"1.10"},null,"Madzikane kaZulu Memorial Hospital: Roller Ironer"]
[null,"1.10.1",null,"Minor Service Cost : Price per Three Monthly Service / Inspection per machine, as per tasks from the Three Monthly Service Inspection Guideline in C6.","No",2,6]
[null,"1.10.2",null,"Major Service Cost : Price per Six Monthly Service / Inspection per machine, as per tasks from the Six Monthly Service Inspection Guideline in C6.","No",2,6]
[null,1.11,null,"Madzikane kaZulu Memorial Hospital: Washing Machine"]
[null,"1.11.1",null,"Minor Service Cost : Price per Three Monthly Service / Inspection per machine, as per tasks from the Three Monthly Service Inspection Guideline in C6.","No",11,6]
[null,"1.11.2",null,"Major Service Cost : Price per Six Monthly Service / Inspection per machine, as per tasks from the Six Monthly Service Inspection Guideline in C6.","No",11,6]
[null,1.12,null,"St Patricks Hospital: Tumble Dryer"]
[null,"1.12.1",null,"Minor Service Cost : Price per Three Monthly Service / Inspection per machine, as per tasks from the Three Monthly Service Inspection Guideline in C6.","No",4,6]
[null,"1.12.2",null,"Major Service Cost : Price per Six Monthly Service / Inspection per machine, as per tasks from the Six Monthly Service Inspection Guideline in C6.","No",4,6]
[null,1.14,null,"St Patricks Hospital: Laundry Press"]
[null,"1.14.1",null,"Minor Service Cost : Price per Three Monthly Service / Inspection per machine, as per tasks from the Three Monthly Service Inspection Guideline in C6.","No",3,6]
[null,"1.14.2",null,"Major Service Cost : Price per Six Monthly Service / Inspection per machine, as per tasks from the Six Monthly Service Inspection Guideline in C6.","No",3,6]
[null,1.15,null,"St Patricks Hospital: Roller Ironer"]
[null,"1.15.1",null,"Minor Service Cost : Price per Three Monthly Service / Inspection per machine, as per tasks from the Three Monthly Service Inspection Guideline in C6.","No",1,6]
[null,"1.15.2",null,"Major Service Cost : Price per Six Monthly Service / Inspection per machine, as per tasks from the Six Monthly Service Inspection Guideline in C6.","No",1,6]
[null,1.16,null,"St Patricksl Hospital: Washing Machine"]
[null,"1.16.1",null,"Minor Service Cost : Price per Three Monthly Service / Inspection per machine, as per tasks from the Three Monthly Service Inspection Guideline in C6.","No",7,6]
[null,"1.16.2",null,"Major Service Cost : Price per Six Monthly Service / Inspection per machine, as per tasks from the Six Monthly Service Inspection Guideline in C6.","No",7,6]
[null,1.17,null,"Greenville Hospital: Tumble Dryer"]
[null,"1.17.1",null,"Minor Service Cost : Price per Three Monthly Service / Inspection per machine, as per tasks from the Three Monthly Service Inspection Guideline in C6.","No",2,6]
[null,"1.17.2",null,"Major Service Cost : Price per Six Monthly Service / Inspection per machine, as per tasks from the Six Monthly Service Inspection Guideline in C6.","No",2,6]
[null,"1,20",null,"Greenville Hospital: Roller Ironer"]
[null,"1.20.1",null,"Minor Service Cost : Price per Three Monthly Service / Inspection per machine, as per tasks from the Three Monthly Service Inspection Guideline in C6.","No",1,6]
[null,"1.20.2",null,"Major Service Cost : Price per Six Monthly Service / Inspection per machine, as per tasks from the Six Monthly Service Inspection Guideline in C6.","No",1,6]
[null,1.22,null,"Greenville Hospital: Washing Machine"]
[null,"1.22.1",null,"Minor Service Cost : Price per Three Monthly Service / Inspection per machine, as per tasks from the Three Monthly Service Inspection Guideline in C6.","No",2,6]
[null,"1.22.2",null,"Major Service Cost : Price per Six Monthly Service / Inspection per machine, as per tasks from the Six Monthly Service Inspection Guideline in C6.","No",2,6]
[null,1.23,null,"Sipetu Hospital: Tumble Dryer"]
[null,"1.23.1",null,"Minor Service Cost : Price per Three Monthly Service / Inspection per machine, as per tasks from the Three Monthly Service Inspection Guideline in C6.","No",2,6]
[null,"1.23.2",null,"Major Service Cost : Price per Six Monthly Service / Inspection per machine, as per tasks from the Six Monthly Service Inspection Guideline in C6.","No",2,6]
[null,1.24,null,"Sipetu Hospital: Washer Extractor"]
[null,"1.24.1",null,"Minor Service Cost : Price per Three Monthly Service / Inspection per machine, as per tasks from the Three Monthly Service Inspection Guideline in C6.","No",5,6]
[null,"1.24.2",null,"Major Service Cost : Price per Six Monthly Service / Inspection per machine, as per tasks from the Six Monthly Service Inspection Guideline in C6.","No",5,6]
[null,1.25,null,"Sipetu Hospital: Laundry Press"]
[null,"1.25.1",null,"Minor Service Cost : Price per Three Monthly Service / Inspection per machine, as per tasks from the Three Monthly Service Inspection Guideline in C6.","No",2,6]
[null,"1.25.2",null,"Major Service Cost : Price per Six Monthly Service / Inspection per machine, as per tasks from the Six Monthly Service Inspection Guideline in C6.","No",2,6]
[null,1.26,null,"Sipetu Hospital: Roller Ironer"]
[null,"1.26.1",null,"Minor Service Cost : Price per Three Monthly Service / Inspection per machine, as per tasks from the Three Monthly Service Inspection Guideline in C6.","No",1,6]
[null,"1.26.2",null,"Major Service Cost : Price per Six Monthly Service / Inspection per machine, as per tasks from the Six Monthly Service Inspection Guideline in C6.","No",1,6]
[null,1.29,null,"Khotsong TB Hospital: Tumble Dryer"]
[null,"1.29.1",null,"Minor Service Cost : Price per Three Monthly Service / Inspection per machine, as per tasks from the Three Monthly Service Inspection Guideline in C6.","No",1,6]
[null,"1.29.2",null,"Major Service Cost : Price per Six Monthly Service / Inspection per machine, as per tasks from the Six Monthly Service Inspection Guideline in C6.","No",1,6]
[null,1.31,null,"Khotsong TB Hospital: Laundry Press"]
[null,"1.31.1",null,"Minor Service Cost : Price per Three Monthly Service / Inspection per machine, as per tasks from the Three Monthly Service Inspection Guideline in C6.","No",2,6]
[null,"1.31.2",null,"Major Service Cost : Price per Six Monthly Service / Inspection per machine, as per tasks from the Six Monthly Service Inspection Guideline in C6.","No",2,6]
[null,1.32,null,"Khotsong TB Hospital: Roller Ironer"]
[null,"1.32.1",null,"Minor Service Cost : Price per Three Monthly Service / Inspection per machine, as per tasks from the Three Monthly Service Inspection Guideline in C6.","No",2,6]
[null,"1.32.2",null,"Major Service Cost : Price per Six Monthly Service / Inspection per machine, as per tasks from the Six Monthly Service Inspection Guideline in C6.","No",2,6]
[null,1.34,null,"Khotsong TB Hospital: Washing Machine"]
[null,"1.34.1",null,"Minor Service Cost : Price per Three Monthly Service / Inspection per machine, as per tasks from the Three Monthly Service Inspection Guideline in C6.","No",4,6]
[null,"1.34.2",null,"Major Service Cost : Price per Six Monthly Service / Inspection per machine, as per tasks from the Six Monthly Service Inspection Guideline in C6.","No",4,6]
[null,1.35,null,"Tayler Bequest Hospital: Tumble Dryer"]
[null,"1.35.1",null,"Minor Service Cost : Price per Three Monthly Service / Inspection per machine, as per tasks from the Three Monthly Service Inspection Guideline in C6.","No",5,6]
[null,"1.35.2",null,"Major Service Cost : Price per Six Monthly Service / Inspection per machine, as per tasks from the Six Monthly Service Inspection Guideline in C6.","No",5,6]
[null,{"$f":"B82+0.01","v":1.36},null,"Tayler Bequest Hospital: Washing Machine ","No"]
[null,"1.36.1",null,"Minor Service Cost : Price per Three Monthly Service / Inspection per machine, as per tasks from the Three Monthly Service Inspection Guideline in C6.","No",2,6]
[null,"1.36.2",null,"Major Service Cost : Price per Six Monthly Service / Inspection per machine, as per tasks from the Six Monthly Service Inspection Guideline in C6.","No",2,6]
[null,1.38,null,"Tayler Bequest Hospital: Roller Ironer"]
[null,"1.38.1",null,"Minor Service Cost : Price per Three Monthly Service / Inspection per machine, as per tasks from the Three Monthly Service Inspection Guideline in C6.","No",1,6]
[null,"1.38.2",null,"Major Service Cost : Price per Six Monthly Service / Inspection per machine, as per tasks from the Six Monthly Service Inspection Guideline in C6.","No",1,6]
[null,"TOTAL CARRIED TO FINAL SUMMARY"]

{"sheet":"SCHEDULE 4","index":25,"n_rows":41,"n_cols":8,"rows_kept":41,"merged":[[1,1,1,5],[2,4,2,5],[2,6,2,7]]}
[]
[null,"SCHEDULE MAINTENANCE OF LAUNDRY AND ASSOCIATED EQUIPMENT AT CLUSTER ONE (1) – OR TAMBO AND ALFRED NZO DISTRICT – HEALTH FACILITIES (36 MONTHS)"]
[null,"CONTRACT REF. NO:",null,"SCMU3-2526-0161-HO","Cluster/District:",null,"OR TAMBO & ALFRED NZO"]
[null,"ASSET TYPE:",null,{"$f":"[1]SUMMARY!D6","v":"LAUNDRY EQUIPMENT"},null,null,{"$f":"[1]SUMMARY!F5","v":"Cluster 1 "}]
[]
[null,"SCHEDULE 4 : ",null,"TERM REPAIRS SUBJECT TO APPROVAL OF QUOTATION OF THE WORKS "]
[]
[null,"ITEM Nr.","PAYMENT REFERS","DESCRIPTION","UNIT","QTY","RATE","AMOUNT"]
[null,1,"GM 2.8","LABOUR RATES APPLICABLE TO UNSCHEDULED WORK (DAY RATES): Labour rates that Contractor will charge for additional adhoc work that is not contained in Schedules 1 to 3."]
[null,"1.1",null,"Technician","Hr",300]
[null,"1.2",null,"Senior Artisan (Trade Tested & Additional Certification)","Hr",580]
[null,"1.3",null,"Artisan (Trade Tested)","Hr",430]
[null,"1.4",null,"Utility Man (Non-Trade Tested)","Hr",890]
[null,"1.5",null,"Artisan Aid","Hr",500]
[null,"1.6",null,"General Worker","Hr",990]
[null,2,"GM 2.8.3","TRAVELLING : Travelling cost will be as per the rates for reimbursable expenses published monthly by the National Department of Public Works at the time of rendering the service/repair."]
[null,"2.1",null,"Vehicle Travelling Estimate","Km",{"v":110000,"d":"110,000"}]
[null,3,"GM 2.8.3","ACCOMMODATION AND SUBSISTENCE : Daily Rates per person that the Contractor will claim for approved trips lasting more than one day at a time."]
[null,"3.1",null,"Accommodation","Per/night",60]
[null,"3.2",null,"Subsistence","Per/day",60]
[null,4,"GM 2.5 (10), GM 2.8.1 & GM 2.10.3","PROVISION TO COVER REPAIRS DURING THE TERM OF THE CONTRACT : Lump Sum Provision to cover repairs and breakdowns during the course of the Contract in addition to the agreed routine servicing of the Assets.","PSum",1,{"v":4000000,"d":"R4,000,000.00"},{"$f":"G21","v":{"v":4000000,"d":"R4,000,000.00"}}]
[null,5,"GM 2.8.1 & Clause 11.2(8)","DIRECT FEE PERCENTAGE (MARK-UP) ON MATERIALS AND SERVICES THAT IS NOT INCLUDED IN PRICE LISTS : Mark-up on proven cost for materials and/or Outsourced Services based on the Provisional sum listed in Item 4. above.  (Apply % to provisional sum in Item 4 above when pricing the tender)","%"]
[null,6,"GM 2.15","ENVIRONMENTAL MANAGEMENT PLAN : The Contractor must compile a basic Environmental plan specific to the type of work that he will be performing at the Health Facilities as per C3.2","Item",1]
[null,7,"GM 2.15","OCCUPATIONAL HEALTH AND SAFETY ACT COMPLIANCE COST : The Contractor must comply to the project Health and Safety Specification specific to the type of work that he will be performing on site as per C3.2","Month",36]
[null,8,"Clause 83.1","INSURANCE : LIMITATION OF LIABILITY (Amounts applicable for whole Contract)"]
[null,"8.1",null,"Provision for General Contractor's Insurance (Minimum liability limit must be equal to R2,000 000) to cover requirements of Clause 83.1 in Contract Data","Month",36]
[null,9,"X13","PERFORMANCE BOND (Amounts applicable for whole Contract)"]
[null,"9.1",null,"Provision for a Performance bond of not less than 2,5% of the Tender Value","Month",36]
[]
[null,10,"SS15","IN-SERVICE TRAINING OF GRADUATES AND INTERNS : Provisional Sum to pay the costs associated with employing nominated Interns and Graduates for the duration of the Contract"]
[null,"10.1",null,"Interns (1 persons at R5000 per person per month)","Months",36,{"v":5000,"d":"R5,000.00"},{"$f":"F31*G31","v":{"v":180000,"d":"R180,000.00"}}]
[null,"10.2",null,"Graduates (1 persons at R7000 per person per month)","Months",36,{"v":7000,"d":"R7,000.00"},{"$f":"F32*G32","v":{"v":252000,"d":"R252,000.00"}}]
[null,11,"SS16","PROVISION OF ASSET APPLICABLE ACCREDITED TRAINING : Arranging of Accredited Asset Applicable Training for Operating and Maintenance Staff as per SS16","Psum",1,{"v":345000,"d":"R345,000.00"},{"v":345000,"d":"R345,000.00"}]
[null,"11.1","Clause 11.2(8)","Direct Fee Percentage (Mark-up) to be charged by Contractor on amount above","%"]
[null,12,"GM 6","PROVISION FOR SPECIAL TESTING BY SERVICE MANAGER : Lump sum provision for doing special tests at the  Health Facilities as per the prerogative of the Service Manager","PSum",1,{"v":105000,"d":"105,000.00"},{"v":105000,"d":"R105,000.00"}]
[null,"12.1","Clause 11.2(8)","Direct Fee Percentage (Mark-up) to be charged by Contractor on amounts above","%"]
[null,13,"GM 2.6","MAINTENANCE DOCUMENTATION SITE STORAGE CONSOLE: Provisional sum to supply and install O&M Manual, Log Books, and site Maintenance Records at each equipment type location as directed by the Service Manager","PSum",1,{"v":30000,"d":"30,000.00"},{"$f":"G37","v":{"v":30000,"d":"R30,000.00"}}]
[null,"13.1","Clause 11.2(8)","Direct Fee Percentage (Mark-up) to be charged by Contractor on amounts above","%"]
[]
[]
[null,"TOTAL CARRIED FORWARD TO SUMMARY "]

{"sheet":"WORK ORDERS  01 LAETITIA BAM CH","index":26,"n_rows":54,"n_cols":13,"rows_kept":54,"hidden":true,"merged":[[8,0,8,4],[8,5,8,6],[8,7,8,8],[9,5,9,6],[9,7,9,8],[10,5,10,6],[10,7,10,8],[11,5,11,6],[11,7,11,8],[12,5,12,6],[12,7,12,8],[13,5,13,6],[13,7,13,8],[14,0,14,8],[15,0,15,8],[17,1,17,3],[18,1,18,3],[19,1,19,3],[20,0,20,7],[21,0,21,8],[23,1,23,4],[24,1,24,4],[25,1,25,4],[26,1,26,4],[27,1,27,4],[28,1,28,4],[29,1,29,4],[30,1,30,4],[31,0,31,7],[32,0,32,8],[33,1,33,3],[33,4,33,5],[34,1,34,3],[34,4,34,5],[35,1,35,3],[35,4,35,5],[36,1,36,3],[36,4,36,5],[37,1,37,3],[37,4,37,5],[38,1,38,3],[38,4,38,5],[39,1,39,3],[39,4,39,5],[40,1,40,3],[41,1,41,3],[42,1,42,3],[43,0,43,7],[44,0,44,8],[45,1,45,3],[45,4,45,5],[46,1,46,3],[46,4,46,5],[47,1,47,3],[47,4,47,5],[48,1,48,3],[48,4,48,5],[49,0,49,7],[51,0,51,1],[51,2,51,4],[51,6,51,7],[52,0,52,1],[52,2,52,4],[53,0,53,1],[53,2,53,4],[53,6,53,7],[54,2,54,5]]}
{"$rows_empty":8}
["QUOTE TO :",{"$nulls":4},"Qoute No           ",null,1]
["Department of Health",{"$nulls":4},"Date                   ",null,"2019-11-01"]
["717 Dukumbana Building",{"$nulls":4},"Facility              ",null,"LAETITIA BAM CHC"]
["Independent Avenue",{"$nulls":4},"Work Order     ",null,39138]
["Bhisho",{"$nulls":4},"Tender No       ",null,"SCMU3 - 17/18-0303 - HO",{"$nulls":4}," "]
[{"$nulls":5},"Contract Term ",null,"24 MONTHS"]
["WORK  REQUEST : Generator is faulty."]
["SCHEDULED WORK"]
["Item 1","Discription",null,null,"Unit","Sch No","Quantity","Rate","Amount"]
[{"$nulls":8},{"$f":"SUM(G18*H18)","v":0}]
[{"$nulls":8},{"$f":"SUM(G19*H19)","v":0}]
[{"$nulls":8},0]
["Sub Total A",{"$nulls":7},{"$f":"SUM(I18:I20)","v":0}]
["NON SCHEDULED WORK"]
["Item 2","Discription",{"$nulls":3},"Quantity","Mark -Up","Rate","Amount"]
[1,"RELAY 11 PIN 12V  DC",{"$nulls":3},2,{"v":0.15,"d":"15%"},{"v":110,"d":"R 110.00"},{"$f":"H24*F24*1.15","v":{"v":252.99999999999997,"d":"R 253.00"}}]
[2,"RELAY BASE",{"$nulls":3},2,{"v":0.15,"d":"15%"},{"v":65,"d":"R 65.00"},{"$f":"H25*F25*1.15","v":{"v":149.5,"d":"R 149.50"}}]
[3,"DEEPSEA CONTROLLER",{"$nulls":3},1,{"v":0.15,"d":"15%"},{"v":6239,"d":"R 6,239.00"},{"$f":"H26*F26*1.15","v":{"v":7174.849999999999,"d":"R 7,174.85"}}]
[4,"MCB 6A SP",{"$nulls":3},2,{"v":0.15,"d":"15%"},{"v":21.6,"d":"R 21.60"},{"$f":"H27*F27*1.15","v":{"v":49.68,"d":"R 49.68"}}]
[5,"RED STOP TWIST RELEASE",{"$nulls":3},2,{"v":0.15,"d":"15%"},{"v":65.5,"d":"R 65.50"},{"$f":"H28*F28*1.15","v":{"v":150.64999999999998,"d":"R 150.65"}}]
[6,"CONTACT BLOCK 1N/0 + 1N/C",{"$nulls":3},2,{"v":0.15,"d":"15%"},{"v":68.5,"d":"R 68.50"},{"v":157.54999999999998,"d":"R 157.55"}]
[]
[]
["Sub Total B",{"$nulls":7},{"$f":"SUM(I24:I31)","v":{"v":7935.23,"d":"R 7,935.23"}}]
["LABOUR"]
["Item 3"," (Normal Rate)",null,null,"Unit",null,"Quantity","Rate","Amount"]
[1,"Techinician",null,null,"HRS",null,15,{"v":450,"d":"R450.00"},{"$f":"SUM(G35*H35)","v":{"v":6750,"d":"R 6,750.00"}}]
[2," Senior Artisan  ",null,null,"HRS",null,null,{"v":350,"d":"R350.00"},{"$f":"SUM(G36*H36)","v":0}]
[3,"Artisan  (Trade Tested)",null,null,"HRS",null,null,{"v":300,"d":"R300.00"},0]
[4,"Utility Man (Non - Trade Tested)",null,null,"HRS",null,15,{"v":200,"d":"R200.00"},{"v":3000,"d":"R 3,000.00"}]
[5,"Artisan  Aid",null,null,"HRS",null,null,{"v":200,"d":"R200.00"},0]
[6,"General Worker",null,null,"HRS",null,null,{"v":140,"d":"R140.00"},0]
[]
[]
[]
["Sub Total C",{"$nulls":7},{"$f":"SUM(I35:I43)","v":{"v":9750,"d":"R 9,750.00"}}]
["TRANSPORT"]
["Item 4","Destinantion",null,null,"No of Trips",null,"KMs","Rate","Amount"]
[12,"Port Elizabeth office to Laetitia Bam"]
[null,"  CHC and back.",null,null,2,null,154.4,{"v":5,"d":"R 5.00"},{"$f":"H48*G48","v":{"v":772,"d":"R 772.00"}}]
[]
["Sub Total D",{"$nulls":7},{"$f":"SUM(I47:I49)","v":{"v":772,"d":"R 772.00"}}]
[]
[{"$nulls":6}," Sub Total (A+B+C+D)",null,{"$f":"I50+I44+I32+I21","v":{"v":18457.23,"d":"R 18,457.23"}}]
[]
[{"$nulls":6},"Sub Total",null,{"$f":"I52+I53","v":{"v":18457.23,"d":"R 18,457.23"}}]

{"sheet":"JOSE PEARSON TB HOSPITAL (02)","index":27,"n_rows":54,"n_cols":13,"rows_kept":54,"hidden":true,"merged":[[8,0,8,4],[8,5,8,6],[8,7,8,8],[9,5,9,6],[9,7,9,8],[10,5,10,6],[10,7,10,8],[11,5,11,6],[11,7,11,8],[12,5,12,6],[12,7,12,8],[13,5,13,6],[13,7,13,8],[14,0,14,8],[15,0,15,8],[17,1,17,3],[18,1,18,3],[19,1,19,3],[20,0,20,7],[21,0,21,8],[23,1,23,4],[24,1,24,4],[25,1,25,4],[26,1,26,4],[27,1,27,4],[28,1,28,4],[29,1,29,4],[30,1,30,4],[31,0,31,7],[32,0,32,8],[33,1,33,3],[33,4,33,5],[34,1,34,3],[34,4,34,5],[35,1,35,3],[35,4,35,5],[36,1,36,3],[36,4,36,5],[37,1,37,3],[37,4,37,5],[38,1,38,3],[38,4,38,5],[39,1,39,3],[39,4,39,5],[40,1,40,3],[41,1,41,3],[42,1,42,3],[43,0,43,7],[44,0,44,8],[45,1,45,3],[45,4,45,5],[46,1,46,3],[46,4,46,5],[47,1,47,3],[47,4,47,5],[48,1,48,3],[48,4,48,5],[49,0,49,7],[51,0,51,1],[51,2,51,4],[51,6,51,7],[52,0,52,1],[52,2,52,4],[53,0,53,1],[53,2,53,4],[53,6,53,7],[54,2,54,5]]}
{"$rows_empty":8}
["QUOTE TO :",{"$nulls":4},"Qoute No           ",null,2]
["Department of Health",{"$nulls":4},"Date                   ",null,"2019-02-02"]
["717 Dukumbana Building",{"$nulls":4},"Facility              ",null,"JOSE PEARSON TB HOSPITAL"]
["Independent Avenue",{"$nulls":4},"Work Order     ",null,40578]
["Bhisho",{"$nulls":4},"Tender No       ",null,"SCMU3 - 17/18-0303 - HO",{"$nulls":4}," "]
[{"$nulls":5},"Contract Term ",null,"24 MONTHS"]
["WORK  REQUEST : Phamarcy building dep needs to be connected to the gen"]
["SCHEDULED WORK"]
["Item 1","Discription",null,null,"Unit","Sch No","Quantity","Rate","Amount"]
[{"$nulls":8},{"$f":"SUM(G18*H18)","v":0}]
[{"$nulls":8},{"$f":"SUM(G19*H19)","v":0}]
[{"$nulls":8},0]
["Sub Total A",{"$nulls":7},{"$f":"SUM(I18:I20)","v":0}]
["NON SCHEDULED WORK"]
["Item 2","Discription",{"$nulls":3},"Quantity","MarK UP","Rate","Amount"]
{"$rows_empty":8}
["Sub Total B",{"$nulls":7},{"$f":"SUM(I24:I31)","v":0}]
["LABOUR"]
["Item 3"," (Normal Rate)",null,null,"Unit",null,"Quantity","Rate","Amount"]
[1,"Techinician",null,null,"HRS",null,6,{"v":450,"d":"R450.00"},{"$f":"SUM(G35*H35)","v":{"v":2700,"d":"R 2,700.00"}}]
[2," Senior Artisan  ",null,null,"HRS",null,null,{"v":350,"d":"R350.00"},{"$f":"SUM(G36*H36)","v":0}]
[3,"Artisan  (Trade Tested)",null,null,"HRS",null,null,{"v":300,"d":"R300.00"},0]
[4,"Utility Man (Non - Trade Tested)",null,null,"HRS",null,6,{"v":200,"d":"R200.00"},{"v":1200,"d":"R 1,200.00"}]
[5,"Artisan  Aid",null,null,"HRS",null,null,{"v":200,"d":"R200.00"},0]
[6,"General Worker",null,null,"HRS",null,null,{"v":140,"d":"R140.00"},0]
[]
[]
[]
["Sub Total C",{"$nulls":7},{"$f":"SUM(I35:I43)","v":{"v":3900,"d":"R 3,900.00"}}]
["TRANSPORT"]
["Item 4","Destinantion",null,null,"No of Trips",null,"KMs","Rate","Amount"]
[12,"Port Elizabeth office to Jose Pearson"]
[null," TB Hospital and back.",null,null,1,null,47,{"v":5,"d":"R 5.00"},{"$f":"H48*G48","v":{"v":235,"d":"R 235.00"}}]
[]
["Sub Total D",{"$nulls":7},{"$f":"SUM(I47:I49)","v":{"v":235,"d":"R 235.00"}}]
[]
[{"$nulls":6}," Sub Total (A+B+C+D)",null,{"$f":"I50+I44+I32+I21","v":{"v":4135,"d":"R 4,135.00"}}]
[]
[{"$nulls":6},"Sub Total",null,{"$f":"I52","v":{"v":4135,"d":"R 4,135.00"}}]

{"sheet":"NEW BRIGHTON MORTUARY (03)","index":28,"n_rows":54,"n_cols":13,"rows_kept":54,"hidden":true,"merged":[[8,0,8,4],[8,5,8,6],[8,7,8,8],[9,5,9,6],[9,7,9,8],[10,5,10,6],[10,7,10,8],[11,5,11,6],[11,7,11,8],[12,5,12,6],[12,7,12,8],[13,5,13,6],[13,7,13,8],[14,0,14,8],[15,0,15,8],[17,1,17,3],[18,1,18,3],[19,1,19,3],[20,0,20,7],[21,0,21,8],[23,1,23,4],[24,1,24,4],[25,1,25,4],[26,1,26,4],[27,1,27,4],[28,1,28,4],[29,1,29,4],[30,1,30,4],[31,0,31,7],[32,0,32,8],[33,1,33,3],[33,4,33,5],[34,1,34,3],[34,4,34,5],[35,1,35,3],[35,4,35,5],[36,1,36,3],[36,4,36,5],[37,1,37,3],[37,4,37,5],[38,1,38,3],[38,4,38,5],[39,1,39,3],[39,4,39,5],[40,1,40,3],[41,1,41,3],[42,1,42,3],[43,0,43,7],[44,0,44,8],[45,1,45,3],[45,4,45,5],[46,1,46,3],[46,4,46,5],[47,1,47,3],[47,4,47,5],[48,1,48,3],[48,4,48,5],[49,0,49,7],[51,0,51,1],[51,2,51,4],[51,6,51,7],[52,0,52,1],[52,2,52,4],[53,0,53,1],[53,2,53,4],[53,6,53,7],[54,2,54,5]]}
{"$rows_empty":8}
["QUOTE TO :",{"$nulls":4},"Qoute No           ",null,3]
["Department of Health",{"$nulls":4},"Date                   ",null,"2019-12-02"]
["717 Dukumbana Building",{"$nulls":4},"Facility              ",null,"NEW BRIGHTON MORTUARY"]
["Independent Avenue",{"$nulls":4},"Work Order     ",null,41253]
["Bhisho",{"$nulls":4},"Tender No       ",null,"SCMU3 - 17/18-0303 - HO",{"$nulls":4}," "]
[{"$nulls":5},"Contract Term ",null,"24 MONTHS"]
["WORK  REQUEST : Gen  does not start."]
["SCHEDULED WORK"]
["Item 1","Discription",null,null,"Unit","Sch No","Quantity","Rate","Amount"]
[{"$nulls":8},{"$f":"SUM(G18*H18)","v":0}]
[{"$nulls":8},{"$f":"SUM(G19*H19)","v":0}]
[{"$nulls":8},0]
["Sub Total A",{"$nulls":7},{"$f":"SUM(I18:I20)","v":0}]
["NON SCHEDULED WORK"]
["Item 2","Discription",{"$nulls":3},"Quantity","MarK UP","Rate","Amount"]
{"$rows_empty":8}
["Sub Total B",{"$nulls":7},{"$f":"SUM(I24:I31)","v":0}]
["LABOUR"]
["Item 3"," (Normal Rate)",null,null,"Unit",null,"Quantity","Rate","Amount"]
[1,"Techinician",null,null,"HRS",null,1.5,{"v":450,"d":"R450.00"},{"$f":"SUM(G35*H35)","v":{"v":675,"d":"R 675.00"}}]
[2," Senior Artisan  ",null,null,"HRS",null,null,{"v":350,"d":"R350.00"},{"$f":"SUM(G36*H36)","v":0}]
[3,"Artisan  (Trade Tested)",null,null,"HRS",null,null,{"v":300,"d":"R300.00"},0]
[4,"Utility Man (Non - Trade Tested)",null,null,"HRS",null,1.5,{"v":200,"d":"R200.00"},{"v":300,"d":"R 300.00"}]
[5,"Artisan  Aid",null,null,"HRS",null,null,{"v":200,"d":"R200.00"},0]
[6,"General Worker",null,null,"HRS",null,null,{"v":140,"d":"R140.00"},0]
[]
[]
[]
["Sub Total C",{"$nulls":7},{"$f":"SUM(I35:I43)","v":{"v":975,"d":"R 975.00"}}]
["TRANSPORT"]
["Item 4","Destinantion",null,null,"No of Trips",null,"KMs","Rate","Amount"]
[12,"Port Elizabeth office to New Brighton "]
[null," Mortuary and back.",null,null,1,null,21.4,{"v":5,"d":"R 5.00"},{"$f":"H48*G48","v":{"v":107,"d":"R 107.00"}}]
[]
["Sub Total D",{"$nulls":7},{"$f":"SUM(I47:I49)","v":{"v":107,"d":"R 107.00"}}]
[]
[{"$nulls":6}," Sub Total (A+B+C+D)",null,{"$f":"I50+I44+I32+I21","v":{"v":1082,"d":"R 1,082.00"}}]
[]
[{"$nulls":6},"Sub Total",null,{"$f":"I52+I53","v":{"v":1082,"d":"R 1,082.00"}}]

{"sheet":"DORA NGIZA HOSPITAL (04)","index":29,"n_rows":54,"n_cols":13,"rows_kept":54,"hidden":true,"merged":[[8,0,8,4],[8,5,8,6],[8,7,8,8],[9,5,9,6],[9,7,9,8],[10,5,10,6],[10,7,10,8],[11,5,11,6],[11,7,11,8],[12,5,12,6],[12,7,12,8],[13,5,13,6],[13,7,13,8],[14,0,14,8],[15,0,15,8],[16,1,16,3],[17,1,17,3],[18,1,18,3],[19,1,19,3],[20,0,20,7],[21,0,21,8],[23,1,23,4],[24,1,24,4],[25,1,25,4],[26,1,26,4],[27,1,27,4],[28,1,28,4],[29,1,29,4],[30,1,30,4],[31,0,31,7],[32,0,32,8],[33,1,33,3],[33,4,33,5],[34,1,34,3],[34,4,34,5],[35,1,35,3],[35,4,35,5],[36,1,36,3],[36,4,36,5],[37,1,37,3],[37,4,37,5],[38,1,38,3],[38,4,38,5],[39,1,39,3],[39,4,39,5],[40,1,40,3],[41,1,41,3],[42,1,42,3],[43,0,43,7],[44,0,44,8],[45,1,45,3],[45,4,45,5],[46,1,46,3],[46,4,46,5],[47,1,47,3],[47,4,47,5],[48,1,48,3],[48,4,48,5],[49,0,49,7],[51,0,51,1],[51,2,51,4],[51,6,51,7],[52,0,52,1],[52,2,52,4],[53,0,53,1],[53,2,53,4],[53,6,53,7],[54,2,54,5]]}
{"$rows_empty":8}
["QUOTE TO :",{"$nulls":4},"Qoute No           ",null,4]
["Department of Health",{"$nulls":4},"Date                   ",null,"2019-11-02"]
["717 Dukumbana Building",{"$nulls":4},"Facility              ",null,"DORA NGINZA HOSPITAL"]
["Independent Avenue",{"$nulls":4},"Work Order     ",null,41177]
["Bhisho",{"$nulls":4},"Tender No       ",null,"SCMU3 - 17/18-0303 - HO",{"$nulls":4}," "]
[{"$nulls":5},"Contract Term ",null,"24 MONTHS"]
["WORK  REQUEST : Request to repair faulty cable connecting to thechange over switch."]
["SCHEDULED WORK"]
["Item 1","Discription",null,null,"Unit","Sch No","Quantity","Rate","Amount"]
[{"$nulls":8},{"$f":"SUM(G18*H18)","v":0}]
[{"$nulls":8},{"$f":"SUM(G19*H19)","v":0}]
[{"$nulls":8},0]
["Sub Total A",{"$nulls":7},{"$f":"SUM(I18:I20)","v":0}]
["NON SCHEDULED WORK"]
["Item 2","Discription",{"$nulls":3},"Quantity","Mark - Up","Rate","Amount"]
[1,"ELECTRO PHASE FAILER RELAY 400V ",{"$nulls":3},1,{"v":0.15,"d":"15%"},{"v":396,"d":"R 396.00"},{"$f":"H24*F24*1.15","v":{"v":455.4,"d":"R 455.40"}}]
[2,"10 X 38mm FUSE 100KVA",{"$nulls":3},1,{"v":0.15,"d":"15%"},{"v":12,"d":"R 12.00"},{"$f":"H25*F25*1.15","v":{"v":13.799999999999999,"d":"R 13.80"}}]
[]
[]
[]
[]
[]
[]
["Sub Total B",{"$nulls":7},{"$f":"SUM(I24:I31)","v":{"v":469.2,"d":"R 469.20"}}]
["LABOUR"]
["Item 3"," (Normal Rate)",null,null,"Unit",null,"Quantity","Rate","Amount"]
[1,"Techinician",null,null,"HRS",null,2,{"v":450,"d":"R450.00"},{"$f":"SUM(G35*H35)","v":{"v":900,"d":"R 900.00"}}]
[2," Senior Artisan  ",null,null,"HRS",null,null,{"v":350,"d":"R350.00"},{"$f":"SUM(G36*H36)","v":0}]
[3,"Artisan  (Trade Tested)",null,null,"HRS",null,null,{"v":300,"d":"R300.00"},0]
[4,"Utility Man (Non - Trade Tested)",null,null,"HRS",null,2,{"v":200,"d":"R200.00"},{"v":400,"d":"R 400.00"}]
[5,"Artisan  Aid",null,null,"HRS",null,null,{"v":200,"d":"R200.00"},0]
[6,"General Worker",null,null,"HRS",null,null,{"v":140,"d":"R140.00"},0]
[]
[]
[]
["Sub Total C",{"$nulls":7},{"$f":"SUM(I35:I43)","v":{"v":1300,"d":"R 1,300.00"}}]
["TRANSPORT"]
["Item 4","Destinantion",null,null,"No of Trips",null,"KMs","Rate","Amount"]
[1,"Port Elizabeth office to Dora Nginza"]
[null,"Hospital and back.",null,null,1,null,28.6,{"v":5,"d":"R 5.00"},{"$f":"H48*G48","v":{"v":143,"d":"R 143.00"}}]
[]
["Sub Total D",{"$nulls":7},{"$f":"SUM(I47:I49)","v":{"v":143,"d":"R 143.00"}}]
[]
[{"$nulls":6}," Sub Total (A+B+C+D)",null,{"$f":"I50+I44+I32+I21","v":{"v":1912.2,"d":"R 1,912.20"}}]
[]
[{"$nulls":6},"Sub Total",null,{"$f":"I52+I53","v":{"v":1912.2,"d":"R 1,912.20"}}]

{"sheet":"LAETITIA BAM CHC (05)","index":30,"n_rows":54,"n_cols":13,"rows_kept":54,"hidden":true,"merged":[[8,0,8,4],[8,5,8,6],[8,7,8,8],[9,5,9,6],[9,7,9,8],[10,5,10,6],[10,7,10,8],[11,5,11,6],[11,7,11,8],[12,5,12,6],[12,7,12,8],[13,5,13,6],[13,7,13,8],[14,0,14,8],[15,0,15,8],[16,1,16,3],[17,1,17,3],[18,1,18,3],[19,1,19,3],[20,0,20,7],[21,0,21,8],[22,1,22,4],[22,5,22,6],[23,1,23,4],[23,5,23,6],[24,1,24,4],[24,5,24,6],[25,1,25,4],[25,5,25,6],[26,1,26,4],[26,5,26,6],[27,1,27,4],[27,5,27,6],[28,1,28,4],[28,5,28,6],[29,1,29,4],[29,5,29,6],[30,1,30,4],[31,0,31,7],[32,0,32,8],[33,1,33,3],[33,4,33,5],[34,1,34,3],[34,4,34,5],[35,1,35,3],[35,4,35,5],[36,1,36,3],[36,4,36,5],[37,1,37,3],[37,4,37,5],[38,1,38,3],[38,4,38,5],[39,1,39,3],[39,4,39,5],[40,1,40,3],[41,1,41,3],[42,1,42,3],[43,0,43,7],[44,0,44,8],[45,1,45,3],[45,4,45,5],[46,1,46,3],[46,4,46,5],[47,1,47,3],[47,4,47,5],[48,1,48,3],[48,4,48,5],[49,0,49,7],[51,0,51,1],[51,2,51,4],[51,6,51,7],[52,0,52,1],[52,2,52,4],[53,0,53,1],[53,2,53,4],[53,6,53,7],[54,2,54,5]]}
{"$rows_empty":8}
["QUOTE TO :",{"$nulls":4},"Qoute No           ",null,5]
["Department of Health",{"$nulls":4},"Date                   ",null,"2019-10-02"]
["717 Dukumbana Building",{"$nulls":4},"Facility              ",null,"LAETITIA BAM CHC"]
["Independent Avenue",{"$nulls":4},"Work Order     ",null,41140]
["Bhisho",{"$nulls":4},"Tender No       ",null,"SCMU3 - 17/18-0303 - HO",{"$nulls":4}," "]
[{"$nulls":5},"Contract Term ",null,"24 MONTHS"]
["WORK  REQUEST : Gen did not start."]
["SCHEDULED WORK"]
["Item 1","Discription",null,null,"Unit","Sch No","Quantity","Rate","Amount"]
[{"$nulls":8},{"$f":"SUM(G18*H18)","v":0}]
[{"$nulls":8},{"$f":"SUM(G19*H19)","v":0}]
[{"$nulls":8},0]
["Sub Total A",{"$nulls":7},{"$f":"SUM(I18:I20)","v":0}]
["NON SCHEDULED WORK"]
["Item 2","Discription",{"$nulls":3},"Quantity",null,"Rate","Amount"]
{"$rows_empty":8}
["Sub Total B",{"$nulls":7},{"$f":"SUM(I24:I31)","v":0}]
["LABOUR"]
["Item 3"," (Normal Rate)",null,null,"Unit",null,"Quantity","Rate","Amount"]
[1,"Techinician",null,null,"HRS",null,1,{"v":450,"d":"R450.00"},{"$f":"SUM(G35*H35)","v":{"v":450,"d":"R 450.00"}}]
[2," Senior Artisan  ",null,null,"HRS",null,null,{"v":350,"d":"R350.00"},{"$f":"SUM(G36*H36)","v":0}]
[3,"Artisan  (Trade Tested)",null,null,"HRS",null,null,{"v":300,"d":"R300.00"},0]
[4,"Utility Man (Non - Trade Tested)",null,null,"HRS",null,1,{"v":200,"d":"R200.00"},{"v":200,"d":"R 200.00"}]
[5,"Artisan  Aid",null,null,"HRS",null,null,{"v":200,"d":"R200.00"},0]
[6,"General Worker",null,null,"HRS",null,null,{"v":140,"d":"R140.00"},0]
[]
[]
[]
["Sub Total C",{"$nulls":7},{"$f":"SUM(I35:I43)","v":{"v":650,"d":"R 650.00"}}]
["TRANSPORT"]
["Item 4","Destinantion",null,null,"No of Trips",null,"KMs","Rate","Amount"]
[1,"Port Elizabeth office to Laetitia Bam "]
[null,"CHC and back.",null,null,1,null,77.2,{"v":5,"d":"R 5.00"},{"$f":"H48*G48","v":{"v":386,"d":"R 386.00"}}]
[]
["Sub Total D",{"$nulls":7},{"$f":"SUM(I47:I49)","v":{"v":386,"d":"R 386.00"}}]
[]
[{"$nulls":6}," Sub Total (A+B+C+D)",null,{"$f":"I50+I44+I32+I21","v":{"v":1036,"d":"R 1,036.00"}}]
[]
[{"$nulls":6},"Sub Total",null,{"$f":"I52+I53","v":{"v":1036,"d":"R 1,036.00"}}]

{"sheet":"MOTHERWELL CHC (06)","index":31,"n_rows":54,"n_cols":13,"rows_kept":54,"hidden":true,"merged":[[8,0,8,4],[8,5,8,6],[8,7,8,8],[9,5,9,6],[9,7,9,8],[10,5,10,6],[10,7,10,8],[11,5,11,6],[11,7,11,8],[12,5,12,6],[12,7,12,8],[13,5,13,6],[13,7,13,8],[14,0,14,8],[15,0,15,8],[17,1,17,3],[18,1,18,3],[19,1,19,3],[20,0,20,7],[21,0,21,8],[22,5,22,6],[23,1,23,4],[23,5,23,6],[24,1,24,4],[24,5,24,6],[25,1,25,4],[25,5,25,6],[26,1,26,4],[26,5,26,6],[27,1,27,4],[27,5,27,6],[28,1,28,4],[28,5,28,6],[29,1,29,4],[29,5,29,6],[30,1,30,4],[30,5,30,6],[31,0,31,7],[32,0,32,8],[33,1,33,3],[33,4,33,5],[34,1,34,3],[34,4,34,5],[35,1,35,3],[35,4,35,5],[36,1,36,3],[36,4,36,5],[37,1,37,3],[37,4,37,5],[38,1,38,3],[38,4,38,5],[39,1,39,3],[39,4,39,5],[40,1,40,3],[41,1,41,3],[42,1,42,3],[43,0,43,7],[44,0,44,8],[45,1,45,3],[45,4,45,5],[46,1,46,3],[46,4,46,5],[47,1,47,3],[47,4,47,5],[48,1,48,3],[48,4,48,5],[49,0,49,7],[51,0,51,1],[51,2,51,4],[51,6,51,7],[52,0,52,1],[52,2,52,4],[53,0,53,1],[53,2,53,4],[53,6,53,7],[54,2,54,5]]}
{"$rows_empty":8}
["QUOTE TO :",{"$nulls":4},"Qoute No           ",null,6]
["Department of Health",{"$nulls":4},"Date                   ",null,"13/2/2019"]
["717 Dukumbana Building",{"$nulls":4},"Facility              ",null,"MOTHERWELL CHC"]
["Independent Avenue",{"$nulls":4},"Work Order     ",null,41408]
["Bhisho",{"$nulls":4},"Tender No       ",null,"SCMU3 - 17/18-0303 - HO",{"$nulls":4}," "]
[{"$nulls":5},"Contract Term ",null,"24 MONTHS"]
["WORK  REQUEST : Request to repair gen ,not staring."]
["SCHEDULED WORK"]
["Item 1","Discription",null,null,"Unit","Sch No","Quantity","Rate","Amount"]
[{"$nulls":8},{"$f":"SUM(G18*H18)","v":0}]
[{"$nulls":8},{"$f":"SUM(G19*H19)","v":0}]
[{"$nulls":8},0]
["Sub Total A",{"$nulls":7},{"$f":"SUM(I18:I20)","v":0}]
["NON SCHEDULED WORK"]
["Item 2","Discription",{"$nulls":3},"Quantity",null,"Rate","Amount"]
{"$rows_empty":8}
["Sub Total B",{"$nulls":7},{"$f":"SUM(I24:I31)","v":0}]
["LABOUR"]
["Item 3"," (Normal Rate)",null,null,"Unit",null,"Quantity","Rate","Amount"]
[1,"Techinician",null,null,"HRS",null,1,{"v":450,"d":"R450.00"},{"$f":"SUM(G35*H35)","v":{"v":450,"d":"R 450.00"}}]
[2," Senior Artisan  ",null,null,"HRS",null,null,{"v":350,"d":"R350.00"},{"$f":"SUM(G36*H36)","v":0}]
[3,"Artisan  (Trade Tested)",null,null,"HRS",null,null,{"v":300,"d":"R300.00"},0]
[4,"Utility Man (Non - Trade Tested)",null,null,"HRS",null,1,{"v":200,"d":"R200.00"},{"v":200,"d":"R 200.00"}]
[5,"Artisan  Aid",null,null,"HRS",null,null,{"v":200,"d":"R200.00"},0]
[6,"General Worker",null,null,"HRS",null,null,{"v":140,"d":"R140.00"},0]
[]
[]
[]
["Sub Total C",{"$nulls":7},{"$f":"SUM(I35:I43)","v":{"v":650,"d":"R 650.00"}}]
["TRANSPORT"]
["Item 4","Destinantion",null,null,"No of Trips",null,"KMs","Rate","Amount"]
[12,"Port Elizabeth office to Motherwell "]
[null,"CHC and back.",null,null,1,null,48.8,{"v":5,"d":"R 5.00"},{"$f":"H48*G48","v":{"v":244,"d":"R 244.00"}}]
[]
["Sub Total D",{"$nulls":7},{"$f":"SUM(I47:I49)","v":{"v":244,"d":"R 244.00"}}]
[]
[{"$nulls":6}," Sub Total (A+B+C+D)",null,{"$f":"I50+I44+I32+I21","v":{"v":894,"d":"R 894.00"}}]
[]
[{"$nulls":6},"Sub Total",null,{"$f":"I52+I53","v":{"v":894,"d":"R 894.00"}}]

{"sheet":"MOTHERWEL CHC (07)","index":32,"n_rows":54,"n_cols":13,"rows_kept":54,"hidden":true,"merged":[[8,0,8,4],[8,5,8,6],[8,7,8,8],[9,5,9,6],[9,7,9,8],[10,5,10,6],[10,7,10,8],[11,5,11,6],[11,7,11,8],[12,5,12,6],[12,7,12,8],[13,5,13,6],[13,7,13,8],[14,0,14,8],[15,0,15,8],[17,1,17,3],[18,1,18,3],[19,1,19,3],[20,0,20,7],[21,0,21,8],[22,5,22,6],[23,1,23,4],[23,5,23,6],[24,1,24,4],[24,5,24,6],[25,1,25,4],[25,5,25,6],[26,1,26,4],[26,5,26,6],[27,1,27,4],[27,5,27,6],[28,1,28,4],[28,5,28,6],[29,1,29,4],[29,5,29,6],[30,1,30,4],[30,5,30,6],[31,0,31,7],[32,0,32,8],[33,1,33,3],[33,4,33,5],[34,1,34,3],[34,4,34,5],[35,1,35,3],[35,4,35,5],[36,1,36,3],[36,4,36,5],[37,1,37,3],[37,4,37,5],[38,1,38,3],[38,4,38,5],[39,1,39,3],[39,4,39,5],[40,1,40,3],[41,1,41,3],[42,1,42,3],[43,0,43,7],[44,0,44,8],[45,1,45,3],[45,4,45,5],[46,1,46,3],[46,4,46,5],[47,1,47,3],[47,4,47,5],[48,1,48,3],[48,4,48,5],[49,0,49,7],[51,0,51,1],[51,2,51,4],[51,6,51,7],[52,0,52,1],[52,2,52,4],[53,0,53,1],[53,2,53,4],[53,6,53,7],[54,2,54,5]]}
{"$rows_empty":8}
["QUOTE TO :",{"$nulls":4},"Qoute No           ",null,7]
["Department of Health",{"$nulls":4},"Date                   ",null,"18/2/2019"]
["717 Dukumbana Building",{"$nulls":4},"Facility              ",null,"MOTHERWELL CHC"]
["Independent Avenue",{"$nulls":4},"Work Order     ",null,43238]
["Bhisho",{"$nulls":4},"Tender No       ",null,"SCMU3 - 17/18-0303 - HO",{"$nulls":4}," "]
[{"$nulls":5},"Contract Term ",null,"24 MONTHS"]
["WORK  REQUEST : Repair to faulty gen keeps on tripping."]
["SCHEDULED WORK"]
["Item 1","Discription",null,null,"Unit","Sch No","Quantity","Rate","Amount"]
[{"$nulls":8},{"$f":"SUM(G18*H18)","v":0}]
[{"$nulls":8},{"$f":"SUM(G19*H19)","v":0}]
[{"$nulls":8},0]
["Sub Total A",{"$nulls":7},{"$f":"SUM(I18:I20)","v":0}]
["NON SCHEDULED WORK"]
["Item 2","Discription",{"$nulls":3},"Quantity",null,"Rate","Amount"]
{"$rows_empty":8}
["Sub Total B",{"$nulls":7},{"$f":"SUM(I24:I31)","v":0}]
["LABOUR"]
["Item 3"," (Normal Rate)",null,null,"Unit",null,"Quantity","Rate","Amount"]
[1,"Techinician",null,null,"HRS",null,1.5,{"v":450,"d":"R450.00"},{"$f":"SUM(G35*H35)","v":{"v":675,"d":"R 675.00"}}]
[2," Senior Artisan  ",null,null,"HRS",null,null,{"v":350,"d":"R350.00"},{"$f":"SUM(G36*H36)","v":0}]
[3,"Artisan  (Trade Tested)",null,null,"HRS",null,null,{"v":300,"d":"R300.00"},0]
[4,"Utility Man (Non - Trade Tested)",null,null,"HRS",null,1.5,{"v":200,"d":"R200.00"},{"v":300,"d":"R 300.00"}]
[5,"Artisan  Aid",null,null,"HRS",null,null,{"v":200,"d":"R200.00"},0]
[6,"General Worker",null,null,"HRS",null,null,{"v":140,"d":"R140.00"},0]
[]
[]
[]
["Sub Total C",{"$nulls":7},{"$f":"SUM(I35:I43)","v":{"v":975,"d":"R 975.00"}}]
["TRANSPORT"]
["Item 4","Destinantion",null,null,"No of Trips",null,"KMs","Rate","Amount"]
[1,"Port Elizabeth office to Motherwell "]
[null,"CHC and back.",null,null,1,null,48.8,{"v":5,"d":"R 5.00"},{"$f":"H48*G48","v":{"v":244,"d":"R 244.00"}}]
[]
["Sub Total D",{"$nulls":7},{"$f":"SUM(I47:I49)","v":{"v":244,"d":"R 244.00"}}]
[]
[{"$nulls":6}," Sub Total (A+B+C+D)",null,{"$f":"I50+I44+I32+I21","v":{"v":1219,"d":"R 1,219.00"}}]
[]
[{"$nulls":6},"Sub Total",null,{"$f":"I52+I53","v":{"v":1219,"d":"R 1,219.00"}}]

{"sheet":"ORSMOND TB HOSPITAL (08)","index":33,"n_rows":54,"n_cols":13,"rows_kept":54,"hidden":true,"merged":[[8,0,8,4],[8,5,8,6],[8,7,8,8],[9,5,9,6],[9,7,9,8],[10,5,10,6],[10,7,10,8],[11,5,11,6],[11,7,11,8],[12,5,12,6],[12,7,12,8],[13,5,13,6],[13,7,13,8],[14,0,14,8],[15,0,15,8],[17,1,17,3],[18,1,18,3],[19,1,19,3],[20,0,20,7],[21,0,21,8],[23,1,23,4],[24,1,24,4],[25,1,25,4],[26,1,26,4],[27,1,27,4],[28,1,28,4],[29,1,29,4],[30,1,30,4],[31,0,31,7],[32,0,32,8],[33,1,33,3],[33,4,33,5],[34,1,34,3],[34,4,34,5],[35,1,35,3],[35,4,35,5],[36,1,36,3],[36,4,36,5],[37,1,37,3],[37,4,37,5],[38,1,38,3],[38,4,38,5],[39,1,39,3],[39,4,39,5],[40,1,40,3],[41,1,41,3],[42,1,42,3],[43,0,43,7],[44,0,44,8],[45,1,45,3],[45,4,45,5],[46,1,46,3],[46,4,46,5],[47,1,47,3],[47,4,47,5],[48,1,48,3],[48,4,48,5],[49,0,49,7],[51,0,51,1],[51,2,51,4],[51,6,51,7],[52,0,52,1],[52,2,52,4],[53,0,53,1],[53,2,53,4],[53,6,53,7],[54,2,54,5]]}
{"$rows_empty":8}
["QUOTE TO :",{"$nulls":4},"Qoute No           ",null,8]
["Department of Health",{"$nulls":4},"Date                   ",null,"16/2/2019"]
["717 Dukumbana Building",{"$nulls":4},"Facility              ",null,"ORSMOND TB HOSPITAL"]
["Independent Avenue",{"$nulls":4},"Work Order     ",null,43191]
["Bhisho",{"$nulls":4},"Tender No       ",null,"SCMU3 - 17/18-0303 - HO",{"$nulls":4}," "]
[{"$nulls":5},"Contract Term ",null,"24 MONTHS"]
["WORK  REQUEST : Gen faulty."]
["SCHEDULED WORK"]
["Item 1","Discription",null,null,"Unit","Sch No","Quantity","Rate","Amount"]
[{"$nulls":8},{"$f":"SUM(G18*H18)","v":0}]
[{"$nulls":8},{"$f":"SUM(G19*H19)","v":0}]
[{"$nulls":8},0]
["Sub Total A",{"$nulls":7},{"$f":"SUM(I18:I20)","v":0}]
["NON SCHEDULED WORK"]
["Item 2","Discription",{"$nulls":3},"Quantity","Mark - Up","Rate","Amount"]
{"$rows_empty":8}
["Sub Total B",{"$nulls":7},{"$f":"SUM(I24:I31)","v":0}]
["LABOUR"]
["Item 3"," (Normal Rate)",null,null,"Unit",null,"Quantity","Rate","Amount"]
[1,"Techinician",null,null,"HRS",null,2.5,{"v":450,"d":"R450.00"},{"$f":"SUM(G35*H35)","v":{"v":1125,"d":"R 1,125.00"}}]
[2," Senior Artisan  ",null,null,"HRS",null,null,{"v":350,"d":"R350.00"},{"$f":"SUM(G36*H36)","v":0}]
[3,"Artisan  (Trade Tested)",null,null,"HRS",null,null,{"v":300,"d":"R300.00"},0]
[4,"Utility Man (Non - Trade Tested)",null,null,"HRS",null,2.5,{"v":200,"d":"R200.00"},{"v":500,"d":"R 500.00"}]
[5,"Artisan  Aid",null,null,"HRS",null,null,{"v":200,"d":"R200.00"},0]
[6,"General Worker",null,null,"HRS",null,null,{"v":140,"d":"R140.00"},0]
[]
[]
[]
["Sub Total C",{"$nulls":7},{"$f":"SUM(I35:I43)","v":{"v":1625,"d":"R 1,625.00"}}]
["TRANSPORT"]
["Item 4","Destinantion",null,null,"No of Trips",null,"KMs","Rate","Amount"]
[1,"Port Elizabeth office to Orsmmon TB hospital "]
[null,"and back.",null,null,1,null,81.4,{"v":5,"d":"R 5.00"},{"$f":"H48*G48","v":{"v":407,"d":"R 407.00"}}]
[]
["Sub Total D",{"$nulls":7},{"$f":"SUM(I47:I49)","v":{"v":407,"d":"R 407.00"}}]
[]
[{"$nulls":6}," Sub Total (A+B+C+D)",null,{"$f":"I50+I44+I32+I21","v":{"v":2032,"d":"R 2,032.00"}}]
[]
[{"$nulls":6},"Sub Total",null,{"$f":"I52+I53","v":{"v":2032,"d":"R 2,032.00"}}]

{"sheet":"JOSE PEARSON TB HOSPITAL (09)","index":34,"n_rows":54,"n_cols":13,"rows_kept":54,"hidden":true,"merged":[[8,0,8,4],[8,5,8,6],[8,7,8,8],[9,5,9,6],[9,7,9,8],[10,5,10,6],[10,7,10,8],[11,5,11,6],[11,7,11,8],[12,5,12,6],[12,7,12,8],[13,5,13,6],[13,7,13,8],[14,0,14,8],[15,0,15,8],[17,1,17,3],[18,1,18,3],[19,1,19,3],[20,0,20,7],[21,0,21,8],[23,1,23,4],[24,1,24,4],[25,1,25,4],[26,1,26,4],[27,1,27,4],[28,1,28,4],[29,1,29,4],[30,1,30,4],[31,0,31,7],[32,0,32,8],[33,1,33,3],[33,4,33,5],[34,1,34,3],[34,4,34,5],[35,1,35,3],[35,4,35,5],[36,1,36,3],[36,4,36,5],[37,1,37,3],[37,4,37,5],[38,1,38,3],[38,4,38,5],[39,1,39,3],[39,4,39,5],[40,1,40,3],[41,1,41,3],[42,1,42,3],[43,0,43,7],[44,0,44,8],[45,1,45,3],[45,4,45,5],[46,1,46,3],[46,4,46,5],[47,1,47,3],[47,4,47,5],[48,1,48,3],[48,4,48,5],[49,0,49,7],[51,0,51,1],[51,2,51,4],[51,6,51,7],[52,0,52,1],[52,2,52,4],[53,0,53,1],[53,2,53,4],[53,6,53,7],[54,2,54,5]]}
{"$rows_empty":8}
["QUOTE TO :",{"$nulls":4},"Qoute No           ",null,9]
["Department of Health",{"$nulls":4},"Date                   ",null,"2019-06-02"]
["717 Dukumbana Building",{"$nulls":4},"Facility              ",null,"JOSE PEARSON TB HOSPITAL"]
["Independent Avenue",{"$nulls":4},"Work Order     ",null,42608]
["Bhisho",{"$nulls":4},"Tender No       ",null,"SCMU3 - 17/18-0303 - HO",{"$nulls":4}," "]
[{"$nulls":5},"Contract Term ",null,"24 MONTHS"]
["WORK  REQUEST : Repair to a faulty  gen and diesel pump."]
["SCHEDULED WORK"]
["Item 1","Discription",null,null,"Unit","Sch No","Quantity","Rate","Amount"]
[{"$nulls":8},{"$f":"SUM(G18*H18)","v":0}]
[{"$nulls":8},{"$f":"SUM(G19*H19)","v":0}]
[{"$nulls":8},0]
["Sub Total A",{"$nulls":7},{"$f":"SUM(I18:I20)","v":0}]
["NON SCHEDULED WORK"]
["Item 2","Discription",{"$nulls":3},"Quantity","Mark -Up","Rate","Amount"]
[1,"ROTARY PUMP",{"$nulls":3},1,{"v":0.15,"d":"15%"},{"v":239.13,"d":"R 239.13"},{"$f":"H24*F24*1.15","v":{"v":274.99949999999995,"d":"R 275.00"}}]
[2,"BOND ADHESIVE ",{"$nulls":3},1,{"v":0.15,"d":"15%"},{"v":52.17,"d":"R 52.17"},{"$f":"H25*F25*1.15","v":{"v":59.9955,"d":"R 60.00"}}]
[]
[]
[]
[]
[]
[]
["Sub Total B",{"$nulls":7},{"$f":"SUM(I24:I31)","v":{"v":334.99499999999995,"d":"R 335.00"}}]
["LABOUR"]
["Item 3"," (Normal Rate)",null,null,"Unit",null,"Quantity","Rate","Amount"]
[1,"Techinician",null,null,"HRS",null,2,{"v":450,"d":"R450.00"},{"$f":"SUM(G35*H35)","v":{"v":900,"d":"R 900.00"}}]
[2," Senior Artisan  ",null,null,"HRS",null,null,{"v":350,"d":"R350.00"},{"$f":"SUM(G36*H36)","v":0}]
[3,"Artisan  (Trade Tested)",null,null,"HRS",null,null,{"v":300,"d":"R300.00"},0]
[4,"Utility Man (Non - Trade Tested)",null,null,"HRS",null,2,{"v":200,"d":"R200.00"},{"v":400,"d":"R 400.00"}]
[5,"Artisan  Aid",null,null,"HRS",null,null,{"v":200,"d":"R200.00"},0]
[6,"General Worker",null,null,"HRS",null,null,{"v":140,"d":"R140.00"},0]
[]
[]
[]
["Sub Total C",{"$nulls":7},{"$f":"SUM(I35:I43)","v":{"v":1300,"d":"R 1,300.00"}}]
["TRANSPORT"]
["Item 4","Destinantion",null,null,"No of Trips",null,"KMs","Rate","Amount"]
[1,"Port Elizabeth office to Jose Pearson "]
[null,"  TB and back.",null,null,1,null,47,{"v":5,"d":"R 5.00"},{"$f":"H48*G48","v":{"v":235,"d":"R 235.00"}}]
[]
["Sub Total D",{"$nulls":7},{"$f":"SUM(I47:I49)","v":{"v":235,"d":"R 235.00"}}]
[]
[{"$nulls":6}," Sub Total (A+B+C+D)",null,{"$f":"I50+I44+I32+I21","v":{"v":1869.995,"d":"R 1,870.00"}}]
[]
[{"$nulls":6},"Sub Total",null,{"$f":"I52+I53","v":{"v":1869.995,"d":"R 1,870.00"}}]

{"sheet":"LIVINGSTONE HOSPITAL (10)","index":35,"n_rows":54,"n_cols":13,"rows_kept":54,"hidden":true,"merged":[[8,0,8,4],[8,5,8,6],[8,7,8,8],[9,5,9,6],[9,7,9,8],[10,5,10,6],[10,7,10,8],[11,5,11,6],[11,7,11,8],[12,5,12,6],[12,7,12,8],[13,5,13,6],[13,7,13,8],[14,0,14,8],[15,0,15,8],[17,1,17,3],[18,1,18,3],[19,1,19,3],[20,0,20,7],[21,0,21,8],[22,1,22,4],[23,1,23,4],[24,1,24,4],[25,1,25,4],[26,1,26,4],[27,1,27,4],[28,1,28,4],[29,1,29,4],[30,1,30,4],[31,0,31,7],[32,0,32,8],[33,1,33,3],[33,4,33,5],[34,1,34,3],[34,4,34,5],[35,1,35,3],[35,4,35,5],[36,1,36,3],[36,4,36,5],[37,1,37,3],[37,4,37,5],[38,1,38,3],[38,4,38,5],[39,1,39,3],[39,4,39,5],[40,1,40,3],[41,1,41,3],[42,1,42,3],[43,0,43,7],[44,0,44,8],[45,1,45,3],[45,4,45,5],[46,1,46,3],[46,4,46,5],[47,1,47,3],[47,4,47,5],[48,1,48,3],[48,4,48,5],[49,0,49,7],[51,0,51,1],[51,2,51,4],[51,6,51,7],[52,0,52,1],[52,2,52,4],[53,0,53,1],[53,2,53,4],[53,6,53,7],[54,2,54,5]]}
{"$rows_empty":8}
["QUOTE TO :",{"$nulls":4},"Qoute No           ",null,10]
["Department of Health",{"$nulls":4},"Date                   ",null,"2019-06-03"]
["717 Dukumbana Building",{"$nulls":4},"Facility              ",null,"LIVINGSTONE HOSPITAL"]
["Independent Avenue",{"$nulls":4},"Work Order     ",null,42600]
["Bhisho",{"$nulls":4},"Tender No       ",null,"SCMU3 - 17/18-0303 - HO",{"$nulls":4}," "]
[{"$nulls":5},"Contract Term ",null,"24 MONTHS"]
["WORK  REQUEST : Repair to faulty gen."]
["SCHEDULED WORK"]
["Item 1","Discription",null,null,"Unit","Sch No","Quantity","Rate","Amount"]
[{"$nulls":8},{"$f":"SUM(G18*H18)","v":0}]
[{"$nulls":8},{"$f":"SUM(G19*H19)","v":0}]
[{"$nulls":8},0]
["Sub Total A",{"$nulls":7},{"$f":"SUM(I18:I20)","v":0}]
["NON SCHEDULED WORK"]
["Item 2","Discription",{"$nulls":3},"Quantity","Mark - Up","Rate","Amount"]
[1,"BATTERY 689 SHD",{"$nulls":3},4,{"v":0.15,"d":"15%"},{"v":3346,"d":"R 3,346.00"},{"$f":"H24*F24*1.15","v":{"v":15391.599999999999,"d":"R 15,391.60"}}]
[2,"BATTERY 689 ",{"$nulls":3},4,{"v":0.15,"d":"15%"},{"v":2213,"d":"R 2,213.00"},{"$f":"H25*F25*1.15","v":{"v":10179.8,"d":"R 10,179.80"}}]
[]
[]
[]
[]
[]
[]
["Sub Total B",{"$nulls":7},{"$f":"SUM(I24:I31)","v":{"v":25571.399999999998,"d":"R 25,571.40"}}]
["LABOUR"]
["Item 3"," (Normal Rate)",null,null,"Unit",null,"Quantity","Rate","Amount"]
[1,"Techinician",null,null,"HRS",null,4,{"v":450,"d":"R450.00"},{"$f":"SUM(G35*H35)","v":{"v":1800,"d":"R 1,800.00"}}]
[2," Senior Artisan  ",null,null,"HRS",null,null,{"v":350,"d":"R350.00"},{"$f":"SUM(G36*H36)","v":0}]
[3,"Artisan  (Trade Tested)",null,null,"HRS",null,null,{"v":300,"d":"R300.00"},0]
[4,"Utility Man (Non - Trade Tested)",null,null,"HRS",null,4,{"v":200,"d":"R200.00"},{"v":800,"d":"R 800.00"}]
[5,"Artisan  Aid",null,null,"HRS",null,null,{"v":200,"d":"R200.00"},0]
[6,"General Worker",null,null,"HRS",null,null,{"v":140,"d":"R140.00"},0]
[]
[]
[]
["Sub Total C",{"$nulls":7},{"$f":"SUM(I35:I43)","v":{"v":2600,"d":"R 2,600.00"}}]
["TRANSPORT"]
["Item 4","Destinantion",null,null,"No of Trips",null,"KMs","Rate","Amount"]
[1,"Port Elizabeth office to Livingstone"]
[null," Hospital  and back.",null,null,1,null,23,{"v":5,"d":"R 5.00"},{"$f":"H48*G48","v":{"v":115,"d":"R 115.00"}}]
[]
["Sub Total D",{"$nulls":7},{"$f":"SUM(I47:I49)","v":{"v":115,"d":"R 115.00"}}]
[]
[{"$nulls":6}," Sub Total (A+B+C+D)",null,{"$f":"I50+I44+I32+I21","v":{"v":28286.399999999998,"d":"R 28,286.40"}}]
[]
[{"$nulls":6},"Sub Total",null,{"$f":"I52+I53","v":{"v":28286.399999999998,"d":"R 28,286.40"}}]

{"sheet":"LAETITIA BAM CHC (11)","index":36,"n_rows":56,"n_cols":13,"rows_kept":56,"hidden":true,"merged":[[8,0,8,4],[8,5,8,6],[8,7,8,8],[9,5,9,6],[9,7,9,8],[10,5,10,6],[10,7,10,8],[11,5,11,6],[11,7,11,8],[12,5,12,6],[12,7,12,8],[13,5,13,6],[13,7,13,8],[14,0,14,8],[15,0,15,8],[17,1,17,3],[18,1,18,3],[19,1,19,3],[20,0,20,7],[21,0,21,8],[22,1,22,4],[23,1,23,4],[24,1,24,4],[25,1,25,4],[26,1,26,4],[27,1,27,4],[28,1,28,4],[29,1,29,4],[30,1,30,4],[31,0,31,7],[32,0,32,7],[33,0,33,7],[34,0,34,8],[35,1,35,3],[35,4,35,5],[36,1,36,3],[36,4,36,5],[37,1,37,3],[37,4,37,5],[38,1,38,3],[38,4,38,5],[39,1,39,3],[39,4,39,5],[40,1,40,3],[40,4,40,5],[41,1,41,3],[41,4,41,5],[42,1,42,3],[43,1,43,3],[44,1,44,3],[45,0,45,7],[46,0,46,8],[47,1,47,3],[47,4,47,5],[48,1,48,3],[48,4,48,5],[49,1,49,3],[49,4,49,5],[50,1,50,3],[50,4,50,5],[51,0,51,7],[53,0,53,1],[53,2,53,4],[53,6,53,7],[54,0,54,1],[54,2,54,4],[55,0,55,1],[55,2,55,4],[55,6,55,7],[56,2,56,5]]}
[]
[]
[]
[]
[]
[]
[{"$nulls":11}," "]
[]
["QUOTE TO :",{"$nulls":4},"Qoute No           ",null,11]
["Department of Health",{"$nulls":4},"Date                   ",null,"28/3/2019"]
["717 Dukumbana Building",{"$nulls":4},"Facility              ",null,"LAETITIA BAM CHC"]
["Independent Avenue",{"$nulls":4},"Work Order     ",null,43269]
["Bhisho",{"$nulls":4},"Tender No       ",null,"    SCMU3 - 17/18-0303 - HO"]
[{"$nulls":5},"Contract Term ",null,"24 MONTHS",{"$nulls":4}," "]
["WORK  REQUEST : Generator does not kick start."]
["SCHEDULED WORK"]
["Item 1","Description",null,null,"Unit","Sch No","Quantity","Rate","Amount"]
[{"$nulls":8},{"$f":"SUM(G18*H18)","v":0}]
[{"$nulls":8},{"$f":"SUM(G19*H19)","v":0}]
[{"$nulls":8},0]
["Sub Total A",{"$nulls":7},{"$f":"SUM(I18:I20)","v":0}]
["NON SCHEDULED WORK"]
["Item 2","Description",{"$nulls":4},"Quantity","Rate","Amount"]
{"$rows_empty":8}
["Sub  Total",{"$nulls":7},{"$f":"SUM(I24:I31)","v":0}]
["Mark - Up 15%",{"$nulls":7},{"$f":"I32*0.15","v":0}]
["SUb  Total  B",{"$nulls":7},{"$f":"I32+I33","v":0}]
["LABOUR"]
["Item 3"," (Normal Rate)",null,null,"Unit",null,"Quantity","Rate","Amount"]
[1,"Techinician",null,null,"HRS",null,2,{"v":450,"d":"R450.00"},{"$f":"SUM(G37*H37)","v":{"v":900,"d":"R 900.00"}}]
[2," Senior Artisan  ",null,null,"HRS",null,null,{"v":350,"d":"R350.00"},{"$f":"SUM(G38*H38)","v":0}]
[3,"Artisan  (Trade Tested)",null,null,"HRS",null,null,{"v":300,"d":"R300.00"},0]
[4,"Utility Man (Non - Trade Tested)",null,null,"HRS",null,2,{"v":200,"d":"R200.00"},{"v":400,"d":"R 400.00"}]
[5,"Artisan  Aid",null,null,"HRS",null,null,{"v":200,"d":"R200.00"},0]
[6,"General Worker",null,null,"HRS",null,null,{"v":140,"d":"R140.00"},0]
[]
[]
[]
["Sub Total C",{"$nulls":7},{"$f":"SUM(I37:I45)","v":{"v":1300,"d":"R 1,300.00"}}]
["TRANSPORT"]
["Item 4","Destinantion",null,null,"No of Trips",null,"KMs","Rate","Amount"]
[1,"Port Elizabeth office to Laetitia CHC"]
[null,"and back.",null,null,1,null,77.4,{"v":5,"d":"R 5.00"},{"$f":"H50*G50","v":{"v":387,"d":"R 387.00"}}]
[]
["Sub Total D",{"$nulls":7},{"$f":"SUM(I49:I51)","v":{"v":387,"d":"R 387.00"}}]
[]
[{"$nulls":6}," Sub Total (A+B+C+D)",null,{"$f":"I52+I46+I34","v":{"v":1687,"d":"R 1,687.00"}}]
[]
[{"$nulls":6},"Sub Total",null,{"$f":"I54+I55","v":{"v":1687,"d":"R 1,687.00"}}]

{"sheet":"WEST END (12)","index":37,"n_rows":56,"n_cols":13,"rows_kept":56,"hidden":true,"merged":[[8,0,8,4],[8,5,8,6],[8,7,8,8],[9,5,9,6],[9,7,9,8],[10,5,10,6],[10,7,10,8],[11,5,11,6],[11,7,11,8],[12,7,12,8],[13,5,13,6],[13,7,13,8],[14,0,14,8],[15,0,15,8],[17,1,17,3],[18,1,18,3],[19,1,19,3],[20,0,20,7],[21,0,21,8],[22,1,22,4],[23,1,23,4],[24,1,24,4],[25,1,25,4],[26,1,26,4],[27,1,27,4],[28,1,28,4],[29,1,29,4],[30,1,30,4],[31,0,31,7],[32,0,32,7],[33,0,33,7],[34,0,34,8],[35,1,35,3],[35,4,35,5],[36,1,36,3],[36,4,36,5],[37,1,37,3],[37,4,37,5],[38,1,38,3],[38,4,38,5],[39,1,39,3],[39,4,39,5],[40,1,40,3],[40,4,40,5],[41,1,41,3],[41,4,41,5],[42,1,42,3],[43,1,43,3],[44,1,44,3],[45,0,45,7],[46,0,46,8],[47,1,47,3],[47,4,47,5],[48,1,48,3],[48,4,48,5],[49,1,49,3],[49,4,49,5],[50,1,50,3],[50,4,50,5],[51,0,51,7],[53,0,53,1],[53,2,53,4],[53,6,53,7],[54,0,54,1],[54,2,54,4],[55,0,55,1],[55,2,55,4],[55,6,55,7],[56,2,56,5]]}
{"$rows_empty":8}
["QUOTE TO :",{"$nulls":4},"Qoute No           ",null,12]
["Department of Health",{"$nulls":4},"Date                   ",null,"22/3/2019"]
["717 Dukumbana Building",{"$nulls":4},"Facility              ",null,"West End CHC"]
["Independent Avenue",{"$nulls":4},"Work Order     ",null,43444]
["Bhisho",{"$nulls":4},"Tender No       ",null,"SCMU3 - 17/18-0303 - HO"]
[{"$nulls":5},"Contract Term ",null,"24 MONTHS",{"$nulls":4}," "]
["WORK  REQUEST : The generator is leaking oil."]
["SCHEDULED WORK"]
["Item 1","Description",null,null,"Unit","Sch No","Quantity","Rate","Amount"]
[{"$nulls":8},{"$f":"SUM(G18*H18)","v":0}]
[{"$nulls":8},{"$f":"SUM(G19*H19)","v":0}]
[{"$nulls":8},0]
["Sub Total A",{"$nulls":7},{"$f":"SUM(I18:I20)","v":0}]
["NON SCHEDULED WORK"]
["Item 2","Description",{"$nulls":4},"Quantity","Rate","Amount"]
[1,"REAR OIL SEAL  (6105)",{"$nulls":4},1,{"v":172.17,"d":"R 172.17"},{"$f":"H24*G24","v":{"v":172.17,"d":"R 172.17"}}]
[2,"RIMULA R4 X 15W40 ",{"$nulls":4},1,{"v":665.1,"d":"R 665.10"},{"$f":"H25*G25","v":{"v":665.1,"d":"R 665.10"}}]
[]
[]
[]
[]
[]
[]
["Sub  Total",{"$nulls":7},{"$f":"SUM(I24:I31)","v":{"v":837.27,"d":"R 837.27"}}]
["Mark - Up 15%",{"$nulls":7},{"$f":"I32*0.15","v":{"v":125.59049999999999,"d":"R 125.59"}}]
["SUb  Total  B",{"$nulls":7},{"$f":"I32+I33","v":{"v":962.8605,"d":"R 962.86"}}]
["LABOUR"]
["Item 3"," (Normal Rate)",null,null,"Unit",null,"Quantity","Rate","Amount"]
[1,"Techinician",null,null,"HRS",null,9,{"v":450,"d":"R450.00"},{"$f":"SUM(G37*H37)","v":{"v":4050,"d":"R 4,050.00"}}]
[2," Senior Artisan  ",null,null,"HRS",null,null,{"v":350,"d":"R350.00"},{"$f":"SUM(G38*H38)","v":0}]
[3,"Artisan  (Trade Tested)",null,null,"HRS",null,null,{"v":300,"d":"R300.00"},0]
[4,"Utility Man (Non - Trade Tested)",null,null,"HRS",null,9,{"v":200,"d":"R200.00"},{"v":1800,"d":"R 1,800.00"}]
[5,"Artisan  Aid",null,null,"HRS",null,null,{"v":200,"d":"R200.00"},0]
[6,"General Worker",null,null,"HRS",null,null,{"v":140,"d":"R140.00"},0]
[]
[]
[]
["Sub Total C",{"$nulls":7},{"$f":"SUM(I37:I45)","v":{"v":5850,"d":"R 5,850.00"}}]
["TRANSPORT"]
["Item 4","Destinantion",null,null,"No of Trips",null,"KMs","Rate","Amount"]
[1,"Port Elizabeth office to West End"]
[null,"Mortuary and back.",null,null,1,null,73.6,{"v":5,"d":"R 5.00"},{"$f":"H50*G50","v":{"v":368,"d":"R 368.00"}}]
[]
["Sub Total D",{"$nulls":7},{"$f":"SUM(I49:I51)","v":{"v":368,"d":"R 368.00"}}]
[]
[{"$nulls":6}," Sub Total (A+B+C+D)",null,{"$f":"I52+I46+I34+I21","v":{"v":7180.8605,"d":"R 7,180.86"}}]
[]
[{"$nulls":6},"Sub Total",null,{"$f":"I54+I55","v":{"v":7180.8605,"d":"R 7,180.86"}}]

{"sheet":"PORT ELIZABETH PRO.(13)","index":38,"n_rows":56,"n_cols":13,"rows_kept":56,"hidden":true,"merged":[[8,0,8,4],[8,5,8,6],[8,7,8,8],[9,5,9,6],[9,7,9,8],[10,5,10,6],[10,7,10,8],[11,5,11,6],[11,7,11,8],[12,7,12,8],[13,5,13,6],[13,7,13,8],[14,0,14,8],[15,0,15,8],[17,1,17,3],[18,1,18,3],[19,1,19,3],[20,0,20,7],[21,0,21,8],[22,1,22,4],[23,1,23,4],[24,1,24,4],[25,1,25,4],[26,1,26,4],[27,1,27,4],[28,1,28,4],[29,1,29,4],[30,1,30,4],[31,0,31,7],[32,0,32,7],[33,0,33,7],[34,0,34,8],[35,1,35,3],[35,4,35,5],[36,1,36,3],[36,4,36,5],[37,1,37,3],[37,4,37,5],[38,1,38,3],[38,4,38,5],[39,1,39,3],[39,4,39,5],[40,1,40,3],[40,4,40,5],[41,1,41,3],[41,4,41,5],[42,1,42,3],[43,1,43,3],[44,1,44,3],[45,0,45,7],[46,0,46,8],[47,1,47,3],[47,4,47,5],[48,1,48,3],[48,4,48,5],[49,1,49,3],[49,4,49,5],[50,1,50,3],[50,4,50,5],[51,0,51,7],[53,0,53,1],[53,2,53,4],[53,6,53,7],[54,0,54,1],[54,2,54,4],[55,0,55,1],[55,2,55,4],[55,6,55,7],[56,2,56,5]]}
{"$rows_empty":8}
["QUOTE TO :",{"$nulls":4},"Qoute No           ",null,13]
["Department of Health",{"$nulls":4},"Date                   ",null,"29/3/2019"]
["717 Dukumbana Building",{"$nulls":4},"Facility              ",null,"PORT ELIZABETH HOSPITAL PROV"]
["Independent Avenue",{"$nulls":4},"Work Order     ",null,43856]
["Bhisho",{"$nulls":4},"Tender No       ",null,"SCMU3 - 17/18-0303 - HO"]
[{"$nulls":5},"Contract Term ",null,"24 MONTHS",{"$nulls":4}," "]
["WORK  REQUEST : The back up generator is faulty."]
["SCHEDULED WORK"]
["Item 1","Description",null,null,"Unit","Sch No","Quantity","Rate","Amount"]
[{"$nulls":8},{"$f":"SUM(G18*H18)","v":0}]
[{"$nulls":8},{"$f":"SUM(G19*H19)","v":0}]
[{"$nulls":8},0]
["Sub Total A",{"$nulls":7},{"$f":"SUM(I18:I20)","v":0}]
["NON SCHEDULED WORK"]
["Item 2","Description",{"$nulls":4},"Quantity","Rate","Amount"]
[1,"12 V REALY",{"$nulls":4},1,{"v":110,"d":"R 110.00"},{"$f":"H24*G24","v":{"v":110,"d":"R 110.00"}}]
{"$rows_empty":7}
["Sub  Total",{"$nulls":7},{"$f":"SUM(I24:I31)","v":{"v":110,"d":"R 110.00"}}]
["Mark - Up 15%",{"$nulls":7},{"$f":"I32*0.15","v":{"v":16.5,"d":"R 16.50"}}]
["SUb  Total  B",{"$nulls":7},{"$f":"I32+I33","v":{"v":126.5,"d":"R 126.50"}}]
["LABOUR"]
["Item 3"," (Normal Rate)",null,null,"Unit",null,"Quantity","Rate","Amount"]
[1,"Techinician",null,null,"HRS",null,2,{"v":450,"d":"R450.00"},{"$f":"SUM(G37*H37)","v":{"v":900,"d":"R 900.00"}}]
[2," Senior Artisan  ",null,null,"HRS",null,null,{"v":350,"d":"R350.00"},{"$f":"SUM(G38*H38)","v":0}]
[3,"Artisan  (Trade Tested)",null,null,"HRS",null,null,{"v":300,"d":"R300.00"},0]
[4,"Utility Man (Non - Trade Tested)",null,null,"HRS",null,2,{"v":200,"d":"R200.00"},{"v":400,"d":"R 400.00"}]
[5,"Artisan  Aid",null,null,"HRS",null,null,{"v":200,"d":"R200.00"},0]
[6,"General Worker",null,null,"HRS",null,null,{"v":140,"d":"R140.00"},0]
[]
[]
[]
["Sub Total C",{"$nulls":7},{"$f":"SUM(I37:I45)","v":{"v":1300,"d":"R 1,300.00"}}]
["TRANSPORT"]
["Item 4","Destinantion",null,null,"No of Trips",null,"KMs","Rate","Amount"]
[1,"Port Elizabeth office to Prort Elizabeth Prov"]
[null,"Hospital and back.",null,null,1,null,1.9,{"v":5,"d":"R 5.00"},{"$f":"H50*G50","v":{"v":9.5,"d":"R 9.50"}}]
[]
["Sub Total D",{"$nulls":7},{"$f":"SUM(I49:I51)","v":{"v":9.5,"d":"R 9.50"}}]
[]
[{"$nulls":6}," Sub Total (A+B+C+D)",null,{"$f":"I52+I46+I34+I21","v":{"v":1436,"d":"R 1,436.00"}}]
[]
[{"$nulls":6},"Sub Total",null,{"$f":"I54+I55","v":{"v":1436,"d":"R 1,436.00"}}]

{"sheet":"DORA NGIZA HOSP (14)","index":39,"n_rows":56,"n_cols":13,"rows_kept":56,"hidden":true,"merged":[[8,0,8,4],[8,5,8,6],[8,7,8,8],[9,5,9,6],[9,7,9,8],[10,5,10,6],[10,7,10,8],[11,5,11,6],[11,7,11,8],[12,7,12,8],[13,5,13,6],[13,7,13,8],[14,0,14,8],[15,0,15,8],[17,1,17,3],[18,1,18,3],[19,1,19,3],[20,0,20,7],[21,0,21,8],[22,1,22,4],[23,1,23,4],[24,1,24,4],[25,1,25,4],[26,1,26,4],[27,1,27,4],[28,1,28,4],[29,1,29,4],[30,1,30,4],[31,0,31,7],[32,0,32,7],[33,0,33,7],[34,0,34,8],[35,1,35,3],[35,4,35,5],[36,1,36,3],[36,4,36,5],[37,1,37,3],[37,4,37,5],[38,1,38,3],[38,4,38,5],[39,1,39,3],[39,4,39,5],[40,1,40,3],[40,4,40,5],[41,1,41,3],[41,4,41,5],[42,1,42,3],[43,1,43,3],[44,1,44,3],[45,0,45,7],[46,0,46,8],[47,1,47,3],[47,4,47,5],[48,1,48,3],[48,4,48,5],[49,1,49,3],[49,4,49,5],[50,1,50,3],[50,4,50,5],[51,0,51,7],[53,0,53,1],[53,2,53,4],[53,6,53,7],[54,0,54,1],[54,2,54,4],[55,0,55,1],[55,2,55,4],[55,6,55,7],[56,2,56,5]]}
{"$rows_empty":8}
["QUOTE TO :",{"$nulls":4},"Qoute No           ",null,14]
["Department of Health",{"$nulls":4},"Date                   ",null,"16/4/2019"]
["717 Dukumbana Building",{"$nulls":4},"Facility              ",null,"DORA  HOSPITAL PROVINCIAL"]
["Independent Avenue",{"$nulls":4},"Work Order     ",null,43167]
["Bhisho",{"$nulls":4},"Tender No       ",null,"SCMU3 - 17/18-0303 - HO"]
[{"$nulls":5},"Contract Term ",null,"24 MONTHS",{"$nulls":4}," "]
["WORK  REQUEST : Casuality generator has a faulty pre - heater."]
["SCHEDULED WORK"]
["Item 1","Discription",null,null,"Unit","Sch No","Quantity","Rate","Amount"]
[{"$nulls":8},{"$f":"SUM(G18*H18)","v":0}]
[{"$nulls":8},{"$f":"SUM(G19*H19)","v":0}]
[{"$nulls":8},0]
["Sub Total A",{"$nulls":7},{"$f":"SUM(I18:I20)","v":0}]
["NON SCHEDULED WORK"]
["Item 2","Description",{"$nulls":4},"Quantity","Rate","Amount"]
[1,"ELEMENT (2KW)",{"$nulls":4},1,{"v":254.18,"d":"R 254.18"},{"$f":"H24*G24","v":{"v":254.18,"d":"R 254.18"}}]
[2,"THERMOSTAT",{"$nulls":4},1,{"v":250.12,"d":"R 250.12"},{"$f":"H25*G25","v":{"v":250.12,"d":"R 250.12"}}]
[3,"ANTIFREEZE",{"$nulls":4},15,{"v":39.81,"d":"R 39.81"},{"$f":"H26*G26","v":{"v":597.1500000000001,"d":"R 597.15"}}]
[4,"100A (MCB)",{"$nulls":4},1,{"v":1646.25,"d":"R 1,646.25"},{"$f":"H27*G27","v":{"v":1646.25,"d":"R 1,646.25"}}]
[5,"SAMITE ADAPTOR PLATE",{"$nulls":4},2,{"v":18.9,"d":"R 18.90"},{"v":37.8,"d":"R 37.80"}]
[{"$nulls":8},0]
[{"$nulls":8},0]
[]
["Sub  Total",{"$nulls":7},{"$f":"SUM(I24:I31)","v":{"v":2785.5,"d":"R 2,785.50"}}]
["Mark - Up 15%",{"$nulls":7},{"$f":"I32*0.15","v":{"v":417.825,"d":"R 417.83"}}]
["SUb  Total  B",{"$nulls":7},{"$f":"I32+I33","v":{"v":3203.325,"d":"R 3,203.33"}}]
["LABOUR"]
["Item 3"," (Normal Rate)",null,null,"Unit",null,"Quantity","Rate","Amount"]
[1,"Techinician",null,null,"HRS",null,6,{"v":450,"d":"R450.00"},{"$f":"SUM(G37*H37)","v":{"v":2700,"d":"R 2,700.00"}}]
[2," Senior Artisan  ",null,null,"HRS",null,null,{"v":350,"d":"R350.00"},{"$f":"SUM(G38*H38)","v":0}]
[3,"Artisan  (Trade Tested)",null,null,"HRS",null,null,{"v":300,"d":"R300.00"},0]
[4,"Utility Man (Non - Trade Tested)",null,null,"HRS",null,6,{"v":200,"d":"R200.00"},{"v":1200,"d":"R 1,200.00"}]
[5,"Artisan  Aid",null,null,"HRS",null,null,{"v":200,"d":"R200.00"},0]
[6,"General Worker",null,null,"HRS",null,null,{"v":140,"d":"R140.00"},0]
[]
[]
[]
["Sub Total C",{"$nulls":7},{"$f":"SUM(I37:I45)","v":{"v":3900,"d":"R 3,900.00"}}]
["TRANSPORT"]
["Item 4","Destinantion",null,null,"No of Trips",null,"KMs","Rate","Amount"]
[1,"Port Elizabeth office to  Dora   Ngiza "]
[null,"Hospital and back.",null,null,1,null,28.6,{"v":5,"d":"R 5.00"},{"$f":"H50*G50","v":{"v":143,"d":"R 143.00"}}]
[]
["Sub Total D",{"$nulls":7},{"$f":"SUM(I49:I51)","v":{"v":143,"d":"R 143.00"}}]
[]
[{"$nulls":6}," Sub Total (A+B+C+D)",null,{"$f":"I52+I46+I34+I21","v":{"v":7246.325,"d":"R 7,246.33"}}]
[]
[{"$nulls":6},"Sub Total",null,{"$f":"I54+I55","v":{"v":7246.325,"d":"R 7,246.33"}}]

{"sheet":"ORSMOND TB HOSP (15)","index":40,"n_rows":56,"n_cols":13,"rows_kept":56,"hidden":true,"merged":[[8,0,8,4],[8,5,8,6],[8,7,8,8],[9,5,9,6],[9,7,9,8],[10,5,10,6],[10,7,10,8],[11,5,11,6],[11,7,11,8],[12,7,12,8],[13,5,13,6],[13,7,13,8],[14,0,14,8],[15,0,15,8],[17,1,17,3],[18,1,18,3],[19,1,19,3],[20,0,20,7],[21,0,21,8],[22,1,22,4],[23,1,23,4],[24,1,24,4],[25,1,25,4],[26,1,26,4],[27,1,27,4],[28,1,28,4],[29,1,29,4],[30,1,30,4],[31,0,31,7],[32,0,32,7],[33,0,33,7],[34,0,34,8],[35,1,35,3],[35,4,35,5],[36,1,36,3],[36,4,36,5],[37,1,37,3],[37,4,37,5],[38,1,38,3],[38,4,38,5],[39,1,39,3],[39,4,39,5],[40,1,40,3],[40,4,40,5],[41,1,41,3],[41,4,41,5],[42,1,42,3],[43,1,43,3],[44,1,44,3],[45,0,45,7],[46,0,46,8],[47,1,47,3],[47,4,47,5],[48,1,48,3],[48,4,48,5],[49,1,49,3],[49,4,49,5],[50,1,50,3],[50,4,50,5],[51,0,51,7],[53,0,53,1],[53,2,53,4],[53,6,53,7],[54,0,54,1],[54,2,54,4],[55,0,55,1],[55,2,55,4],[55,6,55,7],[56,2,56,5]]}
{"$rows_empty":8}
["QUOTE TO :",{"$nulls":4},"Qoute No           ",null,15]
["Department of Health",{"$nulls":4},"Date                   ",null,"16/3/2019"]
["717 Dukumbana Building",{"$nulls":4},"Facility              ",null,"ORSMOND TB HOSPITAL"]
["Independent Avenue",{"$nulls":4},"Work Order     ",null,44769]
["Bhisho",{"$nulls":4},"Tender No       ",null,"SCMU3 - 17/18-0303 - HO"]
[{"$nulls":5},"Contract Term ",null,"24 MONTHS",{"$nulls":4}," "]
["WORK  REQUEST : Back up generator does not start."]
["SCHEDULED WORK"]
["Item 1","Discription",null,null,"Unit","Sch No","Quantity","Rate","Amount"]
[{"$nulls":8},{"$f":"SUM(G18*H18)","v":0}]
[{"$nulls":8},{"$f":"SUM(G19*H19)","v":0}]
[{"$nulls":8},0]
["Sub Total A",{"$nulls":7},{"$f":"SUM(I18:I20)","v":0}]
["NON SCHEDULED WORK"]
["Item 2","Description",{"$nulls":4},"Quantity","Rate","Amount"]
[1,"BATTERY (674)",{"$nulls":4},1,{"v":1430,"d":"R 1,430.00"},{"$f":"H24*G24","v":{"v":1430,"d":"R 1,430.00"}}]
{"$rows_empty":7}
["Sub  Total",{"$nulls":7},{"$f":"SUM(I24:I31)","v":{"v":1430,"d":"R 1,430.00"}}]
["Mark - Up 15%",{"$nulls":7},{"$f":"I32*0.15","v":{"v":214.5,"d":"R 214.50"}}]
["SUb  Total  B",{"$nulls":7},{"$f":"I32+I33","v":{"v":1644.5,"d":"R 1,644.50"}}]
["LABOUR"]
["Item 3"," (Normal Rate)",null,null,"Unit",null,"Quantity","Rate","Amount"]
[1,"Techinician",null,null,"HRS",null,1,{"v":450,"d":"R450.00"},{"$f":"SUM(G37*H37)","v":{"v":450,"d":"R 450.00"}}]
[2," Senior Artisan  ",null,null,"HRS",null,null,{"v":350,"d":"R350.00"},{"$f":"SUM(G38*H38)","v":0}]
[3,"Artisan  (Trade Tested)",null,null,"HRS",null,null,{"v":300,"d":"R300.00"},0]
[4,"Utility Man (Non - Trade Tested)",null,null,"HRS",null,1,{"v":200,"d":"R200.00"},{"v":200,"d":"R 200.00"}]
[5,"Artisan  Aid",null,null,"HRS",null,null,{"v":200,"d":"R200.00"},0]
[6,"General Worker",null,null,"HRS",null,null,{"v":140,"d":"R140.00"},0]
[]
[]
[]
["Sub Total C",{"$nulls":7},{"$f":"SUM(I37:I45)","v":{"v":650,"d":"R 650.00"}}]
["TRANSPORT"]
["Item 4","Destinantion",null,null,"No of Trips",null,"KMs","Rate","Amount"]
[1,"Port Elizabeth office to Orsmond"]
[null,"Hospital and back.",null,null,1,null,81.6,{"v":5,"d":"R 5.00"},{"$f":"H50*G50","v":{"v":408,"d":"R 408.00"}}]
[]
["Sub Total D",{"$nulls":7},{"$f":"SUM(I49:I51)","v":{"v":408,"d":"R 408.00"}}]
[]
[{"$nulls":6}," Sub Total (A+B+C+D)",null,{"$f":"I52+I46+I34+I21","v":{"v":2702.5,"d":"R 2,702.50"}}]
[]
[{"$nulls":6},"Sub Total",null,{"$f":"I54+I55","v":{"v":2702.5,"d":"R 2,702.50"}}]

{"sheet":"MOUNT RD MORT. (16)","index":41,"n_rows":56,"n_cols":13,"rows_kept":56,"hidden":true,"merged":[[8,0,8,4],[8,5,8,6],[8,7,8,8],[9,5,9,6],[9,7,9,8],[10,5,10,6],[10,7,10,8],[11,5,11,6],[11,7,11,8],[12,7,12,8],[13,5,13,6],[13,7,13,8],[14,0,14,8],[15,0,15,8],[16,1,16,3],[17,1,17,3],[18,1,18,3],[19,1,19,3],[20,0,20,7],[21,0,21,8],[22,1,22,4],[23,1,23,4],[24,1,24,4],[25,1,25,4],[26,1,26,4],[27,1,27,4],[28,1,28,4],[29,1,29,4],[30,1,30,4],[31,0,31,7],[32,0,32,7],[33,0,33,7],[34,0,34,8],[35,1,35,3],[35,4,35,5],[36,1,36,3],[36,4,36,5],[37,1,37,3],[37,4,37,5],[38,1,38,3],[38,4,38,5],[39,1,39,3],[39,4,39,5],[40,1,40,3],[40,4,40,5],[41,1,41,3],[41,4,41,5],[42,1,42,3],[43,1,43,3],[44,1,44,3],[45,0,45,7],[46,0,46,8],[47,1,47,3],[47,4,47,5],[48,1,48,3],[48,4,48,5],[49,1,49,3],[49,4,49,5],[50,1,50,3],[50,4,50,5],[51,0,51,7],[53,0,53,1],[53,2,53,4],[53,6,53,7],[54,0,54,1],[54,2,54,4],[55,0,55,1],[55,2,55,4],[55,6,55,7],[56,2,56,5]]}
{"$rows_empty":8}
["QUOTE TO :",{"$nulls":4},"Qoute No           ",null,16]
["Department of Health",{"$nulls":4},"Date                   ",null,"2019-09-05"]
["717 Dukumbana Building",{"$nulls":4},"Facility              ",null,"MOUNT ROAD MORTAURY"]
["Independent Avenue",{"$nulls":4},"Work Order     ",null,45596]
["Bhisho",{"$nulls":4},"Tender No       ",null,"SCMU3 - 17/18-0303 - HO"]
[{"$nulls":5},"Contract Term ",null,"24 MONTHS",{"$nulls":4}," "]
["WORK  REQUEST : Diesel generator is making noise."]
["SCHEDULED WORK"]
["Item 1","Description",null,null,"Unit","Sch No","Quantity","Rate","Amount"]
[{"$nulls":8},{"$f":"SUM(G18*H18)","v":0}]
[{"$nulls":8},{"$f":"SUM(G19*H19)","v":0}]
[{"$nulls":8},0]
["Sub Total A",{"$nulls":7},{"$f":"SUM(I18:I20)","v":0}]
["NON SCHEDULED WORK"]
["Item 2","Description",{"$nulls":4},"Quantity","Rate","Amount"]
[1,"BATTERY (674)",{"$nulls":4},1,{"v":1498.26,"d":"R 1,498.26"},{"$f":"H24*G24","v":{"v":1498.26,"d":"R 1,498.26"}}]
{"$rows_empty":7}
["Sub  Total",{"$nulls":7},{"$f":"SUM(I24:I31)","v":{"v":1498.26,"d":"R 1,498.26"}}]
["Mark - Up 15%",{"$nulls":7},{"$f":"I32*0.15","v":{"v":224.739,"d":"R 224.74"}}]
["SUb  Total  B",{"$nulls":7},{"$f":"I32+I33","v":{"v":1722.999,"d":"R 1,723.00"}}]
["LABOUR"]
["Item 3"," (Normal Rate)",null,null,"Unit",null,"Quantity","Rate","Amount"]
[1,"Techinician",null,null,"HRS",null,3,{"v":450,"d":"R450.00"},{"$f":"SUM(G37*H37)","v":{"v":1350,"d":"R 1,350.00"}}]
[2," Senior Artisan  ",null,null,"HRS",null,null,{"v":350,"d":"R350.00"},{"$f":"SUM(G38*H38)","v":0}]
[3,"Artisan  (Trade Tested)",null,null,"HRS",null,null,{"v":300,"d":"R300.00"},0]
[4,"Utility Man (Non - Trade Tested)",null,null,"HRS",null,null,{"v":200,"d":"R200.00"},0]
[5,"Artisan  Aid",null,null,"HRS",null,null,{"v":200,"d":"R200.00"},0]
[6,"General Worker",null,null,"HRS",null,null,{"v":140,"d":"R140.00"},0]
[]
[]
[]
["Sub Total C",{"$nulls":7},{"$f":"SUM(I37:I45)","v":{"v":1350,"d":"R 1,350.00"}}]
["TRANSPORT"]
["Item 4","Destinantion",null,null,"No of Trips",null,"KMs","Rate","Amount"]
[1,"Port Elizabeth office to Mount   Road "]
[null,"Mortuary and back.",null,null,1,null,4.8,{"v":5,"d":"R 5.00"},{"$f":"H50*G50","v":{"v":24,"d":"R 24.00"}}]
[]
["Sub Total D",{"$nulls":7},{"$f":"SUM(I49:I51)","v":{"v":24,"d":"R 24.00"}}]
[]
[{"$nulls":6}," Sub Total (A+B+C+D)",null,{"$f":"I52+I46+I34+I21","v":{"v":3096.999,"d":"R 3,097.00"}}]
[]
[{"$nulls":6},"Sub Total",null,{"$f":"I54+I55","v":{"v":3096.999,"d":"R 3,097.00"}}]

{"sheet":"PARMACEUTICA DEP (17)","index":42,"n_rows":56,"n_cols":13,"rows_kept":56,"hidden":true,"merged":[[8,0,8,4],[8,5,8,6],[8,7,8,8],[9,5,9,6],[9,7,9,8],[10,5,10,6],[10,7,10,8],[11,5,11,6],[11,7,11,8],[12,7,12,8],[13,5,13,6],[13,7,13,8],[14,0,14,8],[15,0,15,8],[16,1,16,3],[17,1,17,3],[18,1,18,3],[19,1,19,3],[20,0,20,7],[21,0,21,8],[22,1,22,4],[23,1,23,4],[24,1,24,4],[25,1,25,4],[26,1,26,4],[27,1,27,4],[28,1,28,4],[29,1,29,4],[30,1,30,4],[31,0,31,7],[32,0,32,7],[33,0,33,7],[34,0,34,8],[35,1,35,3],[35,4,35,5],[36,1,36,3],[36,4,36,5],[37,1,37,3],[37,4,37,5],[38,1,38,3],[38,4,38,5],[39,1,39,3],[39,4,39,5],[40,1,40,3],[40,4,40,5],[41,1,41,3],[41,4,41,5],[42,1,42,3],[43,1,43,3],[44,1,44,3],[45,0,45,7],[46,0,46,8],[47,1,47,3],[47,4,47,5],[48,1,48,3],[48,4,48,5],[49,1,49,3],[49,4,49,5],[50,1,50,3],[50,4,50,5],[51,0,51,7],[53,0,53,1],[53,2,53,4],[53,6,53,7],[54,0,54,1],[54,2,54,4],[55,0,55,1],[55,2,55,4],[55,6,55,7],[56,2,56,5]]}
{"$rows_empty":8}
["QUOTE TO :",{"$nulls":4},"Qoute No           ",null,17]
["Department of Health",{"$nulls":4},"Date                   ",null,"16/4/2019"]
["717 Dukumbana Building",{"$nulls":4},"Facility              ",null,"PHARMACEUTICAL DEPOT "]
["Independent Avenue",{"$nulls":4},"Work Order     ",null,44682]
["Bhisho",{"$nulls":4},"Tender No       ",null,"SCMU3 - 17/18-0303 - HO"]
[{"$nulls":5},"Contract Term ",null,"24 MONTHS",{"$nulls":4}," "]
["WORK  REQUEST : The alternator of the generator needs to be repaired."]
["SCHEDULED WORK"]
["Item 1","Description",null,null,"Unit","Sch No","Quantity","Rate","Amount"]
[{"$nulls":8},{"$f":"SUM(G18*H18)","v":0}]
[{"$nulls":8},{"$f":"SUM(G19*H19)","v":0}]
[{"$nulls":8},0]
["Sub Total A",{"$nulls":7},{"$f":"SUM(I18:I20)","v":0}]
["NON SCHEDULED WORK"]
["Item 2","Description",{"$nulls":4},"Quantity","Rate","Amount"]
[1,"24 v ALTERNATOR",{"$nulls":4},1,{"v":4107,"d":"R 4,107.00"},{"$f":"H24*G24","v":{"v":4107,"d":"R 4,107.00"}}]
[2,"MAKE UP BRACKET FOR THE ALTERNATOR",{"$nulls":4},1,{"v":1375,"d":"R 1,375.00"},{"$f":"H25*G25","v":{"v":1375,"d":"R 1,375.00"}}]
[]
[]
[]
[]
[]
[]
["Sub  Total",{"$nulls":7},{"$f":"SUM(I24:I31)","v":{"v":5482,"d":"R 5,482.00"}}]
["Mark - Up 15%",{"$nulls":7},{"$f":"I32*0.15","v":{"v":822.3,"d":"R 822.30"}}]
["SUb  Total  B",{"$nulls":7},{"$f":"I32+I33","v":{"v":6304.3,"d":"R 6,304.30"}}]
["LABOUR"]
["Item 3"," (Normal Rate)",null,null,"Unit",null,"Quantity","Rate","Amount"]
[1,"Techinician",null,null,"HRS",null,5,{"v":450,"d":"R450.00"},{"$f":"SUM(G37*H37)","v":{"v":2250,"d":"R 2,250.00"}}]
[2," Senior Artisan  ",null,null,"HRS",null,null,{"v":350,"d":"R350.00"},{"$f":"SUM(G38*H38)","v":0}]
[3,"Artisan  (Trade Tested)",null,null,"HRS",null,null,{"v":300,"d":"R300.00"},0]
[4,"Utility Man (Non - Trade Tested)",null,null,"HRS",null,5,{"v":200,"d":"R200.00"},{"v":1000,"d":"R 1,000.00"}]
[5,"Artisan  Aid",null,null,"HRS",null,null,{"v":200,"d":"R200.00"},0]
[6,"General Worker",null,null,"HRS",null,null,{"v":140,"d":"R140.00"},0]
[]
[]
[]
["Sub Total C",{"$nulls":7},{"$f":"SUM(I37:I45)","v":{"v":3250,"d":"R 3,250.00"}}]
["TRANSPORT"]
["Item 4","Destinantion",null,null,"No of Trips",null,"KMs","Rate","Amount"]
[1,"Port Elizabeth office to Pharmaceutical "]
[null,"Depot  and back.",null,null,1,null,26.8,{"v":5,"d":"R 5.00"},{"$f":"H50*G50","v":{"v":134,"d":"R 134.00"}}]
[]
["Sub Total D",{"$nulls":7},{"$f":"SUM(I49:I51)","v":{"v":134,"d":"R 134.00"}}]
[]
[{"$nulls":6}," Sub Total (A+B+C+D)",null,{"$f":"I52+I46+I34+I21","v":{"v":9688.3,"d":"R 9,688.30"}}]
[]
[{"$nulls":6},"Sub Total",null,{"$f":"I54+I55","v":{"v":9688.3,"d":"R 9,688.30"}}]

{"sheet":"DORA NGIZA HOSP (18)","index":43,"n_rows":56,"n_cols":13,"rows_kept":56,"hidden":true,"merged":[[8,0,8,4],[8,5,8,6],[8,7,8,8],[9,5,9,6],[9,7,9,8],[10,5,10,6],[10,7,10,8],[11,5,11,6],[11,7,11,8],[12,7,12,8],[13,5,13,6],[13,7,13,8],[14,0,14,8],[15,0,15,8],[16,1,16,3],[17,1,17,3],[18,1,18,3],[19,1,19,3],[20,0,20,7],[21,0,21,8],[22,1,22,4],[23,1,23,4],[24,1,24,4],[25,1,25,4],[26,1,26,4],[27,1,27,4],[28,1,28,4],[29,1,29,4],[30,1,30,4],[31,0,31,7],[32,0,32,7],[33,0,33,7],[34,0,34,8],[35,1,35,3],[35,4,35,5],[36,1,36,3],[36,4,36,5],[37,1,37,3],[37,4,37,5],[38,1,38,3],[38,4,38,5],[39,1,39,3],[39,4,39,5],[40,1,40,3],[40,4,40,5],[41,1,41,3],[41,4,41,5],[42,1,42,3],[43,1,43,3],[44,1,44,3],[45,0,45,7],[46,0,46,8],[47,1,47,3],[47,4,47,5],[48,1,48,3],[48,4,48,5],[49,1,49,3],[49,4,49,5],[50,1,50,3],[50,4,50,5],[51,0,51,7],[53,0,53,1],[53,2,53,4],[53,6,53,7],[54,0,54,1],[54,2,54,4],[55,0,55,1],[55,2,55,4],[55,6,55,7],[56,2,56,5]]}
{"$rows_empty":8}
["QUOTE TO :",{"$nulls":4},"Qoute No           ",null,18]
["Department of Health",{"$nulls":4},"Date                   ",null,"26/4/2019"]
["717 Dukumbana Building",{"$nulls":4},"Facility              ",null,"DORA NGIZA HOSPITAL"]
["Independent Avenue",{"$nulls":4},"Work Order     ",null,45094]
["Bhisho",{"$nulls":4},"Tender No       ",null,"SCMU3 - 17/18-0303 - HO"]
[{"$nulls":5},"Contract Term ",null,"24 MONTHS",{"$nulls":4}," "]
["WORK  REQUEST : Repair the lovato control and replace the battery charger charger."]
["SCHEDULED WORK"]
["Item 1","Description",null,null,"Unit","Sch No","Quantity","Rate","Amount"]
[{"$nulls":8},{"$f":"SUM(G18*H18)","v":0}]
[{"$nulls":8},{"$f":"SUM(G19*H19)","v":0}]
[{"$nulls":8},0]
["Sub Total A",{"$nulls":7},{"$f":"SUM(I18:I20)","v":0}]
["NON SCHEDULED WORK"]
["Item 2","Description",{"$nulls":4},"Quantity","Rate","Amount"]
{"$rows_empty":8}
["Sub  Total",{"$nulls":7},{"$f":"SUM(I24:I31)","v":0}]
["Mark - Up 15%",{"$nulls":7},{"$f":"I32*0.15","v":0}]
["SUb  Total  B",{"$nulls":7},{"$f":"I32+I33","v":0}]
["LABOUR"]
["Item 3"," (Normal Rate)",null,null,"Unit",null,"Quantity","Rate","Amount"]
[1,"Techinician",null,null,"HRS",null,3,{"v":450,"d":"R450.00"},{"$f":"SUM(G37*H37)","v":{"v":1350,"d":"R 1,350.00"}}]
[2," Senior Artisan  ",null,null,"HRS",null,null,{"v":350,"d":"R350.00"},{"$f":"SUM(G38*H38)","v":0}]
[3,"Artisan  (Trade Tested)",null,null,"HRS",null,null,{"v":300,"d":"R300.00"},0]
[4,"Utility Man (Non - Trade Tested)",null,null,"HRS",null,3,{"v":200,"d":"R200.00"},{"v":600,"d":"R 600.00"}]
[5,"Artisan  Aid",null,null,"HRS",null,null,{"v":200,"d":"R200.00"},0]
[6,"General Worker",null,null,"HRS",null,null,{"v":140,"d":"R140.00"},0]
[]
[]
[]
["Sub Total C",{"$nulls":7},{"$f":"SUM(I37:I45)","v":{"v":1950,"d":"R 1,950.00"}}]
["TRANSPORT"]
["Item 4","Destinantion",null,null,"No of Trips",null,"KMs","Rate","Amount"]
[1,"Port Elizabeth office to Dora Ngiza"]
[null,"Hospital  and back.",null,null,1,null,28.6,{"v":5,"d":"R 5.00"},{"$f":"H50*G50","v":{"v":143,"d":"R 143.00"}}]
[]
["Sub Total D",{"$nulls":7},{"$f":"SUM(I49:I51)","v":{"v":143,"d":"R 143.00"}}]
[]
[{"$nulls":6}," Sub Total (A+B+C+D)",null,{"$f":"I52+I46+I34","v":{"v":2093,"d":"R 2,093.00"}}]
[]
[{"$nulls":6},"Sub Total",null,{"$f":"I54+I55","v":{"v":2093,"d":"R 2,093.00"}}]

{"sheet":"DORA NGIZA (19)","index":44,"n_rows":56,"n_cols":13,"rows_kept":56,"hidden":true,"merged":[[8,0,8,4],[8,5,8,6],[8,7,8,8],[9,5,9,6],[9,7,9,8],[10,5,10,6],[10,7,10,8],[11,5,11,6],[11,7,11,8],[12,7,12,8],[13,5,13,6],[13,7,13,8],[14,0,14,8],[15,0,15,8],[16,1,16,3],[17,1,17,3],[18,1,18,3],[19,1,19,3],[20,0,20,7],[21,0,21,8],[22,1,22,4],[23,1,23,4],[24,1,24,4],[25,1,25,4],[26,1,26,4],[27,1,27,4],[28,1,28,4],[29,1,29,4],[30,1,30,4],[31,0,31,7],[32,0,32,7],[33,0,33,7],[34,0,34,8],[35,1,35,3],[35,4,35,5],[36,1,36,3],[36,4,36,5],[37,1,37,3],[37,4,37,5],[38,1,38,3],[38,4,38,5],[39,1,39,3],[39,4,39,5],[40,1,40,3],[40,4,40,5],[41,1,41,3],[41,4,41,5],[42,1,42,3],[43,1,43,3],[44,1,44,3],[45,0,45,7],[46,0,46,8],[47,1,47,3],[47,4,47,5],[48,1,48,3],[48,4,48,5],[49,1,49,3],[49,4,49,5],[50,1,50,3],[50,4,50,5],[51,0,51,7],[53,0,53,1],[53,2,53,4],[53,6,53,7],[54,0,54,1],[54,2,54,4],[55,0,55,1],[55,2,55,4],[55,6,55,7],[56,2,56,5]]}
{"$rows_empty":8}
["QUOTE TO :",{"$nulls":4},"Qoute No           ",null,19]
["Department of Health",{"$nulls":4},"Date                   ",null,"24/5/2019"]
["717 Dukumbana Building",{"$nulls":4},"Facility              ",null,"DORA NGIZA HOSPITAL"]
["Independent Avenue",{"$nulls":4},"Work Order     ",null,46407]
["Bhisho",{"$nulls":4},"Tender No       ",null,"SCMU3 - 17/18-0303 - HO"]
[{"$nulls":5},"Contract Term ",null,"24 MONTHS",{"$nulls":4}," "]
["WORK  REQUEST : Repair the lovato control and replace the battery charger ."]
["SCHEDULED WORK"]
["Item 1","Description",null,null,"Unit","Sch No","Quantity","Rate","Amount"]
[{"$nulls":8},{"$f":"SUM(G18*H18)","v":0}]
[{"$nulls":8},{"$f":"SUM(G19*H19)","v":0}]
[{"$nulls":8},0]
["Sub Total A",{"$nulls":7},{"$f":"SUM(I18:I20)","v":0}]
["NON SCHEDULED WORK"]
["Item 2","Description",{"$nulls":4},"Quantity","Rate","Amount"]
[1,"12V 5A BATTERY CHARGER ",{"$nulls":4},1,{"v":1142,"d":"R 1,142.00"},{"$f":"H24*G24","v":{"v":1142,"d":"R 1,142.00"}}]
{"$rows_empty":7}
["Sub  Total",{"$nulls":7},{"$f":"SUM(I24:I31)","v":{"v":1142,"d":"R 1,142.00"}}]
["Mark - Up 15%",{"$nulls":7},{"$f":"I32*0.15","v":{"v":171.29999999999998,"d":"R 171.30"}}]
["SUb  Total  B",{"$nulls":7},{"$f":"I32+I33","v":{"v":1313.3,"d":"R 1,313.30"}}]
["LABOUR"]
["Item 3"," (Normal Rate)",null,null,"Unit",null,"Quantity","Rate","Amount"]
[1,"Techinician",null,null,"HRS",null,4,{"v":450,"d":"R450.00"},{"$f":"SUM(G37*H37)","v":{"v":1800,"d":"R 1,800.00"}}]
[2," Senior Artisan  ",null,null,"HRS",null,null,{"v":350,"d":"R350.00"},{"$f":"SUM(G38*H38)","v":0}]
[3,"Artisan  (Trade Tested)",null,null,"HRS",null,null,{"v":300,"d":"R300.00"},0]
[4,"Utility Man (Non - Trade Tested)",null,null,"HRS",null,4,{"v":200,"d":"R200.00"},{"v":800,"d":"R 800.00"}]
[5,"Artisan  Aid",null,null,"HRS",null,null,{"v":200,"d":"R200.00"},0]
[6,"General Worker",null,null,"HRS",null,null,{"v":140,"d":"R140.00"},0]
[]
[]
[]
["Sub Total C",{"$nulls":7},{"$f":"SUM(I37:I45)","v":{"v":2600,"d":"R 2,600.00"}}]
["TRANSPORT"]
["Item 4","Destinantion",null,null,"No of Trips",null,"KMs","Rate","Amount"]
[1,"Port Elizabeth office to Dora Ngiza"]
[null,"Hospital  and back.",null,null,1,null,28.6,{"v":5,"d":"R 5.00"},{"$f":"H50*G50","v":{"v":143,"d":"R 143.00"}}]
[]
["Sub Total D",{"$nulls":7},{"$f":"SUM(I49:I51)","v":{"v":143,"d":"R 143.00"}}]
[]
[{"$nulls":6}," Sub Total (A+B+C+D)",null,{"$f":"I52+I46+I34","v":{"v":4056.3,"d":"R 4,056.30"}}]
[]
[{"$nulls":6},"Sub Total",null,{"$f":"I54+I55","v":{"v":4056.3,"d":"R 4,056.30"}}]

{"sheet":"LIVINGSTONE HOSPITAL (20)","index":45,"n_rows":56,"n_cols":13,"rows_kept":56,"hidden":true,"merged":[[8,0,8,4],[8,5,8,6],[8,7,8,8],[9,5,9,6],[9,7,9,8],[10,5,10,6],[10,7,10,8],[11,5,11,6],[11,7,11,8],[12,7,12,8],[13,5,13,6],[13,7,13,8],[14,0,14,8],[15,0,15,8],[16,1,16,3],[17,1,17,3],[18,1,18,3],[19,1,19,3],[20,0,20,7],[21,0,21,8],[22,1,22,4],[23,1,23,4],[24,1,24,4],[25,1,25,4],[26,1,26,4],[27,1,27,4],[28,1,28,4],[29,1,29,4],[30,1,30,4],[31,0,31,7],[32,0,32,7],[33,0,33,7],[34,0,34,8],[35,1,35,3],[35,4,35,5],[36,1,36,3],[36,4,36,5],[37,1,37,3],[37,4,37,5],[38,1,38,3],[38,4,38,5],[39,1,39,3],[39,4,39,5],[40,1,40,3],[40,4,40,5],[41,1,41,3],[41,4,41,5],[42,1,42,3],[43,1,43,3],[44,1,44,3],[45,0,45,7],[46,0,46,8],[47,1,47,3],[47,4,47,5],[48,1,48,3],[48,4,48,5],[49,1,49,3],[49,4,49,5],[50,1,50,3],[50,4,50,5],[51,0,51,7],[53,0,53,1],[53,2,53,4],[53,6,53,7],[54,0,54,1],[54,2,54,4],[55,0,55,1],[55,2,55,4],[55,6,55,7],[56,2,56,5]]}
{"$rows_empty":8}
["QUOTE TO :",{"$nulls":4},"Qoute No           ",null,20]
["Department of Health",{"$nulls":4},"Date                   ",null,"29/5/2019"]
["717 Dukumbana Building",{"$nulls":4},"Facility              ",null,"LIVINGSTONE HOSPITAL"]
["Independent Avenue",{"$nulls":4},"Work Order     ",null,46506]
["Bhisho",{"$nulls":4},"Tender No       ",null,"SCMU3 - 17/18-0303 - HO"]
[{"$nulls":5},"Contract Term ",null,"24 MONTHS",{"$nulls":4}," "]
["WORK  REQUEST : Gen at nurses home needs fuel filter."]
["SCHEDULED WORK"]
["Item 1","Description",null,null,"Unit","Sch No","Quantity","Rate","Amount"]
[{"$nulls":8},{"$f":"SUM(G18*H18)","v":0}]
[{"$nulls":8},{"$f":"SUM(G19*H19)","v":0}]
[{"$nulls":8},0]
["Sub Total A",{"$nulls":7},{"$f":"SUM(I18:I20)","v":0}]
["NON SCHEDULED WORK"]
["Item 2","Description",{"$nulls":4},"Quantity","Rate","Amount"]
[1,"FUEL FILTER",{"$nulls":4},1,{"v":428.2,"d":"R 428.20"},{"$f":"H24*G24","v":{"v":428.2,"d":"R 428.20"}}]
[2,"HEAD ASSY",{"$nulls":4},1,{"v":367.16,"d":"R 367.16"},{"$f":"H25*G25","v":{"v":367.16,"d":"R 367.16"}}]
[]
[]
[]
[]
[]
[]
["Sub  Total",{"$nulls":7},{"$f":"SUM(I24:I31)","v":{"v":795.36,"d":"R 795.36"}}]
["Mark - Up 15%",{"$nulls":7},{"$f":"I32*0.15","v":{"v":119.304,"d":"R 119.30"}}]
["SUb  Total  B",{"$nulls":7},{"$f":"I32+I33","v":{"v":914.664,"d":"R 914.66"}}]
["LABOUR"]
["Item 3"," (Normal Rate)",null,null,"Unit",null,"Quantity","Rate","Amount"]
[1,"Techinician",null,null,"HRS",null,1,{"v":450,"d":"R450.00"},{"$f":"SUM(G37*H37)","v":{"v":450,"d":"R 450.00"}}]
[2," Senior Artisan  ",null,null,"HRS",null,null,{"v":350,"d":"R350.00"},{"$f":"SUM(G38*H38)","v":0}]
[3,"Artisan  (Trade Tested)",null,null,"HRS",null,null,{"v":300,"d":"R300.00"},0]
[4,"Utility Man (Non - Trade Tested)",null,null,"HRS",null,1,{"v":200,"d":"R200.00"},{"v":200,"d":"R 200.00"}]
[5,"Artisan  Aid",null,null,"HRS",null,null,{"v":200,"d":"R200.00"},0]
[6,"General Worker",null,null,"HRS",null,null,{"v":140,"d":"R140.00"},0]
[]
[]
[]
["Sub Total C",{"$nulls":7},{"$f":"SUM(I37:I45)","v":{"v":650,"d":"R 650.00"}}]
["TRANSPORT"]
["Item 4","Destinantion",null,null,"No of Trips",null,"KMs","Rate","Amount"]
[1,"Port Elizabeth office to Livingstone"]
[null,"Hospital  and back.",null,null,1,null,23.2,{"v":5,"d":"R 5.00"},{"$f":"H50*G50","v":{"v":116,"d":"R 116.00"}}]
[]
["Sub Total D",{"$nulls":7},{"$f":"SUM(I49:I51)","v":{"v":116,"d":"R 116.00"}}]
[]
[{"$nulls":6}," Sub Total (A+B+C+D)",null,{"$f":"I52+I46+I34","v":{"v":1680.664,"d":"R 1,680.66"}}]
[]
[{"$nulls":6},"Sub Total",null,{"$f":"I54+I55","v":{"v":1680.664,"d":"R 1,680.66"}}]

{"sheet":"PE PROV. HOSPITAL (21)","index":46,"n_rows":62,"n_cols":13,"rows_kept":62,"hidden":true,"merged":[[8,0,8,4],[8,5,8,6],[8,7,8,8],[9,5,9,6],[9,7,9,8],[10,5,10,6],[10,7,10,8],[11,5,11,6],[11,7,11,8],[12,7,12,8],[13,5,13,6],[13,7,13,8],[14,0,14,8],[15,0,15,8],[16,1,16,3],[17,1,17,3],[18,1,18,3],[19,1,19,3],[20,0,20,7],[21,0,21,8],[22,1,22,4],[23,1,23,5],[24,1,24,5],[25,1,25,5],[26,1,26,5],[27,1,27,5],[28,1,28,5],[29,1,29,5],[30,1,30,5],[31,1,31,5],[32,1,32,5],[33,1,33,5],[34,1,34,5],[35,1,35,5],[36,1,36,5],[37,0,37,7],[38,0,38,7],[39,0,39,7],[40,0,40,8],[41,1,41,3],[41,4,41,5],[42,1,42,3],[42,4,42,5],[43,1,43,3],[43,4,43,5],[44,1,44,3],[44,4,44,5],[45,1,45,3],[45,4,45,5],[46,1,46,3],[46,4,46,5],[47,1,47,3],[47,4,47,5],[48,1,48,3],[49,1,49,3],[50,1,50,3],[51,0,51,7],[52,0,52,8],[53,1,53,3],[53,4,53,5],[54,1,54,3],[54,4,54,5],[55,1,55,3],[55,4,55,5],[56,1,56,3],[56,4,56,5],[57,0,57,7],[59,0,59,1],[59,2,59,4],[59,6,59,7],[60,0,60,1],[60,2,60,4],[61,0,61,1],[61,2,61,4],[61,6,61,7],[62,2,62,5]]}
{"$rows_empty":8}
["QUOTE TO :",{"$nulls":4},"Qoute No           ",null,21]
["Department of Health",{"$nulls":4},"Date                   ",null,"2019-05-22"]
["717 Dukumbana Building",{"$nulls":4},"Facility              ",null,"PE PROVINCIAL HOSPITAL"]
["Independent Avenue",{"$nulls":4},"Work Order     ",null,43065]
["Bhisho",{"$nulls":4},"Tender No       ",null,"SCMU3 - 17/18-0303 - HO"]
[{"$nulls":5},"Contract Term ",null,"24 MONTHS",{"$nulls":4}," "]
["WORK  REQUEST : Exiting tank to be connected to the power generator."]
["SCHEDULED WORK"]
["Item 1","Description",null,null,"Unit","Sch No","Quantity","Rate","Amount"]
[{"$nulls":8},{"$f":"SUM(G18*H18)","v":0}]
[{"$nulls":8},{"$f":"SUM(G19*H19)","v":0}]
[{"$nulls":8},0]
["Sub Total A",{"$nulls":7},{"$f":"SUM(I18:I20)","v":0}]
["NON SCHEDULED WORK"]
["Item 2","Description",{"$nulls":4},"Quantity","Rate","Amount"]
[1,"Straight Coupler ",{"$nulls":4},2,{"v":23.54,"d":"R 23.54"},{"$f":"H24*G24","v":{"v":47.08,"d":"R 47.08"}}]
[2,"16mm Clear Thick Wall",{"$nulls":4},1,{"v":20.8,"d":"R 20.80"},{"$f":"H25*G25","v":{"v":20.8,"d":"R 20.80"}}]
[3,"Jubilee Clamps",{"$nulls":4},2,{"v":4,"d":"R 4.00"},{"$f":"H26*G26","v":{"v":8,"d":"R 8.00"}}]
[4,"25mm Galv Plug",{"$nulls":4},1,{"v":5.96,"d":"R 5.96"},{"v":5.96,"d":"R 5.96"}]
[5,"10mm Galv Plug",{"$nulls":4},1,{"v":3.46,"d":"R 3.46"},{"v":3.46,"d":"R 3.46"}]
[6,"G1000 Filter",{"$nulls":4},1,{"v":137.95,"d":"R 137.95"},{"v":137.95,"d":"R 137.95"}]
[7,"EQL ANG MS",{"$nulls":4},1,{"v":147.83,"d":"R 147.83"},{"v":147.83,"d":"R 147.83"}]
[8,"Masterbat 15mm",{"$nulls":4},4,{"v":1.5,"d":"R 1.50"},{"v":6,"d":"R 6.00"}]
[9,"Copper Tube 15x 5.5m",{"$nulls":4},1,{"v":314,"d":"R 314.00"},{"v":314,"d":"R 314.00"}]
[10,"Galv Hollow Plug",{"$nulls":4},1,{"v":7.25,"d":"R 7.25"},{"v":7.25,"d":"R 7.25"}]
[11,"Reducer",{"$nulls":4},2,{"v":23.01,"d":"R 23.01"},{"v":46.02,"d":"R 46.02"}]
[12,"Elbow",{"$nulls":4},4,{"v":29.47,"d":"R 29.47"},{"v":117.88,"d":"R 117.88"}]
[13,"Equal Tee",{"$nulls":4},1,{"v":40.98,"d":"R 40.98"},{"v":40.98,"d":"R 40.98"}]
[14,"Male Straight Coupler",{"$nulls":4},2,{"v":66.61,"d":"R 66.61"},{"$f":"H37*G37","v":{"v":133.22,"d":"R 133.22"}}]
["Sub  Total",{"$nulls":7},{"$f":"SUM(I24:I37)","v":{"v":1036.4299999999998,"d":"R 1,036.43"}}]
["Mark - Up 15%",{"$nulls":7},{"$f":"ROUND((I38*0.15),2)","v":{"v":155.46,"d":"R 155.46"}}]
["SUb  Total  B",{"$nulls":7},{"$f":"I38+I39","v":{"v":1191.8899999999999,"d":"R 1,191.89"}}]
["LABOUR"]
["Item 3"," (Normal Rate)",null,null,"Unit",null,"Quantity","Rate","Amount"]
[1,"Techinician",null,null,"HRS",null,12,{"v":450,"d":"R450.00"},{"$f":"SUM(G43*H43)","v":{"v":5400,"d":"R 5,400.00"}}]
[2," Senior Artisan  ",null,null,"HRS",null,null,{"v":350,"d":"R350.00"},{"$f":"SUM(G44*H44)","v":0}]
[3,"Artisan  (Trade Tested)",null,null,"HRS",null,null,{"v":300,"d":"R300.00"},0]
[4,"Utility Man (Non - Trade Tested)",null,null,"HRS",null,12,{"v":200,"d":"R200.00"},{"v":2400,"d":"R 2,400.00"}]
[5,"Artisan  Aid",null,null,"HRS",null,null,{"v":200,"d":"R200.00"},0]
[6,"General Worker",null,null,"HRS",null,null,{"v":140,"d":"R140.00"},0]
[]
[]
[]
["Sub Total C",{"$nulls":7},{"$f":"SUM(I43:I51)","v":{"v":7800,"d":"R 7,800.00"}}]
["TRANSPORT"]
["Item 4","Destinantion",null,null,"No of Trips",null,"KMs","Rate","Amount"]
[1," Unit 2My konos, south end to Port Elizabeth"]
[null,"  Prov.Hospital  and back.",null,null,1,null,9.2,{"v":5,"d":"R 5.00"},{"$f":"H56*G56","v":{"v":46,"d":"R 46.00"}}]
[]
["Sub Total D",{"$nulls":7},{"$f":"SUM(I55:I57)","v":{"v":46,"d":"R 46.00"}}]
[]
[{"$nulls":6}," Sub Total (A+B+C+D)",null,{"$f":"I58+I52+I40","v":{"v":9037.89,"d":"R 9,037.89"}}]
[]
[{"$nulls":6},"Sub Total",null,{"$f":"I60+I61","v":{"v":9037.89,"d":"R 9,037.89"}}]

{"sheet":"GQEBERA CHC (22)","index":47,"n_rows":62,"n_cols":13,"rows_kept":62,"hidden":true,"merged":[[8,0,8,4],[8,5,8,6],[8,7,8,8],[9,5,9,6],[9,7,9,8],[10,5,10,6],[10,7,10,8],[11,5,11,6],[11,7,11,8],[12,7,12,8],[13,5,13,6],[13,7,13,8],[14,0,14,8],[15,0,15,8],[16,1,16,3],[17,1,17,3],[18,1,18,3],[19,1,19,3],[20,0,20,7],[21,0,21,8],[22,1,22,4],[23,1,23,5],[24,1,24,5],[25,1,25,5],[26,1,26,5],[27,1,27,5],[28,1,28,5],[29,1,29,5],[30,1,30,5],[31,1,31,5],[32,1,32,5],[33,1,33,5],[34,1,34,5],[35,1,35,5],[36,1,36,5],[37,0,37,7],[38,0,38,7],[39,0,39,7],[40,0,40,8],[41,1,41,3],[41,4,41,5],[42,1,42,3],[42,4,42,5],[43,1,43,3],[43,4,43,5],[44,1,44,3],[44,4,44,5],[45,1,45,3],[45,4,45,5],[46,1,46,3],[46,4,46,5],[47,1,47,3],[47,4,47,5],[48,1,48,3],[49,1,49,3],[50,1,50,3],[51,0,51,7],[52,0,52,8],[53,1,53,3],[53,4,53,5],[54,1,54,3],[54,4,54,5],[55,1,55,3],[55,4,55,5],[56,1,56,3],[56,4,56,5],[57,0,57,7],[59,0,59,1],[59,2,59,4],[59,6,59,7],[60,0,60,1],[60,2,60,4],[61,0,61,1],[61,2,61,4],[61,6,61,7],[62,2,62,5]]}
{"$rows_empty":8}
["QUOTE TO :",{"$nulls":4},"Qoute No           ",null,22]
["Department of Health",{"$nulls":4},"Date                   ",null,"2019-06-10"]
["717 Dukumbana Building",{"$nulls":4},"Facility              ",null,"GQEBERA CHC"]
["Independent Avenue",{"$nulls":4},"Work Order     ",null,47399]
["Bhisho",{"$nulls":4},"Tender No       ",null,"SCMU3 - 17/18-0303 - HO"]
[{"$nulls":5},"Contract Term ",null,"24 MONTHS",{"$nulls":4}," "]
["WORK  REQUEST : Rpair faulty generator."]
["SCHEDULED WORK"]
["Item 1","Description",null,null,"Unit","Sch No","Quantity","Rate","Amount"]
[{"$nulls":8},{"$f":"SUM(G18*H18)","v":0}]
[{"$nulls":8},{"$f":"SUM(G19*H19)","v":0}]
[{"$nulls":8},0]
["Sub Total A",{"$nulls":7},{"$f":"SUM(I18:I20)","v":0}]
["NON SCHEDULED WORK"]
["Item 2","Description",{"$nulls":4},"Quantity","Rate","Amount"]
[1,"Lifting of generator",{"$nulls":4},1,{"v":300,"d":"R 300.00"},{"$f":"H24*G24","v":{"v":300,"d":"R 300.00"}}]
[2,"6120 Control Module ",{"$nulls":4},1,{"v":5936.47,"d":"R 5,936.47"},{"$f":"H25*G25","v":{"v":5936.47,"d":"R 5,936.47"}}]
[3,"Uni 12 AVR",{"$nulls":4},1,{"v":2250,"d":"R2,250.00"},{"$f":"H26*G26","v":{"v":2250,"d":"R 2,250.00"}}]
[4,"SX460 AVR",{"$nulls":4},1,{"v":2850,"d":"R 2,850.00"},{"v":2850,"d":"R 2,850.00"}]
[5,"82KVA Alternator",{"$nulls":4},1,{"v":4840,"d":"R 4,840.00"},{"v":4840,"d":"R 4,840.00"}]
{"$rows_empty":9}
["Sub  Total",{"$nulls":7},{"$f":"SUM(I24:I37)","v":{"v":16176.470000000001,"d":"R 16,176.47"}}]
["Mark - Up 15%",{"$nulls":7},{"$f":"ROUND((I38*0.15),2)","v":{"v":2426.47,"d":"R 2,426.47"}}]
["SUb  Total  B",{"$nulls":7},{"$f":"I38+I39","v":{"v":18602.940000000002,"d":"R 18,602.94"}}]
["LABOUR"]
["Item 3"," (Normal Rate)",null,null,"Unit",null,"Quantity","Rate","Amount"]
[1,"Techinician",null,null,"HRS",null,69,{"v":450,"d":"R450.00"},{"$f":"SUM(G43*H43)","v":{"v":31050,"d":"R 31,050.00"}}]
[2," Senior Artisan  ",null,null,"HRS",null,null,{"v":350,"d":"R350.00"},{"$f":"SUM(G44*H44)","v":0}]
[3,"Artisan  (Trade Tested)",null,null,"HRS",null,null,{"v":300,"d":"R300.00"},0]
[4,"Utility Man (Non - Trade Tested)",null,null,"HRS",null,69,{"v":200,"d":"R200.00"},{"v":13800,"d":"R 13,800.00"}]
[5,"Artisan  Aid",null,null,"HRS",null,null,{"v":200,"d":"R200.00"},0]
[6,"General Worker",null,null,"HRS",null,null,{"v":140,"d":"R140.00"},0]
[]
[]
[]
["Sub Total C",{"$nulls":7},{"$f":"SUM(I43:I51)","v":{"v":44850,"d":"R 44,850.00"}}]
["TRANSPORT"]
["Item 4","Destinantion",null,null,"No of Trips",null,"KMs","Rate","Amount"]
[1,"Unit 2My konos, south end to Gqebera CHC"]
[null," and back.",null,null,6,null,61.2,{"v":5,"d":"R 5.00"},{"$f":"H56*G56","v":{"v":306,"d":"R 306.00"}}]
[]
["Sub Total D",{"$nulls":7},{"$f":"SUM(I55:I57)","v":{"v":306,"d":"R 306.00"}}]
[]
[{"$nulls":6}," Sub Total (A+B+C+D)",null,{"$f":"I58+I52+I40","v":{"v":63758.94,"d":"R 63,758.94"}}]
[]
[{"$nulls":6},"Sub Total",null,{"$f":"I60+I61","v":{"v":63758.94,"d":"R 63,758.94"}}]

{"sheet":"PORT EZIABERTH MEDIC DEPOT(23)","index":48,"n_rows":62,"n_cols":13,"rows_kept":62,"hidden":true,"merged":[[8,0,8,4],[8,5,8,6],[8,7,8,8],[9,5,9,6],[9,7,9,8],[10,5,10,6],[10,7,10,8],[11,5,11,6],[11,7,11,8],[12,7,12,8],[13,5,13,6],[13,7,13,8],[14,0,14,8],[15,0,15,8],[16,1,16,3],[17,1,17,3],[18,1,18,3],[19,1,19,3],[20,0,20,7],[21,0,21,8],[22,1,22,4],[23,1,23,5],[24,1,24,5],[25,1,25,5],[26,1,26,5],[27,1,27,5],[28,1,28,5],[29,1,29,5],[30,1,30,5],[31,1,31,5],[32,1,32,5],[33,1,33,5],[34,1,34,5],[35,1,35,5],[36,1,36,5],[37,0,37,7],[38,0,38,7],[39,0,39,7],[40,0,40,8],[41,1,41,3],[41,4,41,5],[42,1,42,3],[42,4,42,5],[43,1,43,3],[43,4,43,5],[44,1,44,3],[44,4,44,5],[45,1,45,3],[45,4,45,5],[46,1,46,3],[46,4,46,5],[47,1,47,3],[47,4,47,5],[48,1,48,3],[49,1,49,3],[50,1,50,3],[51,0,51,7],[52,0,52,8],[53,1,53,3],[53,4,53,5],[54,1,54,3],[54,4,54,5],[55,1,55,3],[55,4,55,5],[56,1,56,3],[56,4,56,5],[57,0,57,7],[59,0,59,1],[59,2,59,4],[59,6,59,7],[60,0,60,1],[60,2,60,4],[61,0,61,1],[61,2,61,4],[61,6,61,7],[62,2,62,5]]}
{"$rows_empty":8}
["QUOTE TO :",{"$nulls":4},"Qoute No           ",null,23]
["Department of Health",{"$nulls":4},"Date                   ",null,"2019-06-11"]
["717 Dukumbana Building",{"$nulls":4},"Facility              ",null,"PE PHARMACEUTICAL DEPOT"]
["Independent Avenue",{"$nulls":4},"Work Order     ",null,47510]
["Bhisho",{"$nulls":4},"Tender No       ",null,"SCMU3 - 17/18-0303 - HO"]
[{"$nulls":5},"Contract Term ",null,"24 MONTHS",{"$nulls":4}," "]
["WORK  REQUEST : They need the gen batteries to be replaced,the thermostat &pre heated element needs replacement."]
["SCHEDULED WORK"]
["Item 1","Description",null,null,"Unit","Sch No","Quantity","Rate","Amount"]
[{"$nulls":8},{"$f":"SUM(G18*H18)","v":0}]
[{"$nulls":8},{"$f":"SUM(G19*H19)","v":0}]
[{"$nulls":8},0]
["Sub Total A",{"$nulls":7},{"$f":"SUM(I18:I20)","v":0}]
["NON SCHEDULED WORK"]
["Item 2","Description",{"$nulls":4},"Quantity","Rate","Amount"]
[1,"Geyser Element ",{"$nulls":4},1,{"v":182.56,"d":"R 182.56"},{"$f":"H24*G24","v":{"v":182.56,"d":"R 182.56"}}]
[2,"Geyser Thermostat",{"$nulls":4},1,{"v":227.5,"d":"R 227.50"},{"$f":"H25*G25","v":{"v":227.5,"d":"R 227.50"}}]
[3,"105Ah Battery",{"$nulls":4},2,{"v":1504.35,"d":"R 1,504.35"},{"$f":"H26*G26","v":{"v":3008.7,"d":"R 3,008.70"}}]
[4,"Antifreeze 10L",{"$nulls":4},1,{"v":418,"d":"R 418.00"},{"v":418,"d":"R 418.00"}]
[{"$nulls":8},0]
{"$rows_empty":9}
["Sub  Total",{"$nulls":7},{"$f":"SUM(I24:I37)","v":{"v":3836.7599999999998,"d":"R 3,836.76"}}]
["Mark - Up 15%",{"$nulls":7},{"$f":"ROUND((I38*0.15),2)","v":{"v":575.51,"d":"R 575.51"}}]
["SUb  Total  B",{"$nulls":7},{"$f":"I38+I39","v":{"v":4412.2699999999995,"d":"R 4,412.27"}}]
["LABOUR"]
["Item 3"," (Normal Rate)",null,null,"Unit",null,"Quantity","Rate","Amount"]
[1,"Techinician",null,null,"HRS",null,4,{"v":450,"d":"R450.00"},{"$f":"SUM(G43*H43)","v":{"v":1800,"d":"R 1,800.00"}}]
[2," Senior Artisan  ",null,null,"HRS",null,null,{"v":350,"d":"R350.00"},{"$f":"SUM(G44*H44)","v":0}]
[3,"Artisan  (Trade Tested)",null,null,"HRS",null,null,{"v":300,"d":"R300.00"},0]
[4,"Utility Man (Non - Trade Tested)",null,null,"HRS",null,4,{"v":200,"d":"R200.00"},{"v":800,"d":"R 800.00"}]
[5,"Artisan  Aid",null,null,"HRS",null,null,{"v":200,"d":"R200.00"},0]
[6,"General Worker",null,null,"HRS",null,null,{"v":140,"d":"R140.00"},0]
[]
[]
[]
["Sub Total C",{"$nulls":7},{"$f":"SUM(I43:I51)","v":{"v":2600,"d":"R 2,600.00"}}]
["TRANSPORT"]
["Item 4","Destinantion",null,null,"No of Trips",null,"KMs","Rate","Amount"]
[1,"Unit 2 Mykonos, south end to PE "]
[null," Pharmaceutical Depot  and back.",null,null,1,null,27.6,{"v":5,"d":"R 5.00"},{"$f":"H56*G56","v":{"v":138,"d":"R 138.00"}}]
[]
["Sub Total D",{"$nulls":7},{"$f":"SUM(I55:I57)","v":{"v":138,"d":"R 138.00"}}]
[]
[{"$nulls":6}," Sub Total (A+B+C+D)",null,{"$f":"I58+I52+I40","v":{"v":7150.2699999999995,"d":"R 7,150.27"}}]
[]
[{"$nulls":6},"Sub Total",null,{"$f":"I60+I61","v":{"v":7150.2699999999995,"d":"R 7,150.27"}}]

{"sheet":"LIVINGSTONE HOSPITAL (24)","index":49,"n_rows":62,"n_cols":13,"rows_kept":62,"hidden":true,"merged":[[8,0,8,4],[8,5,8,6],[8,7,8,8],[9,5,9,6],[9,7,9,8],[10,5,10,6],[10,7,10,8],[11,5,11,6],[11,7,11,8],[12,7,12,8],[13,5,13,6],[13,7,13,8],[14,0,14,8],[15,0,15,8],[16,1,16,3],[17,1,17,3],[18,1,18,3],[19,1,19,3],[20,0,20,7],[21,0,21,8],[22,1,22,4],[23,1,23,5],[24,1,24,5],[25,1,25,5],[26,1,26,5],[27,1,27,5],[28,1,28,5],[29,1,29,5],[30,1,30,5],[31,1,31,5],[32,1,32,5],[33,1,33,5],[34,1,34,5],[35,1,35,5],[36,1,36,5],[37,0,37,7],[38,0,38,7],[39,0,39,7],[40,0,40,8],[41,1,41,3],[41,4,41,5],[42,1,42,3],[42,4,42,5],[43,1,43,3],[43,4,43,5],[44,1,44,3],[44,4,44,5],[45,1,45,3],[45,4,45,5],[46,1,46,3],[46,4,46,5],[47,1,47,3],[47,4,47,5],[48,1,48,3],[49,1,49,3],[50,1,50,3],[51,0,51,7],[52,0,52,8],[53,1,53,3],[53,4,53,5],[54,1,54,3],[54,4,54,5],[55,1,55,3],[55,4,55,5],[56,1,56,3],[56,4,56,5],[57,0,57,7],[59,0,59,1],[59,2,59,4],[59,6,59,7],[60,0,60,1],[60,2,60,4],[61,0,61,1],[61,2,61,4],[61,6,61,7],[62,2,62,5]]}
{"$rows_empty":8}
["QUOTE TO :",{"$nulls":4},"Qoute No           ",null,24]
["Department of Health",{"$nulls":4},"Date                   ",null,"2019-06-21"]
["717 Dukumbana Building",{"$nulls":4},"Facility              ",null,"LIVINGSTONE HOSPITAL"]
["Independent Avenue",{"$nulls":4},"Work Order     ",null,49026]
["Bhisho",{"$nulls":4},"Tender No       ",null,"SCMU3 - 17/18-0303 - HO"]
[{"$nulls":5},"Contract Term ",null,"24 MONTHS",{"$nulls":4}," "]
["WORK  REQUEST : Replace laundry generator battery."]
["SCHEDULED WORK"]
["Item 1","Description",null,null,"Unit","Sch No","Quantity","Rate","Amount"]
[{"$nulls":8},{"$f":"SUM(G18*H18)","v":0}]
[{"$nulls":8},{"$f":"SUM(G19*H19)","v":0}]
[{"$nulls":8},0]
["Sub Total A",{"$nulls":7},{"$f":"SUM(I18:I20)","v":0}]
["NON SCHEDULED WORK"]
["Item 2","Description",{"$nulls":4},"Quantity","Rate","Amount"]
[1,"689 Battery",{"$nulls":4},2,{"v":2015,"d":"R 2,015.00"},{"$f":"H24*G24","v":{"v":4030,"d":"R 4,030.00"}}]
{"$rows_empty":13}
["Sub  Total",{"$nulls":7},{"$f":"SUM(I24:I37)","v":{"v":4030,"d":"R 4,030.00"}}]
["Mark - Up 15%",{"$nulls":7},{"$f":"ROUND((I38*0.15),2)","v":{"v":604.5,"d":"R 604.50"}}]
["SUb  Total  B",{"$nulls":7},{"$f":"I38+I39","v":{"v":4634.5,"d":"R 4,634.50"}}]
["LABOUR"]
["Item 3"," (Normal Rate)",null,null,"Unit",null,"Quantity","Rate","Amount"]
[1,"Techinician",null,null,"HRS",null,1.5,{"v":450,"d":"R450.00"},{"$f":"SUM(G43*H43)","v":{"v":675,"d":"R 675.00"}}]
[2," Senior Artisan  ",null,null,"HRS",null,null,{"v":350,"d":"R350.00"},{"$f":"SUM(G44*H44)","v":0}]
[3,"Artisan  (Trade Tested)",null,null,"HRS",null,null,{"v":300,"d":"R300.00"},0]
[4,"Utility Man (Non - Trade Tested)",null,null,"HRS",null,1.5,{"v":200,"d":"R200.00"},{"v":300,"d":"R 300.00"}]
[5,"Artisan  Aid",null,null,"HRS",null,null,{"v":200,"d":"R200.00"},0]
[6,"General Worker",null,null,"HRS",null,null,{"v":140,"d":"R140.00"},0]
[]
[]
[]
["Sub Total C",{"$nulls":7},{"$f":"SUM(I43:I51)","v":{"v":975,"d":"R 975.00"}}]
["TRANSPORT"]
["Item 4","Destinantion",null,null,"No of Trips",null,"KMs","Rate","Amount"]
[1,"Unit 2 Mykonos, south end to PE "]
[null,"Livingstone Hospital  and back.",null,null,1,null,24,{"v":5,"d":"R 5.00"},{"$f":"H56*G56","v":{"v":120,"d":"R 120.00"}}]
[]
["Sub Total D",{"$nulls":7},{"$f":"SUM(I55:I57)","v":{"v":120,"d":"R 120.00"}}]
[]
[{"$nulls":6}," Sub Total (A+B+C+D)",null,{"$f":"I58+I52+I40","v":{"v":5729.5,"d":"R 5,729.50"}}]
[]
[{"$nulls":6},"Sub Total",null,{"$f":"I60+I61","v":{"v":5729.5,"d":"R 5,729.50"}}]

{"sheet":"MOTHERWELL CHC (25)","index":50,"n_rows":62,"n_cols":13,"rows_kept":62,"hidden":true,"merged":[[8,0,8,4],[8,5,8,6],[8,7,8,8],[9,5,9,6],[9,7,9,8],[10,5,10,6],[10,7,10,8],[11,5,11,6],[11,7,11,8],[12,7,12,8],[13,5,13,6],[13,7,13,8],[14,0,14,8],[15,0,15,8],[16,1,16,3],[17,1,17,3],[18,1,18,3],[19,1,19,3],[20,0,20,7],[21,0,21,8],[22,1,22,4],[23,1,23,5],[24,1,24,5],[25,1,25,5],[26,1,26,5],[27,1,27,5],[28,1,28,5],[29,1,29,5],[30,1,30,5],[31,1,31,5],[32,1,32,5],[33,1,33,5],[34,1,34,5],[35,1,35,5],[36,1,36,5],[37,0,37,7],[38,0,38,7],[39,0,39,7],[40,0,40,8],[41,1,41,3],[41,4,41,5],[42,1,42,3],[42,4,42,5],[43,1,43,3],[43,4,43,5],[44,1,44,3],[44,4,44,5],[45,1,45,3],[45,4,45,5],[46,1,46,3],[46,4,46,5],[47,1,47,3],[47,4,47,5],[48,1,48,3],[49,1,49,3],[50,1,50,3],[51,0,51,7],[52,0,52,8],[53,1,53,3],[53,4,53,5],[54,1,54,3],[54,4,54,5],[55,1,55,3],[55,4,55,5],[56,1,56,3],[56,4,56,5],[57,0,57,7],[59,0,59,1],[59,2,59,4],[59,6,59,7],[60,0,60,1],[60,2,60,4],[61,0,61,1],[61,2,61,4],[61,6,61,7],[62,2,62,5]]}
{"$rows_empty":8}
["QUOTE TO :",{"$nulls":4},"Qoute No           ",null,25]
["Department of Health",{"$nulls":4},"Date                   ",null,"2019-07-11"]
["717 Dukumbana Building",{"$nulls":4},"Facility              ",null,"MOTHERWELL CHC"]
["Independent Avenue",{"$nulls":4},"Work Order     ",null,51247]
["Bhisho",{"$nulls":4},"Tender No       ",null,"SCMU3 - 17/18-0303 - HO"]
[{"$nulls":5},"Contract Term ",null,"24 MONTHS",{"$nulls":4}," "]
["WORK  REQUEST : Diesel leaks on the power generator."]
["SCHEDULED WORK"]
["Item 1","Description",null,null,"Unit","Sch No","Quantity","Rate","Amount"]
[{"$nulls":8},{"$f":"SUM(G18*H18)","v":0}]
[{"$nulls":8},{"$f":"SUM(G19*H19)","v":0}]
[{"$nulls":8},0]
["Sub Total A",{"$nulls":7},{"$f":"SUM(I18:I20)","v":0}]
["NON SCHEDULED WORK"]
["Item 2","Description",{"$nulls":4},"Quantity","Rate","Amount"]
[1,"Fuel Hose",{"$nulls":4},1,{"v":384.77,"d":"R 384.77"},{"$f":"H24*G24","v":{"v":384.77,"d":"R 384.77"}}]
[2,"Sealing Ring",{"$nulls":4},6,{"v":40.46,"d":"R 40.46"},{"$f":"H25*G25","v":{"v":242.76,"d":"R 242.76"}}]
{"$rows_empty":12}
["Sub  Total",{"$nulls":7},{"$f":"SUM(I24:I37)","v":{"v":627.53,"d":"R 627.53"}}]
["Mark - Up 15%",{"$nulls":7},{"$f":"ROUND((I38*0.15),2)","v":{"v":94.13,"d":"R 94.13"}}]
["SUb  Total  B",{"$nulls":7},{"$f":"I38+I39","v":{"v":721.66,"d":"R 721.66"}}]
["LABOUR"]
["Item 3"," (Normal Rate)",null,null,"Unit",null,"Quantity","Rate","Amount"]
[1,"Techinician",null,null,"HRS",null,5,{"v":450,"d":"R450.00"},{"$f":"SUM(G43*H43)","v":{"v":2250,"d":"R 2,250.00"}}]
[2," Senior Artisan  ",null,null,"HRS",null,null,{"v":350,"d":"R350.00"},{"$f":"SUM(G44*H44)","v":0}]
[3,"Artisan  (Trade Tested)",null,null,"HRS",null,null,{"v":300,"d":"R300.00"},0]
[4,"Utility Man (Non - Trade Tested)",null,null,"HRS",null,5,{"v":200,"d":"R200.00"},{"v":1000,"d":"R 1,000.00"}]
[5,"Artisan  Aid",null,null,"HRS",null,null,{"v":200,"d":"R200.00"},0]
[6,"General Worker",null,null,"HRS",null,null,{"v":140,"d":"R140.00"},0]
[]
[]
[]
["Sub Total C",{"$nulls":7},{"$f":"SUM(I43:I51)","v":{"v":3250,"d":"R 3,250.00"}}]
["TRANSPORT"]
["Item 4","Destinantion",null,null,"No of Trips",null,"KMs","Rate","Amount"]
[1,"Unit 2 Mykonos, south end to PE "]
[null,"Motherwell CHC  and back.",null,null,1,null,50.2,{"v":5,"d":"R 5.00"},{"$f":"H56*G56","v":{"v":251,"d":"R 251.00"}}]
[]
["Sub Total D",{"$nulls":7},{"$f":"SUM(I55:I57)","v":{"v":251,"d":"R 251.00"}}]
[]
[{"$nulls":6}," Sub Total (A+B+C+D)",null,{"$f":"I58+I52+I40","v":{"v":4222.66,"d":"R 4,222.66"}}]
[]
[{"$nulls":6},"Sub Total",null,{"$f":"I60+I61","v":{"v":4222.66,"d":"R 4,222.66"}}]

{"sheet":"LIVINGSTONE HOSPITAL (26)","index":51,"n_rows":62,"n_cols":13,"rows_kept":62,"hidden":true,"merged":[[8,0,8,4],[8,5,8,6],[8,7,8,8],[9,5,9,6],[9,7,9,8],[10,5,10,6],[10,7,10,8],[11,5,11,6],[11,7,11,8],[12,7,12,8],[13,5,13,6],[13,7,13,8],[14,0,14,8],[15,0,15,8],[16,1,16,3],[17,1,17,3],[18,1,18,3],[19,1,19,3],[20,0,20,7],[21,0,21,8],[22,1,22,4],[23,1,23,5],[24,1,24,5],[25,1,25,5],[26,1,26,5],[27,1,27,5],[28,1,28,5],[29,1,29,5],[30,1,30,5],[31,1,31,5],[32,1,32,5],[33,1,33,5],[34,1,34,5],[35,1,35,5],[36,1,36,5],[37,0,37,7],[38,0,38,7],[39,0,39,7],[40,0,40,8],[41,1,41,3],[41,4,41,5],[42,1,42,3],[42,4,42,5],[43,1,43,3],[43,4,43,5],[44,1,44,3],[44,4,44,5],[45,1,45,3],[45,4,45,5],[46,1,46,3],[46,4,46,5],[47,1,47,3],[47,4,47,5],[48,1,48,3],[49,1,49,3],[50,1,50,3],[51,0,51,7],[52,0,52,8],[53,1,53,3],[53,4,53,5],[54,1,54,3],[54,4,54,5],[55,1,55,3],[55,4,55,5],[56,1,56,3],[56,4,56,5],[57,0,57,7],[59,0,59,1],[59,2,59,4],[59,6,59,7],[60,0,60,1],[60,2,60,4],[61,0,61,1],[61,2,61,4],[61,6,61,7],[62,2,62,5]]}
{"$rows_empty":8}
["QUOTE TO :",{"$nulls":4},"Qoute No           ",null,26]
["Department of Health",{"$nulls":4},"Date                   ",null,"2019-07-24"]
["717 Dukumbana Building",{"$nulls":4},"Facility              ",null,"LIVINGSTONE HOSPITAL"]
["Independent Avenue",{"$nulls":4},"Work Order     ",null,52530]
["Bhisho",{"$nulls":4},"Tender No       ",null,"SCMU3 - 17/18-0303 - HO"]
[{"$nulls":5},"Contract Term ",null,"24 MONTHS",{"$nulls":4}," "]
["WORK  REQUEST : Generator change over switch is faulty."]
["SCHEDULED WORK"]
["Item 1","Description",null,null,"Unit","Sch No","Quantity","Rate","Amount"]
[{"$nulls":8},{"$f":"SUM(G18*H18)","v":0}]
[{"$nulls":8},{"$f":"SUM(G19*H19)","v":0}]
[{"$nulls":8},0]
["Sub Total A",{"$nulls":7},{"$f":"SUM(I18:I20)","v":0}]
["NON SCHEDULED WORK"]
["Item 2","Description",{"$nulls":4},"Quantity","Rate","Amount"]
[1,"Degreaser (5L)",{"$nulls":4},1,{"v":78,"d":"R 78.00"},{"$f":"H24*G24","v":{"v":78,"d":"R 78.00"}}]
{"$rows_empty":13}
["Sub  Total",{"$nulls":7},{"$f":"SUM(I24:I37)","v":{"v":78,"d":"R 78.00"}}]
["Mark - Up 15%",{"$nulls":7},{"$f":"ROUND((I38*0.15),2)","v":{"v":11.7,"d":"R 11.70"}}]
["SUb  Total  B",{"$nulls":7},{"$f":"I38+I39","v":{"v":89.7,"d":"R 89.70"}}]
["LABOUR"]
["Item 3"," (Normal Rate)",null,null,"Unit",null,"Quantity","Rate","Amount"]
[1,"Techinician",null,null,"HRS",null,4,{"v":450,"d":"R450.00"},{"$f":"SUM(G43*H43)","v":{"v":1800,"d":"R 1,800.00"}}]
[2," Senior Artisan  ",null,null,"HRS",null,null,{"v":350,"d":"R350.00"},{"$f":"SUM(G44*H44)","v":0}]
[3,"Artisan  (Trade Tested)",null,null,"HRS",null,null,{"v":300,"d":"R300.00"},0]
[4,"Utility Man (Non - Trade Tested)",null,null,"HRS",null,4,{"v":200,"d":"R200.00"},{"v":800,"d":"R 800.00"}]
[5,"Artisan  Aid",null,null,"HRS",null,null,{"v":200,"d":"R200.00"},0]
[6,"General Worker",null,null,"HRS",null,null,{"v":140,"d":"R140.00"},0]
[]
[]
[]
["Sub Total C",{"$nulls":7},{"$f":"SUM(I43:I51)","v":{"v":2600,"d":"R 2,600.00"}}]
["TRANSPORT"]
["Item 4","Destinantion",null,null,"No of Trips",null,"KMs","Rate","Amount"]
[1,"Unit 2 Mykonos, south end to PE "]
[null,"Livingstone Hospital  and back.",null,null,1,null,16.8,{"v":5,"d":"R 5.00"},{"$f":"H56*G56","v":{"v":84,"d":"R 84.00"}}]
[]
["Sub Total D",{"$nulls":7},{"$f":"SUM(I55:I57)","v":{"v":84,"d":"R 84.00"}}]
[]
[{"$nulls":6}," Sub Total (A+B+C+D)",null,{"$f":"I58+I52+I40","v":{"v":2773.7,"d":"R 2,773.70"}}]
[]
[{"$nulls":6},"Sub Total",null,{"$f":"I60+I61","v":{"v":2773.7,"d":"R 2,773.70"}}]

{"sheet":"GQEBERA CHC (27)","index":52,"n_rows":62,"n_cols":13,"rows_kept":62,"hidden":true,"merged":[[8,0,8,4],[8,5,8,6],[8,7,8,8],[9,5,9,6],[9,7,9,8],[10,5,10,6],[10,7,10,8],[11,5,11,6],[11,7,11,8],[12,7,12,8],[13,5,13,6],[13,7,13,8],[14,0,14,8],[15,0,15,8],[16,1,16,3],[17,1,17,3],[18,1,18,3],[19,1,19,3],[20,0,20,7],[21,0,21,8],[22,1,22,4],[23,1,23,5],[24,1,24,5],[25,1,25,5],[26,1,26,5],[27,1,27,5],[28,1,28,5],[29,1,29,5],[30,1,30,5],[31,1,31,5],[32,1,32,5],[33,1,33,5],[34,1,34,5],[35,1,35,5],[36,1,36,5],[37,0,37,7],[38,0,38,7],[39,0,39,7],[40,0,40,8],[41,1,41,3],[41,4,41,5],[42,1,42,3],[42,4,42,5],[43,1,43,3],[43,4,43,5],[44,1,44,3],[44,4,44,5],[45,1,45,3],[45,4,45,5],[46,1,46,3],[46,4,46,5],[47,1,47,3],[47,4,47,5],[48,1,48,3],[49,1,49,3],[50,1,50,3],[51,0,51,7],[52,0,52,8],[53,1,53,3],[53,4,53,5],[54,1,54,3],[54,4,54,5],[55,1,55,3],[55,4,55,5],[56,1,56,3],[56,4,56,5],[57,0,57,7],[59,0,59,1],[59,2,59,4],[59,6,59,7],[60,0,60,1],[60,2,60,4],[61,0,61,1],[61,2,61,4],[61,6,61,7],[62,2,62,5]]}
{"$rows_empty":8}
["QUOTE TO :",{"$nulls":4},"Qoute No           ",null,27]
["Department of Health",{"$nulls":4},"Date                   ",null,{"$f":"#REF!","v":{"$error":"#REF!"}}]
["717 Dukumbana Building",{"$nulls":4},"Facility              ",null,{"$f":"#REF!","v":{"$error":"#REF!"}}]
["Independent Avenue",{"$nulls":4},"Work Order     ",null,{"$f":"#REF!","v":{"$error":"#REF!"}}]
["Bhisho",{"$nulls":4},"Tender No       ",null,"SCMU3 - 17/18-0303 - HO"]
[{"$nulls":5},"Contract Term ",null,"24 MONTHS",{"$nulls":4}," "]
["WORK  REQUEST : Generator pre heater element & oil filter cap to be replaced."]
["SCHEDULED WORK"]
["Item 1","Description",null,null,"Unit","Sch No","Quantity","Rate","Amount"]
[{"$nulls":8},{"$f":"SUM(G18*H18)","v":0}]
[{"$nulls":8},{"$f":"SUM(G19*H19)","v":0}]
[{"$nulls":8},0]
["Sub Total A",{"$nulls":7},{"$f":"SUM(I18:I20)","v":0}]
["NON SCHEDULED WORK"]
["Item 2","Description",{"$nulls":4},"Quantity","Rate","Amount"]
[1,"Allen plug",{"$nulls":4},1,{"v":257.24,"d":"R 257.24"},{"$f":"H24*G24","v":{"v":257.24,"d":"R 257.24"}}]
[2,"Geyser element 1,5kw",{"$nulls":4},1,{"v":150,"d":"R 150.00"},{"$f":"H25*G25","v":{"v":150,"d":"R 150.00"}}]
[3,"eyser thermostat",{"$nulls":4},1,{"v":220,"d":"R 220.00"},{"$f":"H26*G26","v":{"v":220,"d":"R 220.00"}}]
[{"$nulls":8},0]
{"$rows_empty":10}
["Sub  Total",{"$nulls":7},{"$f":"SUM(I24:I37)","v":{"v":627.24,"d":"R 627.24"}}]
["Mark - Up 15%",{"$nulls":7},{"$f":"ROUND((I38*0.15),2)","v":{"v":94.09,"d":"R 94.09"}}]
["SUb  Total  B",{"$nulls":7},{"$f":"I38+I39","v":{"v":721.33,"d":"R 721.33"}}]
["LABOUR"]
["Item 3"," (Normal Rate)",null,null,"Unit",null,"Quantity","Rate","Amount"]
[1,"Techinician",null,null,"HRS",null,null,{"v":450,"d":"R450.00"},{"$f":"SUM(G43*H43)","v":0}]
[2," Senior Artisan  ",null,null,"HRS",null,4.5,{"v":350,"d":"R350.00"},{"$f":"SUM(G44*H44)","v":{"v":1575,"d":"R 1,575.00"}}]
[3,"Artisan  (Trade Tested)",null,null,"HRS",null,null,{"v":300,"d":"R300.00"},0]
[4,"Utility Man (Non - Trade Tested)",null,null,"HRS",null,4.5,{"v":200,"d":"R200.00"},{"v":900,"d":"R 900.00"}]
[5,"Artisan  Aid",null,null,"HRS",null,null,{"v":200,"d":"R200.00"},0]
[6,"General Worker",null,null,"HRS",null,null,{"v":140,"d":"R140.00"},0]
[]
[]
[]
["Sub Total C",{"$nulls":7},{"$f":"SUM(I43:I51)","v":{"v":2475,"d":"R 2,475.00"}}]
["TRANSPORT"]
["Item 4","Destinantion",null,null,"No of Trips",null,"KMs","Rate","Amount"]
[1,"18 pier St Southend to Gqebera CHC"]
[null,"  and back.",null,null,2,null,20.8,{"v":5,"d":"R 5.00"},{"$f":"H56*G56","v":{"v":104,"d":"R 104.00"}}]
[]
["Sub Total D",{"$nulls":7},{"$f":"SUM(I55:I57)","v":{"v":104,"d":"R 104.00"}}]
[]
[{"$nulls":6}," Sub Total (A+B+C+D)",null,{"$f":"I58+I52+I40","v":{"v":3300.33,"d":"R 3,300.33"}}]
[]
[{"$nulls":6},"Sub Total",null,{"$f":"I60+I61","v":{"v":3300.33,"d":"R 3,300.33"}}]

{"sheet":"DORA NGINZA HOSPITAL (28)","index":53,"n_rows":62,"n_cols":13,"rows_kept":62,"hidden":true,"merged":[[8,0,8,4],[8,5,8,6],[8,7,8,8],[9,5,9,6],[9,7,9,8],[10,5,10,6],[10,7,10,8],[11,5,11,6],[11,7,11,8],[12,7,12,8],[13,5,13,6],[13,7,13,8],[14,0,14,8],[15,0,15,8],[16,1,16,3],[17,1,17,3],[18,1,18,3],[19,1,19,3],[20,0,20,7],[21,0,21,8],[22,1,22,4],[23,1,23,5],[24,1,24,5],[25,1,25,5],[26,1,26,5],[27,1,27,5],[28,1,28,5],[29,1,29,5],[30,1,30,5],[31,1,31,5],[32,1,32,5],[33,1,33,5],[34,1,34,5],[35,1,35,5],[36,1,36,5],[37,0,37,7],[38,0,38,7],[39,0,39,7],[40,0,40,8],[41,1,41,3],[41,4,41,5],[42,1,42,3],[42,4,42,5],[43,1,43,3],[43,4,43,5],[44,1,44,3],[44,4,44,5],[45,1,45,3],[45,4,45,5],[46,1,46,3],[46,4,46,5],[47,1,47,3],[47,4,47,5],[48,1,48,3],[49,1,49,3],[50,1,50,3],[51,0,51,7],[52,0,52,8],[53,1,53,3],[53,4,53,5],[54,1,54,3],[54,4,54,5],[55,1,55,3],[55,4,55,5],[56,1,56,3],[56,4,56,5],[57,0,57,7],[59,0,59,1],[59,2,59,4],[59,6,59,7],[60,0,60,1],[60,2,60,4],[61,0,61,1],[61,2,61,4],[61,6,61,7],[62,2,62,5]]}
{"$rows_empty":8}
["QUOTE TO :",{"$nulls":4},"Qoute No           ",null,28]
["Department of Health",{"$nulls":4},"Date                   ",null,{"$f":"#REF!","v":{"$error":"#REF!"}}]
["717 Dukumbana Building",{"$nulls":4},"Facility              ",null,{"$f":"#REF!","v":{"$error":"#REF!"}}]
["Independent Avenue",{"$nulls":4},"Work Order     ",null,{"$f":"#REF!","v":{"$error":"#REF!"}}]
["Bhisho",{"$nulls":4},"Tender No       ",null,"SCMU3 - 17/18-0303 - HO"]
[{"$nulls":5},"Contract Term ",null,"24 MONTHS",{"$nulls":4}," "]
["WORK  REQUEST : The generator at B block is not starting.There is also a water leak on the radiator."]
["SCHEDULED WORK"]
["Item 1","Description",null,null,"Unit","Sch No","Quantity","Rate","Amount"]
[{"$nulls":8},{"$f":"SUM(G18*H18)","v":0}]
[{"$nulls":8},{"$f":"SUM(G19*H19)","v":0}]
[{"$nulls":8},0]
["Sub Total A",{"$nulls":7},{"$f":"SUM(I18:I20)","v":0}]
["NON SCHEDULED WORK"]
["Item 2","Description",{"$nulls":4},"Quantity","Rate","Amount"]
[1,"Antifreeze (5L)",{"$nulls":4},1,{"v":240.46,"d":"R 240.46"},{"$f":"H24*G24","v":{"v":240.46,"d":"R 240.46"}}]
[2,"Radiator hose (57mm)",{"$nulls":4},1,{"v":182.1,"d":"R 182.10"},{"$f":"H25*G25","v":{"v":182.1,"d":"R 182.10"}}]
{"$rows_empty":12}
["Sub  Total",{"$nulls":7},{"$f":"SUM(I24:I37)","v":{"v":422.56,"d":"R 422.56"}}]
["Mark - Up 15%",{"$nulls":7},{"$f":"ROUND((I38*0.15),2)","v":{"v":63.38,"d":"R 63.38"}}]
["SUb  Total  B",{"$nulls":7},{"$f":"I38+I39","v":{"v":485.94,"d":"R 485.94"}}]
["LABOUR"]
["Item 3"," (Normal Rate)",null,null,"Unit",null,"Quantity","Rate","Amount"]
[1,"Techinician",null,null,"HRS",null,null,{"v":450,"d":"R450.00"},{"$f":"SUM(G43*H43)","v":0}]
[2," Senior Artisan  ",null,null,"HRS",null,3.5,{"v":350,"d":"R350.00"},{"$f":"SUM(G44*H44)","v":{"v":1225,"d":"R 1,225.00"}}]
[3,"Artisan  (Trade Tested)",null,null,"HRS",null,null,{"v":300,"d":"R300.00"},0]
[4,"Utility Man (Non - Trade Tested)",null,null,"HRS",null,3.5,{"v":200,"d":"R200.00"},{"v":700,"d":"R 700.00"}]
[5,"Artisan  Aid",null,null,"HRS",null,null,{"v":200,"d":"R200.00"},0]
[6,"General Worker",null,null,"HRS",null,null,{"v":140,"d":"R140.00"},0]
[]
[]
[]
["Sub Total C",{"$nulls":7},{"$f":"SUM(I43:I51)","v":{"v":1925,"d":"R 1,925.00"}}]
["TRANSPORT"]
["Item 4","Destinantion",null,null,"No of Trips",null,"KMs","Rate","Amount"]
[1,"18 pier St Southend to Dora Nginza Hospital"]
[null,"  and back.",null,null,1,null,29.2,{"v":5,"d":"R 5.00"},{"$f":"H56*G56","v":{"v":146,"d":"R 146.00"}}]
[]
["Sub Total D",{"$nulls":7},{"$f":"SUM(I55:I57)","v":{"v":146,"d":"R 146.00"}}]
[]
[{"$nulls":6}," Sub Total (A+B+C+D)",null,{"$f":"I58+I52+I40","v":{"v":2556.94,"d":"R 2,556.94"}}]
[]
[{"$nulls":6},"Sub Total",null,{"$f":"I60+I61","v":{"v":2556.94,"d":"R 2,556.94"}}]

{"sheet":"ELIZABETH DOKIN HOSP(29)","index":54,"n_rows":62,"n_cols":13,"rows_kept":62,"hidden":true,"merged":[[8,0,8,4],[8,5,8,6],[8,7,8,8],[9,5,9,6],[9,7,9,8],[10,5,10,6],[10,7,10,8],[11,5,11,6],[11,7,11,8],[12,7,12,8],[13,5,13,6],[13,7,13,8],[14,0,14,8],[15,0,15,8],[16,1,16,3],[17,1,17,3],[18,1,18,3],[19,1,19,3],[20,0,20,7],[21,0,21,8],[22,1,22,4],[23,1,23,5],[24,1,24,5],[25,1,25,5],[26,1,26,5],[27,1,27,5],[28,1,28,5],[29,1,29,5],[30,1,30,5],[31,1,31,5],[32,1,32,5],[33,1,33,5],[34,1,34,5],[35,1,35,5],[36,1,36,5],[37,0,37,7],[38,0,38,7],[39,0,39,7],[40,0,40,8],[41,1,41,3],[41,4,41,5],[42,1,42,3],[42,4,42,5],[43,1,43,3],[43,4,43,5],[44,1,44,3],[44,4,44,5],[45,1,45,3],[45,4,45,5],[46,1,46,3],[46,4,46,5],[47,1,47,3],[47,4,47,5],[48,1,48,3],[49,1,49,3],[50,1,50,3],[51,0,51,7],[52,0,52,8],[53,1,53,3],[53,4,53,5],[54,1,54,3],[54,4,54,5],[55,1,55,3],[55,4,55,5],[56,1,56,3],[56,4,56,5],[57,0,57,7],[59,0,59,1],[59,2,59,4],[59,6,59,7],[60,0,60,1],[60,2,60,4],[61,0,61,1],[61,2,61,4],[61,6,61,7],[62,2,62,5]]}
{"$rows_empty":8}
["QUOTE TO :",{"$nulls":4},"Qoute No           ",null,29]
["Department of Health",{"$nulls":4},"Date                   ",null,{"$f":"#REF!","v":{"$error":"#REF!"}}]
["717 Dukumbana Building",{"$nulls":4},"Facility              ",null,{"$f":"#REF!","v":{"$error":"#REF!"}}]
["Independent Avenue",{"$nulls":4},"Work Order     ",null,{"$f":"#REF!","v":{"$error":"#REF!"}}]
["Bhisho",{"$nulls":4},"Tender No       ",null,"SCMU3 - 17/18-0303 - HO"]
[{"$nulls":5},"Contract Term ",null,"24 MONTHS",{"$nulls":4}," "]
["WORK  REQUEST : Generator battery burst."]
["SCHEDULED WORK"]
["Item 1","Description",null,null,"Unit","Sch No","Quantity","Rate","Amount"]
[{"$nulls":8},{"$f":"SUM(G18*H18)","v":0}]
[{"$nulls":8},{"$f":"SUM(G19*H19)","v":0}]
[{"$nulls":8},0]
["Sub Total A",{"$nulls":7},{"$f":"SUM(I18:I20)","v":0}]
["NON SCHEDULED WORK"]
["Item 2","Description",{"$nulls":4},"Quantity","Rate","Amount"]
[1,"Battery (674)",{"$nulls":4},2,{"v":2282,"d":"R 2,282.00"},{"$f":"H24*G24","v":{"v":4564,"d":"R 4,564.00"}}]
{"$rows_empty":13}
["Sub  Total",{"$nulls":7},{"$f":"SUM(I24:I37)","v":{"v":4564,"d":"R 4,564.00"}}]
["Mark - Up 15%",{"$nulls":7},{"$f":"ROUND((I38*0.15),2)","v":{"v":684.6,"d":"R 684.60"}}]
["SUb  Total  B",{"$nulls":7},{"$f":"I38+I39","v":{"v":5248.6,"d":"R 5,248.60"}}]
["LABOUR"]
["Item 3"," (Normal Rate)",null,null,"Unit",null,"Quantity","Rate","Amount"]
[1,"Techinician",null,null,"HRS",null,null,{"v":450,"d":"R450.00"},{"$f":"SUM(G43*H43)","v":0}]
[2," Senior Artisan  ",null,null,"HRS",null,null,{"v":350,"d":"R350.00"},{"$f":"SUM(G44*H44)","v":0}]
[3,"Artisan  (Trade Tested)",null,null,"HRS",null,2,{"v":300,"d":"R300.00"},{"v":600,"d":"R 600.00"}]
[4,"Utility Man (Non - Trade Tested)",null,null,"HRS",null,2,{"v":200,"d":"R200.00"},{"v":400,"d":"R 400.00"}]
[5,"Artisan  Aid",null,null,"HRS",null,null,{"v":200,"d":"R200.00"},0]
[6,"General Worker",null,null,"HRS",null,null,{"v":140,"d":"R140.00"},0]
[]
[]
[]
["Sub Total C",{"$nulls":7},{"$f":"SUM(I43:I51)","v":{"v":1000,"d":"R 1,000.00"}}]
["TRANSPORT"]
["Item 4","Destinantion",null,null,"No of Trips",null,"KMs","Rate","Amount"]
[1,"18 pier St Southend to Elizabeth Donkin  Hospital"]
[null,"  and back.",null,null,1,null,3.8,{"v":5,"d":"R 5.00"},{"$f":"H56*G56","v":{"v":19,"d":"R 19.00"}}]
[]
["Sub Total D",{"$nulls":7},{"$f":"SUM(I55:I57)","v":{"v":19,"d":"R 19.00"}}]
[]
[{"$nulls":6}," Sub Total (A+B+C+D)",null,{"$f":"I58+I52+I40","v":{"v":6267.6,"d":"R 6,267.60"}}]
[]
[{"$nulls":6},"Sub Total",null,{"$f":"I60+I61","v":{"v":6267.6,"d":"R 6,267.60"}}]

{"sheet":"PORT ELIZABETH PROV (30)","index":55,"n_rows":62,"n_cols":13,"rows_kept":62,"hidden":true,"merged":[[8,0,8,4],[8,5,8,6],[8,7,8,8],[9,5,9,6],[9,7,9,8],[10,5,10,6],[10,7,10,8],[11,5,11,6],[11,7,11,8],[12,7,12,8],[13,5,13,6],[13,7,13,8],[14,0,14,8],[15,0,15,8],[16,1,16,3],[17,1,17,3],[18,1,18,3],[19,1,19,3],[20,0,20,7],[21,0,21,8],[22,1,22,4],[23,1,23,5],[24,1,24,5],[25,1,25,5],[26,1,26,5],[27,1,27,5],[28,1,28,5],[29,1,29,5],[30,1,30,5],[31,1,31,5],[32,1,32,5],[33,1,33,5],[34,1,34,5],[35,1,35,5],[36,1,36,5],[37,0,37,7],[38,0,38,7],[39,0,39,7],[40,0,40,8],[41,1,41,3],[41,4,41,5],[42,1,42,3],[42,4,42,5],[43,1,43,3],[43,4,43,5],[44,1,44,3],[44,4,44,5],[45,1,45,3],[45,4,45,5],[46,1,46,3],[46,4,46,5],[47,1,47,3],[47,4,47,5],[48,1,48,3],[49,1,49,3],[50,1,50,3],[51,0,51,7],[52,0,52,8],[53,1,53,3],[53,4,53,5],[54,1,54,3],[54,4,54,5],[55,1,55,3],[55,4,55,5],[56,1,56,3],[56,4,56,5],[57,0,57,7],[59,0,59,1],[59,2,59,4],[59,6,59,7],[60,0,60,1],[60,2,60,4],[61,0,61,1],[61,2,61,4],[61,6,61,7],[62,2,62,5]]}
{"$rows_empty":8}
["QUOTE TO :",{"$nulls":4},"Qoute No           ",null,30]
["Department of Health",{"$nulls":4},"Date                   ",null,{"$f":"#REF!","v":{"$error":"#REF!"}}]
["717 Dukumbana Building",{"$nulls":4},"Facility              ",null,{"$f":"#REF!","v":{"$error":"#REF!"}}]
["Independent Avenue",{"$nulls":4},"Work Order     ",null,{"$f":"#REF!","v":{"$error":"#REF!"}}]
["Bhisho",{"$nulls":4},"Tender No       ",null,"SCMU3 - 17/18-0303 - HO"]
[{"$nulls":5},"Contract Term ",null,"24 MONTHS",{"$nulls":4}," "]
["WORK  REQUEST : Power generator battery burst."]
["SCHEDULED WORK"]
["Item 1","Description",null,null,"Unit","Sch No","Quantity","Rate","Amount"]
[{"$nulls":8},{"$f":"SUM(G18*H18)","v":0}]
[{"$nulls":8},{"$f":"SUM(G19*H19)","v":0}]
[{"$nulls":8},0]
["Sub Total A",{"$nulls":7},{"$f":"SUM(I18:I20)","v":0}]
["NON SCHEDULED WORK"]
["Item 2","Description",{"$nulls":4},"Quantity","Rate","Amount"]
[1,"Battery (688) - 200Ah",{"$nulls":4},2,{"v":2789,"d":"R 2,789.00"},{"$f":"H24*G24","v":{"v":5578,"d":"R 5,578.00"}}]
{"$rows_empty":13}
["Sub  Total",{"$nulls":7},{"$f":"SUM(I24:I37)","v":{"v":5578,"d":"R 5,578.00"}}]
["Mark - Up 15%",{"$nulls":7},{"$f":"ROUND((I38*0.15),2)","v":{"v":836.7,"d":"R 836.70"}}]
["SUb  Total  B",{"$nulls":7},{"$f":"I38+I39","v":{"v":6414.7,"d":"R 6,414.70"}}]
["LABOUR"]
["Item 3"," (Normal Rate)",null,null,"Unit",null,"Quantity","Rate","Amount"]
[1,"Techinician",null,null,"HRS",null,null,{"v":450,"d":"R450.00"},{"$f":"SUM(G43*H43)","v":0}]
[2," Senior Artisan  ",null,null,"HRS",null,null,{"v":350,"d":"R350.00"},{"$f":"SUM(G44*H44)","v":0}]
[3,"Artisan  (Trade Tested)",null,null,"HRS",null,2,{"v":300,"d":"R300.00"},{"v":600,"d":"R 600.00"}]
[4,"Utility Man (Non - Trade Tested)",null,null,"HRS",null,2,{"v":200,"d":"R200.00"},{"v":400,"d":"R 400.00"}]
[5,"Artisan  Aid",null,null,"HRS",null,null,{"v":200,"d":"R200.00"},0]
[6,"General Worker",null,null,"HRS",null,null,{"v":140,"d":"R140.00"},0]
[]
[]
[]
["Sub Total C",{"$nulls":7},{"$f":"SUM(I43:I51)","v":{"v":1000,"d":"R 1,000.00"}}]
["TRANSPORT"]
["Item 4","Destinantion",null,null,"No of Trips",null,"KMs","Rate","Amount"]
[1,"18 pier St Southend to Elizabeth Pro.  Hospital"]
[null,"  and back.",null,null,1,null,12.2,{"v":5,"d":"R 5.00"},{"$f":"H56*G56","v":{"v":61,"d":"R 61.00"}}]
[]
["Sub Total D",{"$nulls":7},{"$f":"SUM(I55:I57)","v":{"v":61,"d":"R 61.00"}}]
[]
[{"$nulls":6}," Sub Total (A+B+C+D)",null,{"$f":"I58+I52+I40","v":{"v":7475.7,"d":"R 7,475.70"}}]
[]
[{"$nulls":6},"Sub Total",null,{"$f":"I60+I61","v":{"v":7475.7,"d":"R 7,475.70"}}]

{"sheet":"MOUNTROAD MORTUARY (31)","index":56,"n_rows":62,"n_cols":13,"rows_kept":62,"hidden":true,"merged":[[8,0,8,4],[8,5,8,6],[8,7,8,8],[9,5,9,6],[9,7,9,8],[10,5,10,6],[10,7,10,8],[11,5,11,6],[11,7,11,8],[12,7,12,8],[13,5,13,6],[13,7,13,8],[14,0,14,8],[15,0,15,8],[16,1,16,3],[17,1,17,3],[18,1,18,3],[19,1,19,3],[20,0,20,7],[21,0,21,8],[22,1,22,4],[23,1,23,5],[24,1,24,5],[25,1,25,5],[26,1,26,5],[27,1,27,5],[28,1,28,5],[29,1,29,5],[30,1,30,5],[31,1,31,5],[32,1,32,5],[33,1,33,5],[34,1,34,5],[35,1,35,5],[36,1,36,5],[37,0,37,7],[38,0,38,7],[39,0,39,7],[40,0,40,8],[41,1,41,3],[41,4,41,5],[42,1,42,3],[42,4,42,5],[43,1,43,3],[43,4,43,5],[44,1,44,3],[44,4,44,5],[45,1,45,3],[45,4,45,5],[46,1,46,3],[46,4,46,5],[47,1,47,3],[47,4,47,5],[48,1,48,3],[49,1,49,3],[50,1,50,3],[51,0,51,7],[52,0,52,8],[53,1,53,3],[53,4,53,5],[54,1,54,3],[54,4,54,5],[55,1,55,3],[55,4,55,5],[56,1,56,3],[56,4,56,5],[57,0,57,7],[59,0,59,1],[59,2,59,4],[59,6,59,7],[60,0,60,1],[60,2,60,4],[61,0,61,1],[61,2,61,4],[61,6,61,7],[62,2,62,5]]}
{"$rows_empty":8}
["QUOTE TO :",{"$nulls":4},"Qoute No           ",null,31]
["Department of Health",{"$nulls":4},"Date                   ",null,{"$f":"#REF!","v":{"$error":"#REF!"}}]
["717 Dukumbana Building",{"$nulls":4},"Facility              ",null,{"$f":"#REF!","v":{"$error":"#REF!"}}]
["Independent Avenue",{"$nulls":4},"Work Order     ",null,{"$f":"#REF!","v":{"$error":"#REF!"}}]
["Bhisho",{"$nulls":4},"Tender No       ",null,"SCMU3 - 17/18-0303 - HO"]
[{"$nulls":5},"Contract Term ",null,"24 MONTHS",{"$nulls":4}," "]
["WORK  REQUEST : The electronic diesel pump needs to be replaced."]
["SCHEDULED WORK"]
["Item 1","Description",null,null,"Unit","Sch No","Quantity","Rate","Amount"]
[{"$nulls":8},{"$f":"SUM(G18*H18)","v":0}]
[{"$nulls":8},{"$f":"SUM(G19*H19)","v":0}]
[{"$nulls":8},0]
["Sub Total A",{"$nulls":7},{"$f":"SUM(I18:I20)","v":0}]
["NON SCHEDULED WORK"]
["Item 2","Description",{"$nulls":4},"Quantity","Rate","Amount"]
[1," Pump",{"$nulls":4},1,{"v":1984.8,"d":"R 1,984.80"},{"$f":"H24*G24","v":{"v":1984.8,"d":"R 1,984.80"}}]
{"$rows_empty":13}
["Sub  Total",{"$nulls":7},{"$f":"SUM(I24:I37)","v":{"v":1984.8,"d":"R 1,984.80"}}]
["Mark - Up 15%",{"$nulls":7},{"$f":"ROUND((I38*0.15),2)","v":{"v":297.72,"d":"R 297.72"}}]
["SUb  Total  B",{"$nulls":7},{"$f":"I38+I39","v":{"v":2282.52,"d":"R 2,282.52"}}]
["LABOUR"]
["Item 3"," (Normal Rate)",null,null,"Unit",null,"Quantity","Rate","Amount"]
[1,"Techinician",null,null,"HRS",null,2,{"v":450,"d":"R450.00"},{"$f":"SUM(G43*H43)","v":{"v":900,"d":"R 900.00"}}]
[2," Senior Artisan  ",null,null,"HRS",null,null,{"v":350,"d":"R350.00"},{"$f":"SUM(G44*H44)","v":0}]
[3,"Artisan  (Trade Tested)",null,null,"HRS",null,null,{"v":300,"d":"R300.00"},0]
[4,"Utility Man (Non - Trade Tested)",null,null,"HRS",null,2,{"v":200,"d":"R200.00"},{"v":400,"d":"R 400.00"}]
[5,"Artisan  Aid",null,null,"HRS",null,null,{"v":200,"d":"R200.00"},0]
[6,"General Worker",null,null,"HRS",null,null,{"v":140,"d":"R140.00"},0]
[]
[]
[]
["Sub Total C",{"$nulls":7},{"$f":"SUM(I43:I51)","v":{"v":1300,"d":"R 1,300.00"}}]
["TRANSPORT"]
["Item 4","Destinantion",null,null,"No of Trips",null,"KMs","Rate","Amount"]
[1,"18 pier St Southend to MountRoad Mortuary"]
[null,"  and back.",null,null,1,null,11.6,{"v":5,"d":"R 5.00"},{"$f":"H56*G56","v":{"v":58,"d":"R 58.00"}}]
[]
["Sub Total D",{"$nulls":7},{"$f":"SUM(I55:I57)","v":{"v":58,"d":"R 58.00"}}]
[]
[{"$nulls":6}," Sub Total (A+B+C+D)",null,{"$f":"I58+I52+I40","v":{"v":3640.52,"d":"R 3,640.52"}}]
[]
[{"$nulls":6},"Sub Total",null,{"$f":"I60+I61","v":{"v":3640.52,"d":"R 3,640.52"}}]

{"sheet":"UITENHAGE PRO.HOSPITAL (32)","index":57,"n_rows":62,"n_cols":13,"rows_kept":62,"hidden":true,"merged":[[8,0,8,4],[8,5,8,6],[8,7,8,8],[9,5,9,6],[9,7,9,8],[10,5,10,6],[10,7,10,8],[11,5,11,6],[11,7,11,8],[12,7,12,8],[13,5,13,6],[13,7,13,8],[14,0,14,8],[15,0,15,8],[16,1,16,3],[17,1,17,3],[18,1,18,3],[19,1,19,3],[20,0,20,7],[21,0,21,8],[22,1,22,4],[23,1,23,5],[24,1,24,5],[25,1,25,5],[26,1,26,5],[27,1,27,5],[28,1,28,5],[29,1,29,5],[30,1,30,5],[31,1,31,5],[32,1,32,5],[33,1,33,5],[34,1,34,5],[35,1,35,5],[36,1,36,5],[37,0,37,7],[38,0,38,7],[39,0,39,7],[40,0,40,8],[41,1,41,3],[41,4,41,5],[42,1,42,3],[42,4,42,5],[43,1,43,3],[43,4,43,5],[44,1,44,3],[44,4,44,5],[45,1,45,3],[45,4,45,5],[46,1,46,3],[46,4,46,5],[47,1,47,3],[47,4,47,5],[48,1,48,3],[49,1,49,3],[50,1,50,3],[51,0,51,7],[52,0,52,8],[53,1,53,3],[53,4,53,5],[54,1,54,3],[54,4,54,5],[55,1,55,3],[55,4,55,5],[56,1,56,3],[56,4,56,5],[57,0,57,7],[59,0,59,1],[59,2,59,4],[59,6,59,7],[60,0,60,1],[60,2,60,4],[61,0,61,1],[61,2,61,4],[61,6,61,7],[62,2,62,5]]}
{"$rows_empty":8}
["QUOTE TO :",{"$nulls":4},"Qoute No           ",null,32]
["Department of Health",{"$nulls":4},"Date                   ",null,{"$f":"#REF!","v":{"$error":"#REF!"}}]
["717 Dukumbana Building",{"$nulls":4},"Facility              ",null,{"$f":"#REF!","v":{"$error":"#REF!"}}]
["Independent Avenue",{"$nulls":4},"Work Order     ",null,{"$f":"#REF!","v":{"$error":"#REF!"}}]
["Bhisho",{"$nulls":4},"Tender No       ",null,"SCMU3 - 17/18-0303 - HO"]
[{"$nulls":5},"Contract Term ",null,"24 MONTHS",{"$nulls":4}," "]
["WORK  REQUEST : Standby generator is faulty."]
["SCHEDULED WORK"]
["Item 1","Description",null,null,"Unit","Sch No","Quantity","Rate","Amount"]
[{"$nulls":8},{"$f":"SUM(G18*H18)","v":0}]
[{"$nulls":8},{"$f":"SUM(G19*H19)","v":0}]
[{"$nulls":8},0]
["Sub Total A",{"$nulls":7},{"$f":"SUM(I18:I20)","v":0}]
["NON SCHEDULED WORK"]
["Item 2","Description",{"$nulls":4},"Quantity","Rate","Amount"]
{"$rows_empty":14}
["Sub  Total",{"$nulls":7},{"$f":"SUM(I24:I37)","v":0}]
["Mark - Up 15%",{"$nulls":7},{"$f":"ROUND((I38*0.15),2)","v":0}]
["SUb  Total  B",{"$nulls":7},{"$f":"I38+I39","v":0}]
["LABOUR"]
["Item 3"," (Normal Rate)",null,null,"Unit",null,"Quantity","Rate","Amount"]
[1,"Techinician",null,null,"HRS",null,2,{"v":450,"d":"R450.00"},{"$f":"SUM(G43*H43)","v":{"v":900,"d":"R 900.00"}}]
[2," Senior Artisan  ",null,null,"HRS",null,null,{"v":350,"d":"R350.00"},{"$f":"SUM(G44*H44)","v":0}]
[3,"Artisan  (Trade Tested)",null,null,"HRS",null,null,{"v":300,"d":"R300.00"},0]
[4,"Utility Man (Non - Trade Tested)",null,null,"HRS",null,2,{"v":200,"d":"R200.00"},{"v":400,"d":"R 400.00"}]
[5,"Artisan  Aid",null,null,"HRS",null,null,{"v":200,"d":"R200.00"},0]
[6,"General Worker",null,null,"HRS",null,null,{"v":140,"d":"R140.00"},0]
[]
[]
[]
["Sub Total C",{"$nulls":7},{"$f":"SUM(I43:I51)","v":{"v":1300,"d":"R 1,300.00"}}]
["TRANSPORT"]
["Item 4","Destinantion",null,null,"No of Trips",null,"KMs","Rate","Amount"]
[1,"18 pier St Southend to Uitenhage Hospital"]
[null,"  and back.",null,null,1,null,90.2,{"v":5,"d":"R 5.00"},{"$f":"H56*G56","v":{"v":451,"d":"R 451.00"}}]
[]
["Sub Total D",{"$nulls":7},{"$f":"SUM(I55:I57)","v":{"v":451,"d":"R 451.00"}}]
[]
[{"$nulls":6}," Sub Total (A+B+C+D)",null,{"$f":"I58+I52+I40","v":{"v":1751,"d":"R 1,751.00"}}]
[]
[{"$nulls":6},"Sub Total",null,{"$f":"I60+I61","v":{"v":1751,"d":"R 1,751.00"}}]

{"sheet":"JOSE PEARSON TB HSPITAL (33)","index":58,"n_rows":62,"n_cols":13,"rows_kept":62,"hidden":true,"merged":[[8,0,8,4],[8,5,8,6],[8,7,8,8],[9,5,9,6],[9,7,9,8],[10,5,10,6],[10,7,10,8],[11,5,11,6],[11,7,11,8],[12,7,12,8],[13,5,13,6],[13,7,13,8],[14,0,14,8],[15,0,15,8],[16,1,16,3],[17,1,17,3],[18,1,18,3],[19,1,19,3],[20,0,20,7],[21,0,21,8],[22,1,22,4],[23,1,23,5],[24,1,24,5],[25,1,25,5],[26,1,26,5],[27,1,27,5],[28,1,28,5],[29,1,29,5],[30,1,30,5],[31,1,31,5],[32,1,32,5],[33,1,33,5],[34,1,34,5],[35,1,35,5],[36,1,36,5],[37,0,37,7],[38,0,38,7],[39,0,39,7],[40,0,40,8],[41,1,41,3],[41,4,41,5],[42,1,42,3],[42,4,42,5],[43,1,43,3],[43,4,43,5],[44,1,44,3],[44,4,44,5],[45,1,45,3],[45,4,45,5],[46,1,46,3],[46,4,46,5],[47,1,47,3],[47,4,47,5],[48,1,48,3],[49,1,49,3],[50,1,50,3],[51,0,51,7],[52,0,52,8],[53,1,53,3],[53,4,53,5],[54,1,54,3],[54,4,54,5],[55,1,55,3],[55,4,55,5],[56,1,56,3],[56,4,56,5],[57,0,57,7],[59,0,59,1],[59,2,59,4],[59,6,59,7],[60,0,60,1],[60,2,60,4],[61,0,61,1],[61,2,61,4],[61,6,61,7],[62,2,62,5]]}
{"$rows_empty":8}
["QUOTE TO :",{"$nulls":4},"Qoute No           ",null,33]
["Department of Health",{"$nulls":4},"Date                   ",null,{"$f":"#REF!","v":{"$error":"#REF!"}}]
["717 Dukumbana Building",{"$nulls":4},"Facility              ",null,{"$f":"#REF!","v":{"$error":"#REF!"}}]
["Independent Avenue",{"$nulls":4},"Work Order     ",null,{"$f":"#REF!","v":{"$error":"#REF!"}}]
["Bhisho",{"$nulls":4},"Tender No       ",null,"SCMU3 - 17/18-0303 - HO"]
[{"$nulls":5},"Contract Term ",null,"24 MONTHS",{"$nulls":4}," "]
["WORK  REQUEST : The generato keeps switching its self off."]
["SCHEDULED WORK"]
["Item 1","Description",null,null,"Unit","Sch No","Quantity","Rate","Amount"]
[{"$nulls":8},{"$f":"SUM(G18*H18)","v":0}]
[{"$nulls":8},{"$f":"SUM(G19*H19)","v":0}]
[{"$nulls":8},0]
["Sub Total A",{"$nulls":7},{"$f":"SUM(I18:I20)","v":0}]
["NON SCHEDULED WORK"]
["Item 2","Description",{"$nulls":4},"Quantity","Rate","Amount"]
[1,"Fuel hose",{"$nulls":4},1,{"v":153.18,"d":"R 153.18"},{"$f":"H24*G24","v":{"v":153.18,"d":"R 153.18"}}]
{"$rows_empty":13}
["Sub  Total",{"$nulls":7},{"$f":"SUM(I24:I37)","v":{"v":153.18,"d":"R 153.18"}}]
["Mark - Up 15%",{"$nulls":7},{"$f":"ROUND((I38*0.15),2)","v":{"v":22.98,"d":"R 22.98"}}]
["SUb  Total  B",{"$nulls":7},{"$f":"I38+I39","v":{"v":176.16,"d":"R 176.16"}}]
["LABOUR"]
["Item 3"," (Normal Rate)",null,null,"Unit",null,"Quantity","Rate","Amount"]
[1,"Techinician",null,null,"HRS",null,4,{"v":450,"d":"R450.00"},{"$f":"SUM(G43*H43)","v":{"v":1800,"d":"R 1,800.00"}}]
[2," Senior Artisan  ",null,null,"HRS",null,null,{"v":350,"d":"R350.00"},{"$f":"SUM(G44*H44)","v":0}]
[3,"Artisan  (Trade Tested)",null,null,"HRS",null,null,{"v":300,"d":"R300.00"},0]
[4,"Utility Man (Non - Trade Tested)",null,null,"HRS",null,4,{"v":200,"d":"R200.00"},{"v":800,"d":"R 800.00"}]
[5,"Artisan  Aid",null,null,"HRS",null,null,{"v":200,"d":"R200.00"},0]
[6,"General Worker",null,null,"HRS",null,null,{"v":140,"d":"R140.00"},0]
[]
[]
[]
["Sub Total C",{"$nulls":7},{"$f":"SUM(I43:I51)","v":{"v":2600,"d":"R 2,600.00"}}]
["TRANSPORT"]
["Item 4","Destinantion",null,null,"No of Trips",null,"KMs","Rate","Amount"]
[1,"18 pier St Southend to Jose Pearson TB  Hospital"]
[null,"  and back.",null,null,1,null,47.6,{"v":5,"d":"R 5.00"},{"$f":"H56*G56","v":{"v":238,"d":"R 238.00"}}]
[]
["Sub Total D",{"$nulls":7},{"$f":"SUM(I55:I57)","v":{"v":238,"d":"R 238.00"}}]
[]
[{"$nulls":6}," Sub Total (A+B+C+D)",null,{"$f":"I58+I52+I40","v":{"v":3014.16,"d":"R 3,014.16"}}]
[]
[{"$nulls":6},"Sub Total",null,{"$f":"I60+I61","v":{"v":3014.16,"d":"R 3,014.16"}}]

{"sheet":"LAETITA BAM CHC (34)","index":59,"n_rows":62,"n_cols":13,"rows_kept":62,"hidden":true,"merged":[[8,0,8,4],[8,5,8,6],[8,7,8,8],[9,5,9,6],[9,7,9,8],[10,5,10,6],[10,7,10,8],[11,5,11,6],[11,7,11,8],[12,7,12,8],[13,5,13,6],[13,7,13,8],[14,0,14,8],[15,0,15,8],[16,1,16,3],[17,1,17,3],[18,1,18,3],[19,1,19,3],[20,0,20,7],[21,0,21,8],[22,1,22,4],[23,1,23,5],[24,1,24,5],[25,1,25,5],[26,1,26,5],[27,1,27,5],[28,1,28,5],[29,1,29,5],[30,1,30,5],[31,1,31,5],[32,1,32,5],[33,1,33,5],[34,1,34,5],[35,1,35,5],[36,1,36,5],[37,0,37,7],[38,0,38,7],[39,0,39,7],[40,0,40,8],[41,1,41,3],[41,4,41,5],[42,1,42,3],[42,4,42,5],[43,1,43,3],[43,4,43,5],[44,1,44,3],[44,4,44,5],[45,1,45,3],[45,4,45,5],[46,1,46,3],[46,4,46,5],[47,1,47,3],[47,4,47,5],[48,1,48,3],[49,1,49,3],[50,1,50,3],[51,0,51,7],[52,0,52,8],[53,1,53,3],[53,4,53,5],[54,1,54,3],[54,4,54,5],[55,1,55,3],[55,4,55,5],[56,1,56,3],[56,4,56,5],[57,0,57,7],[59,0,59,1],[59,2,59,4],[59,6,59,7],[60,0,60,1],[60,2,60,4],[61,0,61,1],[61,2,61,4],[61,6,61,7],[62,2,62,5]]}
{"$rows_empty":8}
["QUOTE TO :",{"$nulls":4},"Qoute No           ",null,34]
["Department of Health",{"$nulls":4},"Date                   ",null,{"$f":"#REF!","v":{"$error":"#REF!"}}]
["717 Dukumbana Building",{"$nulls":4},"Facility              ",null,{"$f":"#REF!","v":{"$error":"#REF!"}}]
["Independent Avenue",{"$nulls":4},"Work Order     ",null,{"$f":"#REF!","v":{"$error":"#REF!"}}]
["Bhisho",{"$nulls":4},"Tender No       ",null,"SCMU3 - 17/18-0303 - HO"]
[{"$nulls":5},"Contract Term ",null,"24 MONTHS",{"$nulls":4}," "]
["WORK  REQUEST : The generator is not working."]
["SCHEDULED WORK"]
["Item 1","Description",null,null,"Unit","Sch No","Quantity","Rate","Amount"]
[{"$nulls":8},{"$f":"SUM(G18*H18)","v":0}]
[{"$nulls":8},{"$f":"SUM(G19*H19)","v":0}]
[{"$nulls":8},0]
["Sub Total A",{"$nulls":7},{"$f":"SUM(I18:I20)","v":0}]
["NON SCHEDULED WORK"]
["Item 2","Description",{"$nulls":4},"Quantity","Rate","Amount"]
[1,"Battery (690) 150ah",{"$nulls":4},1,{"v":2282,"d":"R 2,282.00"},{"$f":"H24*G24","v":{"v":2282,"d":"R 2,282.00"}}]
{"$rows_empty":13}
["Sub  Total",{"$nulls":7},{"$f":"SUM(I24:I37)","v":{"v":2282,"d":"R 2,282.00"}}]
["Mark - Up 15%",{"$nulls":7},{"$f":"ROUND((I38*0.15),2)","v":{"v":342.3,"d":"R 342.30"}}]
["SUb  Total  B",{"$nulls":7},{"$f":"I38+I39","v":{"v":2624.3,"d":"R 2,624.30"}}]
["LABOUR"]
["Item 3"," (Normal Rate)",null,null,"Unit",null,"Quantity","Rate","Amount"]
[1,"Techinician",null,null,"HRS",null,null,{"v":450,"d":"R450.00"},{"$f":"SUM(G43*H43)","v":0}]
[2," Senior Artisan  ",null,null,"HRS",null,null,{"v":350,"d":"R350.00"},{"$f":"SUM(G44*H44)","v":0}]
[3,"Artisan  (Trade Tested)",null,null,"HRS",null,2,{"v":300,"d":"R300.00"},{"v":600,"d":"R 600.00"}]
[4,"Utility Man (Non - Trade Tested)",null,null,"HRS",null,2,{"v":200,"d":"R200.00"},{"v":400,"d":"R 400.00"}]
[5,"Artisan  Aid",null,null,"HRS",null,null,{"v":200,"d":"R200.00"},0]
[6,"General Worker",null,null,"HRS",null,null,{"v":140,"d":"R140.00"},0]
[]
[]
[]
["Sub Total C",{"$nulls":7},{"$f":"SUM(I43:I51)","v":{"v":1000,"d":"R 1,000.00"}}]
["TRANSPORT"]
["Item 4","Destinantion",null,null,"No of Trips",null,"KMs","Rate","Amount"]
[1,"18 pier St Southend to Laetitia Bam CHC"]
[null,"  and back.",null,null,1,null,78.2,{"v":5,"d":"R 5.00"},{"$f":"H56*G56","v":{"v":391,"d":"R 391.00"}}]
[]
["Sub Total D",{"$nulls":7},{"$f":"SUM(I55:I57)","v":{"v":391,"d":"R 391.00"}}]
[]
[{"$nulls":6}," Sub Total (A+B+C+D)",null,{"$f":"I58+I52+I40","v":{"v":4015.3,"d":"R 4,015.30"}}]
[]
[{"$nulls":6},"Sub Total",null,{"$f":"I60+I61","v":{"v":4015.3,"d":"R 4,015.30"}}]

{"sheet":"MOTHEWELL CHC (35)","index":60,"n_rows":62,"n_cols":13,"rows_kept":62,"hidden":true,"merged":[[8,0,8,4],[8,5,8,6],[8,7,8,8],[9,5,9,6],[9,7,9,8],[10,5,10,6],[10,7,10,8],[11,5,11,6],[11,7,11,8],[12,7,12,8],[13,5,13,6],[13,7,13,8],[14,0,14,8],[15,0,15,8],[16,1,16,3],[17,1,17,3],[18,1,18,3],[19,1,19,3],[20,0,20,7],[21,0,21,8],[22,1,22,4],[23,1,23,5],[24,1,24,5],[25,1,25,5],[26,1,26,5],[27,1,27,5],[28,1,28,5],[29,1,29,5],[30,1,30,5],[31,1,31,5],[32,1,32,5],[33,1,33,5],[34,1,34,5],[35,1,35,5],[36,1,36,5],[37,0,37,7],[38,0,38,7],[39,0,39,7],[40,0,40,8],[41,1,41,3],[41,4,41,5],[42,1,42,3],[42,4,42,5],[43,1,43,3],[43,4,43,5],[44,1,44,3],[44,4,44,5],[45,1,45,3],[45,4,45,5],[46,1,46,3],[46,4,46,5],[47,1,47,3],[47,4,47,5],[48,1,48,3],[49,1,49,3],[50,1,50,3],[51,0,51,7],[52,0,52,8],[53,1,53,3],[53,4,53,5],[54,1,54,3],[54,4,54,5],[55,1,55,3],[55,4,55,5],[56,1,56,3],[56,4,56,5],[57,0,57,7],[59,0,59,1],[59,2,59,4],[59,6,59,7],[60,0,60,1],[60,2,60,4],[61,0,61,1],[61,2,61,4],[61,6,61,7],[62,2,62,5]]}
{"$rows_empty":8}
["QUOTE TO :",{"$nulls":4},"Qoute No           ",null,35]
["Department of Health",{"$nulls":4},"Date                   ",null,{"$f":"#REF!","v":{"$error":"#REF!"}}]
["717 Dukumbana Building",{"$nulls":4},"Facility              ",null,{"$f":"#REF!","v":{"$error":"#REF!"}}]
["Independent Avenue",{"$nulls":4},"Work Order     ",null,{"$f":"#REF!","v":{"$error":"#REF!"}}]
["Bhisho",{"$nulls":4},"Tender No       ",null,"SCMU3 - 17/18-0303 - HO"]
[{"$nulls":5},"Contract Term ",null,"24 MONTHS",{"$nulls":4}," "]
["WORK  REQUEST : Generator is not kicking in."]
["SCHEDULED WORK"]
["Item 1","Description",null,null,"Unit","Sch No","Quantity","Rate","Amount"]
[{"$nulls":8},{"$f":"SUM(G18*H18)","v":0}]
[{"$nulls":8},{"$f":"SUM(G19*H19)","v":0}]
[{"$nulls":8},0]
["Sub Total A",{"$nulls":7},{"$f":"SUM(I18:I20)","v":0}]
["NON SCHEDULED WORK"]
["Item 2","Description",{"$nulls":4},"Quantity","Rate","Amount"]
{"$rows_empty":14}
["Sub  Total",{"$nulls":7},{"$f":"SUM(I24:I37)","v":0}]
["Mark - Up 15%",{"$nulls":7},{"$f":"ROUND((I38*0.15),2)","v":0}]
["SUb  Total  B",{"$nulls":7},{"$f":"I38+I39","v":0}]
["LABOUR"]
["Item 3"," (Normal Rate)",null,null,"Unit",null,"Quantity","Rate","Amount"]
[1,"Techinician",null,null,"HRS",null,1.5,{"v":450,"d":"R450.00"},{"$f":"SUM(G43*H43)","v":{"v":675,"d":"R 675.00"}}]
[2," Senior Artisan  ",null,null,"HRS",null,null,{"v":350,"d":"R350.00"},{"$f":"SUM(G44*H44)","v":0}]
[3,"Artisan  (Trade Tested)",null,null,"HRS",null,null,{"v":300,"d":"R300.00"},0]
[4,"Utility Man (Non - Trade Tested)",null,null,"HRS",null,1.5,{"v":200,"d":"R200.00"},{"v":300,"d":"R 300.00"}]
[5,"Artisan  Aid",null,null,"HRS",null,null,{"v":200,"d":"R200.00"},0]
[6,"General Worker",null,null,"HRS",null,null,{"v":140,"d":"R140.00"},0]
[]
[]
[]
["Sub Total C",{"$nulls":7},{"$f":"SUM(I43:I51)","v":{"v":975,"d":"R 975.00"}}]
["TRANSPORT"]
["Item 4","Destinantion",null,null,"No of Trips",null,"KMs","Rate","Amount"]
[1,"18 pier St Southend to Motherwell  CHC"]
[null,"  and back.",null,null,1,null,50.2,{"v":5,"d":"R 5.00"},{"$f":"H56*G56","v":{"v":251,"d":"R 251.00"}}]
[]
["Sub Total D",{"$nulls":7},{"$f":"SUM(I55:I57)","v":{"v":251,"d":"R 251.00"}}]
[]
[{"$nulls":6}," Sub Total (A+B+C+D)",null,{"$f":"I58+I52+I40","v":{"v":1226,"d":"R 1,226.00"}}]
[]
[{"$nulls":6},"Sub Total",null,{"$f":"I60+I61","v":{"v":1226,"d":"R 1,226.00"}}]

{"sheet":"LAETITA BAM CHC (36)","index":61,"n_rows":62,"n_cols":13,"rows_kept":62,"hidden":true,"merged":[[8,0,8,4],[8,5,8,6],[8,7,8,8],[9,5,9,6],[9,7,9,8],[10,5,10,6],[10,7,10,8],[11,5,11,6],[11,7,11,8],[12,7,12,8],[13,5,13,6],[13,7,13,8],[14,0,14,8],[15,0,15,8],[16,1,16,3],[17,1,17,3],[18,1,18,3],[19,1,19,3],[20,0,20,7],[21,0,21,8],[22,1,22,4],[23,1,23,5],[24,1,24,5],[25,1,25,5],[26,1,26,5],[27,1,27,5],[28,1,28,5],[29,1,29,5],[30,1,30,5],[31,1,31,5],[32,1,32,5],[33,1,33,5],[34,1,34,5],[35,1,35,5],[36,1,36,5],[37,0,37,7],[38,0,38,7],[39,0,39,7],[40,0,40,8],[41,1,41,3],[41,4,41,5],[42,1,42,3],[42,4,42,5],[43,1,43,3],[43,4,43,5],[44,1,44,3],[44,4,44,5],[45,1,45,3],[45,4,45,5],[46,1,46,3],[46,4,46,5],[47,1,47,3],[47,4,47,5],[48,1,48,3],[49,1,49,3],[50,1,50,3],[51,0,51,7],[52,0,52,8],[53,1,53,3],[53,4,53,5],[54,1,54,3],[54,4,54,5],[55,1,55,3],[55,4,55,5],[56,1,56,3],[56,4,56,5],[57,0,57,7],[59,0,59,1],[59,2,59,4],[59,6,59,7],[60,0,60,1],[60,2,60,4],[61,0,61,1],[61,2,61,4],[61,6,61,7],[62,2,62,5]]}
{"$rows_empty":8}
["QUOTE TO :",{"$nulls":4},"Qoute No           ",null,36]
["Department of Health",{"$nulls":4},"Date                   ",null,{"$f":"#REF!","v":{"$error":"#REF!"}}]
["717 Dukumbana Building",{"$nulls":4},"Facility              ",null,{"$f":"#REF!","v":{"$error":"#REF!"}}]
["Independent Avenue",{"$nulls":4},"Work Order     ",null,{"$f":"#REF!","v":{"$error":"#REF!"}}]
["Bhisho",{"$nulls":4},"Tender No       ",null,"SCMU3 - 17/18-0303 - HO"]
[{"$nulls":5},"Contract Term ",null,"24 MONTHS",{"$nulls":4}," "]
["WORK  REQUEST : Generator does does not kick in."]
["SCHEDULED WORK"]
["Item 1","Description",null,null,"Unit","Sch No","Quantity","Rate","Amount"]
[{"$nulls":8},{"$f":"SUM(G18*H18)","v":0}]
[{"$nulls":8},{"$f":"SUM(G19*H19)","v":0}]
[{"$nulls":8},0]
["Sub Total A",{"$nulls":7},{"$f":"SUM(I18:I20)","v":0}]
["NON SCHEDULED WORK"]
["Item 2","Description",{"$nulls":4},"Quantity","Rate","Amount"]
{"$rows_empty":14}
["Sub  Total",{"$nulls":7},{"$f":"SUM(I24:I37)","v":0}]
["Mark - Up 15%",{"$nulls":7},{"$f":"ROUND((I38*0.15),2)","v":0}]
["SUb  Total  B",{"$nulls":7},{"$f":"I38+I39","v":0}]
["LABOUR"]
["Item 3"," (Normal Rate)",null,null,"Unit",null,"Quantity","Rate","Amount"]
[1,"Techinician",null,null,"HRS",null,null,{"v":450,"d":"R450.00"},{"$f":"SUM(G43*H43)","v":0}]
[2," Senior Artisan  ",null,null,"HRS",null,0,{"v":350,"d":"R350.00"},{"$f":"SUM(G44*H44)","v":0}]
[3,"Artisan  (Trade Tested)",null,null,"HRS",null,3.5,{"v":300,"d":"R300.00"},{"v":1050,"d":"R 1,050.00"}]
[4,"Utility Man (Non - Trade Tested)",null,null,"HRS",null,3.5,{"v":200,"d":"R200.00"},{"v":700,"d":"R 700.00"}]
[5,"Artisan  Aid",null,null,"HRS",null,null,{"v":200,"d":"R200.00"},0]
[6,"General Worker",null,null,"HRS",null,null,{"v":140,"d":"R140.00"},0]
[]
[]
[]
["Sub Total C",{"$nulls":7},{"$f":"SUM(I43:I51)","v":{"v":1750,"d":"R 1,750.00"}}]
["TRANSPORT"]
["Item 4","Destinantion",null,null,"No of Trips",null,"KMs","Rate","Amount"]
[1,"18 pier St Southend to Laetita  CHC"]
[null,"  and back.",null,null,1,null,80,{"v":5,"d":"R 5.00"},{"$f":"H56*G56","v":{"v":400,"d":"R 400.00"}}]
[]
["Sub Total D",{"$nulls":7},{"$f":"SUM(I55:I57)","v":{"v":400,"d":"R 400.00"}}]
[]
[{"$nulls":6}," Sub Total (A+B+C+D)",null,{"$f":"I58+I52+I40","v":{"v":2150,"d":"R 2,150.00"}}]
[]
[{"$nulls":6},"Sub Total",null,{"$f":"I60+I61","v":{"v":2150,"d":"R 2,150.00"}}]

{"sheet":"PE PROV. (37)","index":62,"n_rows":62,"n_cols":13,"rows_kept":62,"hidden":true,"merged":[[8,0,8,4],[8,5,8,6],[8,7,8,8],[9,5,9,6],[9,7,9,8],[10,5,10,6],[10,7,10,8],[11,5,11,6],[11,7,11,8],[12,7,12,8],[13,5,13,6],[13,7,13,8],[14,0,14,8],[15,0,15,8],[16,1,16,3],[17,1,17,3],[18,1,18,3],[19,1,19,3],[20,0,20,7],[21,0,21,8],[22,1,22,5],[23,1,23,5],[24,1,24,5],[25,1,25,5],[26,1,26,5],[27,1,27,5],[28,1,28,5],[29,1,29,5],[30,1,30,5],[31,1,31,5],[32,1,32,5],[33,1,33,5],[34,1,34,5],[35,1,35,5],[36,1,36,5],[37,0,37,7],[38,0,38,7],[39,0,39,7],[40,0,40,8],[41,1,41,3],[41,4,41,5],[42,1,42,3],[42,4,42,5],[43,1,43,3],[43,4,43,5],[44,1,44,3],[44,4,44,5],[45,1,45,3],[45,4,45,5],[46,1,46,3],[46,4,46,5],[47,1,47,3],[47,4,47,5],[48,1,48,3],[49,1,49,3],[50,1,50,3],[51,0,51,7],[52,0,52,8],[53,1,53,3],[53,4,53,5],[54,1,54,3],[54,4,54,5],[55,1,55,3],[55,4,55,5],[56,1,56,3],[56,4,56,5],[57,0,57,7],[59,0,59,1],[59,2,59,4],[59,6,59,7],[60,0,60,1],[60,2,60,4],[61,0,61,1],[61,2,61,4],[61,6,61,7],[62,2,62,5]]}
{"$rows_empty":8}
["QUOTE TO :",{"$nulls":4},"Qoute No           ",null,37]
["Department of Health",{"$nulls":4},"Date                   ",null,{"$f":"#REF!","v":{"$error":"#REF!"}}]
["717 Dukumbana Building",{"$nulls":4},"Facility              ",null,{"$f":"#REF!","v":{"$error":"#REF!"}}]
["Independent Avenue",{"$nulls":4},"Work Order     ",null,{"$f":"#REF!","v":{"$error":"#REF!"}}]
["Bhisho",{"$nulls":4},"Tender No       ",null,"SCMU3 - 17/18-0303 - HO"]
[{"$nulls":5},"Contract Term ",null,"24 MONTHS",{"$nulls":4}," "]
["WORK  REQUEST : Request for repair of faulty power gen is not working."]
["SCHEDULED WORK"]
["Item 1","Description",null,null,"Unit","Sch No","Quantity","Rate","Amount"]
[{"$nulls":8},{"$f":"SUM(G18*H18)","v":0}]
[{"$nulls":8},{"$f":"SUM(G19*H19)","v":0}]
[{"$nulls":8},0]
["Sub Total A",{"$nulls":7},{"$f":"SUM(I18:I20)","v":0}]
["NON SCHEDULED WORK"]
["Item 2","Description",{"$nulls":4},"Quantity","Rate","Amount"]
[1,"12mm Terminal Yellow",{"$nulls":4},2,{"v":22,"d":"R 22.00"},{"$f":"H24*G24","v":{"v":44,"d":"R 44.00"}}]
[2,"6 x 3 mm Lug",{"$nulls":4},3,{"v":12.8,"d":"R 12.80"},{"$f":"H25*G25","v":{"v":38.400000000000006,"d":"R 38.40"}}]
[3,"6 x 3 mm Lug",{"$nulls":4},3,{"v":12.8,"d":"R 12.80"},{"$f":"H26*G26","v":{"v":38.400000000000006,"d":"R 38.40"}}]
[4,"Insulation Tape yellow",{"$nulls":4},2,{"v":16.6,"d":"R 16.60"},{"v":33.2,"d":"R 33.20"}]
[5,"Insulation Tape white",{"$nulls":4},2,{"v":16.6,"d":"R 16.60"},{"v":33.2,"d":"R 33.20"}]
[6,"Charging services",{"$nulls":4},2,{"v":37,"d":"R 37.00"},{"v":74,"d":"R 74.00"}]
[7,"AVR SX 440",{"$nulls":4},1,{"v":4680,"d":"R 4,680.00"},{"v":4680,"d":"R 4,680.00"}]
{"$rows_empty":7}
["Sub  Total",{"$nulls":7},{"$f":"SUM(I24:I37)","v":{"v":4941.2,"d":"R 4,941.20"}}]
["Mark - Up 15%",{"$nulls":7},{"$f":"ROUND((I38*0.15),2)","v":{"v":741.18,"d":"R 741.18"}}]
["SUb  Total  B",{"$nulls":7},{"$f":"I38+I39","v":{"v":5682.38,"d":"R 5,682.38"}}]
["LABOUR"]
["Item 3"," (Normal Rate)",null,null,"Unit",null,"Quantity","Rate","Amount"]
[1,"Techinician",null,null,"HRS",null,null,{"v":450,"d":"R450.00"},{"$f":"SUM(G43*H43)","v":0}]
[2," Senior Artisan  ",null,null,"HRS",null,null,{"v":350,"d":"R350.00"},{"$f":"SUM(G44*H44)","v":0}]
[3,"Artisan  (Trade Tested)",null,null,"HRS",null,18.5,{"v":300,"d":"R300.00"},{"v":5550,"d":"R 5,550.00"}]
[4,"Utility Man (Non - Trade Tested)",null,null,"HRS",null,18.5,{"v":200,"d":"R200.00"},{"v":3700,"d":"R 3,700.00"}]
[5,"Artisan  Aid",null,null,"HRS",null,null,{"v":200,"d":"R200.00"},0]
[6,"General Worker",null,null,"HRS",null,null,{"v":140,"d":"R140.00"},0]
[]
[]
[]
["Sub Total C",{"$nulls":7},{"$f":"SUM(I43:I51)","v":{"v":9250,"d":"R 9,250.00"}}]
["TRANSPORT"]
["Item 4","Destinantion",null,null,"No of Trips",null,"KMs","Rate","Amount"]
[1,"18 pier St Southend to PE Prov Hospital"]
[null,"  and back.",null,null,1,null,24.4,{"v":5,"d":"R 5.00"},{"$f":"H56*G56","v":{"v":122,"d":"R 122.00"}}]
[]
["Sub Total D",{"$nulls":7},{"$f":"SUM(I55:I57)","v":{"v":122,"d":"R 122.00"}}]
[]
[{"$nulls":6}," Sub Total (A+B+C+D)",null,{"$f":"I58+I52+I40","v":{"v":15054.380000000001,"d":"R 15,054.38"}}]
[]
[{"$nulls":6},"Sub Total",null,{"$f":"I60+I61","v":{"v":15054.380000000001,"d":"R 15,054.38"}}]

{"sheet":"ORSMOND TB HOSP. (38)","index":63,"n_rows":62,"n_cols":13,"rows_kept":62,"hidden":true,"merged":[[8,0,8,4],[8,5,8,6],[8,7,8,8],[9,5,9,6],[9,7,9,8],[10,5,10,6],[10,7,10,8],[11,5,11,6],[11,7,11,8],[12,7,12,8],[13,5,13,6],[13,7,13,8],[14,0,14,8],[15,0,15,8],[16,1,16,3],[17,1,17,3],[18,1,18,3],[19,1,19,3],[20,0,20,7],[21,0,21,8],[22,1,22,4],[23,1,23,5],[24,1,24,5],[25,1,25,5],[26,1,26,5],[27,1,27,5],[28,1,28,5],[29,1,29,5],[30,1,30,5],[31,1,31,5],[32,1,32,5],[33,1,33,5],[34,1,34,5],[35,1,35,5],[36,1,36,5],[37,0,37,7],[38,0,38,7],[39,0,39,7],[40,0,40,8],[41,1,41,3],[41,4,41,5],[42,1,42,3],[42,4,42,5],[43,1,43,3],[43,4,43,5],[44,1,44,3],[44,4,44,5],[45,1,45,3],[45,4,45,5],[46,1,46,3],[46,4,46,5],[47,1,47,3],[47,4,47,5],[48,1,48,3],[49,1,49,3],[50,1,50,3],[51,0,51,7],[52,0,52,8],[53,1,53,3],[53,4,53,5],[54,1,54,3],[54,4,54,5],[55,1,55,3],[55,4,55,5],[56,1,56,3],[56,4,56,5],[57,0,57,7],[59,0,59,1],[59,2,59,4],[59,6,59,7],[60,0,60,1],[60,2,60,4],[61,0,61,1],[61,2,61,4],[61,6,61,7],[62,2,62,5]]}
{"$rows_empty":8}
["QUOTE TO :",{"$nulls":4},"Qoute No           ",null,38]
["Department of Health",{"$nulls":4},"Date                   ",null,{"$f":"#REF!","v":{"$error":"#REF!"}}]
["717 Dukumbana Building",{"$nulls":4},"Facility              ",null,{"$f":"#REF!","v":{"$error":"#REF!"}}]
["Independent Avenue",{"$nulls":4},"Work Order     ",null,{"$f":"#REF!","v":{"$error":"#REF!"}}]
["Bhisho",{"$nulls":4},"Tender No       ",null,"SCMU3 - 17/18-0303 - HO"]
[{"$nulls":5},"Contract Term ",null,"24 MONTHS",{"$nulls":4}," "]
["WORK  REQUEST : Back up generator delayed pick up by 30 seconds."]
["SCHEDULED WORK"]
["Item 1","Description",null,null,"Unit","Sch No","Quantity","Rate","Amount"]
[{"$nulls":8},{"$f":"SUM(G18*H18)","v":0}]
[{"$nulls":8},{"$f":"SUM(G19*H19)","v":0}]
[{"$nulls":8},0]
["Sub Total A",{"$nulls":7},{"$f":"SUM(I18:I20)","v":0}]
["NON SCHEDULED WORK"]
["Item 2","Description",{"$nulls":4},"Quantity","Rate","Amount"]
{"$rows_empty":14}
["Sub  Total",{"$nulls":7},{"$f":"SUM(I24:I37)","v":0}]
["Mark - Up 15%",{"$nulls":7},{"$f":"ROUND((I38*0.15),2)","v":0}]
["SUb  Total  B",{"$nulls":7},{"$f":"I38+I39","v":0}]
["LABOUR"]
["Item 3"," (Normal Rate)",null,null,"Unit",null,"Quantity","Rate","Amount"]
[1,"Techinician",null,null,"HRS",null,null,{"v":450,"d":"R450.00"},{"$f":"SUM(G43*H43)","v":0}]
[2," Senior Artisan  ",null,null,"HRS",null,0,{"v":350,"d":"R350.00"},{"$f":"SUM(G44*H44)","v":0}]
[3,"Artisan  (Trade Tested)",null,null,"HRS",null,2,{"v":300,"d":"R300.00"},{"v":600,"d":"R 600.00"}]
[4,"Utility Man (Non - Trade Tested)",null,null,"HRS",null,2,{"v":200,"d":"R200.00"},{"v":400,"d":"R 400.00"}]
[5,"Artisan  Aid",null,null,"HRS",null,null,{"v":200,"d":"R200.00"},0]
[6,"General Worker",null,null,"HRS",null,null,{"v":140,"d":"R140.00"},0]
[]
[]
[]
["Sub Total C",{"$nulls":7},{"$f":"SUM(I43:I51)","v":{"v":1000,"d":"R 1,000.00"}}]
["TRANSPORT"]
["Item 4","Destinantion",null,null,"No of Trips",null,"KMs","Rate","Amount"]
[1,"18 pier St Southend to Osmond TB Hospital"]
[null,"  and back.",null,null,1,null,82,{"v":5,"d":"R 5.00"},{"$f":"H56*G56","v":{"v":410,"d":"R 410.00"}}]
[]
["Sub Total D",{"$nulls":7},{"$f":"SUM(I55:I57)","v":{"v":410,"d":"R 410.00"}}]
[]
[{"$nulls":6}," Sub Total (A+B+C+D)",null,{"$f":"I58+I52+I40","v":{"v":1410,"d":"R 1,410.00"}}]
[]
[{"$nulls":6},"Sub Total",null,{"$f":"I60+I61","v":{"v":1410,"d":"R 1,410.00"}}]

{"sheet":"Gqebera CHC (39)","index":64,"n_rows":62,"n_cols":13,"rows_kept":62,"hidden":true,"merged":[[8,0,8,4],[8,5,8,6],[8,7,8,8],[9,5,9,6],[9,7,9,8],[10,5,10,6],[10,7,10,8],[11,5,11,6],[11,7,11,8],[12,7,12,8],[13,5,13,6],[13,7,13,8],[14,0,14,8],[15,0,15,8],[16,1,16,3],[17,1,17,3],[18,1,18,3],[19,1,19,3],[20,0,20,7],[21,0,21,8],[22,1,22,5],[23,1,23,5],[24,1,24,5],[25,1,25,5],[26,1,26,5],[27,1,27,5],[28,1,28,5],[29,1,29,5],[30,1,30,5],[31,1,31,5],[32,1,32,5],[33,1,33,5],[34,1,34,5],[35,1,35,5],[36,1,36,5],[37,0,37,7],[38,0,38,7],[39,0,39,7],[40,0,40,8],[41,1,41,3],[41,4,41,5],[42,1,42,3],[42,4,42,5],[43,1,43,3],[43,4,43,5],[44,1,44,3],[44,4,44,5],[45,1,45,3],[45,4,45,5],[46,1,46,3],[46,4,46,5],[47,1,47,3],[47,4,47,5],[48,1,48,3],[48,4,48,5],[49,1,49,3],[49,4,49,5],[50,1,50,3],[50,4,50,5],[51,0,51,7],[52,0,52,8],[53,1,53,3],[53,4,53,5],[54,1,54,3],[54,4,54,5],[55,1,55,3],[55,4,55,5],[56,1,56,3],[56,4,56,5],[57,0,57,7],[59,0,59,1],[59,2,59,4],[59,6,59,7],[60,0,60,1],[60,2,60,4],[61,0,61,1],[61,2,61,4],[61,6,61,7],[62,2,62,5]]}
{"$rows_empty":8}
["QUOTE TO :",{"$nulls":4},"Qoute No           ",null,{"$f":"#REF!","v":{"$error":"#REF!"}}]
["Department of Health",{"$nulls":4},"Date                   ",null,{"$f":"#REF!","v":{"$error":"#REF!"}}]
["717 Dukumbana Building",{"$nulls":4},"Facility              ",null,{"$f":"#REF!","v":{"$error":"#REF!"}}]
["Independent Avenue",{"$nulls":4},"Work Order     ",null,{"$f":"#REF!","v":{"$error":"#REF!"}}]
["Bhisho",{"$nulls":4},"Tender No       ",null,"SCMU3 - 17/18-0303 - HO"]
[{"$nulls":5},"Contract Term ",null,"24 MONTHS",{"$nulls":4}," "]
["WORK  REQUEST : Request for repair of faulty power generator is not kicking in."]
["SCHEDULED WORK"]
["Item 1","Description",null,null,"Unit","Sch No","Quantity","Rate","Amount"]
[{"$nulls":8},{"$f":"SUM(G18*H18)","v":0}]
[{"$nulls":8},{"$f":"SUM(G19*H19)","v":0}]
[{"$nulls":8},0]
["Sub Total A",{"$nulls":7},{"$f":"SUM(I18:I20)","v":0}]
["NON SCHEDULED WORK"]
["Item 2","Description",{"$nulls":4},"Quantity","Rate","Amount"]
{"$rows_empty":14}
["Sub  Total",{"$nulls":7},{"$f":"SUM(I24:I37)","v":0}]
["Mark - Up 15%",{"$nulls":7},{"$f":"ROUND((I38*0.15),2)","v":0}]
["SUb  Total  B",{"$nulls":7},{"$f":"I38+I39","v":0}]
["LABOUR"]
["Item 3"," (Normal Rate)",null,null,"Unit",null,"Quantity","Rate","Amount"]
[1,"Techinician",null,null,"HRS",null,null,{"v":450,"d":"R450.00"},{"$f":"SUM(G43*H43)","v":0}]
[2," Senior Artisan  ",null,null,"HRS",null,null,{"v":350,"d":"R350.00"},{"$f":"SUM(G44*H44)","v":0}]
[3,"Artisan  (Trade Tested)",null,null,"HRS",null,1,{"v":300,"d":"R300.00"},{"v":300,"d":"R 300.00"}]
[4,"Utility Man (Non - Trade Tested)",null,null,"HRS",null,1,{"v":200,"d":"R200.00"},{"v":200,"d":"R 200.00"}]
[5,"Artisan  Aid",null,null,"HRS",null,null,{"v":200,"d":"R200.00"},0]
[6,"General Worker",null,null,"HRS",null,null,{"v":140,"d":"R140.00"},0]
[]
[]
[]
["Sub Total C",{"$nulls":7},{"$f":"SUM(I43:I51)","v":{"v":500,"d":"R 500.00"}}]
["TRANSPORT"]
["Item 4","Destinantion",null,null,"No of Trips",null,"KMs","Rate","Amount"]
[1,"18 pier St Southend to Gqebera CHC"]
[null,"  and back.",null,null,1,null,11.8,{"v":5,"d":"R 5.00"},{"$f":"H56*G56","v":{"v":59,"d":"R 59.00"}}]
[]
["Sub Total D",{"$nulls":7},{"$f":"SUM(I55:I57)","v":{"v":59,"d":"R 59.00"}}]
[]
[{"$nulls":6}," Sub Total (A+B+C+D)",null,{"$f":"I58+I52+I40","v":{"v":559,"d":"R 559.00"}}]
[]
[{"$nulls":6},"Sub Total",null,{"$f":"I60+I61","v":{"v":559,"d":"R 559.00"}}]

{"sheet":"Dora Ngiza (40)","index":65,"n_rows":62,"n_cols":13,"rows_kept":62,"hidden":true,"merged":[[8,0,8,4],[8,5,8,6],[8,7,8,8],[9,5,9,6],[9,7,9,8],[10,5,10,6],[10,7,10,8],[11,5,11,6],[11,7,11,8],[12,7,12,8],[13,5,13,6],[13,7,13,8],[14,0,14,8],[15,0,15,8],[16,1,16,3],[17,1,17,3],[18,1,18,3],[19,1,19,3],[20,0,20,7],[21,0,21,8],[22,1,22,5],[23,1,23,5],[24,1,24,5],[25,1,25,5],[26,1,26,5],[27,1,27,5],[28,1,28,5],[29,1,29,5],[30,1,30,5],[31,1,31,5],[32,1,32,5],[33,1,33,5],[34,1,34,5],[35,1,35,5],[36,1,36,5],[37,0,37,7],[38,0,38,7],[39,0,39,7],[40,0,40,8],[41,1,41,3],[41,4,41,5],[42,1,42,3],[42,4,42,5],[43,1,43,3],[43,4,43,5],[44,1,44,3],[44,4,44,5],[45,1,45,3],[45,4,45,5],[46,1,46,3],[46,4,46,5],[47,1,47,3],[47,4,47,5],[48,1,48,3],[49,1,49,3],[50,1,50,3],[51,0,51,7],[52,0,52,8],[53,1,53,3],[53,4,53,5],[54,1,54,3],[54,4,54,5],[55,1,55,3],[55,4,55,5],[56,1,56,3],[56,4,56,5],[57,0,57,7],[59,0,59,1],[59,2,59,4],[59,6,59,7],[60,0,60,1],[60,2,60,4],[61,0,61,1],[61,2,61,4],[61,6,61,7],[62,2,62,5]]}
{"$rows_empty":8}
["QUOTE TO :",{"$nulls":4},"Qoute No           ",null,{"$f":"#REF!","v":{"$error":"#REF!"}}]
["Department of Health",{"$nulls":4},"Date                   ",null,{"$f":"#REF!","v":{"$error":"#REF!"}}]
["717 Dukumbana Building",{"$nulls":4},"Facility              ",null,{"$f":"#REF!","v":{"$error":"#REF!"}}]
["Independent Avenue",{"$nulls":4},"Work Order     ",null,888]
["Bhisho",{"$nulls":4},"Tender No       ",null,"SCMU3 - 17/18-0303 - HO"]
[{"$nulls":5},"Contract Term ",null,"24 MONTHS",{"$nulls":4}," "]
["WORK  REQUEST : Generator fuel is leaking."]
["SCHEDULED WORK"]
["Item 1","Description",null,null,"Unit","Sch No","Quantity","Rate","Amount"]
[{"$nulls":8},{"$f":"SUM(G18*H18)","v":0}]
[{"$nulls":8},{"$f":"SUM(G19*H19)","v":0}]
[{"$nulls":8},0]
["Sub Total A",{"$nulls":7},{"$f":"SUM(I18:I20)","v":0}]
["NON SCHEDULED WORK"]
["Item 2","Description",{"$nulls":4},"Quantity","Rate","Amount"]
{"$rows_empty":14}
["Sub  Total",{"$nulls":7},{"$f":"SUM(I24:I37)","v":0}]
["Mark - Up 15%",{"$nulls":7},{"$f":"ROUND((I38*0.15),2)","v":0}]
["SUb  Total  B",{"$nulls":7},{"$f":"I38+I39","v":0}]
["LABOUR"]
["Item 3"," (Normal Rate)",null,null,"Unit",null,"Quantity","Rate","Amount"]
[1,"Techinician",null,null,"HRS",null,null,{"v":450,"d":"R450.00"},{"$f":"SUM(G43*H43)","v":0}]
[2," Senior Artisan  ",null,null,"HRS",null,null,{"v":350,"d":"R350.00"},{"$f":"SUM(G44*H44)","v":0}]
[3,"Artisan  (Trade Tested)",null,null,"HRS",null,1,{"v":300,"d":"R300.00"},{"v":300,"d":"R 300.00"}]
[4,"Utility Man (Non - Trade Tested)",null,null,"HRS",null,1,{"v":200,"d":"R200.00"},{"v":200,"d":"R 200.00"}]
[5,"Artisan  Aid",null,null,"HRS",null,null,{"v":200,"d":"R200.00"},0]
[6,"General Worker",null,null,"HRS",null,null,{"v":140,"d":"R140.00"},0]
[]
[]
[]
["Sub Total C",{"$nulls":7},{"$f":"SUM(I43:I51)","v":{"v":500,"d":"R 500.00"}}]
["TRANSPORT"]
["Item 4","Destinantion",null,null,"No of Trips",null,"KMs","Rate","Amount"]
[1,"18 pier St Southend to Dora Nginza"]
[null,"  and back.",null,null,1,null,33.2,{"v":5,"d":"R 5.00"},{"$f":"H56*G56","v":{"v":166,"d":"R 166.00"}}]
[]
["Sub Total D",{"$nulls":7},{"$f":"SUM(I55:I57)","v":{"v":166,"d":"R 166.00"}}]
[]
[{"$nulls":6}," Sub Total (A+B+C+D)",null,{"$f":"I58+I52+I40","v":{"v":666,"d":"R 666.00"}}]
[]
[{"$nulls":6},"Sub Total",null,{"$f":"I60+I61","v":{"v":666,"d":"R 666.00"}}]

{"sheet":"PE Pronvincial Hospital (41)","index":66,"n_rows":62,"n_cols":13,"rows_kept":62,"hidden":true,"merged":[[8,0,8,4],[8,5,8,6],[8,7,8,8],[9,5,9,6],[9,7,9,8],[10,5,10,6],[10,7,10,8],[11,5,11,6],[11,7,11,8],[12,7,12,8],[13,5,13,6],[13,7,13,8],[14,0,14,8],[15,0,15,8],[16,1,16,3],[17,1,17,3],[18,1,18,3],[19,1,19,3],[20,0,20,7],[21,0,21,8],[22,1,22,5],[23,1,23,5],[24,1,24,5],[25,1,25,5],[26,1,26,5],[27,1,27,5],[28,1,28,5],[29,1,29,5],[30,1,30,5],[31,1,31,5],[32,1,32,5],[33,1,33,5],[34,1,34,5],[35,1,35,5],[36,1,36,5],[37,0,37,7],[38,0,38,7],[39,0,39,7],[40,0,40,8],[41,1,41,3],[41,4,41,5],[42,1,42,3],[42,4,42,5],[43,1,43,3],[43,4,43,5],[44,1,44,3],[44,4,44,5],[45,1,45,3],[45,4,45,5],[46,1,46,3],[46,4,46,5],[47,1,47,3],[47,4,47,5],[48,1,48,3],[49,1,49,3],[50,1,50,3],[51,0,51,7],[52,0,52,8],[53,1,53,3],[53,4,53,5],[54,1,54,3],[54,4,54,5],[55,1,55,3],[55,4,55,5],[56,1,56,3],[56,4,56,5],[57,0,57,7],[59,0,59,1],[59,2,59,4],[59,6,59,7],[60,0,60,1],[60,2,60,4],[61,0,61,1],[61,2,61,4],[61,6,61,7],[62,2,62,5]]}
{"$rows_empty":8}
["QUOTE TO :",{"$nulls":4},"Qoute No           ",null,{"$f":"#REF!","v":{"$error":"#REF!"}}]
["Department of Health",{"$nulls":4},"Date                   ",null,{"$f":"#REF!","v":{"$error":"#REF!"}}]
["717 Dukumbana Building",{"$nulls":4},"Facility              ",null,{"$f":"#REF!","v":{"$error":"#REF!"}}]
["Independent Avenue",{"$nulls":4},"Work Order     ",null,1007]
["Bhisho",{"$nulls":4},"Tender No       ",null,"SCMU3 - 17/18-0303 - HO"]
[{"$nulls":5},"Contract Term ",null,"24 MONTHS",{"$nulls":4}," "]
["WORK  REQUEST : Generator fuel is leaking."]
["SCHEDULED WORK"]
["Item 1","Description",null,null,"Unit","Sch No","Quantity","Rate","Amount"]
[{"$nulls":8},{"$f":"SUM(G18*H18)","v":0}]
[{"$nulls":8},{"$f":"SUM(G19*H19)","v":0}]
[{"$nulls":8},0]
["Sub Total A",{"$nulls":7},{"$f":"SUM(I18:I20)","v":0}]
["NON SCHEDULED WORK"]
["Item 2","Description",{"$nulls":4},"Quantity","Rate","Amount"]
{"$rows_empty":14}
["Sub  Total",{"$nulls":7},{"$f":"SUM(I24:I37)","v":0}]
["Mark - Up 15%",{"$nulls":7},{"$f":"ROUND((I38*0.15),2)","v":0}]
["SUb  Total  B",{"$nulls":7},{"$f":"I38+I39","v":0}]
["LABOUR"]
["Item 3"," (Normal Rate)",null,null,"Unit",null,"Quantity","Rate","Amount"]
[1,"Techinician",null,null,"HRS",null,null,{"v":450,"d":"R450.00"},{"$f":"SUM(G43*H43)","v":0}]
[2," Senior Artisan  ",null,null,"HRS",null,null,{"v":350,"d":"R350.00"},{"$f":"SUM(G44*H44)","v":0}]
[3,"Artisan  (Trade Tested)",null,null,"HRS",null,3,{"v":300,"d":"R300.00"},{"v":900,"d":"R 900.00"}]
[4,"Utility Man (Non - Trade Tested)",null,null,"HRS",null,3,{"v":200,"d":"R200.00"},{"v":600,"d":"R 600.00"}]
[5,"Artisan  Aid",null,null,"HRS",null,null,{"v":200,"d":"R200.00"},0]
[6,"General Worker",null,null,"HRS",null,null,{"v":140,"d":"R140.00"},0]
[]
[]
[]
["Sub Total C",{"$nulls":7},{"$f":"SUM(I43:I51)","v":{"v":1500,"d":"R 1,500.00"}}]
["TRANSPORT"]
["Item 4","Destinantion",null,null,"No of Trips",null,"KMs","Rate","Amount"]
[1,"18 pier St Southend to PE Prov. Hospital"]
[null,"  and back.",null,null,1,null,19.6,{"v":5,"d":"R 5.00"},{"$f":"H56*G56","v":{"v":98,"d":"R 98.00"}}]
[]
["Sub Total D",{"$nulls":7},{"$f":"SUM(I55:I57)","v":{"v":98,"d":"R 98.00"}}]
[]
[{"$nulls":6}," Sub Total (A+B+C+D)",null,{"$f":"I58+I52+I40","v":{"v":1598,"d":"R 1,598.00"}}]
[]
[{"$nulls":6},"Sub Total",null,{"$f":"I60+I61","v":{"v":1598,"d":"R 1,598.00"}}]

{"sheet":"Motherwell CHC (42)","index":67,"n_rows":63,"n_cols":13,"rows_kept":63,"hidden":true,"merged":[[8,0,8,4],[8,5,8,6],[8,7,8,8],[9,5,9,6],[9,7,9,8],[10,5,10,6],[10,7,10,8],[11,5,11,6],[11,7,11,8],[12,7,12,8],[13,5,13,6],[13,7,13,8],[14,5,14,6],[14,7,14,8],[15,0,15,8],[16,0,16,8],[17,1,17,3],[18,1,18,3],[19,1,19,3],[20,1,20,3],[21,0,21,7],[22,0,22,8],[23,1,23,5],[24,1,24,5],[25,1,25,5],[26,1,26,5],[27,1,27,5],[28,1,28,5],[29,1,29,5],[30,1,30,5],[31,1,31,5],[32,1,32,5],[33,1,33,5],[34,1,34,5],[35,1,35,5],[36,1,36,5],[37,1,37,5],[38,0,38,7],[39,0,39,7],[40,0,40,7],[41,0,41,8],[42,1,42,3],[42,4,42,5],[43,1,43,3],[43,4,43,5],[44,1,44,3],[44,4,44,5],[45,1,45,3],[45,4,45,5],[46,1,46,3],[46,4,46,5],[47,1,47,3],[47,4,47,5],[48,1,48,3],[48,4,48,5],[49,1,49,3],[50,1,50,3],[51,1,51,3],[52,0,52,7],[53,0,53,8],[54,1,54,3],[54,4,54,5],[55,1,55,3],[55,4,55,5],[56,1,56,3],[56,4,56,5],[57,1,57,3],[57,4,57,5],[58,0,58,7],[60,0,60,1],[60,2,60,4],[60,6,60,7],[61,0,61,1],[61,2,61,4],[62,0,62,1],[62,2,62,4],[62,6,62,7],[63,2,63,5]]}
{"$rows_empty":8}
["QUOTE TO :",{"$nulls":4},"Qoute No           ",null,{"$f":"#REF!","v":{"$error":"#REF!"}}]
["Department of Health",{"$nulls":4},"Date                   ",null,{"$f":"#REF!","v":{"$error":"#REF!"}}]
["717 Dukumbana Building",{"$nulls":4},"Facility              ",null,{"$f":"#REF!","v":{"$error":"#REF!"}}]
["Independent Avenue",{"$nulls":4},"Work Order     ",null,1708]
["Bhisho",{"$nulls":4},"Tender No       ",null,"SCMU3 - 17/18-0303 - HO"]
[{"$nulls":5},"Contract Term ",null,"24 MONTHS"]
[{"$nulls":5},"GEN Id ",null,"GEN/NMM/MOT/01",{"$nulls":4}," "]
["WORK  REQUEST : Generator fuse blown ."]
["SCHEDULED WORK"]
["Item 1","Description",null,null,"Unit","Sch No","Quantity","Rate","Amount"]
[{"$nulls":8},{"$f":"SUM(G19*H19)","v":0}]
[{"$nulls":8},{"$f":"SUM(G20*H20)","v":0}]
[{"$nulls":8},0]
["Sub Total A",{"$nulls":7},{"$f":"SUM(I19:I21)","v":0}]
["NON SCHEDULED WORK"]
["Item 2","Description",{"$nulls":4},"Quantity","Rate","Amount"]
{"$rows_empty":14}
["Sub  Total",{"$nulls":7},{"$f":"SUM(I25:I38)","v":0}]
["Mark - Up 15%",{"$nulls":7},{"$f":"ROUND((I39*0.15),2)","v":0}]
["SUb  Total  B",{"$nulls":7},{"$f":"I39+I40","v":0}]
["LABOUR"]
["Item 3"," (Normal Rate)",null,null,"Unit",null,"Quantity","Rate","Amount"]
[1,"Techinician",null,null,"HRS",null,null,{"v":450,"d":"R450.00"},{"$f":"SUM(G44*H44)","v":0}]
[2," Senior Artisan  ",null,null,"HRS",null,null,{"v":350,"d":"R350.00"},{"$f":"SUM(G45*H45)","v":0}]
[3,"Artisan  (Trade Tested)",null,null,"HRS",null,2,{"v":300,"d":"R300.00"},{"v":600,"d":"R 600.00"}]
[4,"Utility Man (Non - Trade Tested)",null,null,"HRS",null,2,{"v":200,"d":"R200.00"},{"v":400,"d":"R 400.00"}]
[5,"Artisan  Aid",null,null,"HRS",null,null,{"v":200,"d":"R200.00"},0]
[6,"General Worker",null,null,"HRS",null,null,{"v":140,"d":"R140.00"},0]
[]
[]
[]
["Sub Total C",{"$nulls":7},{"$f":"SUM(I44:I52)","v":{"v":1000,"d":"R 1,000.00"}}]
["TRANSPORT"]
["Item 4","Destinantion",null,null,"No of Trips",null,"KMs","Rate","Amount"]
[1,"18 pier St Southend to Motherwell CHC"]
[null,"  and back.",null,null,1,null,59.6,{"v":5,"d":"R 5.00"},{"$f":"H57*G57","v":{"v":298,"d":"R 298.00"}}]
[]
["Sub Total D",{"$nulls":7},{"$f":"SUM(I56:I58)","v":{"v":298,"d":"R 298.00"}}]
[]
[{"$nulls":6}," Sub Total (A+B+C+D)",null,{"$f":"I59+I53+I41","v":{"v":1298,"d":"R 1,298.00"}}]
[]
[{"$nulls":6},"Sub Total",null,{"$f":"I61+I62","v":{"v":1298,"d":"R 1,298.00"}}]

{"sheet":"Westend Clinic (43)","index":68,"n_rows":63,"n_cols":13,"rows_kept":63,"hidden":true,"merged":[[8,0,8,4],[8,5,8,6],[8,7,8,8],[9,5,9,6],[9,7,9,8],[10,5,10,6],[10,7,10,8],[11,5,11,6],[11,7,11,8],[12,7,12,8],[13,5,13,6],[13,7,13,8],[14,5,14,6],[14,7,14,8],[15,0,15,8],[16,0,16,8],[17,1,17,3],[18,1,18,3],[19,1,19,3],[20,1,20,3],[21,0,21,7],[22,0,22,8],[23,1,23,5],[24,1,24,5],[25,1,25,5],[26,1,26,5],[27,1,27,5],[28,1,28,5],[29,1,29,5],[30,1,30,5],[31,1,31,5],[32,1,32,5],[33,1,33,5],[34,1,34,5],[35,1,35,5],[36,1,36,5],[37,1,37,5],[38,0,38,7],[39,0,39,7],[40,0,40,7],[41,0,41,8],[42,1,42,3],[42,4,42,5],[43,1,43,3],[43,4,43,5],[44,1,44,3],[44,4,44,5],[45,1,45,3],[45,4,45,5],[46,1,46,3],[46,4,46,5],[47,1,47,3],[47,4,47,5],[48,1,48,3],[48,4,48,5],[49,1,49,3],[50,1,50,3],[51,1,51,3],[52,0,52,7],[53,0,53,8],[54,1,54,3],[54,4,54,5],[55,1,55,3],[55,4,55,5],[56,1,56,3],[56,4,56,5],[57,1,57,3],[57,4,57,5],[58,0,58,7],[60,0,60,1],[60,2,60,4],[60,6,60,7],[61,0,61,1],[61,2,61,4],[62,0,62,1],[62,2,62,4],[62,6,62,7],[63,2,63,5]]}
{"$rows_empty":8}
["QUOTE TO :",{"$nulls":4},"Qoute No           ",null,{"$f":"#REF!","v":{"$error":"#REF!"}}]
["Department of Health",{"$nulls":4},"Date                   ",null,{"$f":"#REF!","v":{"$error":"#REF!"}}]
["717 Dukumbana Building",{"$nulls":4},"Facility              ",null,{"$f":"#REF!","v":{"$error":"#REF!"}}]
["Independent Avenue",{"$nulls":4},"Work Order     ",null,1745]
["Bhisho",{"$nulls":4},"Tender No       ",null,"SCMU3 - 17/18-0303 - HO"]
[{"$nulls":5},"Contract Term ",null,"24 MONTHS",{"$nulls":4}," "]
[{"$nulls":5},"GEN Id",null,"GEN/NMM/WES/01"]
["WORK  REQUEST : Generator not working."]
["SCHEDULED WORK"]
["Item 1","Description",null,null,"Unit","Sch No","Quantity","Rate","Amount"]
[{"$nulls":8},{"$f":"SUM(G19*H19)","v":0}]
[{"$nulls":8},{"$f":"SUM(G20*H20)","v":0}]
[{"$nulls":8},0]
["Sub Total A",{"$nulls":7},{"$f":"SUM(I19:I21)","v":0}]
["NON SCHEDULED WORK"]
["Item 2","Description",{"$nulls":4},"Quantity","Rate","Amount"]
[1,"Battery 638",{"$nulls":4},1,{"v":1380,"d":"R 1,380.00"},{"$f":"H25*G25","v":{"v":1380,"d":"R 1,380.00"}}]
{"$rows_empty":13}
["Sub  Total",{"$nulls":7},{"$f":"SUM(I25:I38)","v":{"v":1380,"d":"R 1,380.00"}}]
["Mark - Up 15%",{"$nulls":7},{"$f":"ROUND((I39*0.15),2)","v":{"v":207,"d":"R 207.00"}}]
["SUb  Total  B",{"$nulls":7},{"$f":"I39+I40","v":{"v":1587,"d":"R 1,587.00"}}]
["LABOUR"]
["Item 3"," (Normal Rate)",null,null,"Unit",null,"Quantity","Rate","Amount"]
[1,"Techinician",null,null,"HRS",null,null,{"v":450,"d":"R450.00"},{"$f":"SUM(G44*H44)","v":0}]
[2," Senior Artisan  ",null,null,"HRS",null,null,{"v":350,"d":"R350.00"},{"$f":"SUM(G45*H45)","v":0}]
[3,"Artisan  (Trade Tested)",null,null,"HRS",null,2,{"v":300,"d":"R300.00"},{"v":600,"d":"R 600.00"}]
[4,"Utility Man (Non - Trade Tested)",null,null,"HRS",null,2,{"v":200,"d":"R200.00"},{"v":400,"d":"R 400.00"}]
[5,"Artisan  Aid",null,null,"HRS",null,null,{"v":200,"d":"R200.00"},0]
[6,"General Worker",null,null,"HRS",null,null,{"v":140,"d":"R140.00"},0]
[]
[]
[]
["Sub Total C",{"$nulls":7},{"$f":"SUM(I44:I52)","v":{"v":1000,"d":"R 1,000.00"}}]
["TRANSPORT"]
["Item 4","Destinantion",null,null,"No of Trips",null,"KMs","Rate","Amount"]
[1,"18 pier St Southend to West End CHC"]
[null,"  and back.",null,null,1,null,34,{"v":5,"d":"R 5.00"},{"$f":"H57*G57","v":{"v":170,"d":"R 170.00"}}]
[]
["Sub Total D",{"$nulls":7},{"$f":"SUM(I56:I58)","v":{"v":170,"d":"R 170.00"}}]
[]
[{"$nulls":6}," Sub Total (A+B+C+D)",null,{"$f":"I59+I53+I41","v":{"v":2757,"d":"R 2,757.00"}}]
[]
[{"$nulls":6},"Sub Total",null,{"$f":"I61+I62","v":{"v":2757,"d":"R 2,757.00"}}]

{"sheet":"Dora Ngiza (44)","index":69,"n_rows":63,"n_cols":13,"rows_kept":63,"hidden":true,"merged":[[8,0,8,4],[8,5,8,6],[8,7,8,8],[9,5,9,6],[9,7,9,8],[10,5,10,6],[10,7,10,8],[11,5,11,6],[11,7,11,8],[12,7,12,8],[13,5,13,6],[13,7,13,8],[14,5,14,6],[14,7,14,8],[15,0,15,8],[16,0,16,8],[17,1,17,3],[18,1,18,3],[19,1,19,3],[20,1,20,3],[21,0,21,7],[22,0,22,8],[23,1,23,5],[24,1,24,5],[25,1,25,5],[26,1,26,5],[27,1,27,5],[28,1,28,5],[29,1,29,5],[30,1,30,5],[31,1,31,5],[32,1,32,5],[33,1,33,5],[34,1,34,5],[35,1,35,5],[36,1,36,5],[37,1,37,5],[38,0,38,7],[39,0,39,7],[40,0,40,7],[41,0,41,8],[42,1,42,3],[42,4,42,5],[43,1,43,3],[43,4,43,5],[44,1,44,3],[44,4,44,5],[45,1,45,3],[45,4,45,5],[46,1,46,3],[46,4,46,5],[47,1,47,3],[47,4,47,5],[48,1,48,3],[48,4,48,5],[49,1,49,3],[50,1,50,3],[51,1,51,3],[52,0,52,7],[53,0,53,8],[54,1,54,3],[54,4,54,5],[55,1,55,3],[55,4,55,5],[56,1,56,3],[56,4,56,5],[57,1,57,3],[57,4,57,5],[58,0,58,7],[60,0,60,1],[60,2,60,4],[60,6,60,7],[61,0,61,1],[61,2,61,4],[62,0,62,1],[62,2,62,4],[62,6,62,7],[63,2,63,5]]}
{"$rows_empty":8}
["QUOTE TO :",{"$nulls":4},"Qoute No           ",null,{"$f":"#REF!","v":{"$error":"#REF!"}}]
["Department of Health",{"$nulls":4},"Date                   ",null,{"$f":"#REF!","v":{"$error":"#REF!"}}]
["717 Dukumbana Building",{"$nulls":4},"Facility              ",null,{"$f":"#REF!","v":{"$error":"#REF!"}}]
["Independent Avenue",{"$nulls":4},"Work Order     ",null,1814]
["Bhisho",{"$nulls":4},"Tender No       ",null,"SCMU3 - 17/18-0303 - HO"]
[{"$nulls":5},"Contract Term ",null,"24 MONTHS",{"$nulls":4}," "]
[{"$nulls":5},"GEN Id",null,"GEN/NMM/DOR/05"]
["WORK  REQUEST : Change over switch is  faulty in lab."]
["SCHEDULED WORK"]
["Item 1","Description",null,null,"Unit","Sch No","Quantity","Rate","Amount"]
[{"$nulls":8},{"$f":"SUM(G19*H19)","v":0}]
[{"$nulls":8},{"$f":"SUM(G20*H20)","v":0}]
[{"$nulls":8},0]
["Sub Total A",{"$nulls":7},{"$f":"SUM(I19:I21)","v":0}]
["NON SCHEDULED WORK"]
["Item 2","Description",{"$nulls":4},"Quantity","Rate","Amount"]
{"$rows_empty":14}
["Sub  Total",{"$nulls":7},{"$f":"SUM(I25:I38)","v":0}]
["Mark - Up 15%",{"$nulls":7},{"$f":"ROUND((I39*0.15),2)","v":0}]
["SUb  Total  B",{"$nulls":7},{"$f":"I39+I40","v":0}]
["LABOUR"]
["Item 3"," (Normal Rate)",null,null,"Unit",null,"Quantity","Rate","Amount"]
[1,"Techinician",null,null,"HRS",null,null,{"v":450,"d":"R450.00"},{"$f":"SUM(G44*H44)","v":0}]
[2," Senior Artisan  ",null,null,"HRS",null,null,{"v":350,"d":"R350.00"},{"$f":"SUM(G45*H45)","v":0}]
[3,"Artisan  (Trade Tested)",null,null,"HRS",null,4,{"v":300,"d":"R300.00"},{"v":1200,"d":"R 1,200.00"}]
[4,"Utility Man (Non - Trade Tested)",null,null,"HRS",null,4,{"v":200,"d":"R200.00"},{"v":800,"d":"R 800.00"}]
[5,"Artisan  Aid",null,null,"HRS",null,null,{"v":200,"d":"R200.00"},0]
[6,"General Worker",null,null,"HRS",null,null,{"v":140,"d":"R140.00"},0]
[]
[]
[]
["Sub Total C",{"$nulls":7},{"$f":"SUM(I44:I52)","v":{"v":2000,"d":"R 2,000.00"}}]
["TRANSPORT"]
["Item 4","Destinantion",null,null,"No of Trips",null,"KMs","Rate","Amount"]
[1,"18 pier St Southend to Dora Ngiza Hospital"]
[null,"  and back.",null,null,1,null,66.4,{"v":5,"d":"R 5.00"},{"$f":"H57*G57","v":{"v":332,"d":"R 332.00"}}]
[]
["Sub Total D",{"$nulls":7},{"$f":"SUM(I56:I58)","v":{"v":332,"d":"R 332.00"}}]
[]
[{"$nulls":6}," Sub Total (A+B+C+D)",null,{"$f":"I59+I53+I41","v":{"v":2332,"d":"R 2,332.00"}}]
[]
[{"$nulls":6},"Sub Total",null,{"$f":"I61+I62","v":{"v":2332,"d":"R 2,332.00"}}]

{"sheet":"Elizabeth Hospital (45)","index":70,"n_rows":63,"n_cols":13,"rows_kept":63,"hidden":true,"merged":[[8,0,8,4],[8,5,8,6],[8,7,8,8],[9,5,9,6],[9,7,9,8],[10,5,10,6],[10,7,10,8],[11,5,11,6],[11,7,11,8],[12,7,12,8],[13,5,13,6],[13,7,13,8],[14,5,14,6],[14,7,14,8],[15,0,15,8],[16,0,16,8],[17,1,17,3],[18,1,18,3],[19,1,19,3],[20,1,20,3],[21,0,21,7],[22,0,22,8],[23,1,23,5],[24,1,24,5],[25,1,25,5],[26,1,26,5],[27,1,27,5],[28,1,28,5],[29,1,29,5],[30,1,30,5],[31,1,31,5],[32,1,32,5],[33,1,33,5],[34,1,34,5],[35,1,35,5],[36,1,36,5],[37,1,37,5],[38,0,38,7],[39,0,39,7],[40,0,40,7],[41,0,41,8],[42,1,42,3],[42,4,42,5],[43,1,43,3],[43,4,43,5],[44,1,44,3],[44,4,44,5],[45,1,45,3],[45,4,45,5],[46,1,46,3],[46,4,46,5],[47,1,47,3],[47,4,47,5],[48,1,48,3],[48,4,48,5],[49,1,49,3],[50,1,50,3],[51,1,51,3],[52,0,52,7],[53,0,53,8],[54,1,54,3],[54,4,54,5],[55,1,55,3],[55,4,55,5],[56,1,56,3],[56,4,56,5],[57,1,57,3],[57,4,57,5],[58,0,58,7],[60,0,60,1],[60,2,60,4],[60,6,60,7],[61,0,61,1],[61,2,61,4],[62,0,62,1],[62,2,62,4],[62,6,62,7],[63,2,63,5]]}
{"$rows_empty":8}
["QUOTE TO :",{"$nulls":4},"Qoute No           ",null,{"$f":"#REF!","v":{"$error":"#REF!"}}]
["Department of Health",{"$nulls":4},"Date                   ",null,{"$f":"#REF!","v":{"$error":"#REF!"}}]
["717 Dukumbana Building",{"$nulls":4},"Facility              ",null,{"$f":"#REF!","v":{"$error":"#REF!"}}]
["Independent Avenue",{"$nulls":4},"Work Order     ",null,2592]
["Bhisho",{"$nulls":4},"Tender No       ",null,"SCMU3 - 17/18-0303 - HO"]
[{"$nulls":5},"Contract Term ",null,"24 MONTHS",{"$nulls":4}," "]
[{"$nulls":5},"GEN Id",null,"GEN/NMM/DON/01"]
["WORK  REQUEST : Generator is faulty."]
["SCHEDULED WORK"]
["Item 1","Description",null,null,"Unit","Sch No","Quantity","Rate","Amount"]
[{"$nulls":8},{"$f":"SUM(G19*H19)","v":0}]
[{"$nulls":8},{"$f":"SUM(G20*H20)","v":0}]
[{"$nulls":8},0]
["Sub Total A",{"$nulls":7},{"$f":"SUM(I19:I21)","v":0}]
["NON SCHEDULED WORK"]
["Item 2","Description",{"$nulls":4},"Quantity","Rate","Amount"]
[1,"VDO Fuel sender unit 0 - 180 ohms",{"$nulls":4},1,{"v":1850,"d":"R 1,850.00"},{"$f":"H25*G25","v":{"v":1850,"d":"R 1,850.00"}}]
[2,"Courer",{"$nulls":4},1,{"v":390,"d":"R 390.00"},{"$f":"H26*G26","v":{"v":390,"d":"R 390.00"}}]
{"$rows_empty":12}
["Sub  Total",{"$nulls":7},{"$f":"SUM(I25:I38)","v":{"v":2240,"d":"R 2,240.00"}}]
["Mark - Up 15%",{"$nulls":7},{"$f":"ROUND((I39*0.15),2)","v":{"v":336,"d":"R 336.00"}}]
["SUb  Total  B",{"$nulls":7},{"$f":"I39+I40","v":{"v":2576,"d":"R 2,576.00"}}]
["LABOUR"]
["Item 3"," (Normal Rate)",null,null,"Unit",null,"Quantity","Rate","Amount"]
[1,"Techinician",null,null,"HRS",null,null,{"v":450,"d":"R450.00"},{"$f":"SUM(G44*H44)","v":0}]
[2," Senior Artisan  ",null,null,"HRS",null,null,{"v":350,"d":"R350.00"},{"$f":"SUM(G45*H45)","v":0}]
[3,"Artisan  (Trade Tested)",null,null,"HRS",null,4.5,{"v":300,"d":"R300.00"},{"v":1350,"d":"R 1,350.00"}]
[4,"Utility Man (Non - Trade Tested)",null,null,"HRS",null,4.5,{"v":200,"d":"R200.00"},{"v":900,"d":"R 900.00"}]
[5,"Artisan  Aid",null,null,"HRS",null,null,{"v":200,"d":"R200.00"},0]
[6,"General Worker",null,null,"HRS",null,null,{"v":140,"d":"R140.00"},0]
[]
[]
[]
["Sub Total C",{"$nulls":7},{"$f":"SUM(I44:I52)","v":{"v":2250,"d":"R 2,250.00"}}]
["TRANSPORT"]
["Item 4","Destinantion",null,null,"No of Trips",null,"KMs","Rate","Amount"]
[1,"18 pier St Southend to Elizabeth Donkin Hospital"]
[null,"  and back.",null,null,1,null,39.2,{"v":5,"d":"R 5.00"},{"$f":"H57*G57","v":{"v":196,"d":"R 196.00"}}]
[]
["Sub Total D",{"$nulls":7},{"$f":"SUM(I56:I58)","v":{"v":196,"d":"R 196.00"}}]
[]
[{"$nulls":6}," Sub Total (A+B+C+D)",null,{"$f":"I59+I53+I41","v":{"v":5022,"d":"R 5,022.00"}}]
[]
[{"$nulls":6},"Sub Total",null,{"$f":"I61+I62","v":{"v":5022,"d":"R 5,022.00"}}]

{"sheet":"Jose Pearson (46)","index":71,"n_rows":63,"n_cols":13,"rows_kept":63,"hidden":true,"merged":[[8,0,8,4],[8,5,8,6],[8,7,8,8],[9,5,9,6],[9,7,9,8],[10,5,10,6],[10,7,10,8],[11,5,11,6],[11,7,11,8],[12,7,12,8],[13,5,13,6],[13,7,13,8],[14,5,14,6],[14,7,14,8],[15,0,15,8],[16,0,16,8],[17,1,17,3],[18,1,18,3],[19,1,19,3],[20,1,20,3],[21,0,21,7],[22,0,22,8],[23,1,23,5],[24,1,24,5],[25,1,25,5],[26,1,26,5],[27,1,27,5],[28,1,28,5],[29,1,29,5],[30,1,30,5],[31,1,31,5],[32,1,32,5],[33,1,33,5],[34,1,34,5],[35,1,35,5],[36,1,36,5],[37,1,37,5],[38,0,38,7],[39,0,39,7],[40,0,40,7],[41,0,41,8],[42,1,42,3],[42,4,42,5],[43,1,43,3],[43,4,43,5],[44,1,44,3],[44,4,44,5],[45,1,45,3],[45,4,45,5],[46,1,46,3],[46,4,46,5],[47,1,47,3],[47,4,47,5],[48,1,48,3],[48,4,48,5],[49,1,49,3],[50,1,50,3],[51,1,51,3],[52,0,52,7],[53,0,53,8],[54,1,54,3],[54,4,54,5],[55,1,55,3],[55,4,55,5],[56,1,56,3],[56,4,56,5],[57,1,57,3],[57,4,57,5],[58,0,58,7],[60,0,60,1],[60,2,60,4],[60,6,60,7],[61,0,61,1],[61,2,61,4],[62,0,62,1],[62,2,62,4],[62,6,62,7],[63,2,63,5]]}
{"$rows_empty":8}
["QUOTE TO :",{"$nulls":4},"Qoute No           ",null,{"$f":"#REF!","v":{"$error":"#REF!"}}]
["Department of Health",{"$nulls":4},"Date                   ",null,{"$f":"#REF!","v":{"$error":"#REF!"}}]
["717 Dukumbana Building",{"$nulls":4},"Facility              ",null,{"$f":"#REF!","v":{"$error":"#REF!"}}]
["Independent Avenue",{"$nulls":4},"Work Order     ",null,2886]
["Bhisho",{"$nulls":4},"Tender No       ",null,"SCMU3 - 17/18-0303 - HO"]
[{"$nulls":5},"Contract Term ",null,"24 MONTHS",{"$nulls":4}," "]
[{"$nulls":5},"GEN Id",null,"GEN/NMM/JOS/01"]
["WORK  REQUEST : Generator not kicking in."]
["SCHEDULED WORK"]
["Item 1","Description",null,null,"Unit","Sch No","Quantity","Rate","Amount"]
[{"$nulls":8},{"$f":"SUM(G19*H19)","v":0}]
[{"$nulls":8},{"$f":"SUM(G20*H20)","v":0}]
[{"$nulls":8},0]
["Sub Total A",{"$nulls":7},{"$f":"SUM(I19:I21)","v":0}]
["NON SCHEDULED WORK"]
["Item 2","Description",{"$nulls":4},"Quantity","Rate","Amount"]
[1,"R120 ASS p/pump",{"$nulls":4},1,{"v":2091.25,"d":"R 2,091.25"},{"$f":"H25*G25","v":{"v":2091.25,"d":"R 2,091.25"}}]
{"$rows_empty":13}
["Sub  Total",{"$nulls":7},{"$f":"SUM(I25:I38)","v":{"v":2091.25,"d":"R 2,091.25"}}]
["Mark - Up 15%",{"$nulls":7},{"$f":"ROUND((I39*0.15),2)","v":{"v":313.69,"d":"R 313.69"}}]
["SUb  Total  B",{"$nulls":7},{"$f":"I39+I40","v":{"v":2404.94,"d":"R 2,404.94"}}]
["LABOUR"]
["Item 3"," (Normal Rate)",null,null,"Unit",null,"Quantity","Rate","Amount"]
[1,"Techinician",null,null,"HRS",null,null,{"v":450,"d":"R450.00"},{"$f":"SUM(G44*H44)","v":0}]
[2," Senior Artisan  ",null,null,"HRS",null,null,{"v":350,"d":"R350.00"},{"$f":"SUM(G45*H45)","v":0}]
[3,"Artisan  (Trade Tested)",null,null,"HRS",null,4.5,{"v":300,"d":"R300.00"},{"v":1350,"d":"R 1,350.00"}]
[4,"Utility Man (Non - Trade Tested)",null,null,"HRS",null,4.5,{"v":200,"d":"R200.00"},{"v":900,"d":"R 900.00"}]
[5,"Artisan  Aid",null,null,"HRS",null,null,{"v":200,"d":"R200.00"},0]
[6,"General Worker",null,null,"HRS",null,null,{"v":140,"d":"R140.00"},0]
[]
[]
[]
["Sub Total C",{"$nulls":7},{"$f":"SUM(I44:I52)","v":{"v":2250,"d":"R 2,250.00"}}]
["TRANSPORT"]
["Item 4","Destinantion",null,null,"No of Trips",null,"KMs","Rate","Amount"]
[1,"18 pier St Southend to Jose Pearson TB Hospital"]
[null,"  and back.",null,null,1,null,113.2,{"v":5,"d":"R 5.00"},{"$f":"H57*G57","v":{"v":566,"d":"R 566.00"}}]
[]
["Sub Total D",{"$nulls":7},{"$f":"SUM(I56:I58)","v":{"v":566,"d":"R 566.00"}}]
[]
[{"$nulls":6}," Sub Total (A+B+C+D)",null,{"$f":"I59+I53+I41","v":{"v":5220.9400000000005,"d":"R 5,220.94"}}]
[]
[{"$nulls":6},"Sub Total",null,{"$f":"I61+I62","v":{"v":5220.9400000000005,"d":"R 5,220.94"}}]

{"sheet":"Livingstone Hospital (47)","index":72,"n_rows":63,"n_cols":13,"rows_kept":63,"hidden":true,"merged":[[8,0,8,4],[8,5,8,6],[8,7,8,8],[9,5,9,6],[9,7,9,8],[10,5,10,6],[10,7,10,8],[11,5,11,6],[11,7,11,8],[12,7,12,8],[13,5,13,6],[13,7,13,8],[14,5,14,6],[14,7,14,8],[15,0,15,8],[16,0,16,8],[17,1,17,3],[18,1,18,3],[19,1,19,3],[20,1,20,3],[21,0,21,7],[22,0,22,8],[23,1,23,5],[24,1,24,5],[25,1,25,5],[26,1,26,5],[27,1,27,5],[28,1,28,5],[29,1,29,5],[30,1,30,5],[31,1,31,5],[32,1,32,5],[33,1,33,5],[34,1,34,5],[35,1,35,5],[36,1,36,5],[37,1,37,5],[38,0,38,7],[39,0,39,7],[40,0,40,7],[41,0,41,8],[42,1,42,3],[42,4,42,5],[43,1,43,3],[43,4,43,5],[44,1,44,3],[44,4,44,5],[45,1,45,3],[45,4,45,5],[46,1,46,3],[46,4,46,5],[47,1,47,3],[47,4,47,5],[48,1,48,3],[48,4,48,5],[49,1,49,3],[50,1,50,3],[51,1,51,3],[52,0,52,7],[53,0,53,8],[54,1,54,3],[54,4,54,5],[55,1,55,3],[55,4,55,5],[56,1,56,3],[56,4,56,5],[57,1,57,3],[57,4,57,5],[58,0,58,7],[60,0,60,1],[60,2,60,4],[60,6,60,7],[61,0,61,1],[61,2,61,4],[62,0,62,1],[62,2,62,4],[62,6,62,7],[63,2,63,5]]}
{"$rows_empty":8}
["QUOTE TO :",{"$nulls":4},"Qoute No           ",null,{"$f":"#REF!","v":{"$error":"#REF!"}}]
["Department of Health",{"$nulls":4},"Date                   ",null,{"$f":"#REF!","v":{"$error":"#REF!"}}]
["717 Dukumbana Building",{"$nulls":4},"Facility              ",null,{"$f":"#REF!","v":{"$error":"#REF!"}}]
["Independent Avenue",{"$nulls":4},"Work Order     ",null,{"$f":"#REF!","v":{"$error":"#REF!"}}]
["Bhisho",{"$nulls":4},"Tender No       ",null,"SCMU3 - 17/18-0303 - HO"]
[{"$nulls":5},"Contract Term ",null,"24 MONTHS",{"$nulls":4}," "]
[{"$nulls":5},"GEN Id",null,"GEN/NMM/LIV/02"]
["WORK  REQUEST : Request for repair of power generator GEN/NMM/LIV/01 ,GEN/NMM/LIV/02 faulty battery charger and                                             GEN/NMM/LIV/03 faulty earth leakage and battery charger."]
["SCHEDULED WORK"]
["Item 1","Description",null,null,"Unit","Sch No","Quantity","Rate","Amount"]
[{"$nulls":8},{"$f":"SUM(G19*H19)","v":0}]
[{"$nulls":8},{"$f":"SUM(G20*H20)","v":0}]
[{"$nulls":8},0]
["Sub Total A",{"$nulls":7},{"$f":"SUM(I19:I21)","v":0}]
["NON SCHEDULED WORK"]
["Item 2","Description",{"$nulls":4},"Quantity","Rate","Amount"]
[1,"63A isolater",{"$nulls":4},1,{"v":160,"d":"160.00"},{"$f":"H25*G25","v":{"v":160,"d":"R 160.00"}}]
[2,"Monitor",{"$nulls":4},1,{"v":211,"d":"211.00"},{"$f":"H26*G26","v":{"v":211,"d":"R 211.00"}}]
[3,"Battery charger",{"$nulls":4},1,{"v":1094,"d":"1094.00"},{"$f":"H27*G27","v":{"v":1094,"d":"R 1,094.00"}}]
{"$rows_empty":11}
["Sub  Total",{"$nulls":7},{"$f":"SUM(I25:I38)","v":{"v":1465,"d":"R 1,465.00"}}]
["Mark - Up 15%",{"$nulls":7},{"$f":"ROUND((I39*0.15),2)","v":{"v":219.75,"d":"R 219.75"}}]
["SUb  Total  B",{"$nulls":7},{"$f":"I39+I40","v":{"v":1684.75,"d":"R 1,684.75"}}]
["LABOUR"]
["Item 3"," (Normal Rate)",null,null,"Unit",null,"Quantity","Rate","Amount"]
[1,"Techinician",null,null,"HRS",null,null,{"v":450,"d":"R450.00"},{"$f":"SUM(G44*H44)","v":0}]
[2," Senior Artisan  ",null,null,"HRS",null,null,{"v":350,"d":"R350.00"},{"$f":"SUM(G45*H45)","v":0}]
[3,"Artisan  (Trade Tested)",null,null,"HRS",null,7.5,{"v":300,"d":"R300.00"},{"v":2250,"d":"R 2,250.00"}]
[4,"Utility Man (Non - Trade Tested)",null,null,"HRS",null,null,{"v":200,"d":"R200.00"},0]
[5,"Artisan  Aid",null,null,"HRS",null,7.5,{"v":200,"d":"R200.00"},{"v":1500,"d":"R 1,500.00"}]
[6,"General Worker   ",null,null,"HRS",null,null,{"v":140,"d":"R140.00"},0]
[]
[]
[]
["Sub Total C",{"$nulls":7},{"$f":"SUM(I44:I52)","v":{"v":3750,"d":"R 3,750.00"}}]
["TRANSPORT"]
["Item 4","Destinantion",null,null,"No of Trips",null,"KMs","Rate","Amount"]
[1,"14 Milner Rd ,Mt Pleasant   to  Living  Hospital"]
[null,"  and back.",null,null,2,null,21.2,{"v":5,"d":"R 5.00"},{"$f":"H57*G57","v":{"v":106,"d":"R 106.00"}}]
[]
["Sub Total D",{"$nulls":7},{"$f":"SUM(I56:I58)","v":{"v":106,"d":"R 106.00"}}]
[]
[{"$nulls":6}," Sub Total (A+B+C+D)",null,{"$f":"I59+I53+I41","v":{"v":5540.75,"d":"R 5,540.75"}}]
[]
[{"$nulls":6},"Sub Total",null,{"$f":"I61+I62","v":{"v":5540.75,"d":"R 5,540.75"}}]

{"sheet":"PE Pro. Hosp (48)","index":73,"n_rows":63,"n_cols":13,"rows_kept":63,"hidden":true,"merged":[[8,0,8,4],[8,5,8,6],[8,7,8,8],[9,5,9,6],[9,7,9,8],[10,5,10,6],[10,7,10,8],[11,5,11,6],[11,7,11,8],[12,7,12,8],[13,5,13,6],[13,7,13,8],[14,5,14,6],[14,7,14,8],[15,0,15,8],[16,0,16,8],[17,1,17,3],[18,1,18,3],[19,1,19,3],[20,1,20,3],[21,0,21,7],[22,0,22,8],[23,1,23,5],[24,1,24,5],[25,1,25,5],[26,1,26,5],[27,1,27,5],[28,1,28,5],[29,1,29,5],[30,1,30,5],[31,1,31,5],[32,1,32,5],[33,1,33,5],[34,1,34,5],[35,1,35,5],[36,1,36,5],[37,1,37,5],[38,0,38,7],[39,0,39,7],[40,0,40,7],[41,0,41,8],[42,1,42,3],[42,4,42,5],[43,1,43,3],[43,4,43,5],[44,1,44,3],[44,4,44,5],[45,1,45,3],[45,4,45,5],[46,1,46,3],[46,4,46,5],[47,1,47,3],[47,4,47,5],[48,1,48,3],[48,4,48,5],[49,1,49,3],[50,1,50,3],[51,1,51,3],[52,0,52,7],[53,0,53,8],[54,1,54,3],[54,4,54,5],[55,1,55,3],[55,4,55,5],[56,1,56,3],[56,4,56,5],[57,1,57,3],[57,4,57,5],[58,0,58,7],[60,0,60,1],[60,2,60,4],[60,6,60,7],[61,0,61,1],[61,2,61,4],[62,0,62,1],[62,2,62,4],[62,6,62,7],[63,2,63,5]]}
{"$rows_empty":8}
["QUOTE TO :",{"$nulls":4},"Qoute No           ",null,47]
["Department of Health",{"$nulls":4},"Date                   ",null,{"$f":"#REF!","v":{"$error":"#REF!"}}]
["717 Dukumbana Building",{"$nulls":4},"Facility              ",null,{"$f":"#REF!","v":{"$error":"#REF!"}}]
["Independent Avenue",{"$nulls":4},"Work Order     ",null,{"$f":"#REF!","v":{"$error":"#REF!"}}]
["Bhisho",{"$nulls":4},"Tender No       ",null,"SCMU3 - 17/18-0303 - HO"]
[{"$nulls":5},"Contract Term ",null,"24 MONTHS",{"$nulls":4}," "]
[{"$nulls":5},"GEN Id",null,"GEN/NMM/JOS/01"]
["WORK  REQUEST : Generator not working."]
["SCHEDULED WORK"]
["Item 1","Description",null,null,"Unit","Sch No","Quantity","Rate","Amount"]
[{"$nulls":8},{"$f":"SUM(G19*H19)","v":0}]
[{"$nulls":8},{"$f":"SUM(G20*H20)","v":0}]
[{"$nulls":8},0]
["Sub Total A",{"$nulls":7},{"$f":"SUM(I19:I21)","v":0}]
["NON SCHEDULED WORK"]
["Item 2","Description",{"$nulls":4},"Quantity","Rate","Amount"]
[1,"50 KVA Alternator  double bearings",{"$nulls":4},1,{"v":14550,"d":"14550.00"},{"$f":"H25*G25","v":{"v":14550,"d":"R 14,550.00"}}]
[2,"SX 460 AVR",{"$nulls":4},1,{"v":3705,"d":"3705.00"},{"$f":"H26*G26","v":{"v":3705,"d":"R 3,705.00"}}]
[]
[null,"Approved Quotation"]
{"$rows_empty":10}
["Sub  Total",{"$nulls":7},{"$f":"SUM(I25:I38)","v":{"v":18255,"d":"R 18,255.00"}}]
["Mark - Up 15%",{"$nulls":7},{"$f":"ROUND((I39*0.15),2)","v":{"v":2738.25,"d":"R 2,738.25"}}]
["SUb  Total  B",{"$nulls":7},{"$f":"I39+I40","v":{"v":20993.25,"d":"R 20,993.25"}}]
["LABOUR"]
["Item 3"," (Normal Rate)",null,null,"Unit",null,"Quantity","Rate","Amount"]
[1,"Techinician",null,null,"HRS",null,10,{"v":450,"d":"R450.00"},{"$f":"SUM(G44*H44)","v":{"v":4500,"d":"R 4,500.00"}}]
[2," Senior Artisan  ",null,null,"HRS",null,null,{"v":350,"d":"R350.00"},{"$f":"SUM(G45*H45)","v":0}]
[3,"Artisan  (Trade Tested)",null,null,"HRS",null,null,{"v":300,"d":"R300.00"},0]
[4,"Utility Man (Non - Trade Tested)",null,null,"HRS",null,null,{"v":200,"d":"R200.00"},0]
[5,"Artisan  Aid",null,null,"HRS",null,null,{"v":200,"d":"R200.00"},0]
[6,"General Worker   (2)",null,null,"HRS",null,20,{"v":140,"d":"R140.00"},{"v":2800,"d":"R 2,800.00"}]
[]
[]
[]
["Sub Total C",{"$nulls":7},{"$f":"SUM(I44:I52)","v":{"v":7300,"d":"R 7,300.00"}}]
["TRANSPORT"]
["Item 4","Destinantion",null,null,"No of Trips",null,"KMs","Rate","Amount"]
[1,"14 Milner Rd ,Mt Pleasant  PE to PE Prov. Hospital"]
[null,"  and back.",null,null,3,null,58.8,{"v":5,"d":"R 5.00"},{"$f":"H57*G57","v":{"v":294,"d":"R 294.00"}}]
[]
["Sub Total D",{"$nulls":7},{"$f":"SUM(I56:I58)","v":{"v":294,"d":"R 294.00"}}]
[]
[{"$nulls":6}," Sub Total (A+B+C+D)",null,{"$f":"I59+I53+I41","v":{"v":28587.25,"d":"R 28,587.25"}}]
[]
[{"$nulls":6},"Sub Total",null,{"$f":"I61+I62","v":{"v":28587.25,"d":"R 28,587.25"}}]

{"sheet":"Elizabeth Donken hosp.(49)","index":74,"n_rows":63,"n_cols":13,"rows_kept":63,"hidden":true,"merged":[[8,0,8,4],[8,5,8,6],[8,7,8,8],[9,5,9,6],[9,7,9,8],[10,5,10,6],[10,7,10,8],[11,5,11,6],[11,7,11,8],[12,7,12,8],[13,5,13,6],[13,7,13,8],[14,5,14,6],[14,7,14,8],[15,0,15,8],[16,0,16,8],[17,1,17,3],[18,1,18,3],[19,1,19,3],[20,1,20,3],[21,0,21,7],[22,0,22,8],[23,1,23,5],[24,1,24,5],[25,1,25,5],[26,1,26,5],[27,1,27,5],[28,1,28,5],[29,1,29,5],[30,1,30,5],[31,1,31,5],[32,1,32,5],[33,1,33,5],[34,1,34,5],[35,1,35,5],[36,1,36,5],[37,1,37,5],[38,0,38,7],[39,0,39,7],[40,0,40,7],[41,0,41,8],[42,1,42,3],[42,4,42,5],[43,1,43,3],[43,4,43,5],[44,1,44,3],[44,4,44,5],[45,1,45,3],[45,4,45,5],[46,1,46,3],[46,4,46,5],[47,1,47,3],[47,4,47,5],[48,1,48,3],[48,4,48,5],[49,1,49,3],[50,1,50,3],[51,1,51,3],[52,0,52,7],[53,0,53,8],[54,1,54,3],[54,4,54,5],[55,1,55,3],[55,4,55,5],[56,1,56,3],[56,4,56,5],[57,1,57,3],[57,4,57,5],[58,0,58,7],[60,0,60,1],[60,2,60,4],[60,6,60,7],[61,0,61,1],[61,2,61,4],[62,0,62,1],[62,2,62,4],[62,6,62,7],[63,2,63,5]]}
{"$rows_empty":8}
["QUOTE TO :",{"$nulls":4},"Qoute No           ",null,{"$f":"#REF!","v":{"$error":"#REF!"}}]
["Department of Health",{"$nulls":4},"Date                   ",null,{"$f":"#REF!","v":{"$error":"#REF!"}}]
["717 Dukumbana Building",{"$nulls":4},"Facility              ",null,{"$f":"#REF!","v":{"$error":"#REF!"}}]
["Independent Avenue",{"$nulls":4},"Work Order     ",null,{"$f":"#REF!","v":{"$error":"#REF!"}}]
["Bhisho",{"$nulls":4},"Tender No       ",null,"SCMU3 - 17/18-0303 - HO"]
[{"$nulls":5},"Contract Term ",null,"24 MONTHS",{"$nulls":4}," "]
[{"$nulls":5},"GEN Id",null,"GEN/NMM/DON/01"]
["WORK  REQUEST : Repairs to fuel hose and heater hose for generator."]
["SCHEDULED WORK"]
["Item 1","Description",null,null,"Unit","Sch No","Quantity","Rate","Amount"]
[{"$nulls":8},{"$f":"SUM(G19*H19)","v":0}]
[{"$nulls":8},{"$f":"SUM(G20*H20)","v":0}]
[{"$nulls":8},0]
["Sub Total A",{"$nulls":7},{"$f":"SUM(I19:I21)","v":0}]
["NON SCHEDULED WORK"]
["Item 2","Description",{"$nulls":4},"Quantity","Rate","Amount"]
[1,"Fuel line",{"$nulls":4},1,{"v":682,"d":"682.00"},{"$f":"H25*G25","v":{"v":682,"d":"R 682.00"}}]
[2,"Hose (5m)",{"$nulls":4},1,248.85,{"$f":"H26*G26","v":{"v":248.85,"d":"R 248.85"}}]
{"$rows_empty":12}
["Sub  Total",{"$nulls":7},{"$f":"SUM(I25:I38)","v":{"v":930.85,"d":"R 930.85"}}]
["Mark - Up 15%",{"$nulls":7},{"$f":"ROUND((I39*0.15),2)","v":{"v":139.63,"d":"R 139.63"}}]
["SUb  Total  B",{"$nulls":7},{"$f":"I39+I40","v":{"v":1070.48,"d":"R 1,070.48"}}]
["LABOUR"]
["Item 3"," (Normal Rate)",null,null,"Unit",null,"Quantity","Rate","Amount"]
[1,"Techinician",null,null,"HRS",null,4,{"v":450,"d":"R450.00"},{"$f":"SUM(G44*H44)","v":{"v":1800,"d":"R 1,800.00"}}]
[2," Senior Artisan  ",null,null,"HRS",null,null,{"v":350,"d":"R350.00"},{"$f":"SUM(G45*H45)","v":0}]
[3,"Artisan  (Trade Tested)",null,null,"HRS",null,null,{"v":300,"d":"R300.00"},0]
[4,"Utility Man (Non - Trade Tested)",null,null,"HRS",null,null,{"v":200,"d":"R200.00"},0]
[5,"Artisan  Aid",null,null,"HRS",null,4,{"v":200,"d":"R200.00"},{"v":800,"d":"R 800.00"}]
[6,"General Worker   (2)",null,null,"HRS",null,null,{"v":140,"d":"R140.00"},0]
[]
[]
[]
["Sub Total C",{"$nulls":7},{"$f":"SUM(I44:I52)","v":{"v":2600,"d":"R 2,600.00"}}]
["TRANSPORT"]
["Item 4","Destinantion",null,null,"No of Trips",null,"KMs","Rate","Amount"]
[1,"14 Milner Rd ,Mt Pleasant  PE to Elizabeth Donkin Hospital"]
[null,"  and back.",null,null,2,null,39.6,{"v":5,"d":"R 5.00"},{"$f":"H57*G57","v":{"v":198,"d":"R 198.00"}}]
[]
["Sub Total D",{"$nulls":7},{"$f":"SUM(I56:I58)","v":{"v":198,"d":"R 198.00"}}]
[]
[{"$nulls":6}," Sub Total (A+B+C+D)",null,{"$f":"I59+I53+I41","v":{"v":3868.48,"d":"R 3,868.48"}}]
[]
[{"$nulls":6},"Sub Total",null,{"$f":"I61+I62","v":{"v":3868.48,"d":"R 3,868.48"}}]

{"sheet":"Dora Ngiza (50)","index":75,"n_rows":63,"n_cols":13,"rows_kept":63,"hidden":true,"merged":[[8,0,8,4],[8,5,8,6],[8,7,8,8],[9,5,9,6],[9,7,9,8],[10,5,10,6],[10,7,10,8],[11,5,11,6],[11,7,11,8],[12,7,12,8],[13,5,13,6],[13,7,13,8],[14,5,14,6],[14,7,14,8],[15,0,15,8],[16,0,16,8],[17,1,17,3],[18,1,18,3],[19,1,19,3],[20,1,20,3],[21,0,21,7],[22,0,22,8],[23,1,23,5],[24,1,24,5],[25,1,25,5],[26,1,26,5],[27,1,27,5],[28,1,28,5],[29,1,29,5],[30,1,30,5],[31,1,31,5],[32,1,32,5],[33,1,33,5],[34,1,34,5],[35,1,35,5],[36,1,36,5],[37,1,37,5],[38,0,38,7],[39,0,39,7],[40,0,40,7],[41,0,41,8],[42,1,42,3],[42,4,42,5],[43,1,43,3],[43,4,43,5],[44,1,44,3],[44,4,44,5],[45,1,45,3],[45,4,45,5],[46,1,46,3],[46,4,46,5],[47,1,47,3],[47,4,47,5],[48,1,48,3],[48,4,48,5],[49,1,49,3],[50,1,50,3],[51,1,51,3],[52,0,52,7],[53,0,53,8],[54,1,54,3],[54,4,54,5],[55,1,55,3],[55,4,55,5],[56,1,56,3],[56,4,56,5],[57,1,57,3],[57,4,57,5],[58,0,58,7],[60,0,60,1],[60,2,60,4],[60,6,60,7],[61,0,61,1],[61,2,61,4],[62,0,62,1],[62,2,62,4],[62,6,62,7],[63,2,63,5]]}
{"$rows_empty":8}
["QUOTE TO :",{"$nulls":4},"Qoute No           ",null,{"$f":"#REF!","v":{"$error":"#REF!"}}]
["Department of Health",{"$nulls":4},"Date                   ",null,{"$f":"#REF!","v":{"$error":"#REF!"}}]
["717 Dukumbana Building",{"$nulls":4},"Facility              ",null,{"$f":"#REF!","v":{"$error":"#REF!"}}]
["Independent Avenue",{"$nulls":4},"Work Order     ",null,{"$f":"#REF!","v":{"$error":"#REF!"}}]
["Bhisho",{"$nulls":4},"Tender No       ",null,"SCMU3 - 17/18-0303 - HO"]
[{"$nulls":5},"Contract Term ",null,"24 MONTHS",{"$nulls":4}," "]
[{"$nulls":5},"GEN Id",null,"GEN/NMM/DOR/01"]
["WORK  REQUEST : Casual generator  is faulty at Dora Ngiza Hospital."]
["SCHEDULED WORK"]
["Item 1","Description",null,null,"Unit","Sch No","Quantity","Rate","Amount"]
[{"$nulls":8},{"$f":"SUM(G19*H19)","v":0}]
[{"$nulls":8},{"$f":"SUM(G20*H20)","v":0}]
[{"$nulls":8},0]
["Sub Total A",{"$nulls":7},{"$f":"SUM(I19:I21)","v":0}]
["NON SCHEDULED WORK"]
["Item 2","Description",{"$nulls":4},"Quantity","Rate","Amount"]
[{"$nulls":8},{"$f":"H25*G25","v":0}]
[{"$nulls":8},{"$f":"H26*G26","v":0}]
{"$rows_empty":12}
["Sub  Total",{"$nulls":7},{"$f":"SUM(I25:I38)","v":0}]
["Mark - Up 15%",{"$nulls":7},{"$f":"ROUND((I39*0.15),2)","v":0}]
["SUb  Total  B",{"$nulls":7},{"$f":"I39+I40","v":0}]
["LABOUR"]
["Item 3"," (Normal Rate)",null,null,"Unit",null,"Quantity","Rate","Amount"]
[1,"Techinician",null,null,"HRS",null,null,{"v":450,"d":"R450.00"},{"$f":"SUM(G44*H44)","v":0}]
[2," Senior Artisan  ",null,null,"HRS",null,null,{"v":350,"d":"R350.00"},{"$f":"SUM(G45*H45)","v":0}]
[3,"Artisan  (Trade Tested)",null,null,"HRS",null,1,{"v":300,"d":"R300.00"},{"v":300,"d":"R 300.00"}]
[4,"Utility Man (Non - Trade Tested)",null,null,"HRS",null,null,{"v":200,"d":"R200.00"},0]
[5,"Artisan  Aid",null,null,"HRS",null,1,{"v":200,"d":"R200.00"},{"v":200,"d":"R 200.00"}]
[6,"General Worker   (2)",null,null,"HRS",null,null,{"v":140,"d":"R140.00"},0]
[]
[]
[]
["Sub Total C",{"$nulls":7},{"$f":"SUM(I44:I52)","v":{"v":500,"d":"R 500.00"}}]
["TRANSPORT"]
["Item 4","Destinantion",null,null,"No of Trips",null,"KMs","Rate","Amount"]
[1,"Office to Dora Ngiza Hospital"]
[null,"  and back.",null,null,1,null,33.4,{"v":5,"d":"R 5.00"},{"$f":"H57*G57","v":{"v":167,"d":"R 167.00"}}]
[]
["Sub Total D",{"$nulls":7},{"$f":"SUM(I56:I58)","v":{"v":167,"d":"R 167.00"}}]
[]
[{"$nulls":6}," Sub Total (A+B+C+D)",null,{"$f":"I59+I53+I41","v":{"v":667,"d":"R 667.00"}}]
[]
[{"$nulls":6},"Sub Total",null,{"$f":"I61+I62","v":{"v":667,"d":"R 667.00"}}]

{"sheet":"Dora Ngiza (51)","index":76,"n_rows":63,"n_cols":13,"rows_kept":63,"hidden":true,"merged":[[8,0,8,4],[8,5,8,6],[8,7,8,8],[9,5,9,6],[9,7,9,8],[10,5,10,6],[10,7,10,8],[11,5,11,6],[11,7,11,8],[12,7,12,8],[13,5,13,6],[13,7,13,8],[14,5,14,6],[14,7,14,8],[15,0,15,8],[16,0,16,8],[17,1,17,3],[18,1,18,3],[19,1,19,3],[20,1,20,3],[21,0,21,7],[22,0,22,8],[23,1,23,5],[24,1,24,5],[25,1,25,5],[26,1,26,5],[27,1,27,5],[28,1,28,5],[29,1,29,5],[30,1,30,5],[31,1,31,5],[32,1,32,5],[33,1,33,5],[34,1,34,5],[35,1,35,5],[36,1,36,5],[37,1,37,5],[38,0,38,7],[39,0,39,7],[40,0,40,7],[41,0,41,8],[42,1,42,3],[42,4,42,5],[43,1,43,3],[43,4,43,5],[44,1,44,3],[44,4,44,5],[45,1,45,3],[45,4,45,5],[46,1,46,3],[46,4,46,5],[47,1,47,3],[47,4,47,5],[48,1,48,3],[48,4,48,5],[49,1,49,3],[50,1,50,3],[51,1,51,3],[52,0,52,7],[53,0,53,8],[54,1,54,3],[54,4,54,5],[55,1,55,3],[55,4,55,5],[56,1,56,3],[56,4,56,5],[57,1,57,3],[57,4,57,5],[58,0,58,7],[60,0,60,1],[60,2,60,4],[60,6,60,7],[61,0,61,1],[61,2,61,4],[62,0,62,1],[62,2,62,4],[62,6,62,7],[63,2,63,5]]}
{"$rows_empty":8}
["QUOTE TO :",{"$nulls":4},"Qoute No           ",null,{"$f":"#REF!","v":{"$error":"#REF!"}}]
["Department of Health",{"$nulls":4},"Date                   ",null,{"$f":"#REF!","v":{"$error":"#REF!"}}]
["717 Dukumbana Building",{"$nulls":4},"Facility              ",null,{"$f":"#REF!","v":{"$error":"#REF!"}}]
["Independent Avenue",{"$nulls":4},"Work Order     ",null,{"$f":"#REF!","v":{"$error":"#REF!"}}]
["Bhisho",{"$nulls":4},"Tender No       ",null,"SCMU3 - 17/18-0303 - HO"]
[{"$nulls":5},"Contract Term ",null,"24 MONTHS",{"$nulls":4}," "]
[{"$nulls":5},"GEN Id",null,"GEN/NMM/DOR/05"]
["WORK  REQUEST : Casualty generator is leaking oil."]
["SCHEDULED WORK"]
["Item 1","Description",null,null,"Unit","Sch No","Quantity","Rate","Amount"]
[{"$nulls":8},{"$f":"SUM(G19*H19)","v":0}]
[{"$nulls":8},{"$f":"SUM(G20*H20)","v":0}]
[{"$nulls":8},0]
["Sub Total A",{"$nulls":7},{"$f":"SUM(I19:I21)","v":0}]
["NON SCHEDULED WORK"]
["Item 2","Description",{"$nulls":4},"Quantity","Rate","Amount"]
[1,"Recondition of the engine (Subcob )",{"$nulls":4},1,3167.47,{"$f":"H25*G25","v":{"v":3167.47,"d":"R 3,167.47"}}]
{"$rows_empty":13}
["Sub  Total",{"$nulls":7},{"$f":"SUM(I25:I38)","v":{"v":3167.47,"d":"R 3,167.47"}}]
["Mark - Up 15%",{"$nulls":7},{"$f":"ROUND((I39*0.15),2)","v":{"v":475.12,"d":"R 475.12"}}]
["SUb  Total  B",{"$nulls":7},{"$f":"I39+I40","v":{"v":3642.5899999999997,"d":"R 3,642.59"}}]
["LABOUR"]
["Item 3"," (Normal Rate)",null,null,"Unit",null,"Quantity","Rate","Amount"]
[1,"Techinician",null,null,"HRS",null,null,{"v":450,"d":"R450.00"},{"$f":"SUM(G44*H44)","v":0}]
[2," Senior Artisan  ",null,null,"HRS",null,null,{"v":350,"d":"R350.00"},{"$f":"SUM(G45*H45)","v":0}]
[3,"Artisan  (Trade Tested)",null,null,"HRS",null,2.5,{"v":300,"d":"R300.00"},{"v":750,"d":"R 750.00"}]
[4,"Utility Man (Non - Trade Tested)",null,null,"HRS",null,null,{"v":200,"d":"R200.00"},0]
[5,"Artisan  Aid",null,null,"HRS",null,2.5,{"v":200,"d":"R200.00"},{"v":500,"d":"R 500.00"}]
[6,"General Worker   (3)",null,null,"HRS",null,null,{"v":140,"d":"R140.00"},0]
[]
[]
[]
["Sub Total C",{"$nulls":7},{"$f":"SUM(I44:I52)","v":{"v":1250,"d":"R 1,250.00"}}]
["TRANSPORT"]
["Item 4","Destinantion",null,null,"No of Trips",null,"KMs","Rate","Amount"]
[1,"Office to Dora Ngiza Hospital"]
[null,"  and back.",null,null,1,null,66.4,{"v":5,"d":"R 5.00"},{"$f":"H57*G57","v":{"v":332,"d":"R 332.00"}}]
[]
["Sub Total D",{"$nulls":7},{"$f":"SUM(I56:I58)","v":{"v":332,"d":"R 332.00"}}]
[]
[{"$nulls":6}," Sub Total (A+B+C+D)",null,{"$f":"I59+I53+I41","v":{"v":5224.59,"d":"R 5,224.59"}}]
[]
[{"$nulls":6},"Sub Total",null,{"$f":"I61+I62","v":{"v":5224.59,"d":"R 5,224.59"}}]

{"sheet":"West End (52)","index":77,"n_rows":63,"n_cols":13,"rows_kept":63,"hidden":true,"merged":[[8,0,8,4],[8,5,8,6],[8,7,8,8],[9,5,9,6],[9,7,9,8],[10,5,10,6],[10,7,10,8],[11,5,11,6],[11,7,11,8],[12,7,12,8],[13,5,13,6],[13,7,13,8],[14,5,14,6],[14,7,14,8],[15,0,15,8],[16,0,16,8],[17,1,17,3],[18,1,18,3],[19,1,19,3],[20,1,20,3],[21,0,21,7],[22,0,22,8],[23,1,23,5],[24,1,24,5],[25,1,25,5],[26,1,26,5],[27,1,27,5],[28,1,28,5],[29,1,29,5],[30,1,30,5],[31,1,31,5],[32,1,32,5],[33,1,33,5],[34,1,34,5],[35,1,35,5],[36,1,36,5],[37,1,37,5],[38,0,38,7],[39,0,39,7],[40,0,40,7],[41,0,41,8],[42,1,42,3],[42,4,42,5],[43,1,43,3],[43,4,43,5],[44,1,44,3],[44,4,44,5],[45,1,45,3],[45,4,45,5],[46,1,46,3],[46,4,46,5],[47,1,47,3],[47,4,47,5],[48,1,48,3],[48,4,48,5],[49,1,49,3],[50,1,50,3],[51,1,51,3],[52,0,52,7],[53,0,53,8],[54,1,54,3],[54,4,54,5],[55,1,55,3],[55,4,55,5],[56,1,56,3],[56,4,56,5],[57,1,57,3],[57,4,57,5],[58,0,58,7],[60,0,60,1],[60,2,60,4],[60,6,60,7],[61,0,61,1],[61,2,61,4],[62,0,62,1],[62,2,62,4],[62,6,62,7],[63,2,63,5]]}
{"$rows_empty":8}
["QUOTE TO :",{"$nulls":4},"Qoute No           ",null,{"$f":"#REF!","v":{"$error":"#REF!"}}]
["Department of Health",{"$nulls":4},"Date                   ",null,{"$f":"#REF!","v":{"$error":"#REF!"}}]
["717 Dukumbana Building",{"$nulls":4},"Facility              ",null,{"$f":"#REF!","v":{"$error":"#REF!"}}]
["Independent Avenue",{"$nulls":4},"Work Order     ",null,{"$f":"#REF!","v":{"$error":"#REF!"}}]
["Bhisho",{"$nulls":4},"Tender No       ",null,"SCMU3 - 17/18-0303 - HO"]
[{"$nulls":5},"Contract Term ",null,"24 MONTHS",{"$nulls":4}," "]
[{"$nulls":5},"GEN Id",null,"GEN/NMM/WES/01"]
["WORK  REQUEST : Generator leaking oil."]
["SCHEDULED WORK"]
["Item 1","Description",null,null,"Unit","Sch No","Quantity","Rate","Amount"]
[{"$nulls":8},{"$f":"SUM(G19*H19)","v":0}]
[{"$nulls":8},{"$f":"SUM(G20*H20)","v":0}]
[{"$nulls":8},0]
["Sub Total A",{"$nulls":7},{"$f":"SUM(I19:I21)","v":0}]
["NON SCHEDULED WORK"]
["Item 2","Description",{"$nulls":4},"Quantity","Rate","Amount"]
{"$rows_empty":14}
["Sub  Total",{"$nulls":7},{"$f":"SUM(I25:I38)","v":0}]
["Mark - Up 15%",{"$nulls":7},{"$f":"ROUND((I39*0.15),2)","v":0}]
["SUb  Total  B",{"$nulls":7},{"$f":"I39+I40","v":0}]
["LABOUR"]
["Item 3"," (Normal Rate)",null,null,"Unit",null,"Quantity","Rate","Amount"]
[1,"Techinician",null,null,"HRS",null,null,{"v":450,"d":"R450.00"},{"$f":"SUM(G44*H44)","v":0}]
[2," Senior Artisan  ",null,null,"HRS",null,null,{"v":350,"d":"R350.00"},{"$f":"SUM(G45*H45)","v":0}]
[3,"Artisan  (Trade Tested)",null,null,"HRS",null,3,{"v":300,"d":"R300.00"},{"v":900,"d":"R 900.00"}]
[4,"Utility Man (Non - Trade Tested)",null,null,"HRS",null,null,{"v":200,"d":"R200.00"},0]
[5,"Artisan  Aid",null,null,"HRS",null,3,{"v":200,"d":"R200.00"},{"v":600,"d":"R 600.00"}]
[6,"General Worker   (3)",null,null,"HRS",null,null,{"v":140,"d":"R140.00"},0]
[]
[]
[]
["Sub Total C",{"$nulls":7},{"$f":"SUM(I44:I52)","v":{"v":1500,"d":"R 1,500.00"}}]
["TRANSPORT"]
["Item 4","Destinantion",null,null,"No of Trips",null,"KMs","Rate","Amount"]
[1,"Office to West End CHC"]
[null,"  and back.",null,null,1,null,34,{"v":5,"d":"R 5.00"},{"$f":"H57*G57","v":{"v":170,"d":"R 170.00"}}]
[]
["Sub Total D",{"$nulls":7},{"$f":"SUM(I56:I58)","v":{"v":170,"d":"R 170.00"}}]
[]
[{"$nulls":6}," Sub Total (A+B+C+D)",null,{"$f":"I59+I53+I41","v":{"v":1670,"d":"R 1,670.00"}}]
[]
[{"$nulls":6},"Sub Total",null,{"$f":"I61+I62","v":{"v":1670,"d":"R 1,670.00"}}]

{"sheet":"Elizabeth Hospital (53)","index":78,"n_rows":63,"n_cols":13,"rows_kept":63,"hidden":true,"merged":[[8,0,8,4],[8,5,8,6],[8,7,8,8],[9,5,9,6],[9,7,9,8],[10,5,10,6],[10,7,10,8],[11,5,11,6],[11,7,11,8],[12,7,12,8],[13,5,13,6],[13,7,13,8],[14,5,14,6],[14,7,14,8],[15,0,15,8],[16,0,16,8],[17,1,17,3],[18,1,18,3],[19,1,19,3],[20,1,20,3],[21,0,21,7],[22,0,22,8],[23,1,23,5],[24,1,24,5],[25,1,25,5],[26,1,26,5],[27,1,27,5],[28,1,28,5],[29,1,29,5],[30,1,30,5],[31,1,31,5],[32,1,32,5],[33,1,33,5],[34,1,34,5],[35,1,35,5],[36,1,36,5],[37,1,37,5],[38,0,38,7],[39,0,39,7],[40,0,40,7],[41,0,41,8],[42,1,42,3],[42,4,42,5],[43,1,43,3],[43,4,43,5],[44,1,44,3],[44,4,44,5],[45,1,45,3],[45,4,45,5],[46,1,46,3],[46,4,46,5],[47,1,47,3],[47,4,47,5],[48,1,48,3],[48,4,48,5],[49,1,49,3],[50,1,50,3],[51,1,51,3],[52,0,52,7],[53,0,53,8],[54,1,54,3],[54,4,54,5],[55,1,55,3],[55,4,55,5],[56,1,56,3],[56,4,56,5],[57,1,57,3],[57,4,57,5],[58,0,58,7],[60,0,60,1],[60,2,60,4],[60,6,60,7],[61,0,61,1],[61,2,61,4],[62,0,62,1],[62,2,62,4],[62,6,62,7],[63,2,63,5]]}
{"$rows_empty":8}
["QUOTE TO :",{"$nulls":4},"Qoute No           ",null,{"$f":"#REF!","v":{"$error":"#REF!"}}]
["Department of Health",{"$nulls":4},"Date                   ",null,{"$f":"#REF!","v":{"$error":"#REF!"}}]
["717 Dukumbana Building",{"$nulls":4},"Facility              ",null,{"$f":"#REF!","v":{"$error":"#REF!"}}]
["Independent Avenue",{"$nulls":4},"Work Order     ",null,{"$f":"#REF!","v":{"$error":"#REF!"}}]
["Bhisho",{"$nulls":4},"Tender No       ",null,"SCMU3 - 17/18-0303 - HO"]
[{"$nulls":5},"Contract Term ",null,"24 MONTHS",{"$nulls":4}," "]
[{"$nulls":5},"GEN Id",null,"GEN/NMM/DON/01"]
["WORK  REQUEST : Generator leaking oil."]
["SCHEDULED WORK"]
["Item 1","Description",null,null,"Unit","Sch No","Quantity","Rate","Amount"]
[{"$nulls":8},{"$f":"SUM(G19*H19)","v":0}]
[{"$nulls":8},{"$f":"SUM(G20*H20)","v":0}]
[{"$nulls":8},0]
["Sub Total A",{"$nulls":7},{"$f":"SUM(I19:I21)","v":0}]
["NON SCHEDULED WORK"]
["Item 2","Description",{"$nulls":4},"Quantity","Rate","Amount"]
{"$rows_empty":14}
["Sub  Total",{"$nulls":7},{"$f":"SUM(I25:I38)","v":0}]
["Mark - Up 15%",{"$nulls":7},{"$f":"ROUND((I39*0.15),2)","v":0}]
["SUb  Total  B",{"$nulls":7},{"$f":"I39+I40","v":0}]
["LABOUR"]
["Item 3"," (Normal Rate)",null,null,"Unit",null,"Quantity","Rate","Amount"]
[1,"Techinician",null,null,"HRS",null,null,{"v":450,"d":"R450.00"},{"$f":"SUM(G44*H44)","v":0}]
[2," Senior Artisan  ",null,null,"HRS",null,null,{"v":350,"d":"R350.00"},{"$f":"SUM(G45*H45)","v":0}]
[3,"Artisan  (Trade Tested)",null,null,"HRS",null,1.5,{"v":300,"d":"R300.00"},{"v":450,"d":"R 450.00"}]
[4,"Utility Man (Non - Trade Tested)",null,null,"HRS",null,null,{"v":200,"d":"R200.00"},0]
[5,"Artisan  Aid",null,null,"HRS",null,1.5,{"v":200,"d":"R200.00"},{"v":300,"d":"R 300.00"}]
[6,"General Worker   (3)",null,null,"HRS",null,null,{"v":140,"d":"R140.00"},0]
[]
[]
[]
["Sub Total C",{"$nulls":7},{"$f":"SUM(I44:I52)","v":{"v":750,"d":"R 750.00"}}]
["TRANSPORT"]
["Item 4","Destinantion",null,null,"No of Trips",null,"KMs","Rate","Amount"]
[1,"Office to Elizabeth Donking Hospital"]
[null,"  and back.",null,null,1,null,19.8,{"v":5,"d":"R 5.00"},{"$f":"H57*G57","v":{"v":99,"d":"R 99.00"}}]
[]
["Sub Total D",{"$nulls":7},{"$f":"SUM(I56:I58)","v":{"v":99,"d":"R 99.00"}}]
[]
[{"$nulls":6}," Sub Total (A+B+C+D)",null,{"$f":"I59+I53+I41","v":{"v":849,"d":"R 849.00"}}]
[]
[{"$nulls":6},"Sub Total",null,{"$f":"I61+I62","v":{"v":849,"d":"R 849.00"}}]

{"sheet":"Orsmond TB Hosp.(54)","index":79,"n_rows":63,"n_cols":13,"rows_kept":63,"hidden":true,"merged":[[8,0,8,4],[8,5,8,6],[8,7,8,8],[9,5,9,6],[9,7,9,8],[10,5,10,6],[10,7,10,8],[11,5,11,6],[11,7,11,8],[12,7,12,8],[13,5,13,6],[13,7,13,8],[14,5,14,6],[14,7,14,8],[15,0,15,8],[16,0,16,8],[17,1,17,3],[18,1,18,3],[19,1,19,3],[20,1,20,3],[21,0,21,7],[22,0,22,8],[23,1,23,5],[24,1,24,5],[25,1,25,5],[26,1,26,5],[27,1,27,5],[28,1,28,5],[29,1,29,5],[30,1,30,5],[31,1,31,5],[32,1,32,5],[33,1,33,5],[34,1,34,5],[35,1,35,5],[36,1,36,5],[37,1,37,5],[38,0,38,7],[39,0,39,7],[40,0,40,7],[41,0,41,8],[42,1,42,3],[42,4,42,5],[43,1,43,3],[43,4,43,5],[44,1,44,3],[44,4,44,5],[45,1,45,3],[45,4,45,5],[46,1,46,3],[46,4,46,5],[47,1,47,3],[47,4,47,5],[48,1,48,3],[48,4,48,5],[49,1,49,3],[50,1,50,3],[51,1,51,3],[52,0,52,7],[53,0,53,8],[54,1,54,3],[54,4,54,5],[55,1,55,3],[55,4,55,5],[56,1,56,3],[56,4,56,5],[57,1,57,3],[57,4,57,5],[58,0,58,7],[60,0,60,1],[60,2,60,4],[60,6,60,7],[61,0,61,1],[61,2,61,4],[62,0,62,1],[62,2,62,4],[62,6,62,7],[63,2,63,5]]}
{"$rows_empty":8}
["QUOTE TO :",{"$nulls":4},"Qoute No           ",null,{"$f":"#REF!","v":{"$error":"#REF!"}}]
["Department of Health",{"$nulls":4},"Date                   ",null,{"$f":"#REF!","v":{"$error":"#REF!"}}]
["717 Dukumbana Building",{"$nulls":4},"Facility              ",null,{"$f":"#REF!","v":{"$error":"#REF!"}}]
["Independent Avenue",{"$nulls":4},"Work Order     ",null,{"$f":"#REF!","v":{"$error":"#REF!"}}]
["Bhisho",{"$nulls":4},"Tender No       ",null,"SCMU3 - 17/18-0303 - HO"]
[{"$nulls":5},"Contract Term ",null,"24 MONTHS",{"$nulls":4}," "]
[{"$nulls":5},"GEN Id",null,"GEN/NMM/DON/01"]
["WORK  REQUEST : Water jacket heater not working."]
["SCHEDULED WORK"]
["Item 1","Description",null,null,"Unit","Sch No","Quantity","Rate","Amount"]
[{"$nulls":8},{"$f":"SUM(G19*H19)","v":0}]
[{"$nulls":8},{"$f":"SUM(G20*H20)","v":0}]
[{"$nulls":8},0]
["Sub Total A",{"$nulls":7},{"$f":"SUM(I19:I21)","v":0}]
["NON SCHEDULED WORK"]
["Item 2","Description",{"$nulls":4},"Quantity","Rate","Amount"]
[1,"Thermostat",{"$nulls":4},1,150.43,{"$f":"H25*G25","v":{"v":150.43,"d":"R 150.43"}}]
[2,"Mini Geyser ",{"$nulls":4},1,{"v":299,"d":"299.00"},{"$f":"H26*G26","v":{"v":299,"d":"R 299.00"}}]
[3,"Antifreeze (5L)",{"$nulls":4},1,{"v":249.5,"d":"249.50"},{"$f":"H27*G27","v":{"v":249.5,"d":"R 249.50"}}]
{"$rows_empty":11}
["Sub  Total",{"$nulls":7},{"$f":"SUM(I25:I38)","v":{"v":698.9300000000001,"d":"R 698.93"}}]
["Mark - Up 15%",{"$nulls":7},{"$f":"ROUND((I39*0.15),2)","v":{"v":104.84,"d":"R 104.84"}}]
["SUb  Total  B",{"$nulls":7},{"$f":"I39+I40","v":{"v":803.7700000000001,"d":"R 803.77"}}]
["LABOUR"]
["Item 3"," (Normal Rate)",null,null,"Unit",null,"Quantity","Rate","Amount"]
[1,"Techinician",null,null,"HRS",null,null,{"v":450,"d":"R450.00"},{"$f":"SUM(G44*H44)","v":0}]
[2," Senior Artisan  ",null,null,"HRS",null,null,{"v":350,"d":"R350.00"},{"$f":"SUM(G45*H45)","v":0}]
[3,"Artisan  (Trade Tested)",null,null,"HRS",null,3.5,{"v":300,"d":"R300.00"},{"v":1050,"d":"R 1,050.00"}]
[4,"Utility Man (Non - Trade Tested)",null,null,"HRS",null,null,{"v":200,"d":"R200.00"},0]
[5,"Artisan  Aid",null,null,"HRS",null,3.5,{"v":200,"d":"R200.00"},{"v":700,"d":"R 700.00"}]
[6,"General Worker   (3)",null,null,"HRS",null,null,{"v":140,"d":"R140.00"},0]
[]
[]
[]
["Sub Total C",{"$nulls":7},{"$f":"SUM(I44:I52)","v":{"v":1750,"d":"R 1,750.00"}}]
["TRANSPORT"]
["Item 4","Destinantion",null,null,"No of Trips",null,"KMs","Rate","Amount"]
[1,"Office to Orsmond TB Hospital"]
[null,"  and back.",null,null,1,null,81.8,{"v":5,"d":"R 5.00"},{"$f":"H57*G57","v":{"v":409,"d":"R 409.00"}}]
[]
["Sub Total D",{"$nulls":7},{"$f":"SUM(I56:I58)","v":{"v":409,"d":"R 409.00"}}]
[]
[{"$nulls":6}," Sub Total (A+B+C+D)",null,{"$f":"I59+I53+I41","v":{"v":2962.77,"d":"R 2,962.77"}}]
[]
[{"$nulls":6},"Sub Total",null,{"$f":"I61+I62","v":{"v":2962.77,"d":"R 2,962.77"}}]

{"sheet":"Port Elizabeth (55)","index":80,"n_rows":63,"n_cols":13,"rows_kept":63,"hidden":true,"merged":[[8,0,8,4],[8,5,8,6],[8,7,8,8],[9,5,9,6],[9,7,9,8],[10,5,10,6],[10,7,10,8],[11,5,11,6],[11,7,11,8],[12,7,12,8],[13,5,13,6],[13,7,13,8],[14,5,14,6],[14,7,14,8],[15,0,15,8],[16,0,16,8],[17,1,17,3],[18,1,18,3],[19,1,19,3],[20,1,20,3],[21,0,21,7],[22,0,22,8],[23,1,23,5],[24,1,24,5],[25,1,25,5],[26,1,26,5],[27,1,27,5],[28,1,28,5],[29,1,29,5],[30,1,30,5],[31,1,31,5],[32,1,32,5],[33,1,33,5],[34,1,34,5],[35,1,35,5],[36,1,36,5],[37,1,37,5],[38,0,38,7],[39,0,39,7],[40,0,40,7],[41,0,41,8],[42,1,42,3],[42,4,42,5],[43,1,43,3],[43,4,43,5],[44,1,44,3],[44,4,44,5],[45,1,45,3],[45,4,45,5],[46,1,46,3],[46,4,46,5],[47,1,47,3],[47,4,47,5],[48,1,48,3],[48,4,48,5],[49,1,49,3],[50,1,50,3],[51,1,51,3],[52,0,52,7],[53,0,53,8],[54,1,54,3],[54,4,54,5],[55,1,55,3],[55,4,55,5],[56,1,56,3],[56,4,56,5],[57,1,57,3],[57,4,57,5],[58,0,58,7],[60,0,60,1],[60,2,60,4],[60,6,60,7],[61,0,61,1],[61,2,61,4],[62,0,62,1],[62,2,62,4],[62,6,62,7],[63,2,63,5]]}
{"$rows_empty":8}
["QUOTE TO :",{"$nulls":4},"Qoute No           ",null,{"$f":"#REF!","v":{"$error":"#REF!"}}]
["Department of Health",{"$nulls":4},"Date                   ",null,{"$f":"#REF!","v":{"$error":"#REF!"}}]
["717 Dukumbana Building",{"$nulls":4},"Facility              ",null,{"$f":"#REF!","v":{"$error":"#REF!"}}]
["Independent Avenue",{"$nulls":4},"Work Order     ",null,{"$f":"#REF!","v":{"$error":"#REF!"}}]
["Bhisho",{"$nulls":4},"Tender No       ",null,"SCMU3 - 17/18-0303 - HO"]
[{"$nulls":5},"Contract Term ",null,"24 MONTHS",{"$nulls":4}," "]
[{"$nulls":5},"GEN Id",null,"GEN/NMM/PEP/01"]
["WORK  REQUEST : Generator is faulty."]
["SCHEDULED WORK"]
["Item 1","Description",null,null,"Unit","Sch No","Quantity","Rate","Amount"]
[{"$nulls":8},{"$f":"SUM(G19*H19)","v":0}]
[{"$nulls":8},{"$f":"SUM(G20*H20)","v":0}]
[{"$nulls":8},0]
["Sub Total A",{"$nulls":7},{"$f":"SUM(I19:I21)","v":0}]
["NON SCHEDULED WORK"]
["Item 2","Description",{"$nulls":4},"Quantity","Rate","Amount"]
{"$rows_empty":14}
["Sub  Total",{"$nulls":7},{"$f":"SUM(I25:I38)","v":0}]
["Mark - Up 15%",{"$nulls":7},{"$f":"ROUND((I39*0.15),2)","v":0}]
["SUb  Total  B",{"$nulls":7},{"$f":"I39+I40","v":0}]
["LABOUR"]
["Item 3"," (Normal Rate)",null,null,"Unit",null,"Quantity","Rate","Amount"]
[1,"Techinician",null,null,"HRS",null,null,{"v":450,"d":"R450.00"},{"$f":"SUM(G44*H44)","v":0}]
[2," Senior Artisan  ",null,null,"HRS",null,null,{"v":350,"d":"R350.00"},{"$f":"SUM(G45*H45)","v":0}]
[3,"Artisan  (Trade Tested)",null,null,"HRS",null,2,{"v":300,"d":"R300.00"},{"v":600,"d":"R 600.00"}]
[4,"Utility Man (Non - Trade Tested)",null,null,"HRS",null,null,{"v":200,"d":"R200.00"},0]
[5,"Artisan  Aid",null,null,"HRS",null,2,{"v":200,"d":"R200.00"},{"v":400,"d":"R 400.00"}]
[6,"General Worker   (3)",null,null,"HRS",null,null,{"v":140,"d":"R140.00"},0]
[]
[]
[]
["Sub Total C",{"$nulls":7},{"$f":"SUM(I44:I52)","v":{"v":1000,"d":"R 1,000.00"}}]
["TRANSPORT"]
["Item 4","Destinantion",null,null,"No of Trips",null,"KMs","Rate","Amount"]
[1,"Office to PE Prov. Hospital"]
[null,"  and back.",null,null,1,null,19.6,{"v":5,"d":"R 5.00"},{"$f":"H57*G57","v":{"v":98,"d":"R 98.00"}}]
[]
["Sub Total D",{"$nulls":7},{"$f":"SUM(I56:I58)","v":{"v":98,"d":"R 98.00"}}]
[]
[{"$nulls":6}," Sub Total (A+B+C+D)",null,{"$f":"I59+I53+I41","v":{"v":1098,"d":"R 1,098.00"}}]
[]
[{"$nulls":6},"Sub Total",null,{"$f":"I61+I62","v":{"v":1098,"d":"R 1,098.00"}}]

{"sheet":"Livingston Hosp (56)","index":81,"n_rows":63,"n_cols":13,"rows_kept":63,"hidden":true,"merged":[[8,0,8,4],[8,5,8,6],[8,7,8,8],[9,5,9,6],[9,7,9,8],[10,5,10,6],[10,7,10,8],[11,5,11,6],[11,7,11,8],[12,7,12,8],[13,5,13,6],[13,7,13,8],[14,5,14,6],[14,7,14,8],[15,0,15,8],[16,0,16,8],[17,1,17,3],[18,1,18,3],[19,1,19,3],[20,1,20,3],[21,0,21,7],[22,0,22,8],[23,1,23,5],[24,1,24,5],[25,1,25,5],[26,1,26,5],[27,1,27,5],[28,1,28,5],[29,1,29,5],[30,1,30,5],[31,1,31,5],[32,1,32,5],[33,1,33,5],[34,1,34,5],[35,1,35,5],[36,1,36,5],[37,1,37,5],[38,0,38,7],[39,0,39,7],[40,0,40,7],[41,0,41,8],[42,1,42,3],[42,4,42,5],[43,1,43,3],[43,4,43,5],[44,1,44,3],[44,4,44,5],[45,1,45,3],[45,4,45,5],[46,1,46,3],[46,4,46,5],[47,1,47,3],[47,4,47,5],[48,1,48,3],[48,4,48,5],[49,1,49,3],[50,1,50,3],[51,1,51,3],[52,0,52,7],[53,0,53,8],[54,1,54,3],[54,4,54,5],[55,1,55,3],[55,4,55,5],[56,1,56,3],[56,4,56,5],[57,1,57,3],[57,4,57,5],[58,0,58,7],[60,0,60,1],[60,2,60,4],[60,6,60,7],[61,0,61,1],[61,2,61,4],[62,0,62,1],[62,2,62,4],[62,6,62,7],[63,2,63,5]]}
{"$rows_empty":8}
["QUOTE TO :",{"$nulls":4},"Qoute No           ",null,{"$f":"#REF!","v":{"$error":"#REF!"}}]
["Department of Health",{"$nulls":4},"Date                   ",null,{"$f":"#REF!","v":{"$error":"#REF!"}}]
["717 Dukumbana Building",{"$nulls":4},"Facility              ",null,{"$f":"#REF!","v":{"$error":"#REF!"}}]
["Independent Avenue",{"$nulls":4},"Work Order     ",null,{"$f":"#REF!","v":{"$error":"#REF!"}}]
["Bhisho",{"$nulls":4},"Tender No       ",null,"SCMU3 - 17/18-0303 - HO"]
[{"$nulls":5},"Contract Term ",null,"24 MONTHS",{"$nulls":4}," "]
[{"$nulls":5},"GEN Id",null,"GEN/NMM/LIV/01"]
["WORK  REQUEST : Generator not starting."]
["SCHEDULED WORK"]
["Item 1","Description",null,null,"Unit","Sch No","Quantity","Rate","Amount"]
[{"$nulls":8},{"$f":"SUM(G19*H19)","v":0}]
[{"$nulls":8},{"$f":"SUM(G20*H20)","v":0}]
[{"$nulls":8},0]
["Sub Total A",{"$nulls":7},{"$f":"SUM(I19:I21)","v":0}]
["NON SCHEDULED WORK"]
["Item 2","Description",{"$nulls":4},"Quantity","Rate","Amount"]
{"$rows_empty":14}
["Sub  Total",{"$nulls":7},{"$f":"SUM(I25:I38)","v":0}]
["Mark - Up 15%",{"$nulls":7},{"$f":"ROUND((I39*0.15),2)","v":0}]
["SUb  Total  B",{"$nulls":7},{"$f":"I39+I40","v":0}]
["LABOUR"]
["Item 3"," (Normal Rate)",null,null,"Unit",null,"Quantity","Rate","Amount"]
[1,"Techinician",null,null,"HRS",null,null,{"v":450,"d":"R450.00"},{"$f":"SUM(G44*H44)","v":0}]
[2," Senior Artisan  ",null,null,"HRS",null,null,{"v":350,"d":"R350.00"},{"$f":"SUM(G45*H45)","v":0}]
[3,"Artisan  (Trade Tested)",null,null,"HRS",null,1,{"v":300,"d":"R300.00"},{"v":300,"d":"R 300.00"}]
[4,"Utility Man (Non - Trade Tested)",null,null,"HRS",null,null,{"v":200,"d":"R200.00"},0]
[5,"Artisan  Aid",null,null,"HRS",null,1,{"v":200,"d":"R200.00"},{"v":200,"d":"R 200.00"}]
[6,"General Worker   (3)",null,null,"HRS",null,null,{"v":140,"d":"R140.00"},0]
[]
[]
[]
["Sub Total C",{"$nulls":7},{"$f":"SUM(I44:I52)","v":{"v":500,"d":"R 500.00"}}]
["TRANSPORT"]
["Item 4","Destinantion",null,null,"No of Trips",null,"KMs","Rate","Amount"]
[1,"Office to Livingston Hospital"]
[null,"  and back.",null,null,1,null,21.2,{"v":5,"d":"R 5.00"},{"$f":"H57*G57","v":{"v":106,"d":"R 106.00"}}]
[]
["Sub Total D",{"$nulls":7},{"$f":"SUM(I56:I58)","v":{"v":106,"d":"R 106.00"}}]
[]
[{"$nulls":6}," Sub Total (A+B+C+D)",null,{"$f":"I59+I53+I41","v":{"v":606,"d":"R 606.00"}}]
[]
[{"$nulls":6},"Sub Total",null,{"$f":"I61+I62","v":{"v":606,"d":"R 606.00"}}]

{"sheet":"New Brighton M.(57)","index":82,"n_rows":63,"n_cols":13,"rows_kept":63,"hidden":true,"merged":[[8,0,8,4],[8,5,8,6],[8,7,8,8],[9,5,9,6],[9,7,9,8],[10,5,10,6],[10,7,10,8],[11,5,11,6],[11,7,11,8],[12,7,12,8],[13,5,13,6],[13,7,13,8],[14,5,14,6],[14,7,14,8],[15,0,15,8],[16,0,16,8],[17,1,17,3],[18,1,18,3],[19,1,19,3],[20,1,20,3],[21,0,21,7],[22,0,22,8],[23,1,23,5],[24,1,24,5],[25,1,25,5],[26,1,26,5],[27,1,27,5],[28,1,28,5],[29,1,29,5],[30,1,30,5],[31,1,31,5],[32,1,32,5],[33,1,33,5],[34,1,34,5],[35,1,35,5],[36,1,36,5],[37,1,37,5],[38,0,38,7],[39,0,39,7],[40,0,40,7],[41,0,41,8],[42,1,42,3],[42,4,42,5],[43,1,43,3],[43,4,43,5],[44,1,44,3],[44,4,44,5],[45,1,45,3],[45,4,45,5],[46,1,46,3],[46,4,46,5],[47,1,47,3],[47,4,47,5],[48,1,48,3],[48,4,48,5],[49,1,49,3],[50,1,50,3],[51,1,51,3],[52,0,52,7],[53,0,53,8],[54,1,54,3],[54,4,54,5],[55,1,55,3],[55,4,55,5],[56,1,56,3],[56,4,56,5],[57,1,57,3],[57,4,57,5],[58,0,58,7],[60,0,60,1],[60,2,60,4],[60,6,60,7],[61,0,61,1],[61,2,61,4],[62,0,62,1],[62,2,62,4],[62,6,62,7],[63,2,63,5]]}
{"$rows_empty":8}
["QUOTE TO :",{"$nulls":4},"Qoute No           ",null,{"$f":"#REF!","v":{"$error":"#REF!"}}]
["Department of Health",{"$nulls":4},"Date                   ",null,{"$f":"#REF!","v":{"$error":"#REF!"}}]
["717 Dukumbana Building",{"$nulls":4},"Facility              ",null,{"$f":"#REF!","v":{"$error":"#REF!"}}]
["Independent Avenue",{"$nulls":4},"Work Order     ",null,{"$f":"#REF!","v":{"$error":"#REF!"}}]
["Bhisho",{"$nulls":4},"Tender No       ",null,"SCMU3 - 17/18-0303 - HO"]
[{"$nulls":5},"Contract Term ",null,"24 MONTHS",{"$nulls":4}," "]
[{"$nulls":5},"GEN Id",null,"GEN/NMM/NEW/01"]
["WORK  REQUEST : Generator is faulty."]
["SCHEDULED WORK"]
["Item 1","Description",null,null,"Unit","Sch No","Quantity","Rate","Amount"]
[{"$nulls":8},{"$f":"SUM(G19*H19)","v":0}]
[{"$nulls":8},{"$f":"SUM(G20*H20)","v":0}]
[{"$nulls":8},0]
["Sub Total A",{"$nulls":7},{"$f":"SUM(I19:I21)","v":0}]
["NON SCHEDULED WORK"]
["Item 2","Description",{"$nulls":4},"Quantity","Rate","Amount"]
[1,"Battery 674",{"$nulls":4},1,1652.17,{"$f":"H25*G25","v":{"v":1652.17,"d":"R 1,652.17"}}]
{"$rows_empty":13}
["Sub  Total",{"$nulls":7},{"$f":"SUM(I25:I38)","v":{"v":1652.17,"d":"R 1,652.17"}}]
["Mark - Up 15%",{"$nulls":7},{"$f":"ROUND((I39*0.15),2)","v":{"v":247.83,"d":"R 247.83"}}]
["SUb  Total  B",{"$nulls":7},{"$f":"I39+I40","v":{"v":1900,"d":"R 1,900.00"}}]
["LABOUR"]
["Item 3"," (Normal Rate)",null,null,"Unit",null,"Quantity","Rate","Amount"]
[1,"Techinician",null,null,"HRS",null,null,{"v":450,"d":"R450.00"},{"$f":"SUM(G44*H44)","v":0}]
[2," Senior Artisan  ",null,null,"HRS",null,null,{"v":350,"d":"R350.00"},{"$f":"SUM(G45*H45)","v":0}]
[3,"Artisan  (Trade Tested)",null,null,"HRS",null,1,{"v":300,"d":"R300.00"},{"v":300,"d":"R 300.00"}]
[4,"Utility Man (Non - Trade Tested)",null,null,"HRS",null,null,{"v":200,"d":"R200.00"},0]
[5,"Artisan  Aid",null,null,"HRS",null,1,{"v":200,"d":"R200.00"},{"v":200,"d":"R 200.00"}]
[6,"General Worker   (3)",null,null,"HRS",null,null,{"v":140,"d":"R140.00"},0]
[]
[]
[]
["Sub Total C",{"$nulls":7},{"$f":"SUM(I44:I52)","v":{"v":500,"d":"R 500.00"}}]
["TRANSPORT"]
["Item 4","Destinantion",null,null,"No of Trips",null,"KMs","Rate","Amount"]
[1,"Office to New Brighton Mortuary"]
[null,"  and back.",null,null,1,null,26.2,{"v":5,"d":"R 5.00"},{"$f":"H57*G57","v":{"v":131,"d":"R 131.00"}}]
[]
["Sub Total D",{"$nulls":7},{"$f":"SUM(I56:I58)","v":{"v":131,"d":"R 131.00"}}]
[]
[{"$nulls":6}," Sub Total (A+B+C+D)",null,{"$f":"I59+I53+I41","v":{"v":2531,"d":"R 2,531.00"}}]
[]
[{"$nulls":6},"Sub Total",null,{"$f":"I61+I62","v":{"v":2531,"d":"R 2,531.00"}}]

{"sheet":"West End (58)","index":83,"n_rows":63,"n_cols":13,"rows_kept":63,"hidden":true,"merged":[[8,0,8,4],[8,5,8,6],[8,7,8,8],[9,5,9,6],[9,7,9,8],[10,5,10,6],[10,7,10,8],[11,5,11,6],[11,7,11,8],[12,7,12,8],[13,5,13,6],[13,7,13,8],[14,5,14,6],[14,7,14,8],[15,0,15,8],[16,0,16,8],[17,1,17,3],[18,1,18,3],[19,1,19,3],[20,1,20,3],[21,0,21,7],[22,0,22,8],[23,1,23,5],[24,1,24,5],[25,1,25,5],[26,1,26,5],[27,1,27,5],[28,1,28,5],[29,1,29,5],[30,1,30,5],[31,1,31,5],[32,1,32,5],[33,1,33,5],[34,1,34,5],[35,1,35,5],[36,1,36,5],[37,1,37,5],[38,0,38,7],[39,0,39,7],[40,0,40,7],[41,0,41,8],[42,1,42,3],[42,4,42,5],[43,1,43,3],[43,4,43,5],[44,1,44,3],[44,4,44,5],[45,1,45,3],[45,4,45,5],[46,1,46,3],[46,4,46,5],[47,1,47,3],[47,4,47,5],[48,1,48,3],[48,4,48,5],[49,1,49,3],[50,1,50,3],[51,1,51,3],[52,0,52,7],[53,0,53,8],[54,1,54,3],[54,4,54,5],[55,1,55,3],[55,4,55,5],[56,1,56,3],[56,4,56,5],[57,1,57,3],[57,4,57,5],[58,0,58,7],[60,0,60,1],[60,2,60,4],[60,6,60,7],[61,0,61,1],[61,2,61,4],[62,0,62,1],[62,2,62,4],[62,6,62,7],[63,2,63,5]]}
{"$rows_empty":8}
["QUOTE TO :",{"$nulls":4},"Qoute No           ",null,{"$f":"#REF!","v":{"$error":"#REF!"}}]
["Department of Health",{"$nulls":4},"Date                   ",null,{"$f":"#REF!","v":{"$error":"#REF!"}}]
["717 Dukumbana Building",{"$nulls":4},"Facility              ",null,{"$f":"#REF!","v":{"$error":"#REF!"}}]
["Independent Avenue",{"$nulls":4},"Work Order     ",null,{"$f":"#REF!","v":{"$error":"#REF!"}}]
["Bhisho",{"$nulls":4},"Tender No       ",null,"SCMU3 - 17/18-0303 - HO"]
[{"$nulls":5},"Contract Term ",null,"24 MONTHS",{"$nulls":4}," "]
[{"$nulls":5},"GEN Id",null,"GEN/NMM/WES/01"]
["WORK  REQUEST : Generator is faulty."]
["SCHEDULED WORK"]
["Item 1","Description",null,null,"Unit","Sch No","Quantity","Rate","Amount"]
[{"$nulls":8},{"$f":"SUM(G19*H19)","v":0}]
[{"$nulls":8},{"$f":"SUM(G20*H20)","v":0}]
[{"$nulls":8},0]
["Sub Total A",{"$nulls":7},{"$f":"SUM(I19:I21)","v":0}]
["NON SCHEDULED WORK"]
["Item 2","Description",{"$nulls":4},"Quantity","Rate","Amount"]
[1,"Battery 658",{"$nulls":4},1,1686.96,{"$f":"H25*G25","v":{"v":1686.96,"d":"R 1,686.96"}}]
{"$rows_empty":13}
["Sub  Total",{"$nulls":7},{"$f":"SUM(I25:I38)","v":{"v":1686.96,"d":"R 1,686.96"}}]
["Mark - Up 15%",{"$nulls":7},{"$f":"ROUND((I39*0.15),2)","v":{"v":253.04,"d":"R 253.04"}}]
["SUb  Total  B",{"$nulls":7},{"$f":"I39+I40","v":{"v":1940,"d":"R 1,940.00"}}]
["LABOUR"]
["Item 3"," (Normal Rate)",null,null,"Unit",null,"Quantity","Rate","Amount"]
[1,"Techinician",null,null,"HRS",null,null,{"v":450,"d":"R450.00"},{"$f":"SUM(G44*H44)","v":0}]
[2," Senior Artisan  ",null,null,"HRS",null,null,{"v":350,"d":"R350.00"},{"$f":"SUM(G45*H45)","v":0}]
[3,"Artisan  (Trade Tested)",null,null,"HRS",null,1,{"v":300,"d":"R300.00"},{"v":300,"d":"R 300.00"}]
[4,"Utility Man (Non - Trade Tested)",null,null,"HRS",null,null,{"v":200,"d":"R200.00"},0]
[5,"Artisan  Aid",null,null,"HRS",null,1,{"v":200,"d":"R200.00"},{"v":200,"d":"R 200.00"}]
[6,"General Worker   (3)",null,null,"HRS",null,null,{"v":140,"d":"R140.00"},0]
[]
[]
[]
["Sub Total C",{"$nulls":7},{"$f":"SUM(I44:I52)","v":{"v":500,"d":"R 500.00"}}]
["TRANSPORT"]
["Item 4","Destinantion",null,null,"No of Trips",null,"KMs","Rate","Amount"]
[1,"Office to West End"]
[null,"  and back.",null,null,1,null,34,{"v":5,"d":"R 5.00"},{"$f":"H57*G57","v":{"v":170,"d":"R 170.00"}}]
[]
["Sub Total D",{"$nulls":7},{"$f":"SUM(I56:I58)","v":{"v":170,"d":"R 170.00"}}]
[]
[{"$nulls":6}," Sub Total (A+B+C+D)",null,{"$f":"I59+I53+I41","v":{"v":2610,"d":"R 2,610.00"}}]
[]
[{"$nulls":6},"Sub Total",null,{"$f":"I61+I62","v":{"v":2610,"d":"R 2,610.00"}}]

{"sheet":"Dora Ngiza chc (59)","index":84,"n_rows":63,"n_cols":13,"rows_kept":63,"hidden":true,"merged":[[8,0,8,4],[8,5,8,6],[8,7,8,8],[9,5,9,6],[9,7,9,8],[10,5,10,6],[10,7,10,8],[11,5,11,6],[11,7,11,8],[12,7,12,8],[13,5,13,6],[13,7,13,8],[14,5,14,6],[14,7,14,8],[15,0,15,8],[16,0,16,8],[17,1,17,3],[18,1,18,3],[19,1,19,3],[20,1,20,3],[21,0,21,7],[22,0,22,8],[23,1,23,5],[24,1,24,5],[25,1,25,5],[26,1,26,5],[27,1,27,5],[28,1,28,5],[29,1,29,5],[30,1,30,5],[31,1,31,5],[32,1,32,5],[33,1,33,5],[34,1,34,5],[35,1,35,5],[36,1,36,5],[37,1,37,5],[38,0,38,7],[39,0,39,7],[40,0,40,7],[41,0,41,8],[42,1,42,3],[42,4,42,5],[43,1,43,3],[43,4,43,5],[44,1,44,3],[44,4,44,5],[45,1,45,3],[45,4,45,5],[46,1,46,3],[46,4,46,5],[47,1,47,3],[47,4,47,5],[48,1,48,3],[48,4,48,5],[49,1,49,3],[50,1,50,3],[51,1,51,3],[52,0,52,7],[53,0,53,8],[54,1,54,3],[54,4,54,5],[55,1,55,3],[55,4,55,5],[56,1,56,3],[56,4,56,5],[57,1,57,3],[57,4,57,5],[58,0,58,7],[60,0,60,1],[60,2,60,4],[60,6,60,7],[61,0,61,1],[61,2,61,4],[62,0,62,1],[62,2,62,4],[62,6,62,7],[63,2,63,5]]}
{"$rows_empty":8}
["QUOTE TO :",{"$nulls":4},"Qoute No           ",null,{"$f":"#REF!","v":{"$error":"#REF!"}}]
["Department of Health",{"$nulls":4},"Date                   ",null,{"$f":"#REF!","v":{"$error":"#REF!"}}]
["717 Dukumbana Building",{"$nulls":4},"Facility              ",null,{"$f":"#REF!","v":{"$error":"#REF!"}}]
["Independent Avenue",{"$nulls":4},"Work Order     ",null,{"$f":"#REF!","v":{"$error":"#REF!"}}]
["Bhisho",{"$nulls":4},"Tender No       ",null,"SCMU3 - 17/18-0303 - HO"]
[{"$nulls":5},"Contract Term ",null,"24 MONTHS",{"$nulls":4}," "]
[{"$nulls":5},"GEN Id",null,"GEN/NMM/DOR/01"]
["WORK  REQUEST : Generator is faulty."]
["SCHEDULED WORK"]
["Item 1","Description",null,null,"Unit","Sch No","Quantity","Rate","Amount"]
[{"$nulls":8},{"$f":"SUM(G19*H19)","v":0}]
[{"$nulls":8},{"$f":"SUM(G20*H20)","v":0}]
[{"$nulls":8},0]
["Sub Total A",{"$nulls":7},{"$f":"SUM(I19:I21)","v":0}]
["NON SCHEDULED WORK"]
["Item 2","Description",{"$nulls":4},"Quantity","Rate","Amount"]
[1,"Battery 682",{"$nulls":4},2,2343.48,{"$f":"H25*G25","v":{"v":4686.96,"d":"R 4,686.96"}}]
[2,"60A Circuit Breaker",{"$nulls":4},1,{"v":498,"d":"498.00"},{"$f":"H26*G26","v":{"v":498,"d":"R 498.00"}}]
{"$rows_empty":12}
["Sub  Total",{"$nulls":7},{"$f":"SUM(I25:I38)","v":{"v":5184.96,"d":"R 5,184.96"}}]
["Mark - Up 15%",{"$nulls":7},{"$f":"ROUND((I39*0.15),2)","v":{"v":777.74,"d":"R 777.74"}}]
["SUb  Total  B",{"$nulls":7},{"$f":"I39+I40","v":{"v":5962.7,"d":"R 5,962.70"}}]
["LABOUR"]
["Item 3"," (Normal Rate)",null,null,"Unit",null,"Quantity","Rate","Amount"]
[1,"Techinician",null,null,"HRS",null,6,{"v":450,"d":"R450.00"},{"$f":"SUM(G44*H44)","v":{"v":2700,"d":"R 2,700.00"}}]
[2," Senior Artisan  ",null,null,"HRS",null,null,{"v":350,"d":"R350.00"},{"$f":"SUM(G45*H45)","v":0}]
[3,"Artisan  (Trade Tested)",null,null,"HRS",null,null,{"v":300,"d":"R300.00"},0]
[4,"Utility Man (Non - Trade Tested)",null,null,"HRS",null,null,{"v":200,"d":"R200.00"},0]
[5,"Artisan  Aid",null,null,"HRS",null,6,{"v":200,"d":"R200.00"},{"v":1200,"d":"R 1,200.00"}]
[6,"General Worker   (3)",null,null,"HRS",null,null,{"v":140,"d":"R140.00"},0]
[]
[]
[]
["Sub Total C",{"$nulls":7},{"$f":"SUM(I44:I52)","v":{"v":3900,"d":"R 3,900.00"}}]
["TRANSPORT"]
["Item 4","Destinantion",null,null,"No of Trips",null,"KMs","Rate","Amount"]
[1,"Office to Dora Ngiza Hospital"]
[null,"  and back.",null,null,2,null,66.4,{"v":5,"d":"R 5.00"},{"$f":"H57*G57","v":{"v":332,"d":"R 332.00"}}]
[]
["Sub Total D",{"$nulls":7},{"$f":"SUM(I56:I58)","v":{"v":332,"d":"R 332.00"}}]
[]
[{"$nulls":6}," Sub Total (A+B+C+D)",null,{"$f":"I59+I53+I41","v":{"v":10194.7,"d":"R 10,194.70"}}]
[]
[{"$nulls":6},"Sub Total",null,{"$f":"I61+I62","v":{"v":10194.7,"d":"R 10,194.70"}}]

{"sheet":"New Brighston (60)","index":85,"n_rows":63,"n_cols":13,"rows_kept":63,"hidden":true,"merged":[[8,0,8,4],[8,5,8,6],[8,7,8,8],[9,5,9,6],[9,7,9,8],[10,5,10,6],[10,7,10,8],[11,5,11,6],[11,7,11,8],[12,7,12,8],[13,5,13,6],[13,7,13,8],[14,5,14,6],[14,7,14,8],[15,0,15,8],[16,0,16,8],[17,1,17,3],[18,1,18,3],[19,1,19,3],[20,1,20,3],[21,0,21,7],[22,0,22,8],[23,1,23,5],[24,1,24,5],[25,1,25,5],[26,1,26,5],[27,1,27,5],[28,1,28,5],[29,1,29,5],[30,1,30,5],[31,1,31,5],[32,1,32,5],[33,1,33,5],[34,1,34,5],[35,1,35,5],[36,1,36,5],[37,1,37,5],[38,0,38,7],[39,0,39,7],[40,0,40,7],[41,0,41,8],[42,1,42,3],[42,4,42,5],[43,1,43,3],[43,4,43,5],[44,1,44,3],[44,4,44,5],[45,1,45,3],[45,4,45,5],[46,1,46,3],[46,4,46,5],[47,1,47,3],[47,4,47,5],[48,1,48,3],[48,4,48,5],[49,1,49,3],[50,1,50,3],[51,1,51,3],[52,0,52,7],[53,0,53,8],[54,1,54,3],[54,4,54,5],[55,1,55,3],[55,4,55,5],[56,1,56,3],[56,4,56,5],[57,1,57,3],[57,4,57,5],[58,0,58,7],[60,0,60,1],[60,2,60,4],[60,6,60,7],[61,0,61,1],[61,2,61,4],[62,0,62,1],[62,2,62,4],[62,6,62,7],[63,2,63,5]]}
{"$rows_empty":8}
["QUOTE TO :",{"$nulls":4},"Qoute No           ",null,{"$f":"#REF!","v":{"$error":"#REF!"}}]
["Department of Health",{"$nulls":4},"Date                   ",null,{"$f":"#REF!","v":{"$error":"#REF!"}}]
["717 Dukumbana Building",{"$nulls":4},"Facility              ",null,{"$f":"#REF!","v":{"$error":"#REF!"}}]
["Independent Avenue",{"$nulls":4},"Work Order     ",null,{"$f":"#REF!","v":{"$error":"#REF!"}}]
["Bhisho",{"$nulls":4},"Tender No       ",null,"SCMU3 - 17/18-0303 - HO"]
[{"$nulls":5},"Contract Term ",null,"24 MONTHS",{"$nulls":4}," "]
[{"$nulls":5},"GEN Id",null,"GEN/NMM/NEW/01"]
["WORK  REQUEST : Connection of other areas to the generator."]
["SCHEDULED WORK"]
["Item 1","Description",null,null,"Unit","Sch No","Quantity","Rate","Amount"]
[{"$nulls":8},{"$f":"SUM(G19*H19)","v":0}]
[{"$nulls":8},{"$f":"SUM(G20*H20)","v":0}]
[{"$nulls":8},0]
["Sub Total A",{"$nulls":7},{"$f":"SUM(I19:I21)","v":0}]
["NON SCHEDULED WORK"]
["Item 2","Description",{"$nulls":4},"Quantity","Rate","Amount"]
[1,"Spray fast dry",{"$nulls":4},3,65.21,{"$f":"H25*G25","v":{"v":195.63,"d":"R 195.63"}}]
[2,"Water  paper sheet ",{"$nulls":4},4,12.17,{"$f":"H26*G26","v":{"v":48.68,"d":"R 48.68"}}]
[3,"Water paper sheet grit",{"$nulls":4},1,57.39,{"$f":"H27*G27","v":{"v":57.39,"d":"R 57.39"}}]
{"$rows_empty":11}
["Sub  Total",{"$nulls":7},{"v":301.73,"d":"R 301.73"}]
["Mark - Up 15%",{"$nulls":7},{"$f":"ROUND((I39*0.15),2)","v":{"v":45.26,"d":"R 45.26"}}]
["SUb  Total  B",{"$nulls":7},{"$f":"I39+I40","v":{"v":346.99,"d":"R 346.99"}}]
["LABOUR"]
["Item 3"," (Normal Rate)",null,null,"Unit",null,"Quantity","Rate","Amount"]
[1,"Techinician",null,null,"HRS",null,null,{"v":450,"d":"R450.00"},{"$f":"SUM(G44*H44)","v":0}]
[2," Senior Artisan  ",null,null,"HRS",null,null,{"v":350,"d":"R350.00"},{"$f":"SUM(G45*H45)","v":0}]
[3,"Artisan  (Trade Tested)",null,null,"HRS",null,34,{"v":300,"d":"R300.00"},{"v":10200,"d":"R 10,200.00"}]
[4,"Utility Man (Non - Trade Tested)",null,null,"HRS",null,null,{"v":200,"d":"R200.00"},0]
[5,"Artisan  Aid",null,null,"HRS",null,34,{"v":200,"d":"R200.00"},{"v":6800,"d":"R 6,800.00"}]
[6,"General Worker   (3)",null,null,"HRS",null,null,{"v":140,"d":"R140.00"},0]
[]
[]
[]
["Sub Total C",{"$nulls":7},{"$f":"SUM(I44:I52)","v":{"v":17000,"d":"R 17,000.00"}}]
["TRANSPORT"]
["Item 4","Destinantion",null,null,"No of Trips",null,"KMs","Rate","Amount"]
[1,"Office to New Brighston Forensic"]
[null,"  and back.",null,null,4,null,104.8,{"v":5,"d":"R 5.00"},{"$f":"H57*G57","v":{"v":524,"d":"R 524.00"}}]
[]
["Sub Total D",{"$nulls":7},{"$f":"SUM(I56:I58)","v":{"v":524,"d":"R 524.00"}}]
[]
[{"$nulls":6}," Sub Total (A+B+C+D)",null,{"$f":"I59+I53+I41","v":{"v":17870.99,"d":"R 17,870.99"}}]
[]
[{"$nulls":6},"Sub Total",null,{"$f":"I61+I62","v":{"v":17870.99,"d":"R 17,870.99"}}]

{"sheet":"Jose Pearson TB Hosp (61)","index":86,"n_rows":63,"n_cols":13,"rows_kept":63,"hidden":true,"merged":[[8,0,8,4],[8,5,8,6],[8,7,8,8],[9,5,9,6],[9,7,9,8],[10,5,10,6],[10,7,10,8],[11,5,11,6],[11,7,11,8],[12,7,12,8],[13,5,13,6],[13,7,13,8],[14,5,14,6],[14,7,14,8],[15,0,15,8],[16,0,16,8],[17,1,17,3],[18,1,18,3],[19,1,19,3],[20,1,20,3],[21,0,21,7],[22,0,22,8],[23,1,23,5],[24,1,24,5],[25,1,25,5],[26,1,26,5],[27,1,27,5],[28,1,28,5],[29,1,29,5],[30,1,30,5],[31,1,31,5],[32,1,32,5],[33,1,33,5],[34,1,34,5],[35,1,35,5],[36,1,36,5],[37,1,37,5],[38,0,38,7],[39,0,39,7],[40,0,40,7],[41,0,41,8],[42,1,42,3],[42,4,42,5],[43,1,43,3],[43,4,43,5],[44,1,44,3],[44,4,44,5],[45,1,45,3],[45,4,45,5],[46,1,46,3],[46,4,46,5],[47,1,47,3],[47,4,47,5],[48,1,48,3],[48,4,48,5],[49,1,49,3],[50,1,50,3],[51,1,51,3],[52,0,52,7],[53,0,53,8],[54,1,54,3],[54,4,54,5],[55,1,55,3],[55,4,55,5],[56,1,56,3],[56,4,56,5],[57,1,57,3],[57,4,57,5],[58,0,58,7],[60,0,60,1],[60,2,60,4],[60,6,60,7],[61,0,61,1],[61,2,61,4],[62,0,62,1],[62,2,62,4],[62,6,62,7],[63,2,63,5]]}
{"$rows_empty":8}
["QUOTE TO :",{"$nulls":4},"Qoute No           ",null,{"$f":"#REF!","v":{"$error":"#REF!"}}]
["Department of Health",{"$nulls":4},"Date                   ",null,{"$f":"#REF!","v":{"$error":"#REF!"}}]
["717 Dukumbana Building",{"$nulls":4},"Facility              ",null,{"$f":"#REF!","v":{"$error":"#REF!"}}]
["Independent Avenue",{"$nulls":4},"Work Order     ",null,{"$f":"#REF!","v":{"$error":"#REF!"}}]
["Bhisho",{"$nulls":4},"Tender No       ",null,"SCMU3 - 17/18-0303 - HO"]
[{"$nulls":5},"Contract Term ",null,"24 MONTHS",{"$nulls":4}," "]
[{"$nulls":5},"GEN Id",null,"GEN/NMM/JOS/01"]
["WORK  REQUEST : Generator not strting up."]
["SCHEDULED WORK"]
["Item 1","Description",null,null,"Unit","Sch No","Quantity","Rate","Amount"]
[{"$nulls":8},{"$f":"SUM(G19*H19)","v":0}]
[{"$nulls":8},{"$f":"SUM(G20*H20)","v":0}]
[{"$nulls":8},0]
["Sub Total A",{"$nulls":7},{"$f":"SUM(I19:I21)","v":0}]
["NON SCHEDULED WORK"]
["Item 2","Description",{"$nulls":4},"Quantity","Rate","Amount"]
{"$rows_empty":14}
["Sub  Total"]
["Mark - Up 15%"]
["SUb  Total  B"]
["LABOUR"]
["Item 3"," (Normal Rate)",null,null,"Unit",null,"Quantity","Rate","Amount"]
[1,"Techinician",null,null,"HRS",null,null,{"v":450,"d":"R450.00"},{"$f":"SUM(G44*H44)","v":0}]
[2," Senior Artisan  ",null,null,"HRS",null,null,{"v":350,"d":"R350.00"},{"$f":"SUM(G45*H45)","v":0}]
[3,"Artisan  (Trade Tested)",null,null,"HRS",null,1,{"v":300,"d":"R300.00"},{"v":300,"d":"R 300.00"}]
[4,"Utility Man (Non - Trade Tested)",null,null,"HRS",null,null,{"v":200,"d":"R200.00"},0]
[5,"Artisan  Aid",null,null,"HRS",null,1,{"v":200,"d":"R200.00"},{"v":200,"d":"R 200.00"}]
[6,"General Worker   (3)",null,null,"HRS",null,null,{"v":140,"d":"R140.00"},0]
[]
[]
[]
["Sub Total C",{"$nulls":7},{"$f":"SUM(I44:I52)","v":{"v":500,"d":"R 500.00"}}]
["TRANSPORT"]
["Item 4","Destinantion",null,null,"No of Trips",null,"KMs","Rate","Amount"]
[1,"Office to Jose Pearson TB Hospital"]
[null,"  and back.",null,null,1,null,56.6,{"v":5,"d":"R 5.00"},{"$f":"H57*G57","v":{"v":283,"d":"R 283.00"}}]
[]
["Sub Total D",{"$nulls":7},{"$f":"SUM(I56:I58)","v":{"v":283,"d":"R 283.00"}}]
[]
[{"$nulls":6}," Sub Total (A+B+C+D)",null,{"$f":"I59+I53+I41","v":{"v":783,"d":"R 783.00"}}]
[]
[{"$nulls":6},"Sub Total",null,{"$f":"I61+I62","v":{"v":783,"d":"R 783.00"}}]

{"sheet":"Jose Pearson TB Hosp (62)","index":87,"n_rows":63,"n_cols":13,"rows_kept":63,"hidden":true,"merged":[[8,0,8,4],[8,5,8,6],[8,7,8,8],[9,5,9,6],[9,7,9,8],[10,5,10,6],[10,7,10,8],[11,5,11,6],[11,7,11,8],[12,7,12,8],[13,5,13,6],[13,7,13,8],[14,5,14,6],[14,7,14,8],[15,0,15,8],[16,0,16,8],[17,1,17,3],[18,1,18,3],[19,1,19,3],[20,1,20,3],[21,0,21,7],[22,0,22,8],[23,1,23,5],[24,1,24,5],[25,1,25,5],[26,1,26,5],[27,1,27,5],[28,1,28,5],[29,1,29,5],[30,1,30,5],[31,1,31,5],[32,1,32,5],[33,1,33,5],[34,1,34,5],[35,1,35,5],[36,1,36,5],[37,1,37,5],[38,0,38,7],[39,0,39,7],[40,0,40,7],[41,0,41,8],[42,1,42,3],[42,4,42,5],[43,1,43,3],[43,4,43,5],[44,1,44,3],[44,4,44,5],[45,1,45,3],[45,4,45,5],[46,1,46,3],[46,4,46,5],[47,1,47,3],[47,4,47,5],[48,1,48,3],[48,4,48,5],[49,1,49,3],[50,1,50,3],[51,1,51,3],[52,0,52,7],[53,0,53,8],[54,1,54,3],[54,4,54,5],[55,1,55,3],[55,4,55,5],[56,1,56,3],[56,4,56,5],[57,1,57,3],[57,4,57,5],[58,0,58,7],[60,0,60,1],[60,2,60,4],[60,6,60,7],[61,0,61,1],[61,2,61,4],[62,0,62,1],[62,2,62,4],[62,6,62,7],[63,2,63,5]]}
{"$rows_empty":8}
["QUOTE TO :",{"$nulls":4},"Qoute No           ",null,{"$f":"#REF!","v":{"$error":"#REF!"}}]
["Department of Health",{"$nulls":4},"Date                   ",null,{"$f":"#REF!","v":{"$error":"#REF!"}}]
["717 Dukumbana Building",{"$nulls":4},"Facility              ",null,{"$f":"#REF!","v":{"$error":"#REF!"}}]
["Independent Avenue",{"$nulls":4},"Work Order     ",null,{"$f":"#REF!","v":{"$error":"#REF!"}}]
["Bhisho",{"$nulls":4},"Tender No       ",null,"SCMU3 - 17/18-0303 - HO"]
[{"$nulls":5},"Contract Term ",null,"24 MONTHS",{"$nulls":4}," "]
[{"$nulls":5},"GEN Id",null,"GEN/NMM/JOS/01"]
["WORK  REQUEST : Stand by generator is faulty."]
["SCHEDULED WORK"]
["Item 1","Description",null,null,"Unit","Sch No","Quantity","Rate","Amount"]
[{"$nulls":8},{"$f":"SUM(G19*H19)","v":0}]
[{"$nulls":8},{"$f":"SUM(G20*H20)","v":0}]
[{"$nulls":8},0]
["Sub Total A",{"$nulls":7},{"$f":"SUM(I19:I21)","v":0}]
["NON SCHEDULED WORK"]
["Item 2","Description",{"$nulls":4},"Quantity","Rate","Amount"]
[1,"Control module (7320 Deep sea)",{"$nulls":4},1,{"v":9509,"d":"9509.00"},{"$f":"H25*G25","v":{"v":9509,"d":"R 9,509.00"}}]
{"$rows_empty":13}
["Sub  Total",{"$nulls":7},{"$f":"SUM(I25:I38)","v":{"v":9509,"d":"R 9,509.00"}}]
["Mark - Up 15%",{"$nulls":7},{"$f":"ROUND((I39*0.15),2)","v":{"v":1426.35,"d":"R 1,426.35"}}]
["SUb  Total  B",{"$nulls":7},{"$f":"I39+I40","v":{"v":10935.35,"d":"R 10,935.35"}}]
["LABOUR"]
["Item 3"," (Normal Rate)",null,null,"Unit",null,"Quantity","Rate","Amount"]
[1,"Techinician",null,null,"HRS",null,null,{"v":450,"d":"R450.00"},{"$f":"SUM(G44*H44)","v":0}]
[2," Senior Artisan  ",null,null,"HRS",null,null,{"v":350,"d":"R350.00"},{"$f":"SUM(G45*H45)","v":0}]
[3,"Artisan  (Trade Tested)",null,null,"HRS",null,3,{"v":300,"d":"R300.00"},{"v":900,"d":"R 900.00"}]
[4,"Utility Man (Non - Trade Tested)",null,null,"HRS",null,null,{"v":200,"d":"R200.00"},0]
[5,"Artisan  Aid",null,null,"HRS",null,3,{"v":200,"d":"R200.00"},{"v":600,"d":"R 600.00"}]
[6,"General Worker   (3)",null,null,"HRS",null,null,{"v":140,"d":"R140.00"},0]
[]
[]
[]
["Sub Total C",{"$nulls":7},{"$f":"SUM(I44:I52)","v":{"v":1500,"d":"R 1,500.00"}}]
["TRANSPORT"]
["Item 4","Destinantion",null,null,"No of Trips",null,"KMs","Rate","Amount"]
[1,"Office to Jose Pearson TB Hospital"]
[null,"  and back.",null,null,1,null,56.6,{"v":5,"d":"R 5.00"},{"$f":"H57*G57","v":{"v":283,"d":"R 283.00"}}]
[]
["Sub Total D",{"$nulls":7},{"$f":"SUM(I56:I58)","v":{"v":283,"d":"R 283.00"}}]
[]
[{"$nulls":6}," Sub Total (A+B+C+D)",null,{"$f":"I59+I53+I41","v":{"v":12718.35,"d":"R 12,718.35"}}]
[]
[{"$nulls":6},"Sub Total",null,{"$f":"I61+I62","v":{"v":12718.35,"d":"R 12,718.35"}}]

{"sheet":"Livingstone Hosp (63)","index":88,"n_rows":62,"n_cols":13,"rows_kept":62,"hidden":true,"merged":[[8,0,8,4],[8,5,8,6],[8,7,8,8],[9,5,9,6],[9,7,9,8],[10,5,10,6],[10,7,10,8],[11,5,11,6],[11,7,11,8],[12,7,12,8],[13,5,13,6],[13,7,13,8],[14,5,14,6],[14,7,14,8],[15,0,15,8],[16,0,16,8],[17,1,17,3],[18,1,18,3],[19,1,19,3],[20,1,20,3],[21,0,21,7],[22,0,22,8],[23,1,23,5],[24,1,24,5],[25,1,25,5],[26,1,26,5],[27,1,27,5],[28,1,28,5],[29,1,29,5],[30,1,30,5],[31,1,31,5],[32,1,32,5],[33,1,33,5],[34,1,34,5],[35,1,35,5],[36,1,36,5],[37,1,37,5],[38,0,38,7],[39,0,39,7],[40,0,40,7],[41,0,41,8],[42,1,42,3],[42,4,42,5],[43,1,43,3],[43,4,43,5],[44,1,44,3],[44,4,44,5],[45,1,45,3],[45,4,45,5],[46,1,46,3],[46,4,46,5],[47,1,47,3],[47,4,47,5],[48,1,48,3],[48,4,48,5],[49,1,49,3],[50,1,50,3],[51,1,51,3],[52,0,52,7],[53,0,53,8],[54,1,54,3],[54,4,54,5],[55,1,55,3],[55,4,55,5],[56,1,56,3],[56,4,56,5],[57,0,57,7],[59,0,59,1],[59,2,59,4],[59,6,59,7],[60,0,60,1],[60,2,60,4],[61,0,61,1],[61,2,61,4],[61,6,61,7],[62,2,62,5]]}
{"$rows_empty":8}
["QUOTE TO :",{"$nulls":4},"Qoute No           ",null,{"$f":"#REF!","v":{"$error":"#REF!"}}]
["Department of Health",{"$nulls":4},"Date                   ",null,{"$f":"#REF!","v":{"$error":"#REF!"}}]
["717 Dukumbana Building",{"$nulls":4},"Facility              ",null,{"$f":"#REF!","v":{"$error":"#REF!"}}]
["Independent Avenue",{"$nulls":4},"Work Order     ",null,{"$f":"#REF!","v":{"$error":"#REF!"}}]
["Bhisho",{"$nulls":4},"Tender No       ",null,"SCMU3 - 17/18-0303 - HO"]
[{"$nulls":5},"Contract Term ",null,"24 MONTHS",{"$nulls":4}," "]
[{"$nulls":5},"GEN Id",null,"GEN/NMM/LIV/01"]
["WORK  REQUEST : Generator is faulty."]
["SCHEDULED WORK"]
["Item 1","Description",null,null,"Unit","Sch No","Quantity","Rate","Amount"]
[{"$nulls":8},{"$f":"SUM(G19*H19)","v":0}]
[{"$nulls":8},{"$f":"SUM(G20*H20)","v":0}]
[{"$nulls":8},0]
["Sub Total A",{"$nulls":7},{"$f":"SUM(I19:I21)","v":0}]
["NON SCHEDULED WORK"]
["Item 2","Description",{"$nulls":4},"Quantity","Rate","Amount"]
[1,"Battery 689",{"$nulls":4},2,{"v":2582.6,"d":"2582.60"},{"$f":"H25*G25","v":{"v":5165.2,"d":"R 5,165.20"}}]
[2,"Battery terminals",{"$nulls":4},2,{"v":45,"d":"45.00"},{"$f":"H26*G26","v":{"v":90,"d":"R 90.00"}}]
{"$rows_empty":12}
["Sub  Total",{"$nulls":7},{"$f":"SUM(I25:I38)","v":{"v":5255.2,"d":"R 5,255.20"}}]
["Mark - Up 15%",{"$nulls":7},{"$f":"ROUND((I39*0.15),2)","v":{"v":788.28,"d":"R 788.28"}}]
["SUb  Total  B",{"$nulls":7},{"$f":"I39+I40","v":{"v":6043.48,"d":"R 6,043.48"}}]
["LABOUR"]
["Item 3"," (Normal Rate)",null,null,"Unit",null,"Quantity","Rate","Amount"]
[1,"Techinician",null,null,"HRS",null,null,{"v":450,"d":"R450.00"},{"$f":"SUM(G44*H44)","v":0}]
[2," Senior Artisan  ",null,null,"HRS",null,null,{"v":350,"d":"R350.00"},{"$f":"SUM(G45*H45)","v":0}]
[3,"Artisan  (Trade Tested)",null,null,"HRS",null,2,{"v":300,"d":"R300.00"},{"v":600,"d":"R 600.00"}]
[4,"Utility Man (Non - Trade Tested)",null,null,"HRS",null,null,{"v":200,"d":"R200.00"},0]
[5,"Artisan  Aid",null,null,"HRS",null,2,{"v":200,"d":"R200.00"},{"v":400,"d":"R 400.00"}]
[6,"General Worker   (3)",null,null,"HRS",null,null,{"v":140,"d":"R140.00"},0]
[]
[]
[]
["Sub Total C",{"$nulls":7},{"$f":"SUM(I44:I52)","v":{"v":1000,"d":"R 1,000.00"}}]
["TRANSPORT"]
["Item 4","Destinantion",null,null,"No of Trips",null,"KMs","Rate","Amount"]
[1,"Office to  Livingston Hospital  and back.",null,null,1,null,21.2,{"v":5,"d":"R 5.00"},{"$f":"H56*G56","v":{"v":106,"d":"R 106.00"}}]
[]
["Sub Total D",{"$nulls":7},{"$f":"SUM(I56:I57)","v":{"v":106,"d":"R 106.00"}}]
[]
[{"$nulls":6}," Sub Total (A+B+C+D)",null,{"$f":"I58+I53+I41","v":{"v":7149.48,"d":"R 7,149.48"}}]
[]
[{"$nulls":6},"Sub Total",null,{"$f":"I60+I61","v":{"v":7149.48,"d":"R 7,149.48"}}]

{"sheet":"Jose Pearson TB Hosp (64)","index":89,"n_rows":62,"n_cols":13,"rows_kept":62,"hidden":true,"merged":[[8,0,8,4],[8,5,8,6],[8,7,8,8],[9,5,9,6],[9,7,9,8],[10,5,10,6],[10,7,10,8],[11,5,11,6],[11,7,11,8],[12,7,12,8],[13,5,13,6],[13,7,13,8],[14,5,14,6],[14,7,14,8],[15,0,15,8],[16,0,16,8],[17,1,17,3],[18,1,18,3],[19,1,19,3],[20,1,20,3],[21,0,21,7],[22,0,22,8],[23,1,23,5],[24,1,24,5],[25,1,25,5],[26,1,26,5],[27,1,27,5],[28,1,28,5],[29,1,29,5],[30,1,30,5],[31,1,31,5],[32,1,32,5],[33,1,33,5],[34,1,34,5],[35,1,35,5],[36,1,36,5],[37,1,37,5],[38,0,38,7],[39,0,39,7],[40,0,40,7],[41,0,41,8],[42,1,42,3],[42,4,42,5],[43,1,43,3],[43,4,43,5],[44,1,44,3],[44,4,44,5],[45,1,45,3],[45,4,45,5],[46,1,46,3],[46,4,46,5],[47,1,47,3],[47,4,47,5],[48,1,48,3],[48,4,48,5],[49,1,49,3],[50,1,50,3],[51,1,51,3],[52,0,52,7],[53,0,53,8],[54,1,54,3],[54,4,54,5],[55,1,55,3],[55,4,55,5],[56,1,56,3],[56,4,56,5],[57,0,57,7],[59,0,59,1],[59,2,59,4],[59,6,59,7],[60,0,60,1],[60,2,60,4],[61,0,61,1],[61,2,61,4],[61,6,61,7],[62,2,62,5]]}
{"$rows_empty":8}
["QUOTE TO :",{"$nulls":4},"Qoute No           ",null,{"$f":"#REF!","v":{"$error":"#REF!"}}]
["Department of Health",{"$nulls":4},"Date                   ",null,{"$f":"#REF!","v":{"$error":"#REF!"}}]
["717 Dukumbana Building",{"$nulls":4},"Facility              ",null,{"$f":"#REF!","v":{"$error":"#REF!"}}]
["Independent Avenue",{"$nulls":4},"Work Order     ",null,{"$f":"#REF!","v":{"$error":"#REF!"}}]
["Bhisho",{"$nulls":4},"Tender No       ",null,"SCMU3 - 17/18-0303 - HO"]
[{"$nulls":5},"Contract Term ",null,"24 MONTHS",{"$nulls":4}," "]
[{"$nulls":5},"GEN Id",null,"GEN/NMM/JOS/01"]
["WORK  REQUEST : Generator is faulty."]
["SCHEDULED WORK"]
["Item 1","Description",null,null,"Unit","Sch No","Quantity","Rate","Amount"]
[{"$nulls":8},{"$f":"SUM(G19*H19)","v":0}]
[{"$nulls":8},{"$f":"SUM(G20*H20)","v":0}]
[{"$nulls":8},0]
["Sub Total A",{"$nulls":7},{"$f":"SUM(I19:I21)","v":0}]
["NON SCHEDULED WORK"]
["Item 2","Description",{"$nulls":4},"Quantity","Rate","Amount"]
[1,"Water sep",{"$nulls":4},1,{"v":651,"d":"651.00"},{"$f":"H25*G25","v":{"v":651,"d":"R 651.00"}}]
[2,"Diesel filter",{"$nulls":4},1,482.94,{"$f":"H26*G26","v":{"v":482.94,"d":"R 482.94"}}]
[3,"Diesel fix",{"$nulls":4},2,{"v":271.3,"d":"271.30"},{"$f":"H27*G27","v":{"v":542.6,"d":"R 542.60"}}]
{"$rows_empty":11}
["Sub  Total",{"$nulls":7},{"$f":"SUM(I25:I38)","v":{"v":1676.54,"d":"R 1,676.54"}}]
["Mark - Up 15%",{"$nulls":7},{"$f":"ROUND((I39*0.15),2)","v":{"v":251.48,"d":"R 251.48"}}]
["SUb  Total  B",{"$nulls":7},{"$f":"I39+I40","v":{"v":1928.02,"d":"R 1,928.02"}}]
["LABOUR"]
["Item 3"," (Normal Rate)",null,null,"Unit",null,"Quantity","Rate","Amount"]
[1,"Techinician",null,null,"HRS",null,null,{"v":450,"d":"R450.00"},{"$f":"SUM(G44*H44)","v":0}]
[2," Senior Artisan  ",null,null,"HRS",null,null,{"v":350,"d":"R350.00"},{"$f":"SUM(G45*H45)","v":0}]
[3,"Artisan  (Trade Tested)",null,null,"HRS",null,12,{"v":300,"d":"R300.00"},{"v":3600,"d":"R 3,600.00"}]
[4,"Utility Man (Non - Trade Tested)",null,null,"HRS",null,null,{"v":200,"d":"R200.00"},0]
[5,"Artisan  Aid",null,null,"HRS",null,12,{"v":200,"d":"R200.00"},{"v":2400,"d":"R 2,400.00"}]
[6,"General Worker   (3)",null,null,"HRS",null,null,{"v":140,"d":"R140.00"},0]
[]
[]
[]
["Sub Total C",{"$nulls":7},{"$f":"SUM(I44:I52)","v":{"v":6000,"d":"R 6,000.00"}}]
["TRANSPORT"]
["Item 4","Destinantion",null,null,"No of Trips",null,"KMs","Rate","Amount"]
[1,"Office to Jose Pearson TB Hospital and back",null,null,2,null,113.2,{"v":5,"d":"R 5.00"},{"$f":"H56*G56","v":{"v":566,"d":"R 566.00"}}]
[]
["Sub Total D",{"$nulls":7},{"$f":"SUM(I56:I57)","v":{"v":566,"d":"R 566.00"}}]
[]
[{"$nulls":6}," Sub Total (A+B+C+D)",null,{"$f":"I58+I53+I41","v":{"v":8494.02,"d":"R 8,494.02"}}]
[]
[{"$nulls":6},"Sub Total",null,{"$f":"I60+I61","v":{"v":8494.02,"d":"R 8,494.02"}}]

{"sheet":"Motherwell chc (65)","index":90,"n_rows":62,"n_cols":13,"rows_kept":62,"hidden":true,"merged":[[8,0,8,4],[8,5,8,6],[8,7,8,8],[9,5,9,6],[9,7,9,8],[10,5,10,6],[10,7,10,8],[11,5,11,6],[11,7,11,8],[12,7,12,8],[13,5,13,6],[13,7,13,8],[14,5,14,6],[14,7,14,8],[15,0,15,8],[16,0,16,8],[17,1,17,3],[18,1,18,3],[19,1,19,3],[20,1,20,3],[21,0,21,7],[22,0,22,8],[23,1,23,5],[24,1,24,5],[25,1,25,5],[26,1,26,5],[27,1,27,5],[28,1,28,5],[29,1,29,5],[30,1,30,5],[31,1,31,5],[32,1,32,5],[33,1,33,5],[34,1,34,5],[35,1,35,5],[36,1,36,5],[37,1,37,5],[38,0,38,7],[39,0,39,7],[40,0,40,7],[41,0,41,8],[42,1,42,3],[42,4,42,5],[43,1,43,3],[43,4,43,5],[44,1,44,3],[44,4,44,5],[45,1,45,3],[45,4,45,5],[46,1,46,3],[46,4,46,5],[47,1,47,3],[47,4,47,5],[48,1,48,3],[48,4,48,5],[49,1,49,3],[50,1,50,3],[51,1,51,3],[52,0,52,7],[53,0,53,8],[54,1,54,3],[54,4,54,5],[55,1,55,3],[55,4,55,5],[56,1,56,3],[56,4,56,5],[57,0,57,7],[59,0,59,1],[59,2,59,4],[59,6,59,7],[60,0,60,1],[60,2,60,4],[61,0,61,1],[61,2,61,4],[61,6,61,7],[62,2,62,5]]}
{"$rows_empty":8}
["QUOTE TO :",{"$nulls":4},"Qoute No           ",null,{"$f":"#REF!","v":{"$error":"#REF!"}}]
["Department of Health",{"$nulls":4},"Date                   ",null,{"$f":"#REF!","v":{"$error":"#REF!"}}]
["717 Dukumbana Building",{"$nulls":4},"Facility              ",null,{"$f":"#REF!","v":{"$error":"#REF!"}}]
["Independent Avenue",{"$nulls":4},"Work Order     ",null,{"$f":"#REF!","v":{"$error":"#REF!"}}]
["Bhisho",{"$nulls":4},"Tender No       ",null,"SCMU3 - 17/18-0303 - HO"]
[{"$nulls":5},"Contract Term ",null,"24 MONTHS",{"$nulls":4}," "]
[{"$nulls":5},"GEN Id",null,"GEN/NMM/JOS/01"]
["WORK  REQUEST : Generator exhaust is faulty and battery tail is leaking."]
["SCHEDULED WORK"]
["Item 1","Description",null,null,"Unit","Sch No","Quantity","Rate","Amount"]
[{"$nulls":8},{"$f":"SUM(G19*H19)","v":0}]
[{"$nulls":8},{"$f":"SUM(G20*H20)","v":0}]
[{"$nulls":8},0]
["Sub Total A",{"$nulls":7},{"$f":"SUM(I19:I21)","v":0}]
["NON SCHEDULED WORK"]
["Item 2","Description",{"$nulls":4},"Quantity","Rate","Amount"]
[1,"Pipe flex",{"$nulls":4},1,{"v":1650,"d":"1650.00"},{"$f":"H25*G25","v":{"v":1650,"d":"R 1,650.00"}}]
[2,"Battery 683",{"$nulls":4},2,2239.13,{"$f":"H26*G26","v":{"v":4478.26,"d":"R 4,478.26"}}]
[3,{"$nulls":7},{"$f":"H27*G27","v":0}]
{"$rows_empty":11}
["Sub  Total",{"$nulls":7},{"$f":"SUM(I25:I38)","v":{"v":6128.26,"d":"R 6,128.26"}}]
["Mark - Up 15%",{"$nulls":7},{"$f":"ROUND((I39*0.15),2)","v":{"v":919.24,"d":"R 919.24"}}]
["SUb  Total  B",{"$nulls":7},{"$f":"I39+I40","v":{"v":7047.5,"d":"R 7,047.50"}}]
["LABOUR"]
["Item 3"," (Normal Rate)",null,null,"Unit",null,"Quantity","Rate","Amount"]
[1,"Techinician",null,null,"HRS",null,null,{"v":450,"d":"R450.00"},{"$f":"SUM(G44*H44)","v":0}]
[2," Senior Artisan  ",null,null,"HRS",null,null,{"v":350,"d":"R350.00"},{"$f":"SUM(G45*H45)","v":0}]
[3,"Artisan  (Trade Tested)",null,null,"HRS",null,8,{"v":300,"d":"R300.00"},{"v":2400,"d":"R 2,400.00"}]
[4,"Utility Man (Non - Trade Tested)",null,null,"HRS",null,null,{"v":200,"d":"R200.00"},0]
[5,"Artisan  Aid",null,null,"HRS",null,8,{"v":200,"d":"R200.00"},{"v":1600,"d":"R 1,600.00"}]
[6,"General Worker   (3)",null,null,"HRS",null,null,{"v":140,"d":"R140.00"},0]
[]
[]
[]
["Sub Total C",{"$nulls":7},{"$f":"SUM(I44:I52)","v":{"v":4000,"d":"R 4,000.00"}}]
["TRANSPORT"]
["Item 4","Destinantion",null,null,"No of Trips",null,"KMs","Rate","Amount"]
[1,"Office to Motherwell chc and back",null,null,2,null,131.6,{"v":5,"d":"R 5.00"},{"$f":"H56*G56","v":{"v":658,"d":"R 658.00"}}]
[]
["Sub Total D",{"$nulls":7},{"$f":"SUM(I56:I57)","v":{"v":658,"d":"R 658.00"}}]
[]
[{"$nulls":6}," Sub Total (A+B+C+D)",null,{"$f":"I58+I53+I41","v":{"v":11705.5,"d":"R 11,705.50"}}]
[]
[{"$nulls":6},"Sub Total",null,{"$f":"I60+I61","v":{"v":11705.5,"d":"R 11,705.50"}}]

{"sheet":"Dora Ngiza (66)","index":91,"n_rows":62,"n_cols":13,"rows_kept":62,"hidden":true,"merged":[[8,0,8,4],[8,5,8,6],[8,7,8,8],[9,5,9,6],[9,7,9,8],[10,5,10,6],[10,7,10,8],[11,5,11,6],[11,7,11,8],[12,7,12,8],[13,5,13,6],[13,7,13,8],[14,5,14,6],[14,7,14,8],[15,0,15,8],[16,0,16,8],[17,1,17,3],[18,1,18,3],[19,1,19,3],[20,1,20,3],[21,0,21,7],[22,0,22,8],[23,1,23,5],[24,1,24,5],[25,1,25,5],[26,1,26,5],[27,1,27,5],[28,1,28,5],[29,1,29,5],[30,1,30,5],[31,1,31,5],[32,1,32,5],[33,1,33,5],[34,1,34,5],[35,1,35,5],[36,1,36,5],[37,1,37,5],[38,0,38,7],[39,0,39,7],[40,0,40,7],[41,0,41,8],[42,1,42,3],[42,4,42,5],[43,1,43,3],[43,4,43,5],[44,1,44,3],[44,4,44,5],[45,1,45,3],[45,4,45,5],[46,1,46,3],[46,4,46,5],[47,1,47,3],[47,4,47,5],[48,1,48,3],[48,4,48,5],[49,1,49,3],[50,1,50,3],[51,1,51,3],[52,0,52,7],[53,0,53,8],[54,1,54,3],[54,4,54,5],[55,1,55,3],[55,4,55,5],[56,1,56,3],[56,4,56,5],[57,0,57,7],[59,0,59,1],[59,2,59,4],[59,6,59,7],[60,0,60,1],[60,2,60,4],[61,0,61,1],[61,2,61,4],[61,6,61,7],[62,2,62,5]]}
{"$rows_empty":8}
["QUOTE TO :",{"$nulls":4},"Qoute No           ",null,66]
["Department of Health",{"$nulls":4},"Date                   ",null,"2020-11-20"]
["717 Dukumbana Building",{"$nulls":4},"Facility              ",null,"Dora Ngiza chc"]
["Independent Avenue",{"$nulls":4},"Work Order     ",null,"ECDOH   102875"]
["Bhisho",{"$nulls":4},"Tender No       ",null,"SCMU3 - 17/18-0303 - HO"]
[{"$nulls":5},"Contract Term ",null,"24 MONTHS",{"$nulls":4}," "]
[{"$nulls":5},"GEN Id"]
["WORK  REQUEST : 4 X Generator batteries to bechanged."]
["SCHEDULED WORK"]
["Item 1","Description",null,null,"Unit","Sch No","Quantity","Rate","Amount"]
[{"$nulls":8},{"$f":"SUM(G19*H19)","v":0}]
[{"$nulls":8},{"$f":"SUM(G20*H20)","v":0}]
[{"$nulls":8},0]
["Sub Total A",{"$nulls":7},{"$f":"SUM(I19:I21)","v":0}]
["NON SCHEDULED WORK"]
["Item 2","Description",{"$nulls":4},"Quantity","Rate","Amount"]
[1,"695SHD (B183C) - 12V 220AH SMF",{"$nulls":4},2,{"v":3324.17,"d":"R3,324.17"},{"$f":"H25*G25","v":{"v":6648.34,"d":"R 6,648.34"}}]
[2,"683HC (B121C) - 12V 140AH SMF",{"$nulls":4},2,{"v":2239.13,"d":"R2,239.13"},{"$f":"H26*G26","v":{"v":4478.26,"d":"R 4,478.26"}}]
[3,"683HC (B121C) - 12V 140AH SMF",{"$nulls":4},2,{"v":2239.13,"d":"R2,239.13"},{"$f":"H27*G27","v":{"v":4478.26,"d":"R 4,478.26"}}]
[4,"683HC (B121C) - 12V 140AH SMF",{"$nulls":4},2,{"v":2239.13,"d":"R2,239.13"},{"$f":"H28*G28","v":{"v":4478.26,"d":"R 4,478.26"}}]
{"$rows_empty":10}
["Sub  Total",{"$nulls":7},{"$f":"SUM(I25:I38)","v":{"v":20083.120000000003,"d":"R 20,083.12"}}]
["Mark - Up 15%",{"$nulls":7},{"$f":"ROUND((I39*0.15),2)","v":{"v":3012.47,"d":"R 3,012.47"}}]
["SUb  Total  B",{"$nulls":7},{"$f":"I39+I40","v":{"v":23095.590000000004,"d":"R 23,095.59"}}]
["LABOUR"]
["Item 3"," (Normal Rate)",null,null,"Unit",null,"Quantity","Rate","Amount"]
[1,"Techinician",null,null,"HRS",null,null,{"v":450,"d":"R450.00"},{"$f":"SUM(G44*H44)","v":0}]
[2," Senior Artisan  ",null,null,"HRS",null,null,{"v":350,"d":"R350.00"},{"$f":"SUM(G45*H45)","v":0}]
[3,"Artisan  (Trade Tested)",null,null,"HRS",null,5,{"v":300,"d":"R300.00"},{"v":1500,"d":"R 1,500.00"}]
[4,"Utility Man (Non - Trade Tested)",null,null,"HRS",null,null,{"v":200,"d":"R200.00"},0]
[5,"Artisan  Aid",null,null,"HRS",null,5,{"v":200,"d":"R200.00"},{"v":1000,"d":"R 1,000.00"}]
[6,"General Worker   (3)",null,null,"HRS",null,null,{"v":140,"d":"R140.00"},0]
[]
[]
[]
["Sub Total C",{"$nulls":7},{"$f":"SUM(I44:I52)","v":{"v":2500,"d":"R 2,500.00"}}]
["TRANSPORT"]
["Item 4","Destinantion",null,null,"No of Trips",null,"KMs","Rate","Amount"]
[1,"Office to Dora Ngiz aHospital and back",null,null,2,null,92,{"v":5,"d":"R 5.00"},{"$f":"H56*G56","v":{"v":460,"d":"R 460.00"}}]
[]
["Sub Total D",{"$nulls":7},{"$f":"SUM(I56:I57)","v":{"v":460,"d":"R 460.00"}}]
[]
[{"$nulls":6}," Sub Total (A+B+C+D)",null,{"$f":"I58+I53+I41","v":{"v":26055.590000000004,"d":"R 26,055.59"}}]
[]
[{"$nulls":6},"Sub Total",null,{"$f":"I60+I61","v":{"v":26055.590000000004,"d":"R 26,055.59"}}]

{"sheet":"Orsmond TB Hosp (66)","index":92,"n_rows":62,"n_cols":13,"rows_kept":62,"hidden":true,"merged":[[8,0,8,4],[8,5,8,6],[8,7,8,8],[9,5,9,6],[9,7,9,8],[10,5,10,6],[10,7,10,8],[11,5,11,6],[11,7,11,8],[12,7,12,8],[13,5,13,6],[13,7,13,8],[14,5,14,6],[14,7,14,8],[15,0,15,8],[16,0,16,8],[17,1,17,3],[18,1,18,3],[19,1,19,3],[20,1,20,3],[21,0,21,7],[22,0,22,8],[23,1,23,5],[24,1,24,5],[25,1,25,5],[26,1,26,5],[27,1,27,5],[28,1,28,5],[29,1,29,5],[30,1,30,5],[31,1,31,5],[32,1,32,5],[33,1,33,5],[34,1,34,5],[35,1,35,5],[36,1,36,5],[37,1,37,5],[38,0,38,7],[39,0,39,7],[40,0,40,7],[41,0,41,8],[42,1,42,3],[42,4,42,5],[43,1,43,3],[43,4,43,5],[44,1,44,3],[44,4,44,5],[45,1,45,3],[45,4,45,5],[46,1,46,3],[46,4,46,5],[47,1,47,3],[47,4,47,5],[48,1,48,3],[48,4,48,5],[49,1,49,3],[50,1,50,3],[51,1,51,3],[52,0,52,7],[53,0,53,8],[54,1,54,3],[54,4,54,5],[55,1,55,3],[55,4,55,5],[56,1,56,3],[56,4,56,5],[57,0,57,7],[59,0,59,1],[59,2,59,4],[59,6,59,7],[60,0,60,1],[60,2,60,4],[61,0,61,1],[61,2,61,4],[61,6,61,7],[62,2,62,5]]}
{"$rows_empty":8}
["QUOTE TO :",{"$nulls":4},"Qoute No           ",null,66]
["Department of Health",{"$nulls":4},"Date                   ",null,{"$f":"#REF!","v":{"$error":"#REF!"}}]
["717 Dukumbana Building",{"$nulls":4},"Facility              ",null,{"$f":"#REF!","v":{"$error":"#REF!"}}]
["Independent Avenue",{"$nulls":4},"Work Order     ",null,{"$f":"#REF!","v":{"$error":"#REF!"}}]
["Bhisho",{"$nulls":4},"Tender No       ",null,"SCMU3 - 17/18-0303 - HO"]
[{"$nulls":5},"Contract Term ",null,"24 MONTHS",{"$nulls":4}," "]
[{"$nulls":5},"GEN ID",null,"GEN/NMM/ORS/01"]
["WORK  REQUEST : Generator is faulty."]
["SCHEDULED WORK"]
["Item 1","Description",null,null,"Unit","Sch No","Quantity","Rate","Amount"]
[{"$nulls":8},{"$f":"SUM(G19*H19)","v":0}]
[{"$nulls":8},{"$f":"SUM(G20*H20)","v":0}]
[{"$nulls":8},0]
["Sub Total A",{"$nulls":7},{"$f":"SUM(I19:I21)","v":0}]
["NON SCHEDULED WORK"]
["Item 2","Description",{"$nulls":4},"Quantity","Rate","Amount"]
{"$rows_empty":14}
["Sub  Total",{"$nulls":7},{"$f":"SUM(I25:I38)","v":0}]
["Mark - Up 15%",{"$nulls":7},{"$f":"ROUND((I39*0.15),2)","v":0}]
["SUb  Total  B",{"$nulls":7},{"$f":"I39+I40","v":0}]
["LABOUR"]
["Item 3"," (Normal Rate)",null,null,"Unit",null,"Quantity","Rate","Amount"]
[1,"Techinician",null,null,"HRS",null,null,{"v":450,"d":"R450.00"},{"$f":"SUM(G44*H44)","v":0}]
[2," Senior Artisan  ",null,null,"HRS",null,null,{"v":350,"d":"R350.00"},{"$f":"SUM(G45*H45)","v":0}]
[3,"Artisan  (Trade Tested)",null,null,"HRS",null,1,{"v":300,"d":"R300.00"},{"v":300,"d":"R 300.00"}]
[4,"Utility Man (Non - Trade Tested)",null,null,"HRS",null,null,{"v":200,"d":"R200.00"},0]
[5,"Artisan  Aid",null,null,"HRS",null,1,{"v":200,"d":"R200.00"},{"v":200,"d":"R 200.00"}]
[6,"General Worker   (3)",null,null,"HRS",null,null,{"v":140,"d":"R140.00"},0]
[]
[]
[]
["Sub Total C",{"$nulls":7},{"$f":"SUM(I44:I52)","v":{"v":500,"d":"R 500.00"}}]
["TRANSPORT"]
["Item 4","Destinantion",null,null,"No of Trips",null,"KMs","Rate","Amount"]
[1,"Office to Orsmond TB Hospital and back",null,null,1,null,81.8,{"v":5,"d":"R 5.00"},{"$f":"H56*G56","v":{"v":409,"d":"R 409.00"}}]
[]
["Sub Total D",{"$nulls":7},{"$f":"SUM(I56:I57)","v":{"v":409,"d":"R 409.00"}}]
[]
[{"$nulls":6}," Sub Total (A+B+C+D)",null,{"$f":"I58+I53+I41","v":{"v":909,"d":"R 909.00"}}]
[]
[{"$nulls":6},"Sub Total",null,{"$f":"I60+I61","v":{"v":909,"d":"R 909.00"}}]

{"sheet":"Dora Ngiza Hosp (67)","index":93,"n_rows":62,"n_cols":13,"rows_kept":62,"hidden":true,"merged":[[8,0,8,4],[8,5,8,6],[8,7,8,8],[9,5,9,6],[9,7,9,8],[10,5,10,6],[10,7,10,8],[11,5,11,6],[11,7,11,8],[12,7,12,8],[13,5,13,6],[13,7,13,8],[14,5,14,6],[14,7,14,8],[15,0,15,8],[16,0,16,8],[17,1,17,3],[18,1,18,3],[19,1,19,3],[20,1,20,3],[21,0,21,7],[22,0,22,8],[23,1,23,5],[24,1,24,5],[25,1,25,5],[26,1,26,5],[27,1,27,5],[28,1,28,5],[29,1,29,5],[30,1,30,5],[31,1,31,5],[32,1,32,5],[33,1,33,5],[34,1,34,5],[35,1,35,5],[36,1,36,5],[37,1,37,5],[38,0,38,7],[39,0,39,7],[40,0,40,7],[41,0,41,8],[42,1,42,3],[42,4,42,5],[43,1,43,3],[43,4,43,5],[44,1,44,3],[44,4,44,5],[45,1,45,3],[45,4,45,5],[46,1,46,3],[46,4,46,5],[47,1,47,3],[47,4,47,5],[48,1,48,3],[48,4,48,5],[49,1,49,3],[50,1,50,3],[51,1,51,3],[52,0,52,7],[53,0,53,8],[54,1,54,3],[54,4,54,5],[55,1,55,3],[55,4,55,5],[56,1,56,3],[56,4,56,5],[57,0,57,7],[59,0,59,1],[59,2,59,4],[59,6,59,7],[60,0,60,1],[60,2,60,4],[61,0,61,1],[61,2,61,4],[61,6,61,7],[62,2,62,5]]}
{"$rows_empty":8}
["QUOTE TO :",{"$nulls":4},"Qoute No           ",null,{"$f":"#REF!","v":{"$error":"#REF!"}}]
["Department of Health",{"$nulls":4},"Date                   ",null,{"$f":"#REF!","v":{"$error":"#REF!"}}]
["717 Dukumbana Building",{"$nulls":4},"Facility              ",null,{"$f":"#REF!","v":{"$error":"#REF!"}}]
["Independent Avenue",{"$nulls":4},"Work Order     ",null,{"$f":"#REF!","v":{"$error":"#REF!"}}]
["Bhisho",{"$nulls":4},"Tender No       ",null,"SCMU3 - 17/18-0303 - HO"]
[{"$nulls":5},"Contract Term ",null,"24 MONTHS",{"$nulls":4}," "]
[{"$nulls":5},"GEN ID",null,"GEN/NMM/DOR/04"]
["WORK  REQUEST : Generator is faulty."]
["SCHEDULED WORK"]
["Item 1","Description",null,null,"Unit","Sch No","Quantity","Rate","Amount"]
[{"$nulls":8},{"$f":"SUM(G19*H19)","v":0}]
[{"$nulls":8},{"$f":"SUM(G20*H20)","v":0}]
[{"$nulls":8},0]
["Sub Total A",{"$nulls":7},{"$f":"SUM(I19:I21)","v":0}]
["NON SCHEDULED WORK"]
["Item 2","Description",{"$nulls":4},"Quantity","Rate","Amount"]
{"$rows_empty":14}
["Sub  Total",{"$nulls":7},{"$f":"SUM(I25:I38)","v":0}]
["Mark - Up 15%",{"$nulls":7},{"$f":"ROUND((I39*0.15),2)","v":0}]
["SUb  Total  B",{"$nulls":7},{"$f":"I39+I40","v":0}]
["LABOUR"]
["Item 3"," (Normal Rate)",null,null,"Unit",null,"Quantity","Rate","Amount"]
[1,"Techinician",null,null,"HRS",null,null,{"v":450,"d":"R450.00"},{"$f":"SUM(G44*H44)","v":0}]
[2," Senior Artisan  ",null,null,"HRS",null,null,{"v":350,"d":"R350.00"},{"$f":"SUM(G45*H45)","v":0}]
[3,"Artisan  (Trade Tested)",null,null,"HRS",null,2,{"v":300,"d":"R300.00"},{"v":600,"d":"R 600.00"}]
[4,"Utility Man (Non - Trade Tested)",null,null,"HRS",null,null,{"v":200,"d":"R200.00"},0]
[5,"Artisan  Aid",null,null,"HRS",null,2,{"v":200,"d":"R200.00"},{"v":400,"d":"R 400.00"}]
[6,"General Worker   (3)",null,null,"HRS",null,null,{"v":140,"d":"R140.00"},0]
[]
[]
[]
["Sub Total C",{"$nulls":7},{"$f":"SUM(I44:I52)","v":{"v":1000,"d":"R 1,000.00"}}]
["TRANSPORT"]
["Item 4","Destinantion",null,null,"No of Trips",null,"KMs","Rate","Amount"]
[1,"Office to EMS Dora Ngiza and back",null,null,1,null,33.2,{"v":5,"d":"R 5.00"},{"$f":"H56*G56","v":{"v":166,"d":"R 166.00"}}]
[]
["Sub Total D",{"$nulls":7},{"$f":"SUM(I56:I57)","v":{"v":166,"d":"R 166.00"}}]
[]
[{"$nulls":6}," Sub Total (A+B+C+D)",null,{"$f":"I58+I53+I41","v":{"v":1166,"d":"R 1,166.00"}}]
[]
[{"$nulls":6},"Sub Total",null,{"$f":"I60+I61","v":{"v":1166,"d":"R 1,166.00"}}]

{"sheet":"Uitenhage Forensic (68)","index":94,"n_rows":62,"n_cols":13,"rows_kept":62,"hidden":true,"merged":[[8,0,8,4],[8,5,8,6],[8,7,8,8],[9,5,9,6],[9,7,9,8],[10,5,10,6],[10,7,10,8],[11,5,11,6],[11,7,11,8],[12,7,12,8],[13,5,13,6],[13,7,13,8],[14,5,14,6],[14,7,14,8],[15,0,15,8],[16,0,16,8],[17,1,17,3],[18,1,18,3],[19,1,19,3],[20,1,20,3],[21,0,21,7],[22,0,22,8],[23,1,23,5],[24,1,24,5],[25,1,25,5],[26,1,26,5],[27,1,27,5],[28,1,28,5],[29,1,29,5],[30,1,30,5],[31,1,31,5],[32,1,32,5],[33,1,33,5],[34,1,34,5],[35,1,35,5],[36,1,36,5],[37,1,37,5],[38,0,38,7],[39,0,39,7],[40,0,40,7],[41,0,41,8],[42,1,42,3],[42,4,42,5],[43,1,43,3],[43,4,43,5],[44,1,44,3],[44,4,44,5],[45,1,45,3],[45,4,45,5],[46,1,46,3],[46,4,46,5],[47,1,47,3],[47,4,47,5],[48,1,48,3],[48,4,48,5],[49,1,49,3],[50,1,50,3],[51,1,51,3],[52,0,52,7],[53,0,53,8],[54,1,54,3],[54,4,54,5],[55,1,55,3],[55,4,55,5],[56,1,56,3],[56,4,56,5],[57,0,57,7],[59,0,59,1],[59,2,59,4],[59,6,59,7],[60,0,60,1],[60,2,60,4],[61,0,61,1],[61,2,61,4],[61,6,61,7],[62,2,62,5]]}
{"$rows_empty":8}
["QUOTE TO :",{"$nulls":4},"Qoute No           ",null,{"$f":"#REF!","v":{"$error":"#REF!"}}]
["Department of Health",{"$nulls":4},"Date                   ",null,{"$f":"#REF!","v":{"$error":"#REF!"}}]
["717 Dukumbana Building",{"$nulls":4},"Facility              ",null,{"$f":"#REF!","v":{"$error":"#REF!"}}]
["Independent Avenue",{"$nulls":4},"Work Order     ",null,{"$f":"#REF!","v":{"$error":"#REF!"}}]
["Bhisho",{"$nulls":4},"Tender No       ",null,"SCMU3 - 17/18-0303 - HO"]
[{"$nulls":5},"Contract Term ",null,"24 MONTHS",{"$nulls":4}," "]
[{"$nulls":5},"GEN ID",null,"GEN/NMM/UFP/01"]
["WORK  REQUEST : Generator battery is faulty"]
["SCHEDULED WORK"]
["Item 1","Description",null,null,"Unit","Sch No","Quantity","Rate","Amount"]
[{"$nulls":8},{"$f":"SUM(G19*H19)","v":0}]
[{"$nulls":8},{"$f":"SUM(G20*H20)","v":0}]
[{"$nulls":8},0]
["Sub Total A",{"$nulls":7},{"$f":"SUM(I19:I21)","v":0}]
["NON SCHEDULED WORK"]
["Item 2","Description",{"$nulls":4},"Quantity","Rate","Amount"]
[1,"Battery 646",{"$nulls":4},1,{"v":963.9,"d":"R963.90"},{"$f":"H25*G25","v":{"v":963.9,"d":"R 963.90"}}]
{"$rows_empty":13}
["Sub  Total",{"$nulls":7},{"$f":"SUM(I25:I38)","v":{"v":963.9,"d":"R 963.90"}}]
["Mark - Up 15%",{"$nulls":7},{"$f":"ROUND((I39*0.15),2)","v":{"v":144.59,"d":"R 144.59"}}]
["SUb  Total  B",{"$nulls":7},{"$f":"I39+I40","v":{"v":1108.49,"d":"R 1,108.49"}}]
["LABOUR"]
["Item 3"," (Normal Rate)",null,null,"Unit",null,"Quantity","Rate","Amount"]
[1,"Techinician",null,null,"HRS",null,null,{"v":450,"d":"R450.00"},{"$f":"SUM(G44*H44)","v":0}]
[2," Senior Artisan  ",null,null,"HRS",null,null,{"v":350,"d":"R350.00"},{"$f":"SUM(G45*H45)","v":0}]
[3,"Artisan  (Trade Tested)",null,null,"HRS",null,1,{"v":300,"d":"R300.00"},{"v":300,"d":"R 300.00"}]
[4,"Utility Man (Non - Trade Tested)",null,null,"HRS",null,null,{"v":200,"d":"R200.00"},0]
[5,"Artisan  Aid",null,null,"HRS",null,1,{"v":200,"d":"R200.00"},{"v":200,"d":"R 200.00"}]
[6,"General Worker   (3)",null,null,"HRS",null,null,{"v":140,"d":"R140.00"},0]
[]
[]
[]
["Sub Total C",{"$nulls":7},{"$f":"SUM(I44:I52)","v":{"v":500,"d":"R 500.00"}}]
["TRANSPORT"]
["Item 4","Destinantion",null,null,"No of Trips",null,"KMs","Rate","Amount"]
[1,"Office to Unitenhage Frensic phat and back",null,null,1,null,84.2,{"v":5,"d":"R 5.00"},{"$f":"H56*G56","v":{"v":421,"d":"R 421.00"}}]
[]
["Sub Total D",{"$nulls":7},{"$f":"SUM(I56:I57)","v":{"v":421,"d":"R 421.00"}}]
[]
[{"$nulls":6}," Sub Total (A+B+C+D)",null,{"$f":"I58+I53+I41","v":{"v":2029.49,"d":"R 2,029.49"}}]
[]
[{"$nulls":6},"Sub Total",null,{"$f":"I60+I61","v":{"v":2029.49,"d":"R 2,029.49"}}]

{"sheet":"Dora Ngiza Hospital (70)","index":95,"n_rows":62,"n_cols":13,"rows_kept":62,"hidden":true,"merged":[[8,0,8,4],[8,5,8,6],[8,7,8,8],[9,5,9,6],[9,7,9,8],[10,5,10,6],[10,7,10,8],[11,5,11,6],[11,7,11,8],[12,7,12,8],[13,5,13,6],[13,7,13,8],[14,5,14,6],[14,7,14,8],[15,0,15,8],[16,0,16,8],[17,1,17,3],[18,1,18,3],[19,1,19,3],[20,1,20,3],[21,0,21,7],[22,0,22,8],[23,1,23,5],[24,1,24,5],[25,1,25,5],[26,1,26,5],[27,1,27,5],[28,1,28,5],[29,1,29,5],[30,1,30,5],[31,1,31,5],[32,1,32,5],[33,1,33,5],[34,1,34,5],[35,1,35,5],[36,1,36,5],[37,1,37,5],[38,0,38,7],[39,0,39,7],[40,0,40,7],[41,0,41,8],[42,1,42,3],[42,4,42,5],[43,1,43,3],[43,4,43,5],[44,1,44,3],[44,4,44,5],[45,1,45,3],[45,4,45,5],[46,1,46,3],[46,4,46,5],[47,1,47,3],[47,4,47,5],[48,1,48,3],[48,4,48,5],[49,1,49,3],[50,1,50,3],[51,1,51,3],[52,0,52,7],[53,0,53,8],[54,1,54,3],[54,4,54,5],[55,1,55,3],[55,4,55,5],[56,1,56,3],[56,4,56,5],[57,0,57,7],[59,0,59,1],[59,2,59,4],[59,6,59,7],[60,0,60,1],[60,2,60,4],[61,0,61,1],[61,2,61,4],[61,6,61,7],[62,2,62,5]]}
{"$rows_empty":8}
["QUOTE TO :",{"$nulls":4},"Qoute No           ",null,{"$f":"#REF!","v":{"$error":"#REF!"}}]
["Department of Health",{"$nulls":4},"Date                   ",null,{"$f":"#REF!","v":{"$error":"#REF!"}}]
["717 Dukumbana Building",{"$nulls":4},"Facility              ",null,{"$f":"#REF!","v":{"$error":"#REF!"}}]
["Independent Avenue",{"$nulls":4},"Work Order     ",null,{"$f":"#REF!","v":{"$error":"#REF!"}}]
["Bhisho",{"$nulls":4},"Tender No       ",null,"SCMU3 - 17/18-0303 - HO"]
[{"$nulls":5},"Contract Term ",null,"24 MONTHS",{"$nulls":4}," "]
[{"$nulls":5},"GEN ID",null,"GEN/NMM/DOR/01-04"]
["WORK  REQUEST : 4 x generators batteries to be changed"]
["SCHEDULED WORK"]
["Item 1","Description",null,null,"Unit","Sch No","Quantity","Rate","Amount"]
[{"$nulls":8},{"$f":"SUM(G19*H19)","v":0}]
[{"$nulls":8},{"$f":"SUM(G20*H20)","v":0}]
[{"$nulls":8},0]
["Sub Total A",{"$nulls":7},{"$f":"SUM(I19:I21)","v":0}]
["NON SCHEDULED WORK"]
["Item 2","Description",{"$nulls":4},"Quantity","Rate","Amount"]
[1,"Battery  (695)",{"$nulls":4},2,{"v":3728.09,"d":"R3,728.09"},{"$f":"H25*G25","v":{"v":7456.18,"d":"R 7,456.18"}}]
[2,"Battery  (683)",{"$nulls":4},2,{"v":2439.13,"d":"R2,439.13"},{"$f":"H26*G26","v":{"v":4878.26,"d":"R 4,878.26"}}]
[3,"Battery  (683)",{"$nulls":4},2,{"v":2439.13,"d":"R2,439.13"},{"$f":"H27*G27","v":{"v":4878.26,"d":"R 4,878.26"}}]
[4,"Battery  (683)",{"$nulls":4},2,{"v":2439.13,"d":"R2,439.13"},{"$f":"H28*G28","v":{"v":4878.26,"d":"R 4,878.26"}}]
[5,"scrap value back",{"$nulls":4},8,{"v":-230,"d":"-R230.00"},{"$f":"H29*G29","v":{"v":-1840,"d":"R -1,840.00"}}]
{"$rows_empty":9}
["Sub  Total",{"$nulls":7},{"$f":"SUM(I25:I38)","v":{"v":20250.96,"d":"R 20,250.96"}}]
["Mark - Up 15%",{"$nulls":7},{"$f":"ROUND((I39*0.15),2)","v":{"v":3037.64,"d":"R 3,037.64"}}]
["SUb  Total  B",{"$nulls":7},{"$f":"I39+I40","v":{"v":23288.6,"d":"R 23,288.60"}}]
["LABOUR"]
["Item 3"," (Normal Rate)",null,null,"Unit",null,"Quantity","Rate","Amount"]
[1,"Techinician",null,null,"HRS",null,null,{"v":450,"d":"R450.00"},{"$f":"SUM(G44*H44)","v":0}]
[2," Senior Artisan  ",null,null,"HRS",null,null,{"v":350,"d":"R350.00"},{"$f":"SUM(G45*H45)","v":0}]
[3,"Artisan  (Trade Tested)",null,null,"HRS",null,1.5,{"v":300,"d":"R300.00"},{"v":450,"d":"R 450.00"}]
[4,"Utility Man (Non - Trade Tested)",null,null,"HRS",null,null,{"v":200,"d":"R200.00"},0]
[5,"Artisan  Aid",null,null,"HRS",null,1.5,{"v":200,"d":"R200.00"},{"v":300,"d":"R 300.00"}]
[6,"General Worker   ",null,null,"HRS",null,null,{"v":140,"d":"R140.00"},0]
[]
[]
[]
["Sub Total C",{"$nulls":7},{"$f":"SUM(I44:I52)","v":{"v":750,"d":"R 750.00"}}]
["TRANSPORT"]
["Item 4","Destinantion",null,null,"No of Trips",null,"KMs","Rate","Amount"]
[1,"Office to Dora Ngiza Hospital  and back",null,null,2,null,66.4,{"v":5,"d":"R 5.00"},{"$f":"H56*G56","v":{"v":332,"d":"R 332.00"}}]
[]
["Sub Total D",{"$nulls":7},{"$f":"SUM(I56:I57)","v":{"v":332,"d":"R 332.00"}}]
[]
[{"$nulls":6}," Sub Total (A+B+C+D)",null,{"$f":"I58+I53+I41","v":{"v":24370.6,"d":"R 24,370.60"}}]
[]
[{"$nulls":6},"Sub Total",null,{"$f":"I60+I61","v":{"v":24370.6,"d":"R 24,370.60"}}]

{"sheet":"Jose Pearson Sant (71)","index":96,"n_rows":62,"n_cols":13,"rows_kept":62,"hidden":true,"merged":[[8,0,8,4],[8,5,8,6],[8,7,8,8],[9,5,9,6],[9,7,9,8],[10,5,10,6],[10,7,10,8],[11,5,11,6],[11,7,11,8],[12,7,12,8],[13,5,13,6],[13,7,13,8],[14,5,14,6],[14,7,14,8],[15,0,15,8],[16,0,16,8],[17,1,17,3],[18,1,18,3],[19,1,19,3],[20,1,20,3],[21,0,21,7],[22,0,22,8],[23,1,23,5],[24,1,24,5],[25,1,25,5],[26,1,26,5],[27,1,27,5],[28,1,28,5],[29,1,29,5],[30,1,30,5],[31,1,31,5],[32,1,32,5],[33,1,33,5],[34,1,34,5],[35,1,35,5],[36,1,36,5],[37,1,37,5],[38,0,38,7],[39,0,39,7],[40,0,40,7],[41,0,41,8],[42,1,42,3],[42,4,42,5],[43,1,43,3],[43,4,43,5],[44,1,44,3],[44,4,44,5],[45,1,45,3],[45,4,45,5],[46,1,46,3],[46,4,46,5],[47,1,47,3],[47,4,47,5],[48,1,48,3],[48,4,48,5],[49,1,49,3],[50,1,50,3],[51,1,51,3],[52,0,52,7],[53,0,53,8],[54,1,54,3],[54,4,54,5],[55,1,55,3],[55,4,55,5],[56,1,56,3],[56,4,56,5],[57,0,57,7],[59,0,59,1],[59,2,59,4],[59,6,59,7],[60,0,60,1],[60,2,60,4],[61,0,61,1],[61,2,61,4],[61,6,61,7],[62,2,62,5]]}
{"$rows_empty":8}
["QUOTE TO :",{"$nulls":4},"Qoute No           ",null,71]
["Department of Health",{"$nulls":4},"Date                   ",null,{"$f":"#REF!","v":{"$error":"#REF!"}}]
["717 Dukumbana Building",{"$nulls":4},"Facility              ",null,{"$f":"#REF!","v":{"$error":"#REF!"}}]
["Independent Avenue",{"$nulls":4},"Work Order     ",null,{"$f":"#REF!","v":{"$error":"#REF!"}}]
["Bhisho",{"$nulls":4},"Tender No       ",null,"SCMU3 - 17/18-0303 - HO"]
[{"$nulls":5},"Contract Term ",null,"24 MONTHS",{"$nulls":4}," "]
[{"$nulls":5},"GEN ID",null,"GEN/NMM/JOS/02"]
["WORK  REQUEST : Repair of generator cover & 2 generator batteries are not working."]
["SCHEDULED WORK"]
["Item 1","Description",null,null,"Unit","Sch No","Quantity","Rate","Amount"]
[{"$nulls":8},{"$f":"SUM(G19*H19)","v":0}]
[{"$nulls":8},{"$f":"SUM(G20*H20)","v":0}]
[{"$nulls":8},0]
["Sub Total A",{"$nulls":7},{"$f":"SUM(I19:I21)","v":0}]
["NON SCHEDULED WORK"]
["Item 2","Description",{"$nulls":4},"Quantity","Rate","Amount"]
[1,"Battery (683)",{"$nulls":4},2,{"v":2439.44,"d":"R2,439.44"},{"$f":"H25*G25","v":{"v":4878.88,"d":"R 4,878.88"}}]
[2,"Laser cut & bend",{"$nulls":4},1,{"v":8510,"d":"R8,510.00"},{"$f":"H26*G26","v":{"v":8510,"d":"R 8,510.00"}}]
[3,"Consumables",{"$nulls":4},1,{"v":2546.68,"d":"R2,546.68"},{"$f":"H27*G27","v":{"v":2546.68,"d":"R 2,546.68"}}]
{"$rows_empty":11}
["Sub  Total",{"$nulls":7},{"$f":"SUM(I25:I38)","v":{"v":15935.560000000001,"d":"R 15,935.56"}}]
["Mark - Up 15%",{"$nulls":7},{"$f":"ROUND((I39*0.15),2)","v":{"v":2390.33,"d":"R 2,390.33"}}]
["SUb  Total  B",{"$nulls":7},{"$f":"I39+I40","v":{"v":18325.89,"d":"R 18,325.89"}}]
["LABOUR"]
["Item 3"," (Normal Rate)",null,null,"Unit",null,"Quantity","Rate","Amount"]
[1,"Techinician",null,null,"HRS",null,null,{"v":450,"d":"R450.00"},{"$f":"SUM(G44*H44)","v":0}]
[2," Senior Artisan  ",null,null,"HRS",null,null,{"v":350,"d":"R350.00"},{"$f":"SUM(G45*H45)","v":0}]
[3,"Artisan  (Trade Tested)",null,null,"HRS",null,28,{"v":300,"d":"R300.00"},{"v":8400,"d":"R 8,400.00"}]
[4,"Utility Man (Non - Trade Tested)",null,null,"HRS",null,null,{"v":200,"d":"R200.00"},0]
[5,"Artisan  Aid",null,null,"HRS",null,28,{"v":200,"d":"R200.00"},{"v":5600,"d":"R 5,600.00"}]
[6,"General Worker   ",null,null,"HRS",null,null,{"v":140,"d":"R140.00"},0]
[]
[]
[]
["Sub Total C",{"$nulls":7},{"$f":"SUM(I44:I52)","v":{"v":14000,"d":"R 14,000.00"}}]
["TRANSPORT"]
["Item 4","Destinantion",null,null,"No of Trips",null,"KMs","Rate","Amount"]
[1,"Office to Jose Pearson Sant Hospital  and back",null,null,2,null,113.2,{"v":5,"d":"R 5.00"},{"$f":"H56*G56","v":{"v":566,"d":"R 566.00"}}]
[]
["Sub Total D",{"$nulls":7},{"$f":"SUM(I56:I57)","v":{"v":566,"d":"R 566.00"}}]
[]
[{"$nulls":6}," Sub Total (A+B+C+D)",null,{"$f":"I58+I53+I41","v":{"v":32891.89,"d":"R 32,891.89"}}]
[]
[{"$nulls":6},"Sub Total",null,{"$f":"I60+I61","v":{"v":32891.89,"d":"R 32,891.89"}}]

{"sheet":"Gqebera chc (72)","index":97,"n_rows":62,"n_cols":13,"rows_kept":62,"hidden":true,"merged":[[8,0,8,4],[8,5,8,6],[8,7,8,8],[9,5,9,6],[9,7,9,8],[10,5,10,6],[10,7,10,8],[11,5,11,6],[11,7,11,8],[12,7,12,8],[13,5,13,6],[13,7,13,8],[14,5,14,6],[14,7,14,8],[15,0,15,8],[16,0,16,8],[17,1,17,3],[18,1,18,3],[19,1,19,3],[20,1,20,3],[21,0,21,7],[22,0,22,8],[23,1,23,5],[24,1,24,5],[25,1,25,5],[26,1,26,5],[27,1,27,5],[28,1,28,5],[29,1,29,5],[30,1,30,5],[31,1,31,5],[32,1,32,5],[33,1,33,5],[34,1,34,5],[35,1,35,5],[36,1,36,5],[37,1,37,5],[38,0,38,7],[39,0,39,7],[40,0,40,7],[41,0,41,8],[42,1,42,3],[42,4,42,5],[43,1,43,3],[43,4,43,5],[44,1,44,3],[44,4,44,5],[45,1,45,3],[45,4,45,5],[46,1,46,3],[46,4,46,5],[47,1,47,3],[47,4,47,5],[48,1,48,3],[48,4,48,5],[49,1,49,3],[50,1,50,3],[51,1,51,3],[52,0,52,7],[53,0,53,8],[54,1,54,3],[54,4,54,5],[55,1,55,3],[55,4,55,5],[56,1,56,3],[56,4,56,5],[57,0,57,7],[59,0,59,1],[59,2,59,4],[59,6,59,7],[60,0,60,1],[60,2,60,4],[61,0,61,1],[61,2,61,4],[61,6,61,7],[62,2,62,5]]}
{"$rows_empty":8}
["QUOTE TO :",{"$nulls":4},"Qoute No           ",null,72]
["Department of Health",{"$nulls":4},"Date                   ",null,{"$f":"#REF!","v":{"$error":"#REF!"}}]
["717 Dukumbana Building",{"$nulls":4},"Facility              ",null,{"$f":"#REF!","v":{"$error":"#REF!"}}]
["Independent Avenue",{"$nulls":4},"Work Order     ",null,{"$f":"#REF!","v":{"$error":"#REF!"}}]
["Bhisho",{"$nulls":4},"Tender No       ",null,"SCMU3 - 17/18-0303 - HO"]
[{"$nulls":5},"Contract Term ",null,"24 MONTHS",{"$nulls":4}," "]
[{"$nulls":5},"GEN ID",null,"GEN/NMM/GQE/01"]
["WORK  REQUEST : Generator is faulty."]
["SCHEDULED WORK"]
["Item 1","Description",null,null,"Unit","Sch No","Quantity","Rate","Amount"]
[{"$nulls":8},{"$f":"SUM(G19*H19)","v":0}]
[{"$nulls":8},{"$f":"SUM(G20*H20)","v":0}]
[{"$nulls":8},0]
["Sub Total A",{"$nulls":7},{"$f":"SUM(I19:I21)","v":0}]
["NON SCHEDULED WORK"]
["Item 2","Description",{"$nulls":4},"Quantity","Rate","Amount"]
{"$rows_empty":14}
["Sub  Total",{"$nulls":7},{"$f":"SUM(I25:I38)","v":0}]
["Mark - Up 15%",{"$nulls":7},{"$f":"ROUND((I39*0.15),2)","v":0}]
["SUb  Total  B",{"$nulls":7},{"$f":"I39+I40","v":0}]
["LABOUR"]
["Item 3"," (Normal Rate)",null,null,"Unit",null,"Quantity","Rate","Amount"]
[1,"Techinician",null,null,"HRS",null,null,{"v":450,"d":"R450.00"},{"$f":"SUM(G44*H44)","v":0}]
[2," Senior Artisan  ",null,null,"HRS",null,null,{"v":350,"d":"R350.00"},{"$f":"SUM(G45*H45)","v":0}]
[3,"Artisan  (Trade Tested)",null,null,"HRS",null,2,{"v":300,"d":"R300.00"},{"v":600,"d":"R 600.00"}]
[4,"Utility Man (Non - Trade Tested)",null,null,"HRS",null,null,{"v":200,"d":"R200.00"},0]
[5,"Artisan  Aid",null,null,"HRS",null,2,{"v":200,"d":"R200.00"},{"v":400,"d":"R 400.00"}]
[6,"General Worker   ",null,null,"HRS",null,null,{"v":140,"d":"R140.00"},0]
[]
[]
[]
["Sub Total C",{"$nulls":7},{"$f":"SUM(I44:I52)","v":{"v":1000,"d":"R 1,000.00"}}]
["TRANSPORT"]
["Item 4","Destinantion",null,null,"No of Trips",null,"KMs","Rate","Amount"]
[1,"Office to Gqebera chc  and back",null,null,1,null,10.4,{"v":5,"d":"R 5.00"},{"$f":"H56*G56","v":{"v":52,"d":"R 52.00"}}]
[]
["Sub Total D",{"$nulls":7},{"$f":"SUM(I56:I57)","v":{"v":52,"d":"R 52.00"}}]
[]
[{"$nulls":6}," Sub Total (A+B+C+D)",null,{"$f":"I58+I53+I41","v":{"v":1052,"d":"R 1,052.00"}}]
[]
[{"$nulls":6},"Sub Total",null,{"$f":"I60+I61","v":{"v":1052,"d":"R 1,052.00"}}]

{"sheet":"Dora Ngiza Hospital (73)","index":98,"n_rows":62,"n_cols":13,"rows_kept":62,"hidden":true,"merged":[[8,0,8,4],[8,5,8,6],[8,7,8,8],[9,5,9,6],[9,7,9,8],[10,5,10,6],[10,7,10,8],[11,5,11,6],[11,7,11,8],[12,7,12,8],[13,5,13,6],[13,7,13,8],[14,5,14,6],[14,7,14,8],[15,0,15,8],[16,0,16,8],[17,1,17,3],[18,1,18,3],[19,1,19,3],[20,1,20,3],[21,0,21,7],[22,0,22,8],[23,1,23,5],[24,1,24,5],[25,1,25,5],[26,1,26,5],[27,1,27,5],[28,1,28,5],[29,1,29,5],[30,1,30,5],[31,1,31,5],[32,1,32,5],[33,1,33,5],[34,1,34,5],[35,1,35,5],[36,1,36,5],[37,1,37,5],[38,0,38,7],[39,0,39,7],[40,0,40,7],[41,0,41,8],[42,1,42,3],[42,4,42,5],[43,1,43,3],[43,4,43,5],[44,1,44,3],[44,4,44,5],[45,1,45,3],[45,4,45,5],[46,1,46,3],[46,4,46,5],[47,1,47,3],[47,4,47,5],[48,1,48,3],[48,4,48,5],[49,1,49,3],[50,1,50,3],[51,1,51,3],[52,0,52,7],[53,0,53,8],[54,1,54,3],[54,4,54,5],[55,1,55,3],[55,4,55,5],[56,1,56,3],[56,4,56,5],[57,0,57,7],[59,0,59,1],[59,2,59,4],[59,6,59,7],[60,0,60,1],[60,2,60,4],[61,0,61,1],[61,2,61,4],[61,6,61,7],[62,2,62,5]]}
{"$rows_empty":8}
["QUOTE TO :",{"$nulls":4},"Qoute No           ",null,73]
["Department of Health",{"$nulls":4},"Date                   ",null,{"$f":"#REF!","v":{"$error":"#REF!"}}]
["717 Dukumbana Building",{"$nulls":4},"Facility              ",null,{"$f":"#REF!","v":{"$error":"#REF!"}}]
["Independent Avenue",{"$nulls":4},"Work Order     ",null,{"$f":"#REF!","v":{"$error":"#REF!"}}]
["Bhisho",{"$nulls":4},"Tender No       ",null,"SCMU3 - 17/18-0303 - HO"]
[{"$nulls":5},"Contract Term ",null,"24 MONTHS",{"$nulls":4}," "]
[{"$nulls":5},"GEN ID",null,"GEN/NMM/DOR/03"]
["WORK  REQUEST : Generator leaking diesel at casualty"]
["SCHEDULED WORK"]
["Item 1","Description",null,null,"Unit","Sch No","Quantity","Rate","Amount"]
[{"$nulls":8},{"$f":"SUM(G19*H19)","v":0}]
[{"$nulls":8},{"$f":"SUM(G20*H20)","v":0}]
[{"$nulls":8},0]
["Sub Total A",{"$nulls":7},{"$f":"SUM(I19:I21)","v":0}]
["NON SCHEDULED WORK"]
["Item 2","Description",{"$nulls":4},"Quantity","Rate","Amount"]
{"$rows_empty":14}
["Sub  Total",{"$nulls":7},{"$f":"SUM(I25:I38)","v":0}]
["Mark - Up 15%",{"$nulls":7},{"$f":"ROUND((I39*0.15),2)","v":0}]
["SUb  Total  B",{"$nulls":7},{"$f":"I39+I40","v":0}]
["LABOUR"]
["Item 3"," (Normal Rate)",null,null,"Unit",null,"Quantity","Rate","Amount"]
[1,"Techinician",null,null,"HRS",null,null,{"v":450,"d":"R450.00"},{"$f":"SUM(G44*H44)","v":0}]
[2," Senior Artisan  ",null,null,"HRS",null,null,{"v":350,"d":"R350.00"},{"$f":"SUM(G45*H45)","v":0}]
[3,"Artisan  (Trade Tested)",null,null,"HRS",null,2.5,{"v":300,"d":"R300.00"},{"v":750,"d":"R 750.00"}]
[4,"Utility Man (Non - Trade Tested)",null,null,"HRS",null,null,{"v":200,"d":"R200.00"},0]
[5,"Artisan  Aid",null,null,"HRS",null,2.5,{"v":200,"d":"R200.00"},{"v":500,"d":"R 500.00"}]
[6,"General Worker   ",null,null,"HRS",null,null,{"v":140,"d":"R140.00"},0]
[]
[]
[]
["Sub Total C",{"$nulls":7},{"$f":"SUM(I44:I52)","v":{"v":1250,"d":"R 1,250.00"}}]
["TRANSPORT"]
["Item 4","Destinantion",null,null,"No of Trips",null,"KMs","Rate","Amount"]
[1,"Office to Dora Ngiza Hospital  and back",null,null,1,null,33.2,{"v":5,"d":"R 5.00"},{"$f":"H56*G56","v":{"v":166,"d":"R 166.00"}}]
[]
["Sub Total D",{"$nulls":7},{"$f":"SUM(I56:I57)","v":{"v":166,"d":"R 166.00"}}]
[]
[{"$nulls":6}," Sub Total (A+B+C+D)",null,{"$f":"I58+I53+I41","v":{"v":1416,"d":"R 1,416.00"}}]
[]
[{"$nulls":6},"Sub Total",null,{"$f":"I60+I61","v":{"v":1416,"d":"R 1,416.00"}}]

{"sheet":"Jose Pearson Sant (74)","index":99,"n_rows":62,"n_cols":13,"rows_kept":62,"hidden":true,"merged":[[8,0,8,4],[8,5,8,6],[8,7,8,8],[9,5,9,6],[9,7,9,8],[10,5,10,6],[10,7,10,8],[11,5,11,6],[11,7,11,8],[12,7,12,8],[13,5,13,6],[13,7,13,8],[14,5,14,6],[14,7,14,8],[15,0,15,8],[16,0,16,8],[17,1,17,3],[18,1,18,3],[19,1,19,3],[20,1,20,3],[21,0,21,7],[22,0,22,8],[23,1,23,5],[24,1,24,5],[25,1,25,5],[26,1,26,5],[27,1,27,5],[28,1,28,5],[29,1,29,5],[30,1,30,5],[31,1,31,5],[32,1,32,5],[33,1,33,5],[34,1,34,5],[35,1,35,5],[36,1,36,5],[37,1,37,5],[38,0,38,7],[39,0,39,7],[40,0,40,7],[41,0,41,8],[42,1,42,3],[42,4,42,5],[43,1,43,3],[43,4,43,5],[44,1,44,3],[44,4,44,5],[45,1,45,3],[45,4,45,5],[46,1,46,3],[46,4,46,5],[47,1,47,3],[47,4,47,5],[48,1,48,3],[48,4,48,5],[49,1,49,3],[50,1,50,3],[51,1,51,3],[52,0,52,7],[53,0,53,8],[54,1,54,3],[54,4,54,5],[55,1,55,3],[55,4,55,5],[56,1,56,3],[56,4,56,5],[57,0,57,7],[59,0,59,1],[59,2,59,4],[59,6,59,7],[60,0,60,1],[60,2,60,4],[61,0,61,1],[61,2,61,4],[61,6,61,7],[62,2,62,5]]}
{"$rows_empty":8}
["QUOTE TO :",{"$nulls":4},"Qoute No           ",null,74]
["Department of Health",{"$nulls":4},"Date                   ",null,{"$f":"#REF!","v":{"$error":"#REF!"}}]
["717 Dukumbana Building",{"$nulls":4},"Facility              ",null,{"$f":"#REF!","v":{"$error":"#REF!"}}]
["Independent Avenue",{"$nulls":4},"Work Order     ",null,{"$f":"#REF!","v":{"$error":"#REF!"}}]
["Bhisho",{"$nulls":4},"Tender No       ",null,"SCMU3 - 17/18-0303 - HO"]
[{"$nulls":5},"Contract Term ",null,"24 MONTHS",{"$nulls":4}," "]
[{"$nulls":5},"GEN ID",null,"GEN/NMM/JOS/01"]
["WORK  REQUEST : Standby generator is faulty."]
["SCHEDULED WORK"]
["Item 1","Description",null,null,"Unit","Sch No","Quantity","Rate","Amount"]
[{"$nulls":8},{"$f":"SUM(G19*H19)","v":0}]
[{"$nulls":8},{"$f":"SUM(G20*H20)","v":0}]
[{"$nulls":8},0]
["Sub Total A",{"$nulls":7},{"$f":"SUM(I19:I21)","v":0}]
["NON SCHEDULED WORK"]
["Item 2","Description",{"$nulls":4},"Quantity","Rate","Amount"]
{"$rows_empty":14}
["Sub  Total",{"$nulls":7},{"$f":"SUM(I25:I38)","v":0}]
["Mark - Up 15%",{"$nulls":7},{"$f":"ROUND((I39*0.15),2)","v":0}]
["SUb  Total  B",{"$nulls":7},{"$f":"I39+I40","v":0}]
["LABOUR"]
["Item 3"," (Normal Rate)",null,null,"Unit",null,"Quantity","Rate","Amount"]
[1,"Techinician",null,null,"HRS",null,null,{"v":450,"d":"R450.00"},{"$f":"SUM(G44*H44)","v":0}]
[2," Senior Artisan  ",null,null,"HRS",null,null,{"v":350,"d":"R350.00"},{"$f":"SUM(G45*H45)","v":0}]
[3,"Artisan  (Trade Tested)",null,null,"HRS",null,2,{"v":300,"d":"R300.00"},{"v":600,"d":"R 600.00"}]
[4,"Utility Man (Non - Trade Tested)",null,null,"HRS",null,null,{"v":200,"d":"R200.00"},0]
[5,"Artisan  Aid",null,null,"HRS",null,2,{"v":200,"d":"R200.00"},{"v":400,"d":"R 400.00"}]
[6,"General Worker ",null,null,"HRS",null,null,{"v":140,"d":"R140.00"},0]
[]
[]
[]
["Sub Total C",{"$nulls":7},{"$f":"SUM(I44:I52)","v":{"v":1000,"d":"R 1,000.00"}}]
["TRANSPORT"]
["Item 4","Destinantion",null,null,"No of Trips",null,"KMs","Rate","Amount"]
[1,"Office to Jose Pearson Sant Hospital  and back",null,null,1,null,56.6,{"v":5,"d":"R 5.00"},{"$f":"H56*G56","v":{"v":283,"d":"R 283.00"}}]
[]
["Sub Total D",{"$nulls":7},{"$f":"SUM(I56:I57)","v":{"v":283,"d":"R 283.00"}}]
[]
[{"$nulls":6}," Sub Total (A+B+C+D)",null,{"$f":"I58+I53+I41","v":{"v":1283,"d":"R 1,283.00"}}]
[]
[{"$nulls":6},"Sub Total",null,{"$f":"I60+I61","v":{"v":1283,"d":"R 1,283.00"}}]

{"sheet":"Livingston Hospital (75)","index":100,"n_rows":62,"n_cols":13,"rows_kept":62,"hidden":true,"merged":[[8,0,8,4],[8,5,8,6],[8,7,8,8],[9,5,9,6],[9,7,9,8],[10,5,10,6],[10,7,10,8],[11,5,11,6],[11,7,11,8],[12,7,12,8],[13,5,13,6],[13,7,13,8],[14,5,14,6],[14,7,14,8],[15,0,15,8],[16,0,16,8],[17,1,17,3],[18,1,18,3],[19,1,19,3],[20,1,20,3],[21,0,21,7],[22,0,22,8],[23,1,23,5],[24,1,24,5],[25,1,25,5],[26,1,26,5],[27,1,27,5],[28,1,28,5],[29,1,29,5],[30,1,30,5],[31,1,31,5],[32,1,32,5],[33,1,33,5],[34,1,34,5],[35,1,35,5],[36,1,36,5],[37,1,37,5],[38,0,38,7],[39,0,39,7],[40,0,40,7],[41,0,41,8],[42,1,42,3],[42,4,42,5],[43,1,43,3],[43,4,43,5],[44,1,44,3],[44,4,44,5],[45,1,45,3],[45,4,45,5],[46,1,46,3],[46,4,46,5],[47,1,47,3],[47,4,47,5],[48,1,48,3],[48,4,48,5],[49,1,49,3],[50,1,50,3],[51,1,51,3],[52,0,52,7],[53,0,53,8],[54,1,54,3],[54,4,54,5],[55,1,55,3],[55,4,55,5],[56,1,56,3],[56,4,56,5],[57,0,57,7],[59,0,59,1],[59,2,59,4],[59,6,59,7],[60,0,60,1],[60,2,60,4],[61,0,61,1],[61,2,61,4],[61,6,61,7],[62,2,62,5]]}
{"$rows_empty":8}
["QUOTE TO :",{"$nulls":4},"Qoute No           ",null,75]
["Department of Health",{"$nulls":4},"Date                   ",null,{"$f":"#REF!","v":{"$error":"#REF!"}}]
["717 Dukumbana Building",{"$nulls":4},"Facility              ",null,{"$f":"#REF!","v":{"$error":"#REF!"}}]
["Independent Avenue",{"$nulls":4},"Work Order     ",null,{"$f":"#REF!","v":{"$error":"#REF!"}}]
["Bhisho",{"$nulls":4},"Tender No       ",null,"SCMU3 - 17/18-0303 - HO"]
[{"$nulls":5},"Contract Term ",null,"24 MONTHS",{"$nulls":4}," "]
[{"$nulls":5},"GEN ID",null,"GEN/NMM/LIV/04"]
["WORK  REQUEST : Request -battery for theatre generator"]
["SCHEDULED WORK"]
["Item 1","Description",null,null,"Unit","Sch No","Quantity","Rate","Amount"]
[]
[]
[]
["Sub Total A"]
["NON SCHEDULED WORK"]
["Item 2","Description",{"$nulls":4},"Quantity","Rate","Amount"]
[1,"Battery  683",{"$nulls":4},2,{"v":2304.35,"d":"R2,304.35"},{"$f":"H25*G25","v":{"v":4608.7,"d":"R 4,608.70"}}]
[2,"scrap value back",{"$nulls":4},2,{"v":-230,"d":"-R230.00"},{"$f":"H26*G26","v":{"v":-460,"d":"R -460.00"}}]
{"$rows_empty":12}
["Sub  Total",{"$nulls":7},{"$f":"SUM(I25:I38)","v":{"v":4148.7,"d":"R 4,148.70"}}]
["Mark - Up 15%",{"$nulls":7},{"$f":"ROUND((I39*0.15),2)","v":{"v":622.31,"d":"R 622.31"}}]
["SUb  Total  B",{"$nulls":7},{"$f":"I39+I40","v":{"v":4771.01,"d":"R 4,771.01"}}]
["LABOUR"]
["Item 3"," (Normal Rate)",null,null,"Unit",null,"Quantity","Rate","Amount"]
[1,"Techinician",null,null,"HRS",null,null,{"v":450,"d":"R450.00"},{"$f":"SUM(G44*H44)","v":0}]
[2," Senior Artisan  ",null,null,"HRS",null,null,{"v":350,"d":"R350.00"},{"$f":"SUM(G45*H45)","v":0}]
[3,"Artisan  (Trade Tested)",null,null,"HRS",null,1.5,{"v":300,"d":"R300.00"},{"v":450,"d":"R 450.00"}]
[4,"Utility Man (Non - Trade Tested)",null,null,"HRS",null,null,{"v":200,"d":"R200.00"},0]
[5,"Artisan  Aid",null,null,"HRS",null,1.5,{"v":200,"d":"R200.00"},{"v":300,"d":"R 300.00"}]
[6,"General Worker   (3)",null,null,"HRS",null,null,{"v":140,"d":"R140.00"},0]
[]
[]
[]
["Sub Total C",{"$nulls":7},{"$f":"SUM(I44:I52)","v":{"v":750,"d":"R 750.00"}}]
["TRANSPORT"]
["Item 4","Destinantion",null,null,"No of Trips",null,"KMs","Rate","Amount"]
[1,"Office to Livingston Hospital  and back",null,null,2,null,42.4,{"v":5,"d":"R 5.00"},{"$f":"H56*G56","v":{"v":212,"d":"R 212.00"}}]
[]
["Sub Total D",{"$nulls":7},{"$f":"SUM(I56:I57)","v":{"v":212,"d":"R 212.00"}}]
[]
[{"$nulls":6}," Sub Total (A+B+C+D)",null,{"$f":"I58+I53+I41","v":{"v":5733.01,"d":"R 5,733.01"}}]
[]
[{"$nulls":6},"Sub Total",null,{"$f":"I60+I61","v":{"v":5733.01,"d":"R 5,733.01"}}]

{"sheet":"Leticia Bam Hospital (76)","index":101,"n_rows":62,"n_cols":13,"rows_kept":62,"hidden":true,"merged":[[8,0,8,4],[8,5,8,6],[8,7,8,8],[9,5,9,6],[9,7,9,8],[10,5,10,6],[10,7,10,8],[11,5,11,6],[11,7,11,8],[12,7,12,8],[13,5,13,6],[13,7,13,8],[14,5,14,6],[14,7,14,8],[15,0,15,8],[16,0,16,8],[17,1,17,3],[18,1,18,3],[19,1,19,3],[20,1,20,3],[21,0,21,7],[22,0,22,8],[23,1,23,5],[24,1,24,5],[25,1,25,5],[26,1,26,5],[27,1,27,5],[28,1,28,5],[29,1,29,5],[30,1,30,5],[31,1,31,5],[32,1,32,5],[33,1,33,5],[34,1,34,5],[35,1,35,5],[36,1,36,5],[37,1,37,5],[38,0,38,7],[39,0,39,7],[40,0,40,7],[41,0,41,8],[42,1,42,3],[42,4,42,5],[43,1,43,3],[43,4,43,5],[44,1,44,3],[44,4,44,5],[45,1,45,3],[45,4,45,5],[46,1,46,3],[46,4,46,5],[47,1,47,3],[47,4,47,5],[48,1,48,3],[48,4,48,5],[49,1,49,3],[50,1,50,3],[51,1,51,3],[52,0,52,7],[53,0,53,8],[54,1,54,3],[54,4,54,5],[55,1,55,3],[55,4,55,5],[56,1,56,3],[56,4,56,5],[57,0,57,7],[59,0,59,1],[59,2,59,4],[59,6,59,7],[60,0,60,1],[60,2,60,4],[61,0,61,1],[61,2,61,4],[61,6,61,7],[62,2,62,5]]}
{"$rows_empty":8}
["QUOTE TO :",{"$nulls":4},"Qoute No           ",null,76]
["Department of Health",{"$nulls":4},"Date                   ",null,{"$f":"#REF!","v":{"$error":"#REF!"}}]
["717 Dukumbana Building",{"$nulls":4},"Facility              ",null,{"$f":"#REF!","v":{"$error":"#REF!"}}]
["Independent Avenue",{"$nulls":4},"Work Order     ",null,{"$f":"#REF!","v":{"$error":"#REF!"}}]
["Bhisho",{"$nulls":4},"Tender No       ",null,"SCMU3 - 17/18-0303 - HO"]
[{"$nulls":5},"Contract Term ",null,"24 MONTHS",{"$nulls":4}," "]
[{"$nulls":5},"GEN ID",null,"GEN/NMM/LAE/01"]
["WORK  REQUEST : Generator is faulty."]
["SCHEDULED WORK"]
["Item 1","Description",null,null,"Unit","Sch No","Quantity","Rate","Amount"]
[]
[]
[]
["Sub Total A"]
["NON SCHEDULED WORK"]
["Item 2","Description",{"$nulls":4},"Quantity","Rate","Amount"]
[1,"Battery  683",{"$nulls":4},1,{"v":2304.35,"d":"R2,304.35"},{"$f":"H25*G25","v":{"v":2304.35,"d":"R 2,304.35"}}]
[2,"scrap value back",{"$nulls":4},1,{"v":-230,"d":"-R230.00"},{"$f":"H26*G26","v":{"v":-230,"d":"R -230.00"}}]
{"$rows_empty":12}
["Sub  Total",{"$nulls":7},{"$f":"SUM(I25:I38)","v":{"v":2074.35,"d":"R 2,074.35"}}]
["Mark - Up 15%",{"$nulls":7},{"$f":"ROUND((I39*0.15),2)","v":{"v":311.15,"d":"R 311.15"}}]
["SUb  Total  B",{"$nulls":7},{"$f":"I39+I40","v":{"v":2385.5,"d":"R 2,385.50"}}]
["LABOUR"]
["Item 3"," (Normal Rate)",null,null,"Unit",null,"Quantity","Rate","Amount"]
[1,"Techinician",null,null,"HRS",null,null,{"v":450,"d":"R450.00"},{"$f":"SUM(G44*H44)","v":0}]
[2," Senior Artisan  ",null,null,"HRS",null,null,{"v":350,"d":"R350.00"},{"$f":"SUM(G45*H45)","v":0}]
[3,"Artisan  (Trade Tested)",null,null,"HRS",null,1.5,{"v":300,"d":"R300.00"},{"v":450,"d":"R 450.00"}]
[4,"Utility Man (Non - Trade Tested)",null,null,"HRS",null,null,{"v":200,"d":"R200.00"},0]
[5,"Artisan  Aid",null,null,"HRS",null,1.5,{"v":200,"d":"R200.00"},{"v":300,"d":"R 300.00"}]
[6,"General Worker   (3)",null,null,"HRS",null,null,{"v":140,"d":"R140.00"},0]
[]
[]
[]
["Sub Total C",{"$nulls":7},{"$f":"SUM(I44:I52)","v":{"v":750,"d":"R 750.00"}}]
["TRANSPORT"]
["Item 4","Destinantion",null,null,"No of Trips",null,"KMs","Rate","Amount"]
[1,"Office to Laetia Bam chc and back",null,null,2,null,155.6,{"v":5,"d":"R 5.00"},{"$f":"H56*G56","v":{"v":778,"d":"R 778.00"}}]
[]
["Sub Total D",{"$nulls":7},{"$f":"SUM(I56:I57)","v":{"v":778,"d":"R 778.00"}}]
[]
[{"$nulls":6}," Sub Total (A+B+C+D)",null,{"$f":"I58+I53+I41","v":{"v":3913.5,"d":"R 3,913.50"}}]
[]
[{"$nulls":6},"Sub Total",null,{"$f":"I60+I61","v":{"v":3913.5,"d":"R 3,913.50"}}]

{"sheet":"Unitenhage Pro (69)","index":102,"n_rows":62,"n_cols":13,"rows_kept":62,"hidden":true,"merged":[[8,0,8,4],[8,5,8,6],[8,7,8,8],[9,5,9,6],[9,7,9,8],[10,5,10,6],[10,7,10,8],[11,5,11,6],[11,7,11,8],[12,7,12,8],[13,5,13,6],[13,7,13,8],[14,5,14,6],[14,7,14,8],[15,0,15,8],[16,0,16,8],[17,1,17,3],[18,1,18,3],[19,1,19,3],[20,1,20,3],[21,0,21,7],[22,0,22,8],[23,1,23,5],[24,1,24,5],[25,1,25,5],[26,1,26,5],[27,1,27,5],[28,1,28,5],[29,1,29,5],[30,1,30,5],[31,1,31,5],[32,1,32,5],[33,1,33,5],[34,1,34,5],[35,1,35,5],[36,1,36,5],[37,1,37,5],[38,0,38,7],[39,0,39,7],[40,0,40,7],[41,0,41,8],[42,1,42,3],[42,4,42,5],[43,1,43,3],[43,4,43,5],[44,1,44,3],[44,4,44,5],[45,1,45,3],[45,4,45,5],[46,1,46,3],[46,4,46,5],[47,1,47,3],[47,4,47,5],[48,1,48,3],[48,4,48,5],[49,1,49,3],[50,1,50,3],[51,1,51,3],[52,0,52,7],[53,0,53,8],[54,1,54,3],[54,4,54,5],[55,1,55,3],[55,4,55,5],[56,1,56,3],[56,4,56,5],[57,0,57,7],[59,0,59,1],[59,2,59,4],[59,6,59,7],[60,0,60,1],[60,2,60,4],[61,0,61,1],[61,2,61,4],[61,6,61,7],[62,2,62,5]]}
{"$rows_empty":8}
["QUOTE TO :",{"$nulls":4},"Qoute No           ",null,{"$f":"#REF!","v":{"$error":"#REF!"}}]
["Department of Health",{"$nulls":4},"Date                   ",null,{"$f":"#REF!","v":{"$error":"#REF!"}}]
["717 Dukumbana Building",{"$nulls":4},"Facility              ",null,{"$f":"#REF!","v":{"$error":"#REF!"}}]
["Independent Avenue",{"$nulls":4},"Work Order     ",null,{"$f":"#REF!","v":{"$error":"#REF!"}}]
["Bhisho",{"$nulls":4},"Tender No       ",null,"SCMU3 - 17/18-0303 - HO"]
[{"$nulls":5},"Contract Term ",null,"24 MONTHS",{"$nulls":4}," "]
[{"$nulls":5},"GEN ID",null,"GEN/NMM/UIT/01"]
["WORK  REQUEST : Generator battery is faulty"]
["SCHEDULED WORK"]
["Item 1","Description",null,null,"Unit","Sch No","Quantity","Rate","Amount"]
[{"$nulls":8},{"$f":"SUM(G19*H19)","v":0}]
[{"$nulls":8},{"$f":"SUM(G20*H20)","v":0}]
[{"$nulls":8},0]
["Sub Total A",{"$nulls":7},{"$f":"SUM(I19:I21)","v":0}]
["NON SCHEDULED WORK"]
["Item 2","Description",{"$nulls":4},"Quantity","Rate","Amount"]
[1,"Battery 689",{"$nulls":4},2,{"v":2682.61,"d":"R2,682.61"},{"$f":"H25*G25","v":{"v":5365.22,"d":"R 5,365.22"}}]
{"$rows_empty":13}
["Sub  Total",{"$nulls":7},{"$f":"SUM(I25:I38)","v":{"v":5365.22,"d":"R 5,365.22"}}]
["Mark - Up 15%",{"$nulls":7},{"$f":"ROUND((I39*0.15),2)","v":{"v":804.78,"d":"R 804.78"}}]
["SUb  Total  B",{"$nulls":7},{"$f":"I39+I40","v":{"v":6170,"d":"R 6,170.00"}}]
["LABOUR"]
["Item 3"," (Normal Rate)",null,null,"Unit",null,"Quantity","Rate","Amount"]
[1,"Techinician",null,null,"HRS",null,null,{"v":450,"d":"R450.00"},{"$f":"SUM(G44*H44)","v":0}]
[2," Senior Artisan  ",null,null,"HRS",null,null,{"v":350,"d":"R350.00"},{"$f":"SUM(G45*H45)","v":0}]
[3,"Artisan  (Trade Tested)",null,null,"HRS",null,1,{"v":300,"d":"R300.00"},{"v":300,"d":"R 300.00"}]
[4,"Utility Man (Non - Trade Tested)",null,null,"HRS",null,null,{"v":200,"d":"R200.00"},0]
[5,"Artisan  Aid",null,null,"HRS",null,1,{"v":200,"d":"R200.00"},{"v":200,"d":"R 200.00"}]
[6,"General Worker   (3)",null,null,"HRS",null,null,{"v":140,"d":"R140.00"},0]
[]
[]
[]
["Sub Total C",{"$nulls":7},{"$f":"SUM(I44:I52)","v":{"v":500,"d":"R 500.00"}}]
["TRANSPORT"]
["Item 4","Destinantion",null,null,"No of Trips",null,"KMs","Rate","Amount"]
[1,"Office to Unitenhage Prov Hospital and back",null,null,1,null,84.2,{"v":5,"d":"R 5.00"},{"$f":"H56*G56","v":{"v":421,"d":"R 421.00"}}]
[]
["Sub Total D",{"$nulls":7},{"$f":"SUM(I56:I57)","v":{"v":421,"d":"R 421.00"}}]
[]
[{"$nulls":6}," Sub Total (A+B+C+D)",null,{"$f":"I58+I53+I41","v":{"v":7091,"d":"R 7,091.00"}}]
[]
[{"$nulls":6},"Sub Total",null,{"$f":"I60+I61","v":{"v":7091,"d":"R 7,091.00"}}]

{"sheet":"Gqebera chc (77)","index":103,"n_rows":62,"n_cols":13,"rows_kept":62,"hidden":true,"merged":[[8,0,8,4],[8,5,8,6],[8,7,8,8],[9,5,9,6],[9,7,9,8],[10,5,10,6],[10,7,10,8],[11,5,11,6],[11,7,11,8],[12,7,12,8],[13,5,13,6],[13,7,13,8],[14,5,14,6],[14,7,14,8],[15,0,15,8],[16,0,16,8],[17,1,17,3],[18,1,18,3],[19,1,19,3],[20,1,20,3],[21,0,21,7],[22,0,22,8],[23,1,23,5],[24,1,24,5],[25,1,25,5],[26,1,26,5],[27,1,27,5],[28,1,28,5],[29,1,29,5],[30,1,30,5],[31,1,31,5],[32,1,32,5],[33,1,33,5],[34,1,34,5],[35,1,35,5],[36,1,36,5],[37,1,37,5],[38,0,38,7],[39,0,39,7],[40,0,40,7],[41,0,41,8],[42,1,42,3],[42,4,42,5],[43,1,43,3],[43,4,43,5],[44,1,44,3],[44,4,44,5],[45,1,45,3],[45,4,45,5],[46,1,46,3],[46,4,46,5],[47,1,47,3],[47,4,47,5],[48,1,48,3],[48,4,48,5],[49,1,49,3],[50,1,50,3],[51,1,51,3],[52,0,52,7],[53,0,53,8],[54,1,54,3],[54,4,54,5],[55,1,55,3],[55,4,55,5],[56,1,56,3],[56,4,56,5],[57,0,57,7],[59,0,59,1],[59,2,59,4],[59,6,59,7],[60,0,60,1],[60,2,60,4],[61,0,61,1],[61,2,61,4],[61,6,61,7],[62,2,62,5]]}
{"$rows_empty":8}
["QUOTE TO :",{"$nulls":4},"Qoute No           ",null,77]
["Department of Health",{"$nulls":4},"Date                   ",null,{"$f":"#REF!","v":{"$error":"#REF!"}}]
["717 Dukumbana Building",{"$nulls":4},"Facility              ",null,{"$f":"#REF!","v":{"$error":"#REF!"}}]
["Independent Avenue",{"$nulls":4},"Work Order     ",null,{"$f":"#REF!","v":{"$error":"#REF!"}}]
["Bhisho",{"$nulls":4},"Tender No       ",null,"SCMU3 - 17/18-0303 - HO"]
[{"$nulls":5},"Contract Term ",null,"24 MONTHS",{"$nulls":4}," "]
[{"$nulls":5},"GEN ID",null,"GEN/NMM/GQE/01"]
["WORK  REQUEST : Generator is faulty."]
["SCHEDULED WORK"]
["Item 1","Description",null,null,"Unit","Sch No","Quantity","Rate","Amount"]
[]
[]
[]
["Sub Total A"]
["NON SCHEDULED WORK"]
["Item 2","Description",{"$nulls":4},"Quantity","Rate","Amount"]
{"$rows_empty":14}
["Sub  Total",{"$nulls":7},{"$f":"SUM(I25:I38)","v":0}]
["Mark - Up 15%",{"$nulls":7},{"$f":"ROUND((I39*0.15),2)","v":0}]
["SUb  Total  B",{"$nulls":7},{"$f":"I39+I40","v":0}]
["LABOUR"]
["Item 3"," (Normal Rate)",null,null,"Unit",null,"Quantity","Rate","Amount"]
[1,"Techinician",null,null,"HRS",null,null,{"v":450,"d":"R450.00"},{"$f":"SUM(G44*H44)","v":0}]
[2," Senior Artisan  ",null,null,"HRS",null,null,{"v":350,"d":"R350.00"},{"$f":"SUM(G45*H45)","v":0}]
[3,"Artisan  (Trade Tested)",null,null,"HRS",null,2,{"v":300,"d":"R300.00"},{"v":600,"d":"R 600.00"}]
[4,"Utility Man (Non - Trade Tested)",null,null,"HRS",null,null,{"v":200,"d":"R200.00"},0]
[5,"Artisan  Aid",null,null,"HRS",null,2,{"v":200,"d":"R200.00"},{"v":400,"d":"R 400.00"}]
[6,"General Worker   (3)",null,null,"HRS",null,null,{"v":140,"d":"R140.00"},0]
[]
[]
[]
["Sub Total C",{"$nulls":7},{"$f":"SUM(I44:I52)","v":{"v":1000,"d":"R 1,000.00"}}]
["TRANSPORT"]
["Item 4","Destinantion",null,null,"No of Trips",null,"KMs","Rate","Amount"]
[1,"Office to Gqebera chc and back",null,null,1,null,12.4,{"v":5,"d":"R 5.00"},{"$f":"H56*G56","v":{"v":62,"d":"R 62.00"}}]
[]
["Sub Total D",{"$nulls":7},{"$f":"SUM(I56:I57)","v":{"v":62,"d":"R 62.00"}}]
[]
[{"$nulls":6}," Sub Total (A+B+C+D)",null,{"$f":"I58+I53+I41","v":{"v":1062,"d":"R 1,062.00"}}]
[]
[{"$nulls":6},"Sub Total",null,{"$f":"I60+I61","v":{"v":1062,"d":"R 1,062.00"}}]

{"sheet":"PE Prov (78)","index":104,"n_rows":62,"n_cols":13,"rows_kept":62,"hidden":true,"merged":[[8,0,8,4],[8,5,8,6],[8,7,8,8],[9,5,9,6],[9,7,9,8],[10,5,10,6],[10,7,10,8],[11,5,11,6],[11,7,11,8],[12,7,12,8],[13,5,13,6],[13,7,13,8],[14,5,14,6],[14,7,14,8],[15,0,15,8],[16,0,16,8],[17,1,17,3],[18,1,18,3],[19,1,19,3],[20,1,20,3],[21,0,21,7],[22,0,22,8],[23,1,23,5],[24,1,24,5],[25,1,25,5],[26,1,26,5],[27,1,27,5],[28,1,28,5],[29,1,29,5],[30,1,30,5],[31,1,31,5],[32,1,32,5],[33,1,33,5],[34,1,34,5],[35,1,35,5],[36,1,36,5],[37,1,37,5],[38,0,38,7],[39,0,39,7],[40,0,40,7],[41,0,41,8],[42,1,42,3],[42,4,42,5],[43,1,43,3],[43,4,43,5],[44,1,44,3],[44,4,44,5],[45,1,45,3],[45,4,45,5],[46,1,46,3],[46,4,46,5],[47,1,47,3],[47,4,47,5],[48,1,48,3],[48,4,48,5],[49,1,49,3],[50,1,50,3],[51,1,51,3],[52,0,52,7],[53,0,53,8],[54,1,54,3],[54,4,54,5],[55,1,55,3],[55,4,55,5],[56,1,56,3],[56,4,56,5],[57,0,57,7],[59,0,59,1],[59,2,59,4],[59,6,59,7],[60,0,60,1],[60,2,60,4],[61,0,61,1],[61,2,61,4],[61,6,61,7],[62,2,62,5]]}
{"$rows_empty":8}
["QUOTE TO :",{"$nulls":4},"Qoute No           ",null,78]
["Department of Health",{"$nulls":4},"Date                   ",null,{"$f":"#REF!","v":{"$error":"#REF!"}}]
["717 Dukumbana Building",{"$nulls":4},"Facility              ",null,{"$f":"#REF!","v":{"$error":"#REF!"}}]
["Independent Avenue",{"$nulls":4},"Work Order     ",null,{"$f":"#REF!","v":{"$error":"#REF!"}}]
["Bhisho",{"$nulls":4},"Tender No       ",null,"SCMU3 - 17/18-0303 - HO"]
[{"$nulls":5},"Contract Term ",null,"24 MONTHS",{"$nulls":4}," "]
[{"$nulls":5},"GEN ID",null,"GEN/NMM/PEP/04"]
["WORK  REQUEST : Site side power generator is faulty."]
["SCHEDULED WORK"]
["Item 1","Description",null,null,"Unit","Sch No","Quantity","Rate","Amount"]
[]
[]
[]
["Sub Total A"]
["NON SCHEDULED WORK"]
["Item 2","Description",{"$nulls":4},"Quantity","Rate","Amount"]
[1,"Battery 683",{"$nulls":4},1,{"v":2304.35,"d":"R2,304.35"},{"$f":"H25*G25","v":{"v":2304.35,"d":"R 2,304.35"}}]
[null,"SCRAP",{"$nulls":4},1,{"v":-230,"d":"-R230.00"}]
{"$rows_empty":12}
["Sub  Total",{"$nulls":7},{"$f":"SUM(I25:I38)","v":{"v":2304.35,"d":"R 2,304.35"}}]
["Mark - Up 15%",{"$nulls":7},{"$f":"ROUND((I39*0.15),2)","v":{"v":345.65,"d":"R 345.65"}}]
["SUb  Total  B",{"$nulls":7},{"$f":"I39+I40-230","v":{"v":2420,"d":"R 2,420.00"}}]
["LABOUR"]
["Item 3"," (Normal Rate)",null,null,"Unit",null,"Quantity","Rate","Amount"]
[1,"Techinician",null,null,"HRS",null,null,{"v":450,"d":"R450.00"},{"$f":"SUM(G44*H44)","v":0}]
[2," Senior Artisan  ",null,null,"HRS",null,null,{"v":350,"d":"R350.00"},{"$f":"SUM(G45*H45)","v":0}]
[3,"Artisan  (Trade Tested)",null,null,"HRS",null,1.5,{"v":300,"d":"R300.00"},{"v":450,"d":"R 450.00"}]
[4,"Utility Man (Non - Trade Tested)",null,null,"HRS",null,1.5,{"v":200,"d":"R200.00"},{"v":300,"d":"R 300.00"}]
[5,"Artisan  Aid",null,null,"HRS",null,null,{"v":200,"d":"R200.00"},0]
[6,"General Worker   (3)",null,null,"HRS",null,null,{"v":140,"d":"R140.00"},0]
[]
[]
[]
["Sub Total C",{"$nulls":7},{"$f":"SUM(I44:I52)","v":{"v":750,"d":"R 750.00"}}]
["TRANSPORT"]
["Item 4","Destinantion",null,null,"No of Trips",null,"KMs","Rate","Amount"]
[1,"Office to PE provincial Hospital and back",null,null,1,null,19.4,{"v":5,"d":"R 5.00"},{"$f":"H56*G56","v":{"v":97,"d":"R 97.00"}}]
[]
["Sub Total D",{"$nulls":7},{"$f":"SUM(I56:I57)","v":{"v":97,"d":"R 97.00"}}]
[]
[{"$nulls":6}," Sub Total (A+B+C+D)",null,{"$f":"I58+I53+I41","v":{"v":3267,"d":"R 3,267.00"}}]
[]
[{"$nulls":6},"Sub Total",null,{"$f":"I60+I61","v":{"v":3267,"d":"R 3,267.00"}}]

{"sheet":"Linvingston (79)","index":105,"n_rows":62,"n_cols":13,"rows_kept":62,"hidden":true,"merged":[[8,0,8,4],[8,5,8,6],[8,7,8,8],[9,5,9,6],[9,7,9,8],[10,5,10,6],[10,7,10,8],[11,5,11,6],[11,7,11,8],[12,7,12,8],[13,5,13,6],[13,7,13,8],[14,5,14,6],[14,7,14,8],[15,0,15,8],[16,0,16,8],[17,1,17,3],[18,1,18,3],[19,1,19,3],[20,1,20,3],[21,0,21,7],[22,0,22,8],[23,1,23,5],[24,1,24,5],[25,1,25,5],[26,1,26,5],[27,1,27,5],[28,1,28,5],[29,1,29,5],[30,1,30,5],[31,1,31,5],[32,1,32,5],[33,1,33,5],[34,1,34,5],[35,1,35,5],[36,1,36,5],[37,1,37,5],[38,0,38,7],[39,0,39,7],[40,0,40,7],[41,0,41,8],[42,1,42,3],[42,4,42,5],[43,1,43,3],[43,4,43,5],[44,1,44,3],[44,4,44,5],[45,1,45,3],[45,4,45,5],[46,1,46,3],[46,4,46,5],[47,1,47,3],[47,4,47,5],[48,1,48,3],[48,4,48,5],[49,1,49,3],[50,1,50,3],[51,1,51,3],[52,0,52,7],[53,0,53,8],[54,1,54,3],[54,4,54,5],[55,1,55,3],[55,4,55,5],[56,1,56,3],[56,4,56,5],[57,0,57,7],[59,0,59,1],[59,2,59,4],[59,6,59,7],[60,0,60,1],[60,2,60,4],[61,0,61,1],[61,2,61,4],[61,6,61,7],[62,2,62,5]]}
{"$rows_empty":8}
["QUOTE TO :",{"$nulls":4},"Qoute No           ",null,79]
["Department of Health",{"$nulls":4},"Date                   ",null,{"$f":"#REF!","v":{"$error":"#REF!"}}]
["717 Dukumbana Building",{"$nulls":4},"Facility              ",null,{"$f":"#REF!","v":{"$error":"#REF!"}}]
["Independent Avenue",{"$nulls":4},"Work Order     ",null,{"$f":"#REF!","v":{"$error":"#REF!"}}]
["Bhisho",{"$nulls":4},"Tender No       ",null,"SCMU3 - 17/18-0303 - HO"]
[{"$nulls":5},"Contract Term ",null,"24 MONTHS",{"$nulls":4}," "]
[{"$nulls":5},"GEN ID",null,"GEN/NMM/LIV/05&02"]
["WORK  REQUEST : 2 x generators faulty (ICU +Casualty)"]
["SCHEDULED WORK"]
["Item 1","Description",null,null,"Unit","Sch No","Quantity","Rate","Amount"]
[]
[]
[]
["Sub Total A"]
["NON SCHEDULED WORK"]
["Item 2","Description",{"$nulls":4},"Quantity","Rate","Amount"]
{"$rows_empty":14}
["Sub  Total",{"$nulls":7},{"$f":"SUM(I25:I38)","v":0}]
["Mark - Up 15%",{"$nulls":7},{"$f":"ROUND((I39*0.15),2)","v":0}]
["SUb  Total  B",{"$nulls":7},{"$f":"I39+I40","v":0}]
["LABOUR"]
["Item 3"," (Normal Rate)",null,null,"Unit",null,"Quantity","Rate","Amount"]
[1,"Techinician",null,null,"HRS",null,null,{"v":450,"d":"R450.00"},{"$f":"SUM(G44*H44)","v":0}]
[2," Senior Artisan  ",null,null,"HRS",null,null,{"v":350,"d":"R350.00"},{"$f":"SUM(G45*H45)","v":0}]
[3,"Artisan  (Trade Tested)",null,null,"HRS",null,2.5,{"v":300,"d":"R300.00"},{"v":750,"d":"R 750.00"}]
[4,"Utility Man (Non - Trade Tested)",null,null,"HRS",null,2.5,{"v":200,"d":"R200.00"},{"v":500,"d":"R 500.00"}]
[5,"Artisan  Aid",null,null,"HRS",null,null,{"v":200,"d":"R200.00"},0]
[6,"General Worker   (3)",null,null,"HRS",null,null,{"v":140,"d":"R140.00"},0]
[]
[]
[]
["Sub Total C",{"$nulls":7},{"$f":"SUM(I44:I52)","v":{"v":1250,"d":"R 1,250.00"}}]
["TRANSPORT"]
["Item 4","Destinantion",null,null,"No of Trips",null,"KMs","Rate","Amount"]
[1,"Office to Livingston Hospital and back",null,null,1,null,21.2,{"v":5,"d":"R 5.00"},{"$f":"H56*G56","v":{"v":106,"d":"R 106.00"}}]
[]
["Sub Total D",{"$nulls":7},{"$f":"SUM(I56:I57)","v":{"v":106,"d":"R 106.00"}}]
[]
[{"$nulls":6}," Sub Total (A+B+C+D)",null,{"$f":"I58+I53+I41","v":{"v":1356,"d":"R 1,356.00"}}]
[]
[{"$nulls":6},"Sub Total",null,{"$f":"I60+I61","v":{"v":1356,"d":"R 1,356.00"}}]

{"sheet":"Dora Ngiza (80)","index":106,"n_rows":62,"n_cols":13,"rows_kept":62,"hidden":true,"merged":[[8,0,8,4],[8,5,8,6],[8,7,8,8],[9,5,9,6],[9,7,9,8],[10,5,10,6],[10,7,10,8],[11,5,11,6],[11,7,11,8],[12,7,12,8],[13,5,13,6],[13,7,13,8],[14,5,14,6],[14,7,14,8],[15,0,15,8],[16,0,16,8],[17,1,17,3],[18,1,18,3],[19,1,19,3],[20,1,20,3],[21,0,21,7],[22,0,22,8],[23,1,23,5],[24,1,24,5],[25,1,25,5],[26,1,26,5],[27,1,27,5],[28,1,28,5],[29,1,29,5],[30,1,30,5],[31,1,31,5],[32,1,32,5],[33,1,33,5],[34,1,34,5],[35,1,35,5],[36,1,36,5],[37,1,37,5],[38,0,38,7],[39,0,39,7],[40,0,40,7],[41,0,41,8],[42,1,42,3],[42,4,42,5],[43,1,43,3],[43,4,43,5],[44,1,44,3],[44,4,44,5],[45,1,45,3],[45,4,45,5],[46,1,46,3],[46,4,46,5],[47,1,47,3],[47,4,47,5],[48,1,48,3],[48,4,48,5],[49,1,49,3],[50,1,50,3],[51,1,51,3],[52,0,52,7],[53,0,53,8],[54,1,54,3],[54,4,54,5],[55,1,55,3],[55,4,55,5],[56,1,56,3],[56,4,56,5],[57,0,57,7],[59,0,59,1],[59,2,59,4],[59,6,59,7],[60,0,60,1],[60,2,60,4],[61,0,61,1],[61,2,61,4],[61,6,61,7],[62,2,62,5]]}
{"$rows_empty":8}
["QUOTE TO :",{"$nulls":4},"Qoute No           ",null,{"$f":"#REF!","v":{"$error":"#REF!"}}]
["Department of Health",{"$nulls":4},"Date                   ",null,{"$f":"#REF!","v":{"$error":"#REF!"}}]
["717 Dukumbana Building",{"$nulls":4},"Facility              ",null,{"$f":"#REF!","v":{"$error":"#REF!"}}]
["Independent Avenue",{"$nulls":4},"Work Order     ",null,{"$f":"#REF!","v":{"$error":"#REF!"}}]
["Bhisho",{"$nulls":4},"Tender No       ",null,"SCMU3 - 17/18-0303 - HO"]
[{"$nulls":5},"Contract Term ",null,"24 MONTHS",{"$nulls":4}," "]
[{"$nulls":5},"GEN ID",null,"GEN/NMM/DOR/02"]
["WORK  REQUEST : Power generator in main theatre is  faulty."]
["SCHEDULED WORK"]
["Item 1","Description",null,null,"Unit","Sch No","Quantity","Rate","Amount"]
[]
[]
[]
["Sub Total A"]
["NON SCHEDULED WORK"]
["Item 2","Description",{"$nulls":4},"Quantity","Rate","Amount"]
[1,"Water trap filter",{"$nulls":4},1,{"v":182.7,"d":"R182.70"},{"$f":"H25*G25","v":{"v":182.7,"d":"R 182.70"}}]
{"$rows_empty":13}
["Sub  Total",{"$nulls":7},{"$f":"SUM(I25:I38)","v":{"v":182.7,"d":"R 182.70"}}]
["Mark - Up 15%",{"$nulls":7},{"$f":"ROUND((I39*0.15),2)","v":{"v":27.41,"d":"R 27.41"}}]
["SUb  Total  B",{"$nulls":7},{"$f":"I39+I40","v":{"v":210.10999999999999,"d":"R 210.11"}}]
["LABOUR"]
["Item 3"," (Normal Rate)",null,null,"Unit",null,"Quantity","Rate","Amount"]
[1,"Techinician",null,null,"HRS",null,null,{"v":450,"d":"R450.00"},{"$f":"SUM(G44*H44)","v":0}]
[2," Senior Artisan  ",null,null,"HRS",null,null,{"v":350,"d":"R350.00"},{"$f":"SUM(G45*H45)","v":0}]
[3,"Artisan  (Trade Tested)",null,null,"HRS",null,4,{"v":300,"d":"R300.00"},{"v":1200,"d":"R 1,200.00"}]
[4,"Utility Man (Non - Trade Tested)",null,null,"HRS",null,4,{"v":200,"d":"R200.00"},{"v":800,"d":"R 800.00"}]
[5,"Artisan  Aid",null,null,"HRS",null,null,{"v":200,"d":"R200.00"},0]
[6,"General Worker   (3)",null,null,"HRS",null,null,{"v":140,"d":"R140.00"},0]
[]
[]
[]
["Sub Total C",{"$nulls":7},{"$f":"SUM(I44:I52)","v":{"v":2000,"d":"R 2,000.00"}}]
["TRANSPORT"]
["Item 4","Destinantion",null,null,"No of Trips",null,"KMs","Rate","Amount"]
[1,"Office to Dora Ngiza  Hospital and back",null,null,1,null,33.2,{"v":5,"d":"R 5.00"},{"$f":"H56*G56","v":{"v":166,"d":"R 166.00"}}]
[]
["Sub Total D",{"$nulls":7},{"$f":"SUM(I56:I57)","v":{"v":166,"d":"R 166.00"}}]
[]
[{"$nulls":6}," Sub Total (A+B+C+D)",null,{"$f":"I58+I53+I41","v":{"v":2376.11,"d":"R 2,376.11"}}]
[]
[{"$nulls":6},"Sub Total",null,{"$f":"I60+I61","v":{"v":2376.11,"d":"R 2,376.11"}}]

{"sheet":"Dora Ngiza (81)","index":107,"n_rows":62,"n_cols":13,"rows_kept":62,"hidden":true,"merged":[[8,0,8,4],[8,5,8,6],[8,7,8,8],[9,5,9,6],[9,7,9,8],[10,5,10,6],[10,7,10,8],[11,5,11,6],[11,7,11,8],[12,7,12,8],[13,5,13,6],[13,7,13,8],[14,5,14,6],[14,7,14,8],[15,0,15,8],[16,0,16,8],[17,1,17,3],[18,1,18,3],[19,1,19,3],[20,1,20,3],[21,0,21,7],[22,0,22,8],[23,1,23,5],[24,1,24,5],[25,1,25,5],[26,1,26,5],[27,1,27,5],[28,1,28,5],[29,1,29,5],[30,1,30,5],[31,1,31,5],[32,1,32,5],[33,1,33,5],[34,1,34,5],[35,1,35,5],[36,1,36,5],[37,1,37,5],[38,0,38,7],[39,0,39,7],[40,0,40,7],[41,0,41,8],[42,1,42,3],[42,4,42,5],[43,1,43,3],[43,4,43,5],[44,1,44,3],[44,4,44,5],[45,1,45,3],[45,4,45,5],[46,1,46,3],[46,4,46,5],[47,1,47,3],[47,4,47,5],[48,1,48,3],[48,4,48,5],[49,1,49,3],[50,1,50,3],[51,1,51,3],[52,0,52,7],[53,0,53,8],[54,1,54,3],[54,4,54,5],[55,1,55,3],[55,4,55,5],[56,1,56,3],[56,4,56,5],[57,0,57,7],[59,0,59,1],[59,2,59,4],[59,6,59,7],[60,0,60,1],[60,2,60,4],[61,0,61,1],[61,2,61,4],[61,6,61,7],[62,2,62,5]]}
{"$rows_empty":8}
["QUOTE TO :",{"$nulls":4},"Qoute No           ",null,{"$f":"#REF!","v":{"$error":"#REF!"}}]
["Department of Health",{"$nulls":4},"Date                   ",null,{"$f":"#REF!","v":{"$error":"#REF!"}}]
["717 Dukumbana Building",{"$nulls":4},"Facility              ",null,{"$f":"#REF!","v":{"$error":"#REF!"}}]
["Independent Avenue",{"$nulls":4},"Work Order     ",null,{"$f":"#REF!","v":{"$error":"#REF!"}}]
["Bhisho",{"$nulls":4},"Tender No       ",null,"SCMU3 - 17/18-0303 - HO"]
[{"$nulls":5},"Contract Term ",null,"24 MONTHS",{"$nulls":4}," "]
[{"$nulls":5},"GEN ID",null,"GEN/NMM/DOR/05"]
["WORK  REQUEST : Generator is faulty."]
["SCHEDULED WORK"]
["Item 1","Description",null,null,"Unit","Sch No","Quantity","Rate","Amount"]
[]
[]
[]
["Sub Total A"]
["NON SCHEDULED WORK"]
["Item 2","Description",{"$nulls":4},"Quantity","Rate","Amount"]
[1,"40 A CBI",{"$nulls":4},1,{"v":704.25,"d":"R704.25"},{"$f":"H25*G25","v":{"v":704.25,"d":"R 704.25"}}]
{"$rows_empty":13}
["Sub  Total",{"$nulls":7},{"$f":"SUM(I25:I38)","v":{"v":704.25,"d":"R 704.25"}}]
["Mark - Up 15%",{"$nulls":7},{"$f":"ROUND((I39*0.15),2)","v":{"v":105.64,"d":"R 105.64"}}]
["SUb  Total  B",{"$nulls":7},{"$f":"I39+I40","v":{"v":809.89,"d":"R 809.89"}}]
["LABOUR"]
["Item 3"," (Normal Rate)",null,null,"Unit",null,"Quantity","Rate","Amount"]
[1,"Techinician",null,null,"HRS",null,null,{"v":450,"d":"R450.00"},{"$f":"SUM(G44*H44)","v":0}]
[2," Senior Artisan  ",null,null,"HRS",null,null,{"v":350,"d":"R350.00"},{"$f":"SUM(G45*H45)","v":0}]
[3,"Artisan  (Trade Tested)",null,null,"HRS",null,2.5,{"v":300,"d":"R300.00"},{"v":750,"d":"R 750.00"}]
[4,"Utility Man (Non - Trade Tested)",null,null,"HRS",null,2.5,{"v":200,"d":"R200.00"},{"v":500,"d":"R 500.00"}]
[5,"Artisan  Aid",null,null,"HRS",null,null,{"v":200,"d":"R200.00"},0]
[6,"General Worker   (3)",null,null,"HRS",null,null,{"v":140,"d":"R140.00"},0]
[]
[]
[]
["Sub Total C",{"$nulls":7},{"$f":"SUM(I44:I52)","v":{"v":1250,"d":"R 1,250.00"}}]
["TRANSPORT"]
["Item 4","Destinantion",null,null,"No of Trips",null,"KMs","Rate","Amount"]
[1,"Office to Dora Ngiza  Hospital and back",null,null,1,null,32.2,{"v":5,"d":"R 5.00"},{"$f":"H56*G56","v":{"v":161,"d":"R 161.00"}}]
[]
["Sub Total D",{"$nulls":7},{"$f":"SUM(I56:I57)","v":{"v":161,"d":"R 161.00"}}]
[]
[{"$nulls":6}," Sub Total (A+B+C+D)",null,{"$f":"I58+I53+I41","v":{"v":2220.89,"d":"R 2,220.89"}}]
[]
[{"$nulls":6},"Sub Total",null,{"$f":"I60+I61","v":{"v":2220.89,"d":"R 2,220.89"}}]

{"sheet":"Galvendale Foresic (83)","index":108,"n_rows":62,"n_cols":13,"rows_kept":62,"hidden":true,"merged":[[8,0,8,4],[8,5,8,6],[8,7,8,8],[9,5,9,6],[9,7,9,8],[10,5,10,6],[10,7,10,8],[11,5,11,6],[11,7,11,8],[12,7,12,8],[13,5,13,6],[13,7,13,8],[14,5,14,6],[14,7,14,8],[15,0,15,8],[16,0,16,8],[17,1,17,3],[18,1,18,3],[19,1,19,3],[20,1,20,3],[21,0,21,7],[22,0,22,8],[23,1,23,5],[24,1,24,5],[25,1,25,5],[26,1,26,5],[27,1,27,5],[28,1,28,5],[29,1,29,5],[30,1,30,5],[31,1,31,5],[32,1,32,5],[33,1,33,5],[34,1,34,5],[35,1,35,5],[36,1,36,5],[37,1,37,5],[38,0,38,7],[39,0,39,7],[40,0,40,7],[41,0,41,8],[42,1,42,3],[42,4,42,5],[43,1,43,3],[43,4,43,5],[44,1,44,3],[44,4,44,5],[45,1,45,3],[45,4,45,5],[46,1,46,3],[46,4,46,5],[47,1,47,3],[47,4,47,5],[48,1,48,3],[48,4,48,5],[49,1,49,3],[50,1,50,3],[51,1,51,3],[52,0,52,7],[53,0,53,8],[54,1,54,3],[54,4,54,5],[55,1,55,3],[55,4,55,5],[56,1,56,3],[56,4,56,5],[57,0,57,7],[59,0,59,1],[59,2,59,4],[59,6,59,7],[60,0,60,1],[60,2,60,4],[61,0,61,1],[61,2,61,4],[61,6,61,7],[62,2,62,5]]}
{"$rows_empty":8}
["QUOTE TO :",{"$nulls":4},"Qoute No           ",null,{"$f":"#REF!","v":{"$error":"#REF!"}}]
["Department of Health",{"$nulls":4},"Date                   ",null,{"$f":"#REF!","v":{"$error":"#REF!"}}]
["717 Dukumbana Building",{"$nulls":4},"Facility              ",null,{"$f":"#REF!","v":{"$error":"#REF!"}}]
["Independent Avenue",{"$nulls":4},"Work Order     ",null,{"$f":"#REF!","v":{"$error":"#REF!"}}]
["Bhisho",{"$nulls":4},"Tender No       ",null,"SCMU3 - 17/18-0303 - HO"]
[{"$nulls":5},"Contract Term ",null,"24 MONTHS",{"$nulls":4}," "]
[{"$nulls":5},"GEN ID",null,"GEN/NMM/GEL/01"]
["WORK  REQUEST : Request repairs for generator that is leaking diesel"]
["SCHEDULED WORK"]
["Item 1","Description",null,null,"Unit","Sch No","Quantity","Rate","Amount"]
[]
[]
[]
["Sub Total A"]
["NON SCHEDULED WORK"]
["Item 2","Description",{"$nulls":4},"Quantity","Rate","Amount"]
[1,"Repairs to the tank- welding",{"$nulls":4},1,{"v":2782.61,"d":"R2,782.61"},{"$f":"H25*G25","v":{"v":2782.61,"d":"R 2,782.61"}}]
{"$rows_empty":13}
["Sub  Total",{"$nulls":7},{"$f":"SUM(I25:I38)","v":{"v":2782.61,"d":"R 2,782.61"}}]
["Mark - Up 15%",{"$nulls":7},{"$f":"ROUND((I39*0.15),2)","v":{"v":417.39,"d":"R 417.39"}}]
["SUb  Total  B",{"$nulls":7},{"$f":"I39+I40","v":{"v":3200,"d":"R 3,200.00"}}]
["LABOUR"]
["Item 3"," (Normal Rate)",null,null,"Unit",null,"Quantity","Rate","Amount"]
[1,"Techinician",null,null,"HRS",null,null,{"v":450,"d":"R450.00"},{"$f":"SUM(G44*H44)","v":0}]
[2," Senior Artisan  ",null,null,"HRS",null,null,{"v":350,"d":"R350.00"},{"$f":"SUM(G45*H45)","v":0}]
[3,"Artisan  (Trade Tested)",null,null,"HRS",null,4,{"v":300,"d":"R300.00"},{"v":1200,"d":"R 1,200.00"}]
[4,"Utility Man (Non - Trade Tested)",null,null,"HRS",null,5,{"v":200,"d":"R200.00"},{"v":1000,"d":"R 1,000.00"}]
[5,"Artisan  Aid",null,null,"HRS",null,null,{"v":200,"d":"R200.00"},0]
[6,"General Worker   (3)",null,null,"HRS",null,null,{"v":140,"d":"R140.00"},0]
[]
[]
[]
["Sub Total C",{"$nulls":7},{"$f":"SUM(I44:I52)","v":{"v":2200,"d":"R 2,200.00"}}]
["TRANSPORT"]
["Item 4","Destinantion",null,null,"No of Trips",null,"KMs","Rate","Amount"]
[1,"Office to Galvendale Phathology  and back",null,null,3,null,74.4,{"v":5,"d":"R 5.00"},{"$f":"H56*G56","v":{"v":372,"d":"R 372.00"}}]
[]
["Sub Total D",{"$nulls":7},{"$f":"SUM(I56:I57)","v":{"v":372,"d":"R 372.00"}}]
[]
[{"$nulls":6}," Sub Total (A+B+C+D)",null,{"$f":"I58+I53+I41","v":{"v":5772,"d":"R 5,772.00"}}]
[]
[{"$nulls":6},"Sub Total",null,{"$f":"I60+I61","v":{"v":5772,"d":"R 5,772.00"}}]

{"sheet":"Struandale Depot (84)","index":109,"n_rows":62,"n_cols":13,"rows_kept":62,"hidden":true,"merged":[[8,0,8,4],[8,5,8,6],[8,7,8,8],[9,5,9,6],[9,7,9,8],[10,5,10,6],[10,7,10,8],[11,5,11,6],[11,7,11,8],[12,7,12,8],[13,5,13,6],[13,7,13,8],[14,5,14,6],[14,7,14,8],[15,0,15,8],[16,0,16,8],[17,1,17,3],[18,1,18,3],[19,1,19,3],[20,1,20,3],[21,0,21,7],[22,0,22,8],[23,1,23,5],[24,1,24,5],[25,1,25,5],[26,1,26,5],[27,1,27,5],[28,1,28,5],[29,1,29,5],[30,1,30,5],[31,1,31,5],[32,1,32,5],[33,1,33,5],[34,1,34,5],[35,1,35,5],[36,1,36,5],[37,1,37,5],[38,0,38,7],[39,0,39,7],[40,0,40,7],[41,0,41,8],[42,1,42,3],[42,4,42,5],[43,1,43,3],[43,4,43,5],[44,1,44,3],[44,4,44,5],[45,1,45,3],[45,4,45,5],[46,1,46,3],[46,4,46,5],[47,1,47,3],[47,4,47,5],[48,1,48,3],[48,4,48,5],[49,1,49,3],[50,1,50,3],[51,1,51,3],[52,0,52,7],[53,0,53,8],[54,1,54,3],[54,4,54,5],[55,1,55,3],[55,4,55,5],[56,1,56,3],[56,4,56,5],[57,0,57,7],[59,0,59,1],[59,2,59,4],[59,6,59,7],[60,0,60,1],[60,2,60,4],[61,0,61,1],[61,2,61,4],[61,6,61,7],[62,2,62,5]]}
{"$rows_empty":8}
["QUOTE TO :",{"$nulls":4},"Qoute No           ",null,{"$f":"#REF!","v":{"$error":"#REF!"}}]
["Department of Health",{"$nulls":4},"Date                   ",null,{"$f":"#REF!","v":{"$error":"#REF!"}}]
["717 Dukumbana Building",{"$nulls":4},"Facility              ",null,{"$f":"#REF!","v":{"$error":"#REF!"}}]
["Independent Avenue",{"$nulls":4},"Work Order     ",null,{"$f":"#REF!","v":{"$error":"#REF!"}}]
["Bhisho",{"$nulls":4},"Tender No       ",null,"SCMU3 - 17/18-0303 - HO"]
[{"$nulls":5},"Contract Term ",null,"24 MONTHS",{"$nulls":4}," "]
[{"$nulls":5},"GEN ID",null,"N/A"]
["WORK  REQUEST : Generator needs repairs"]
["SCHEDULED WORK"]
["Item 1","Description",null,null,"Unit","Sch No","Quantity","Rate","Amount"]
[]
[]
[]
["Sub Total A"]
["NON SCHEDULED WORK"]
["Item 2","Description",{"$nulls":4},"Quantity","Rate","Amount"]
{"$rows_empty":14}
["Sub  Total",{"$nulls":7},{"$f":"SUM(I25:I38)","v":0}]
["Mark - Up 15%",{"$nulls":7},{"$f":"ROUND((I39*0.15),2)","v":0}]
["SUb  Total  B",{"$nulls":7},{"$f":"I39+I40","v":0}]
["LABOUR"]
["Item 3"," (Normal Rate)",null,null,"Unit",null,"Quantity","Rate","Amount"]
[1,"Techinician",null,null,"HRS",null,null,{"v":450,"d":"R450.00"},{"$f":"SUM(G44*H44)","v":0}]
[2," Senior Artisan  ",null,null,"HRS",null,null,{"v":350,"d":"R350.00"},{"$f":"SUM(G45*H45)","v":0}]
[3,"Artisan  (Trade Tested)",null,null,"HRS",null,16,{"v":300,"d":"R300.00"},{"v":4800,"d":"R 4,800.00"}]
[4,"Utility Man (Non - Trade Tested)",null,null,"HRS",null,12,{"v":200,"d":"R200.00"},{"v":2400,"d":"R 2,400.00"}]
[5,"Artisan  Aid",null,null,"HRS",null,null,{"v":200,"d":"R200.00"},0]
[6,"General Worker   (3)",null,null,"HRS",null,null,{"v":140,"d":"R140.00"},0]
[]
[]
[]
["Sub Total C",{"$nulls":7},{"$f":"SUM(I44:I52)","v":{"v":7200,"d":"R 7,200.00"}}]
["TRANSPORT"]
["Item 4","Destinantion",null,null,"No of Trips",null,"KMs","Rate","Amount"]
[1,"Office to Struandale Clinic and back",null,null,3,null,80.4,{"v":5,"d":"R 5.00"},{"$f":"H56*G56","v":{"v":402,"d":"R 402.00"}}]
[]
["Sub Total D",{"$nulls":7},{"$f":"SUM(I56:I57)","v":{"v":402,"d":"R 402.00"}}]
[]
[{"$nulls":6}," Sub Total (A+B+C+D)",null,{"$f":"I58+I53+I41","v":{"v":7602,"d":"R 7,602.00"}}]
[]
[{"$nulls":6},"Sub Total",null,{"$f":"I60+I61","v":{"v":7602,"d":"R 7,602.00"}}]

{"sheet":"PE Prov (85)","index":110,"n_rows":62,"n_cols":13,"rows_kept":62,"hidden":true,"merged":[[8,0,8,4],[8,5,8,6],[8,7,8,8],[9,5,9,6],[9,7,9,8],[10,5,10,6],[10,7,10,8],[11,5,11,6],[11,7,11,8],[12,7,12,8],[13,5,13,6],[13,7,13,8],[14,5,14,6],[14,7,14,8],[15,0,15,8],[16,0,16,8],[17,1,17,3],[18,1,18,3],[19,1,19,3],[20,1,20,3],[21,0,21,7],[22,0,22,8],[23,1,23,5],[24,1,24,5],[25,1,25,5],[26,1,26,5],[27,1,27,5],[28,1,28,5],[29,1,29,5],[30,1,30,5],[31,1,31,5],[32,1,32,5],[33,1,33,5],[34,1,34,5],[35,1,35,5],[36,1,36,5],[37,1,37,5],[38,0,38,7],[39,0,39,7],[40,0,40,7],[41,0,41,8],[42,1,42,3],[42,4,42,5],[43,1,43,3],[43,4,43,5],[44,1,44,3],[44,4,44,5],[45,1,45,3],[45,4,45,5],[46,1,46,3],[46,4,46,5],[47,1,47,3],[47,4,47,5],[48,1,48,3],[48,4,48,5],[49,1,49,3],[50,1,50,3],[51,1,51,3],[52,0,52,7],[53,0,53,8],[54,1,54,3],[54,4,54,5],[55,1,55,3],[55,4,55,5],[56,1,56,3],[56,4,56,5],[57,0,57,7],[59,0,59,1],[59,2,59,4],[59,6,59,7],[60,0,60,1],[60,2,60,4],[61,0,61,1],[61,2,61,4],[61,6,61,7],[62,2,62,5]]}
{"$rows_empty":8}
["QUOTE TO :",{"$nulls":4},"Qoute No           ",null,{"$f":"#REF!","v":{"$error":"#REF!"}}]
["Department of Health",{"$nulls":4},"Date                   ",null,{"$f":"#REF!","v":{"$error":"#REF!"}}]
["717 Dukumbana Building",{"$nulls":4},"Facility              ",null,{"$f":"#REF!","v":{"$error":"#REF!"}}]
["Independent Avenue",{"$nulls":4},"Work Order     ",null,{"$f":"#REF!","v":{"$error":"#REF!"}}]
["Bhisho",{"$nulls":4},"Tender No       ",null,"SCMU3 - 17/18-0303 - HO"]
[{"$nulls":5},"Contract Term ",null,"24 MONTHS",{"$nulls":4}," "]
[{"$nulls":5},"GEN ID",null,"GEN/NMM/PEP/02"]
["WORK  REQUEST : Generator diesel is leaking"]
["SCHEDULED WORK"]
["Item 1","Description",null,null,"Unit","Sch No","Quantity","Rate","Amount"]
[]
[]
[]
["Sub Total A"]
["NON SCHEDULED WORK"]
["Item 2","Description",{"$nulls":4},"Quantity","Rate","Amount"]
[1,"Straight rad hose 100mm",{"$nulls":4},1,{"v":324.5,"d":"R324.50"},{"$f":"H25*G25","v":{"v":324.5,"d":"R 324.50"}}]
[2,"Straight rad hose 50mm",{"$nulls":4},1,{"v":160,"d":"R160.00"},{"$f":"H26*G26","v":{"v":160,"d":"R 160.00"}}]
[3,"Straight rad hose 75mm",{"$nulls":4},1,{"v":435,"d":"R435.00"},{"$f":"H27*G27","v":{"v":435,"d":"R 435.00"}}]
[4,"Clamps (95 x131mm)",{"$nulls":4},4,{"v":11,"d":"R11.00"},{"v":44,"d":"R 44.00"}]
[5,"Clamps (51 x76 mm)",{"$nulls":4},2,{"v":21,"d":"R21.00"},{"v":42,"d":"R 42.00"}]
[6,"Clamps (70 x 95 mm)",{"$nulls":4},4,{"v":22,"d":"R22.00"},{"v":88,"d":"R 88.00"}]
[7,"Clamps (76 x 102 mm)",{"$nulls":4},4,{"v":25,"d":"R25.00"},{"v":100,"d":"R 100.00"}]
[8,"Staright rad hose (89mm)",{"$nulls":4},1,{"v":274.5,"d":"R274.50"},{"v":274.5,"d":"R 274.50"}]
[9,"Coolant ",{"$nulls":4},20,{"v":257.38,"d":"R257.38"},{"v":5147.6,"d":"R 5,147.60"}]
[10,"Bio d extra",{"$nulls":4},1,{"v":135,"d":"R135.00"},{"v":135,"d":"R 135.00"}]
[{"$nulls":8},0]
[{"$nulls":8},0]
[{"$nulls":8},0]
[]
["Sub  Total",{"$nulls":7},{"$f":"SUM(I25:I38)","v":{"v":6750.6,"d":"R 6,750.60"}}]
["Mark - Up 15%",{"$nulls":7},{"$f":"ROUND((I39*0.15),2)","v":{"v":1012.59,"d":"R 1,012.59"}}]
["SUb  Total  B",{"$nulls":7},{"$f":"I39+I40","v":{"v":7763.1900000000005,"d":"R 7,763.19"}}]
["LABOUR"]
["Item 3"," (Normal Rate)",null,null,"Unit",null,"Quantity","Rate","Amount"]
[1,"Techinician",null,null,"HRS",null,null,{"v":450,"d":"R450.00"},{"$f":"SUM(G44*H44)","v":0}]
[2," Senior Artisan  ",null,null,"HRS",null,null,{"v":350,"d":"R350.00"},{"$f":"SUM(G45*H45)","v":0}]
[3,"Artisan  (Trade Tested)",null,null,"HRS",null,10,{"v":300,"d":"R300.00"},{"v":3000,"d":"R 3,000.00"}]
[4,"Utility Man (Non - Trade Tested)",null,null,"HRS",null,10,{"v":200,"d":"R200.00"},{"v":2000,"d":"R 2,000.00"}]
[5,"Artisan  Aid",null,null,"HRS",null,null,{"v":200,"d":"R200.00"},0]
[6,"General Worker   (3)",null,null,"HRS",null,null,{"v":140,"d":"R140.00"},0]
[]
[]
[]
["Sub Total C",{"$nulls":7},{"$f":"SUM(I44:I52)","v":{"v":5000,"d":"R 5,000.00"}}]
["TRANSPORT"]
["Item 4","Destinantion",null,null,"No of Trips",null,"KMs","Rate","Amount"]
[1,"Office to PE Pronvicial and back",null,null,2,null,39.2,{"v":5,"d":"R 5.00"},{"$f":"H56*G56","v":{"v":196,"d":"R 196.00"}}]
[]
["Sub Total D",{"$nulls":7},{"$f":"SUM(I56:I57)","v":{"v":196,"d":"R 196.00"}}]
[]
[{"$nulls":6}," Sub Total (A+B+C+D)",null,{"$f":"I58+I53+I41","v":{"v":12959.19,"d":"R 12,959.19"}}]
[]
[{"$nulls":6},"Sub Total",null,{"$f":"I60+I61","v":{"v":12959.19,"d":"R 12,959.19"}}]

{"sheet":"West End (86)","index":111,"n_rows":62,"n_cols":13,"rows_kept":62,"hidden":true,"merged":[[8,0,8,4],[8,5,8,6],[8,7,8,8],[9,5,9,6],[9,7,9,8],[10,5,10,6],[10,7,10,8],[11,5,11,6],[11,7,11,8],[12,7,12,8],[13,5,13,6],[13,7,13,8],[14,5,14,6],[14,7,14,8],[15,0,15,8],[16,0,16,8],[17,1,17,3],[18,1,18,3],[19,1,19,3],[20,1,20,3],[21,0,21,7],[22,0,22,8],[23,1,23,5],[24,1,24,5],[25,1,25,5],[26,1,26,5],[27,1,27,5],[28,1,28,5],[29,1,29,5],[30,1,30,5],[31,1,31,5],[32,1,32,5],[33,1,33,5],[34,1,34,5],[35,1,35,5],[36,1,36,5],[37,1,37,5],[38,0,38,7],[39,0,39,7],[40,0,40,7],[41,0,41,8],[42,1,42,3],[42,4,42,5],[43,1,43,3],[43,4,43,5],[44,1,44,3],[44,4,44,5],[45,1,45,3],[45,4,45,5],[46,1,46,3],[46,4,46,5],[47,1,47,3],[47,4,47,5],[48,1,48,3],[48,4,48,5],[49,1,49,3],[50,1,50,3],[51,1,51,3],[52,0,52,7],[53,0,53,8],[54,1,54,3],[54,4,54,5],[55,1,55,3],[55,4,55,5],[56,1,56,3],[56,4,56,5],[57,0,57,7],[59,0,59,1],[59,2,59,4],[59,6,59,7],[60,0,60,1],[60,2,60,4],[61,0,61,1],[61,2,61,4],[61,6,61,7],[62,2,62,5]]}
{"$rows_empty":8}
["QUOTE TO :",{"$nulls":4},"Qoute No           ",null,{"$f":"#REF!","v":{"$error":"#REF!"}}]
["Department of Health",{"$nulls":4},"Date                   ",null,{"$f":"#REF!","v":{"$error":"#REF!"}}]
["717 Dukumbana Building",{"$nulls":4},"Facility              ",null,{"$f":"#REF!","v":{"$error":"#REF!"}}]
["Independent Avenue",{"$nulls":4},"Work Order     ",null,{"$f":"#REF!","v":{"$error":"#REF!"}}]
["Bhisho",{"$nulls":4},"Tender No       ",null,"SCMU3 - 17/18-0303 - HO"]
[{"$nulls":5},"Contract Term ",null,"24 MONTHS",{"$nulls":4}," "]
[{"$nulls":5},"GEN ID",null,"GEN/NMM/WES/01"]
["WORK  REQUEST : Generator stater is faulty"]
["SCHEDULED WORK"]
["Item 1","Description",null,null,"Unit","Sch No","Quantity","Rate","Amount"]
[]
[]
[]
["Sub Total A"]
["NON SCHEDULED WORK"]
["Item 2","Description",{"$nulls":4},"Quantity","Rate","Amount"]
{"$rows_empty":14}
["Sub  Total",{"$nulls":7},{"$f":"SUM(I25:I38)","v":0}]
["Mark - Up 15%",{"$nulls":7},{"$f":"ROUND((I39*0.15),2)","v":0}]
["SUb  Total  B",{"$nulls":7},{"$f":"I39+I40","v":0}]
["LABOUR"]
["Item 3"," (Normal Rate)",null,null,"Unit",null,"Quantity","Rate","Amount"]
[1,"Techinician",null,null,"HRS",null,null,{"v":450,"d":"R450.00"},{"$f":"SUM(G44*H44)","v":0}]
[2," Senior Artisan  ",null,null,"HRS",null,null,{"v":350,"d":"R350.00"},{"$f":"SUM(G45*H45)","v":0}]
[3,"Artisan  (Trade Tested)",null,null,"HRS",null,2,{"v":300,"d":"R300.00"},{"v":600,"d":"R 600.00"}]
[4,"Utility Man (Non - Trade Tested)",null,null,"HRS",null,2,{"v":200,"d":"R200.00"},{"v":400,"d":"R 400.00"}]
[5,"Artisan  Aid",null,null,"HRS",null,null,{"v":200,"d":"R200.00"},0]
[6,"General Worker   (3)",null,null,"HRS",null,null,{"v":140,"d":"R140.00"},0]
[]
[]
[]
["Sub Total C",{"$nulls":7},{"$f":"SUM(I44:I52)","v":{"v":1000,"d":"R 1,000.00"}}]
["TRANSPORT"]
["Item 4","Destinantion",null,null,"No of Trips",null,"KMs","Rate","Amount"]
[1,"Office to West End and back",null,null,1,null,35,{"v":5,"d":"R 5.00"},{"$f":"H56*G56","v":{"v":175,"d":"R 175.00"}}]
[]
["Sub Total D",{"$nulls":7},{"$f":"SUM(I56:I57)","v":{"v":175,"d":"R 175.00"}}]
[]
[{"$nulls":6}," Sub Total (A+B+C+D)",null,{"$f":"I58+I53+I41","v":{"v":1175,"d":"R 1,175.00"}}]
[]
[{"$nulls":6},"Sub Total",null,{"$f":"I60+I61","v":{"v":1175,"d":"R 1,175.00"}}]

{"sheet":"Livingston Hospital (87)","index":112,"n_rows":62,"n_cols":13,"rows_kept":62,"hidden":true,"merged":[[8,0,8,4],[8,5,8,6],[8,7,8,8],[9,5,9,6],[9,7,9,8],[10,5,10,6],[10,7,10,8],[11,5,11,6],[11,7,11,8],[12,7,12,8],[13,5,13,6],[13,7,13,8],[14,5,14,6],[14,7,14,8],[15,0,15,8],[16,0,16,8],[17,1,17,3],[18,1,18,3],[19,1,19,3],[20,1,20,3],[21,0,21,7],[22,0,22,8],[23,1,23,5],[24,1,24,5],[25,1,25,5],[26,1,26,5],[27,1,27,5],[28,1,28,5],[29,1,29,5],[30,1,30,5],[31,1,31,5],[32,1,32,5],[33,1,33,5],[34,1,34,5],[35,1,35,5],[36,1,36,5],[37,1,37,5],[38,0,38,7],[39,0,39,7],[40,0,40,7],[41,0,41,8],[42,1,42,3],[42,4,42,5],[43,1,43,3],[43,4,43,5],[44,1,44,3],[44,4,44,5],[45,1,45,3],[45,4,45,5],[46,1,46,3],[46,4,46,5],[47,1,47,3],[47,4,47,5],[48,1,48,3],[48,4,48,5],[49,1,49,3],[50,1,50,3],[51,1,51,3],[52,0,52,7],[53,0,53,8],[54,1,54,3],[54,4,54,5],[55,1,55,3],[55,4,55,5],[56,1,56,3],[56,4,56,5],[57,0,57,7],[59,0,59,1],[59,2,59,4],[59,6,59,7],[60,0,60,1],[60,2,60,4],[61,0,61,1],[61,2,61,4],[61,6,61,7],[62,2,62,5]]}
{"$rows_empty":8}
["QUOTE TO :",{"$nulls":4},"Qoute No           ",null,{"$f":"#REF!","v":{"$error":"#REF!"}}]
["Department of Health",{"$nulls":4},"Date                   ",null,{"$f":"#REF!","v":{"$error":"#REF!"}}]
["717 Dukumbana Building",{"$nulls":4},"Facility              ",null,{"$f":"#REF!","v":{"$error":"#REF!"}}]
["Independent Avenue",{"$nulls":4},"Work Order     ",null,{"$f":"#REF!","v":{"$error":"#REF!"}}]
["Bhisho",{"$nulls":4},"Tender No       ",null,"SCMU3 - 17/18-0303 - HO"]
[{"$nulls":5},"Contract Term ",null,"24 MONTHS",{"$nulls":4}," "]
[{"$nulls":5},"GEN ID",null,"GEN/NMM/LIV/02"]
["WORK  REQUEST : Casualty generator is fautly"]
["SCHEDULED WORK"]
["Item 1","Description",null,null,"Unit","Sch No","Quantity","Rate","Amount"]
[]
[]
[]
["Sub Total A"]
["NON SCHEDULED WORK"]
["Item 2","Description",{"$nulls":4},"Quantity","Rate","Amount"]
[1,"Battery 689",{"$nulls":4},4,{"v":2565.22,"d":"R2,565.22"},{"$f":"H25*G25","v":{"v":10260.88,"d":"R 10,260.88"}}]
{"$rows_empty":13}
["Sub  Total",{"$nulls":7},{"$f":"SUM(I25:I38)","v":{"v":10260.88,"d":"R 10,260.88"}}]
["Mark - Up 15%",{"$nulls":7},{"$f":"ROUND((I39*0.15),2)","v":{"v":1539.13,"d":"R 1,539.13"}}]
["SUb  Total  B",{"$nulls":7},{"$f":"I39+I40","v":{"v":11800.009999999998,"d":"R 11,800.01"}}]
["LABOUR"]
["Item 3"," (Normal Rate)",null,null,"Unit",null,"Quantity","Rate","Amount"]
[1,"Techinician",null,null,"HRS",null,null,{"v":450,"d":"R450.00"},{"$f":"SUM(G44*H44)","v":0}]
[2," Senior Artisan  ",null,null,"HRS",null,null,{"v":350,"d":"R350.00"},{"$f":"SUM(G45*H45)","v":0}]
[3,"Artisan  (Trade Tested)",null,null,"HRS",null,2.5,{"v":300,"d":"R300.00"},{"v":750,"d":"R 750.00"}]
[4,"Utility Man (Non - Trade Tested)",null,null,"HRS",null,2.5,{"v":200,"d":"R200.00"},{"v":500,"d":"R 500.00"}]
[5,"Artisan  Aid",null,null,"HRS",null,null,{"v":200,"d":"R200.00"},0]
[6,"General Worker   (3)",null,null,"HRS",null,null,{"v":140,"d":"R140.00"},0]
[]
[]
[]
["Sub Total C",{"$nulls":7},{"$f":"SUM(I44:I52)","v":{"v":1250,"d":"R 1,250.00"}}]
["TRANSPORT"]
["Item 4","Destinantion",null,null,"No of Trips",null,"KMs","Rate","Amount"]
[1,"Office to Livingston Hospital and back",null,null,1,null,21.2,{"v":5,"d":"R 5.00"},{"$f":"H56*G56","v":{"v":106,"d":"R 106.00"}}]
[]
["Sub Total D",{"$nulls":7},{"$f":"SUM(I56:I57)","v":{"v":106,"d":"R 106.00"}}]
[]
[{"$nulls":6}," Sub Total (A+B+C+D)",null,{"$f":"I58+I53+I41","v":{"v":13156.009999999998,"d":"R 13,156.01"}}]
[]
[{"$nulls":6},"Sub Total",null,{"$f":"I60+I61","v":{"v":13156.009999999998,"d":"R 13,156.01"}}]

{"sheet":"Dora Ngiza (88)","index":113,"n_rows":62,"n_cols":13,"rows_kept":62,"hidden":true,"merged":[[8,0,8,4],[8,5,8,6],[8,7,8,8],[9,5,9,6],[9,7,9,8],[10,5,10,6],[10,7,10,8],[11,5,11,6],[11,7,11,8],[12,7,12,8],[13,5,13,6],[13,7,13,8],[14,5,14,6],[14,7,14,8],[15,0,15,8],[16,0,16,8],[17,1,17,3],[18,1,18,3],[19,1,19,3],[20,1,20,3],[21,0,21,7],[22,0,22,8],[23,1,23,5],[24,1,24,5],[25,1,25,5],[26,1,26,5],[27,1,27,5],[28,1,28,5],[29,1,29,5],[30,1,30,5],[31,1,31,5],[32,1,32,5],[33,1,33,5],[34,1,34,5],[35,1,35,5],[36,1,36,5],[37,1,37,5],[38,0,38,7],[39,0,39,7],[40,0,40,7],[41,0,41,8],[42,1,42,3],[42,4,42,5],[43,1,43,3],[43,4,43,5],[44,1,44,3],[44,4,44,5],[45,1,45,3],[45,4,45,5],[46,1,46,3],[46,4,46,5],[47,1,47,3],[47,4,47,5],[48,1,48,3],[48,4,48,5],[49,1,49,3],[50,1,50,3],[51,1,51,3],[52,0,52,7],[53,0,53,8],[54,1,54,3],[54,4,54,5],[55,1,55,3],[55,4,55,5],[56,1,56,3],[56,4,56,5],[57,0,57,7],[59,0,59,1],[59,2,59,4],[59,6,59,7],[60,0,60,1],[60,2,60,4],[61,0,61,1],[61,2,61,4],[61,6,61,7],[62,2,62,5]]}
{"$rows_empty":8}
["QUOTE TO :",{"$nulls":4},"Qoute No           ",null,{"$f":"#REF!","v":{"$error":"#REF!"}}]
["Department of Health",{"$nulls":4},"Date                   ",null,{"$f":"#REF!","v":{"$error":"#REF!"}}]
["717 Dukumbana Building",{"$nulls":4},"Facility              ",null,{"$f":"#REF!","v":{"$error":"#REF!"}}]
["Independent Avenue",{"$nulls":4},"Work Order     ",null,{"$f":"#REF!","v":{"$error":"#REF!"}}]
["Bhisho",{"$nulls":4},"Tender No       ",null,"SCMU3 - 17/18-0303 - HO"]
[{"$nulls":5},"Contract Term ",null,"24 MONTHS",{"$nulls":4}," "]
[{"$nulls":5},"GEN ID",null,"GEN/NMM/DOR/05"]
["WORK  REQUEST : Generator is faulty"]
["SCHEDULED WORK"]
["Item 1","Description",null,null,"Unit","Sch No","Quantity","Rate","Amount"]
[]
[]
[]
["Sub Total A"]
["NON SCHEDULED WORK"]
["Item 2","Description",{"$nulls":4},"Quantity","Rate","Amount"]
[1,"Rimula R4 W40",{"$nulls":4},1,{"v":677.2,"d":"R677.20"},{"$f":"H25*G25","v":{"v":677.2,"d":"R 677.20"}}]
{"$rows_empty":13}
["Sub  Total",{"$nulls":7},{"$f":"SUM(I25:I38)","v":{"v":677.2,"d":"R 677.20"}}]
["Mark - Up 15%",{"$nulls":7},{"$f":"ROUND((I39*0.15),2)","v":{"v":101.58,"d":"R 101.58"}}]
["SUb  Total  B",{"$nulls":7},{"$f":"I39+I40","v":{"v":778.7800000000001,"d":"R 778.78"}}]
["LABOUR"]
["Item 3"," (Normal Rate)",null,null,"Unit",null,"Quantity","Rate","Amount"]
[1,"Techinician",null,null,"HRS",null,null,{"v":450,"d":"R450.00"},{"$f":"SUM(G44*H44)","v":0}]
[2," Senior Artisan  ",null,null,"HRS",null,null,{"v":350,"d":"R350.00"},{"$f":"SUM(G45*H45)","v":0}]
[3,"Artisan  (Trade Tested)",null,null,"HRS",null,2,{"v":300,"d":"R300.00"},{"v":600,"d":"R 600.00"}]
[4,"Utility Man (Non - Trade Tested)",null,null,"HRS",null,2,{"v":200,"d":"R200.00"},{"v":400,"d":"R 400.00"}]
[5,"Artisan  Aid",null,null,"HRS",null,null,{"v":200,"d":"R200.00"},0]
[6,"General Worker   (3)",null,null,"HRS",null,null,{"v":140,"d":"R140.00"},0]
[]
[]
[]
["Sub Total C",{"$nulls":7},{"$f":"SUM(I44:I52)","v":{"v":1000,"d":"R 1,000.00"}}]
["TRANSPORT"]
["Item 4","Destinantion",null,null,"No of Trips",null,"KMs","Rate","Amount"]
[1,"Office to Dora Ngiza Hospital and back",null,null,1,null,33.2,{"v":5,"d":"R 5.00"},{"$f":"H56*G56","v":{"v":166,"d":"R 166.00"}}]
[]
["Sub Total D",{"$nulls":7},{"$f":"SUM(I56:I57)","v":{"v":166,"d":"R 166.00"}}]
[]
[{"$nulls":6}," Sub Total (A+B+C+D)",null,{"$f":"I58+I53+I41","v":{"v":1944.7800000000002,"d":"R 1,944.78"}}]
[]
[{"$nulls":6},"Sub Total",null,{"$f":"I60+I61","v":{"v":1944.7800000000002,"d":"R 1,944.78"}}]

{"sheet":"Mt Road (82)","index":114,"n_rows":62,"n_cols":13,"rows_kept":62,"hidden":true,"merged":[[8,0,8,4],[8,5,8,6],[8,7,8,8],[9,5,9,6],[9,7,9,8],[10,5,10,6],[10,7,10,8],[11,5,11,6],[11,7,11,8],[12,7,12,8],[13,5,13,6],[13,7,13,8],[14,5,14,6],[14,7,14,8],[15,0,15,8],[16,0,16,8],[17,1,17,3],[18,1,18,3],[19,1,19,3],[20,1,20,3],[21,0,21,7],[22,0,22,8],[23,1,23,5],[24,1,24,5],[25,1,25,5],[26,1,26,5],[27,1,27,5],[28,1,28,5],[29,1,29,5],[30,1,30,5],[31,1,31,5],[32,1,32,5],[33,1,33,5],[34,1,34,5],[35,1,35,5],[36,1,36,5],[37,1,37,5],[38,0,38,7],[39,0,39,7],[40,0,40,7],[41,0,41,8],[42,1,42,3],[42,4,42,5],[43,1,43,3],[43,4,43,5],[44,1,44,3],[44,4,44,5],[45,1,45,3],[45,4,45,5],[46,1,46,3],[46,4,46,5],[47,1,47,3],[47,4,47,5],[48,1,48,3],[48,4,48,5],[49,1,49,3],[50,1,50,3],[51,1,51,3],[52,0,52,7],[53,0,53,8],[54,1,54,3],[54,4,54,5],[55,1,55,3],[55,4,55,5],[56,1,56,3],[56,4,56,5],[57,0,57,7],[59,0,59,1],[59,2,59,4],[59,6,59,7],[60,0,60,1],[60,2,60,4],[61,0,61,1],[61,2,61,4],[61,6,61,7],[62,2,62,5]]}
{"$rows_empty":8}
["QUOTE TO :",{"$nulls":4},"Qoute No           ",null,{"$f":"#REF!","v":{"$error":"#REF!"}}]
["Department of Health",{"$nulls":4},"Date                   ",null,{"$f":"#REF!","v":{"$error":"#REF!"}}]
["717 Dukumbana Building",{"$nulls":4},"Facility              ",null,{"$f":"#REF!","v":{"$error":"#REF!"}}]
["Independent Avenue",{"$nulls":4},"Work Order     ",null,{"$f":"#REF!","v":{"$error":"#REF!"}}]
["Bhisho",{"$nulls":4},"Tender No       ",null,"SCMU3 - 17/18-0303 - HO"]
[{"$nulls":5},"Contract Term ",null,"24 MONTHS",{"$nulls":4}," "]
[{"$nulls":5},"GEN ID",null,"GEN/NMM/MOU/01"]
["WORK  REQUEST : Generator is faulty."]
["SCHEDULED WORK"]
["Item 1","Description",null,null,"Unit","Sch No","Quantity","Rate","Amount"]
[]
[]
[]
["Sub Total A"]
["NON SCHEDULED WORK"]
["Item 2","Description",{"$nulls":4},"Quantity","Rate","Amount"]
[1,"Diesel fix",{"$nulls":4},2,{"v":120,"d":"R120.00"},{"$f":"H25*G25","v":{"v":240,"d":"R 240.00"}}]
[2,"Fuel filter ",{"$nulls":4},1,{"v":256.52,"d":"R256.52"},{"$f":"H26*G26","v":{"v":256.52,"d":"R 256.52"}}]
{"$rows_empty":12}
["Sub  Total",{"$nulls":7},{"$f":"SUM(I25:I38)","v":{"v":496.52,"d":"R 496.52"}}]
["Mark - Up 15%",{"$nulls":7},{"$f":"ROUND((I39*0.15),2)","v":{"v":74.48,"d":"R 74.48"}}]
["SUb  Total  B",{"$nulls":7},{"$f":"I39+I40","v":{"v":571,"d":"R 571.00"}}]
["LABOUR"]
["Item 3"," (Normal Rate)",null,null,"Unit",null,"Quantity","Rate","Amount"]
[1,"Techinician",null,null,"HRS",null,null,{"v":450,"d":"R450.00"},{"$f":"SUM(G44*H44)","v":0}]
[2," Senior Artisan  ",null,null,"HRS",null,null,{"v":350,"d":"R350.00"},{"$f":"SUM(G45*H45)","v":0}]
[3,"Artisan  (Trade Tested)",null,null,"HRS",null,3,{"v":300,"d":"R300.00"},{"v":900,"d":"R 900.00"}]
[4,"Utility Man (Non - Trade Tested)",null,null,"HRS",null,3,{"v":200,"d":"R200.00"},{"v":600,"d":"R 600.00"}]
[5,"Artisan  Aid",null,null,"HRS",null,null,{"v":200,"d":"R200.00"},0]
[6,"General Worker   (3)",null,null,"HRS",null,null,{"v":140,"d":"R140.00"},0]
[]
[]
[]
["Sub Total C",{"$nulls":7},{"$f":"SUM(I44:I52)","v":{"v":1500,"d":"R 1,500.00"}}]
["TRANSPORT"]
["Item 4","Destinantion",null,null,"No of Trips",null,"KMs","Rate","Amount"]
[1,"Office toMt Road  Forensic and back",null,null,2,null,50,{"v":5,"d":"R 5.00"},{"$f":"H56*G56","v":{"v":250,"d":"R 250.00"}}]
[]
["Sub Total D",{"$nulls":7},{"$f":"SUM(I56:I57)","v":{"v":250,"d":"R 250.00"}}]
[]
[{"$nulls":6}," Sub Total (A+B+C+D)",null,{"$f":"I58+I53+I41","v":{"v":2321,"d":"R 2,321.00"}}]
[]
[{"$nulls":6},"Sub Total",null,{"$f":"I60+I61","v":{"v":2321,"d":"R 2,321.00"}}]

{"sheet":"West End (89)","index":115,"n_rows":69,"n_cols":13,"rows_kept":69,"hidden":true,"merged":[[8,0,8,4],[8,5,8,6],[8,7,8,8],[9,5,9,6],[9,7,9,8],[10,5,10,6],[10,7,10,8],[11,5,11,6],[11,7,11,8],[12,7,12,8],[13,5,13,6],[13,7,13,8],[14,5,14,6],[14,7,14,8],[15,0,15,8],[16,0,16,8],[17,1,17,3],[18,1,18,3],[19,1,19,3],[20,1,20,3],[21,0,21,7],[22,0,22,8],[23,1,23,5],[24,1,24,5],[25,1,25,5],[26,1,26,5],[27,1,27,5],[28,1,28,5],[29,1,29,5],[30,1,30,5],[31,1,31,5],[32,1,32,5],[33,1,33,5],[34,1,34,5],[35,1,35,5],[36,1,36,5],[37,1,37,5],[38,1,38,5],[39,1,39,5],[40,1,40,5],[41,1,41,5],[42,1,42,5],[43,1,43,5],[44,1,44,5],[45,0,45,7],[46,0,46,7],[47,0,47,7],[48,0,48,8],[49,1,49,3],[49,4,49,5],[50,1,50,3],[50,4,50,5],[51,1,51,3],[51,4,51,5],[52,1,52,3],[52,4,52,5],[53,1,53,3],[53,4,53,5],[54,1,54,3],[54,4,54,5],[55,1,55,3],[55,4,55,5],[56,1,56,3],[57,1,57,3],[58,1,58,3],[59,0,59,7],[60,0,60,8],[61,1,61,3],[61,4,61,5],[62,1,62,3],[62,4,62,5],[63,1,63,3],[63,4,63,5],[64,0,64,7],[66,0,66,1],[66,2,66,4],[66,6,66,7],[67,0,67,1],[67,2,67,4],[68,0,68,1],[68,2,68,4],[68,6,68,7],[69,2,69,5]]}
{"$rows_empty":8}
["QUOTE TO :",{"$nulls":4},"Qoute No           ",null,{"$f":"#REF!","v":{"$error":"#REF!"}}]
["Department of Health",{"$nulls":4},"Date                   ",null,{"$f":"#REF!","v":{"$error":"#REF!"}}]
["717 Dukumbana Building",{"$nulls":4},"Facility              ",null,{"$f":"#REF!","v":{"$error":"#REF!"}}]
["Independent Avenue",{"$nulls":4},"Work Order     ",null,{"$f":"#REF!","v":{"$error":"#REF!"}}]
["Bhisho",{"$nulls":4},"Tender No       ",null,"SCMU3 - 17/18-0303 - HO"]
[{"$nulls":5},"Contract Term ",null,"24 MONTHS",{"$nulls":4}," "]
[{"$nulls":5},"GEN ID",null,"GEN/NMM/WES/01"]
["WORK  REQUEST : Generator is faulty."]
["SCHEDULED WORK"]
["Item 1","Description",null,null,"Unit","Sch No","Quantity","Rate","Amount"]
[]
[]
[]
["Sub Total A"]
["NON SCHEDULED WORK"]
["Item 2","Description",{"$nulls":4},"Quantity","Rate","Amount"]
[1,"3 KW barrel fan",{"$nulls":4},1,{"v":2550,"d":"R2,550.00"},{"$f":"H25*G25","v":{"v":2550,"d":"R 2,550.00"}}]
[2,"Ducting",{"$nulls":4},1,{"v":1200,"d":"R1,200.00"},{"$f":"H26*G26","v":{"v":1200,"d":"R 1,200.00"}}]
[3,"Laser cut & bend",{"$nulls":4},2,{"v":1445.56,"d":"R1,445.56"},{"$f":"H27*G27","v":{"v":2891.12,"d":"R 2,891.12"}}]
[4,"Jointer",{"$nulls":4},1,{"v":38.22,"d":"R38.22"},{"v":38.22,"d":"R 38.22"}]
[5,"Set screw",{"$nulls":4},3,{"v":8.93,"d":"R8.93"},{"v":26.79,"d":"R 26.79"}]
[6,"Cement (25Kg)",{"$nulls":4},1,{"v":44.94,"d":"R44.94"},{"v":44.94,"d":"R 44.94"}]
[7,"Bolts nuts & washers",{"$nulls":4},10,{"v":10.82,"d":"R10.82"},{"$f":"H31*G31","v":{"v":108.2,"d":"R 108.20"}}]
[8,"Stud & nut",{"$nulls":4},2,{"v":27.8,"d":"R27.80"},{"v":55.6,"d":"R 55.60"}]
[9,"Fan belt",{"$nulls":4},2,{"v":147.19,"d":"R147.19"},{"v":294.38,"d":"R 294.38"}]
[10,"Grun",{"$nulls":4},1,{"v":22.6,"d":"R22.60"},{"v":22.6,"d":"R 22.60"}]
[11,"Spiral bing",{"$nulls":4},5,{"v":26,"d":"R26.00"},{"v":130,"d":"R 130.00"}]
[12,"Flex conduict",{"$nulls":4},5,{"v":14,"d":"R14.00"},{"v":70,"d":"R 70.00"}]
[13,"3/8 Fuel hose",{"$nulls":4},15,{"v":91.05,"d":"R91.05"},{"$f":"H37*G37","v":{"v":1365.75,"d":"R 1,365.75"}}]
[14,"8 mm  fuel hose",{"$nulls":4},10,{"v":83.84,"d":"R83.84"},{"v":838.4000000000001,"d":"R 838.40"}]
[15,"Clamps",{"$nulls":4},4,{"v":8.12,"d":"R8.12"},{"v":32.48,"d":"R 32.48"}]
[16,"Alternator",{"$nulls":4},1,{"v":2197,"d":"R2,197.00"},{"v":2197,"d":"R 2,197.00"}]
[17,"Degreaser",{"$nulls":4},2,{"v":268.15,"d":"R268.15"},{"v":536.3,"d":"R 536.30"}]
[]
[]
[]
[]
["Sub  Total",{"$nulls":7},{"$f":"SUM(I25:I45)","v":{"v":12401.779999999999,"d":"R 12,401.78"}}]
["Mark - Up 15%",{"$nulls":7},{"$f":"ROUND((I46*0.15),2)","v":{"v":1860.27,"d":"R 1,860.27"}}]
["SUb  Total  B",{"$nulls":7},{"$f":"I46+I47","v":{"v":14262.05,"d":"R 14,262.05"}}]
["LABOUR"]
["Item 3"," (Normal Rate)",null,null,"Unit",null,"Quantity","Rate","Amount"]
[1,"Techinician",null,null,"HRS",null,null,{"v":450,"d":"R450.00"},{"$f":"SUM(G51*H51)","v":0}]
[2," Senior Artisan  ",null,null,"HRS",null,null,{"v":350,"d":"R350.00"},{"$f":"SUM(G52*H52)","v":0}]
[3,"Artisan  (Trade Tested)",null,null,"HRS",null,64,{"v":300,"d":"R300.00"},{"v":19200,"d":"R 19,200.00"}]
[4,"Utility Man (Non - Trade Tested)",null,null,"HRS",null,null,{"v":200,"d":"R200.00"},0]
[5,"Artisan  Aid (2)",null,null,"HRS",null,48,{"v":200,"d":"R200.00"},{"v":9600,"d":"R 9,600.00"}]
[6,"General Worker   ",null,null,"HRS",null,null,{"v":140,"d":"R140.00"},0]
[]
[]
[]
["Sub Total C",{"$nulls":7},{"$f":"SUM(I51:I59)","v":{"v":28800,"d":"R 28,800.00"}}]
["TRANSPORT"]
["Item 4","Destinantion",null,null,"No of Trips",null,"KMs","Rate","Amount"]
[1,"Office to West End  and back",null,null,7,null,245,{"v":5,"d":"R 5.00"},{"$f":"H63*G63","v":{"v":1225,"d":"R 1,225.00"}}]
[]
["Sub Total D",{"$nulls":7},{"$f":"SUM(I63:I64)","v":{"v":1225,"d":"R 1,225.00"}}]
[]
[{"$nulls":6}," Sub Total (A+B+C+D)",null,{"$f":"I65+I60+I48","v":{"v":44287.05,"d":"R 44,287.05"}}]
[]
[{"$nulls":6},"Sub Total",null,{"$f":"I67+I68","v":{"v":44287.05,"d":"R 44,287.05"}}]

{"sheet":"Walton Conyng (90)","index":116,"n_rows":145,"n_cols":13,"rows_kept":145,"hidden":true,"merged":[[8,0,8,4],[8,5,8,6],[8,7,8,8],[9,5,9,6],[9,7,9,8],[10,5,10,6],[10,7,10,8],[11,5,11,6],[11,7,11,8],[12,7,12,8],[13,5,13,6],[13,7,13,8],[14,5,14,6],[14,7,14,8],[15,0,15,8],[16,0,16,8],[17,1,17,3],[18,1,18,3],[19,1,19,3],[20,1,20,3],[21,0,21,7],[22,0,22,8],[23,1,23,5],[24,1,24,5],[25,1,25,5],[26,1,26,5],[27,1,27,5],[28,1,28,5],[29,1,29,5],[30,1,30,5],[31,1,31,5],[32,1,32,5],[33,1,33,5],[34,1,34,5],[35,1,35,5],[36,1,36,5],[37,1,37,5],[38,1,38,5],[39,1,39,5],[40,1,40,5],[41,1,41,5],[42,1,42,5],[43,1,43,5],[44,1,44,5],[45,1,45,5],[46,1,46,5],[47,1,47,5],[48,1,48,5],[49,1,49,5],[50,1,50,5],[51,1,51,5],[52,1,52,5],[53,1,53,5],[54,1,54,5],[55,1,55,5],[56,1,56,5],[57,1,57,5],[58,1,58,5],[59,1,59,5],[60,1,60,5],[61,1,61,5],[62,1,62,5],[63,1,63,5],[64,1,64,5],[65,1,65,5],[66,1,66,5],[67,1,67,5],[68,1,68,5],[69,1,69,5],[70,1,70,5],[71,1,71,5],[72,1,72,5],[73,1,73,5],[74,1,74,5],[75,1,75,5],[76,1,76,5],[77,1,77,5],[78,1,78,5],[79,1,79,5],[80,1,80,5],[81,1,81,5],[82,1,82,5],[83,1,83,5],[84,1,84,5],[85,1,85,5],[86,1,86,5],[87,1,87,5],[88,1,88,5],[89,1,89,5],[90,1,90,5],[91,1,91,5],[92,1,92,5],[93,1,93,5],[94,1,94,5],[95,1,95,5],[96,1,96,5],[97,1,97,5],[98,1,98,5],[99,1,99,5],[100,1,100,5],[101,1,101,5],[102,1,102,5],[103,1,103,5],[104,1,104,5],[105,1,105,5],[106,1,106,5],[107,1,107,5],[108,1,108,5],[109,1,109,5],[110,1,110,5],[111,1,111,5],[112,1,112,5],[113,1,113,5],[114,1,114,5],[115,1,115,5],[116,1,116,5],[117,1,117,5],[118,1,118,5],[119,1,119,5],[120,1,120,5],[121,0,121,7],[122,0,122,7],[123,0,123,7],[124,0,124,8],[125,1,125,3],[125,4,125,5],[126,1,126,3],[126,4,126,5],[127,1,127,3],[127,4,127,5],[128,1,128,3],[128,4,128,5],[129,1,129,3],[129,4,129,5],[130,1,130,3],[130,4,130,5],[131,1,131,3],[131,4,131,5],[132,1,132,3],[133,1,133,3],[134,1,134,3],[135,0,135,7],[136,0,136,8],[137,1,137,3],[137,4,137,5],[138,1,138,3],[138,4,138,5],[139,1,139,3],[139,4,139,5],[140,0,140,7],[142,0,142,1],[142,2,142,4],[142,6,142,7],[143,0,143,1],[143,2,143,4],[144,0,144,1],[144,2,144,4],[144,6,144,7],[145,2,145,5]]}
{"$rows_empty":8}
["QUOTE TO :",{"$nulls":4},"Qoute No           ",null,{"$f":"#REF!","v":{"$error":"#REF!"}}]
["Department of Health",{"$nulls":4},"Date                   ",null,{"$f":"#REF!","v":{"$error":"#REF!"}}]
["717 Dukumbana Building",{"$nulls":4},"Facility              ",null,{"$f":"#REF!","v":{"$error":"#REF!"}}]
["Independent Avenue",{"$nulls":4},"Work Order     ",null,{"$f":"#REF!","v":{"$error":"#REF!"}}]
["Bhisho",{"$nulls":4},"Tender No       ",null,"SCMU3 - 17/18-0303 - HO"]
[{"$nulls":5},"Contract Term ",null,"24 MONTHS",{"$nulls":4}," "]
[{"$nulls":5},"GEN ID",null,"GEN/NMM/"]
["WORK  REQUEST : Collection of generator from PE Medical stores to Walton Building Plus service"]
["SCHEDULED WORK"]
["Item 1","Description",{"$nulls":4},"Quantity","Rate","Amount"]
[1,"Major service  0 - 200KVA"]
[]
[]
["Sub Total A"]
["NON SCHEDULED WORK"]
["Item 2","Description",{"$nulls":4},"Quantity","Rate","Amount"]
[1,"Hose (19mm)",{"$nulls":4},1,{"v":445.26,"d":"R445.26"},{"$f":"H25*G25","v":{"v":445.26,"d":"R 445.26"}}]
[2,"Clamps hose",{"$nulls":4},10,{"v":10.96,"d":"R10.96"},{"$f":"H26*G26","v":{"v":109.60000000000001,"d":"R 109.60"}}]
[3,"Crane hire",{"$nulls":4},1,{"v":5500,"d":"R5,500.00"},{"$f":"H27*G27","v":{"v":5500,"d":"R 5,500.00"}}]
[4,"Cable tie",{"$nulls":4},1,{"v":88.86,"d":"R88.86"},{"$f":"H28*G28","v":{"v":88.86,"d":"R 88.86"}}]
[5,"Repairs to alternator",{"$nulls":4},1,{"v":8820,"d":"R8,820.00"},{"$f":"H29*G29","v":{"v":8820,"d":"R 8,820.00"}}]
[6,"Tape 48 mm",{"$nulls":4},1,{"v":38.72,"d":"R38.72"},{"v":38.72,"d":"R 38.72"}]
[7,"Tape 18 x 40m",{"$nulls":4},1,{"v":18.07,"d":"R18.07"},{"v":18.07,"d":"R 18.07"}]
[8,"Dulux 600ml",{"$nulls":4},1,{"v":113.34,"d":"R113.34"},{"v":113.34,"d":"R 113.34"}]
[9,"Car gun bandage",{"$nulls":4},1,{"v":57.78,"d":"R57.78"},{"v":57.78,"d":"R 57.78"}]
[10,"Lug 35 x 10",{"$nulls":4},2,{"v":8.7,"d":"R8.70"},{"v":17.4,"d":"R 17.40"}]
[11,"Battery bax",{"$nulls":4},1,{"v":182.61,"d":"R182.61"},{"v":182.61,"d":"R 182.61"}]
[12,"H/Clamp",{"$nulls":4},2,{"v":5.31,"d":"R5.31"},{"v":10.62,"d":"R 10.62"}]
[13,"H/Clamp (16 -32)",{"$nulls":4},6,{"v":8.14,"d":"R8.14"},{"v":48.84,"d":"R 48.84"}]
[14,"Sleeve 16mm",{"$nulls":4},5,{"v":8.7,"d":"R8.70"},{"v":43.5,"d":"R 43.50"}]
[15,"Repair sil + clamp",{"$nulls":4},1,{"v":150,"d":"R150.00"},{"v":150,"d":"R 150.00"}]
[16,"Channel (76 x 38)",{"$nulls":4},7,{"v":719.55,"d":"R719.55"},{"v":5036.849999999999,"d":"R 5,036.85"}]
[17,"Lapp olflex classic",{"$nulls":4},10,{"v":100.6,"d":"R100.60"},{"v":1006,"d":"R 1,006.00"}]
[18,"Fuse ( 2x 58w)",{"$nulls":4},1,{"v":216,"d":"R216.00"},{"$f":"H42*G42","v":{"v":216,"d":"R 216.00"}}]
[19,"Led glass",{"$nulls":4},2,{"v":85,"d":"R85.00"},{"v":170,"d":"R 170.00"}]
[20,"Gland",{"$nulls":4},1,{"v":7.92,"d":"R7.92"},{"v":7.92,"d":"R 7.92"}]
[21,"Lock nut",{"$nulls":4},1,{"v":1.69,"d":"R1.69"},{"v":1.69,"d":"R 1.69"}]
[22,"Flat twin earth 2,5 x 2",{"$nulls":4},20,{"v":16.108,"d":"R16.11"},{"v":322.16,"d":"R 322.16"}]
[23,"Gland nr 0",{"$nulls":4},2,{"v":1.9,"d":"R1.90"},{"v":3.8,"d":"R 3.80"}]
[24,"Enclouser (380x 600 x210)",{"$nulls":4},1,{"v":2016.63,"d":"R2,016.63"},{"v":2016.63,"d":"R 2,016.63"}]
[25,"Lug (25x8)",{"$nulls":4},10,{"v":4.0357,"d":"R4.04"},{"v":40.357,"d":"R 40.36"}]
[26,"MCB 100A",{"$nulls":4},1,{"v":2395,"d":"R2,395.00"},{"v":2395,"d":"R 2,395.00"}]
[27,"Panel Enclouser(3,5 x 3,5 x 2,4 m)",{"$nulls":4},1,{"v":27643,"d":"R27,643.00"},{"v":27643,"d":"R 27,643.00"}]
[28,"Galv 300mm",{"$nulls":4},2,{"v":1538.26,"d":"R1,538.26"},{"v":3076.52,"d":"R 3,076.52"}]
[29,"Shutterply pine ",{"$nulls":4},5,{"v":339.12,"d":"R339.12"},{"v":1695.6,"d":"R 1,695.60"}]
[30,"Repairs to batteyr charger alternator",{"$nulls":4},1,{"v":1284.4,"d":"R1,284.40"},{"v":1284.4,"d":"R 1,284.40"}]
[31,"Belt",{"$nulls":4},1,{"v":188.7,"d":"R188.70"},{"v":188.7,"d":"R 188.70"}]
[32,"Screw set & nut",{"$nulls":4},3,{"v":8.93,"d":"R8.93"},{"v":26.79,"d":"R 26.79"}]
[33,"Cement (25kg)",{"$nulls":4},1,{"v":44.94,"d":"R44.94"},{"v":44.94,"d":"R 44.94"}]
[34,"Tico Pad",{"$nulls":4},1,{"v":770,"d":"R770.00"},{"v":770,"d":"R 770.00"}]
[35,"MCB 10A",{"$nulls":4},1,{"v":195.7,"d":"R195.70"},{"v":195.7,"d":"R 195.70"}]
[36,"MCB 6A",{"$nulls":4},6,{"v":187.27,"d":"R187.27"},{"v":1123.6200000000001,"d":"R 1,123.62"}]
[37,"MCB 20A",{"$nulls":4},1,{"v":187.27,"d":"R187.27"},{"v":187.27,"d":"R 187.27"}]
[38,"Motor Change Over Switch (160A)",{"$nulls":4},1,{"v":12880,"d":"R12,880.00"},{"v":12880,"d":"R 12,880.00"}]
[39,"3p terminal shroud ",{"$nulls":4},3,{"v":418,"d":"R418.00"},{"v":1254,"d":"R 1,254.00"}]
[40,"3P Bridge bar ",{"$nulls":4},1,{"v":871,"d":"R871.00"},{"v":871,"d":"R 871.00"}]
[41,"Control module 7320",{"$nulls":4},1,{"v":9075,"d":"R9,075.00"},{"v":9075,"d":"R 9,075.00"}]
[42,"Vdo sensor ",{"$nulls":4},1,{"v":1826,"d":"R1,826.00"},{"v":1826,"d":"R 1,826.00"}]
[43,"Vdo sensor TEMP",{"$nulls":4},1,{"v":1164,"d":"R1,164.00"},{"v":1164,"d":"R 1,164.00"}]
[44,"Gland nr. 3",{"$nulls":4},4,{"v":81.27,"d":"R81.27"},{"v":325.08,"d":"R 325.08"}]
[45,"Shroud no.3",{"$nulls":4},4,{"v":9,"d":"R9.00"},{"v":36,"d":"R 36.00"}]
[46,"Lugs (25x 12)",{"$nulls":4},16,{"v":6.9901,"d":"R6.99"},{"v":111.8416,"d":"R 111.84"}]
[47,"Cable (16mm)",{"$nulls":4},25,{"v":28.9634,"d":"R28.96"},{"v":724.085,"d":"R 724.09"}]
[48,"Classic box (4x2) 1 way",{"$nulls":4},1,{"v":22.45,"d":"R22.45"},{"v":22.45,"d":"R 22.45"}]
[49,"Classic box (4x2) cover",{"$nulls":4},1,{"v":9.33,"d":"R9.33"},{"v":9.33,"d":"R 9.33"}]
[50,"Extension box (4x2)",{"$nulls":4},1,{"v":12.2,"d":"R12.20"},{"$f":"H74*G74","v":{"v":12.2,"d":"R 12.20"}}]
[51,"Extension box (4x4)",{"$nulls":4},1,{"v":13.35,"d":"R13.35"},{"$f":"H75*G75","v":{"v":13.35,"d":"R 13.35"}}]
[52,"Conduit 20mm",{"$nulls":4},12,{"v":4.28,"d":"R4.28"},{"v":51.36,"d":"R 51.36"}]
[53,"Holesaw 20mm",{"$nulls":4},1,{"v":43.07,"d":"R43.07"},{"v":43.07,"d":"R 43.07"}]
[54,"Saddle 20mm",{"$nulls":4},20,{"v":0.71,"d":"R0.71"},{"v":14.2,"d":"R 14.20"}]
[55,"Adaptor male",{"$nulls":4},8,{"v":0.8,"d":"R0.80"},{"v":6.4,"d":"R 6.40"}]
[56,"Onesto 63A",{"$nulls":4},1,{"v":217.49,"d":"R217.49"},{"v":217.49,"d":"R 217.49"}]
[57,"Plate splice ",{"$nulls":4},1,{"v":38,"d":"R38.00"},{"v":38,"d":"R 38.00"}]
[58,"MCB 32A",{"$nulls":4},1,{"v":300,"d":"R300.00"},{"v":300,"d":"R 300.00"}]
[59,"Relay base 11 pin",{"$nulls":4},4,{"v":80,"d":"R80.00"},{"v":320,"d":"R 320.00"}]
[60,"MCB 100A",{"$nulls":4},1,{"v":841,"d":"R841.00"},{"v":841,"d":"R 841.00"}]
[61,"Cable (25x4)",{"$nulls":4},50,{"v":278,"d":"R278.00"},{"v":13900,"d":"R 13,900.00"}]
[62,"Flange (100mm)",{"$nulls":4},9,{"v":302.44,"d":"R302.44"},{"v":2721.96,"d":"R 2,721.96"}]
[63,"Flange (100mm) bend",{"$nulls":4},2,{"v":140,"d":"R140.00"},{"v":280,"d":"R 280.00"}]
[64,"Flange stright coupler",{"$nulls":4},4,{"v":9.8,"d":"R9.80"},{"v":39.2,"d":"R 39.20"}]
[65,"Gutterbolt + nut",{"$nulls":4},19,{"v":0.69,"d":"R0.69"},{"v":13.11,"d":"R 13.11"}]
[66,"Relay  11 pin",{"$nulls":4},4,{"v":110,"d":"R110.00"},{"v":440,"d":"R 440.00"}]
[67,"Fuel filter ",{"$nulls":4},1,{"v":91.99,"d":"R91.99"},{"v":91.99,"d":"R 91.99"}]
[68,"Lube filter ",{"$nulls":4},1,{"v":170.75,"d":"R170.75"},{"v":170.75,"d":"R 170.75"}]
[69,"Air filter ",{"$nulls":4},1,{"v":306.9,"d":"R306.90"},{"v":306.9,"d":"R 306.90"}]
[70,"Sand paper Z20",{"$nulls":4},10,{"v":12.84,"d":"R12.84"},{"v":128.4,"d":"R 128.40"}]
[71,"Sand paper 400 GRIT",{"$nulls":4},10,{"v":14.06,"d":"R14.06"},{"v":140.6,"d":"R 140.60"}]
[72,"Spray blue",{"$nulls":4},10,{"v":119.58,"d":"R119.58"},{"v":1195.8,"d":"R 1,195.80"}]
[73,"Recondition to radiator",{"$nulls":4},1,{"v":7200,"d":"R7,200.00"},{"v":7200,"d":"R 7,200.00"}]
[74,"Washer (M 8 X 22mm)",{"$nulls":4},3,{"v":7.65,"d":"R7.65"},{"v":22.950000000000003,"d":"R 22.95"}]
[75,"Screw   ",{"$nulls":4},1,{"v":14.83,"d":"R14.83"},{"v":14.83,"d":"R 14.83"}]
[76,"Paint wood",{"$nulls":4},1,{"v":341.44,"d":"R341.44"},{"v":341.44,"d":"R 341.44"}]
[77,"Bio extra",{"$nulls":4},1,{"v":135,"d":"R135.00"},{"v":135,"d":"R 135.00"}]
[78,"Crane truck to reposition the gen set",{"$nulls":4},1,{"v":1500,"d":"R1,500.00"},{"v":1500,"d":"R 1,500.00"}]
[79,"Manufacture of louvers",{"$nulls":4},1,{"v":8800,"d":"R8,800.00"},{"v":8800,"d":"R 8,800.00"}]
[80,"Tinting (5L)",{"$nulls":4},1,{"v":60.87,"d":"R60.87"},{"v":60.87,"d":"R 60.87"}]
[81,"Paint (5L)",{"$nulls":4},1,{"v":368,"d":"R368.00"},{"v":368,"d":"R 368.00"}]
[82,"Prim Paint (5L)",{"$nulls":4},1,{"v":523.09,"d":"R523.09"},{"v":523.09,"d":"R 523.09"}]
[83,"Prim Paint (5L)",{"$nulls":4},1,{"v":561.55,"d":"R561.55"},{"v":561.55,"d":"R 561.55"}]
[84,"Paint wood primer (5L)",{"$nulls":4},2,{"v":91.43,"d":"R91.43"},{"v":182.86,"d":"R 182.86"}]
[85,"Screw self ",{"$nulls":4},2,{"v":14.83,"d":"R14.83"},{"v":29.66,"d":"R 29.66"}]
[86,"Paint mate",{"$nulls":4},3,{"v":53.14,"d":"R53.14"},{"v":159.42000000000002,"d":"R 159.42"}]
[87,"Sparay paint",{"$nulls":4},3,{"v":37.8,"d":"R37.80"},{"v":113.39999999999999,"d":"R 113.40"}]
[88,"Hole saw (25mm)",{"$nulls":4},1,{"v":89,"d":"R89.00"},{"v":89,"d":"R 89.00"}]
[89,"Hole saw (32mm)",{"$nulls":4},1,{"v":127.37,"d":"R127.37"},{"v":127.37,"d":"R 127.37"}]
[90,"Gland 32",{"$nulls":4},2,{"v":16.7,"d":"R16.70"},{"v":33.4,"d":"R 33.40"}]
[91,"Lock nut",{"$nulls":4},2,{"v":2.88,"d":"R2.88"},{"v":5.76,"d":"R 5.76"}]
[92,"Gland seal",{"$nulls":4},2,{"v":8.5,"d":"R8.50"},{"$f":"H116*G116","v":{"v":17,"d":"R 17.00"}}]
[93,"Lock nut",{"$nulls":4},2,{"v":1.8,"d":"R1.80"},{"v":3.6,"d":"R 3.60"}]
[94,"Tape insulation",{"$nulls":4},1,{"v":16,"d":"R16.00"},{"v":16,"d":"R 16.00"}]
[95,"Lug insulation",{"$nulls":4},12,{"v":28.7079,"d":"R28.71"},{"v":344.4948,"d":"R 344.49"}]
[96,"Silicon (260ml)",{"$nulls":4},1,{"v":356.4,"d":"R356.40"},{"v":356.4,"d":"R 356.40"}]
[]
["Sub  Total",{"$nulls":7},{"$f":"SUM(I25:I121)","v":{"v":133688.20839999997,"d":"R 133,688.21"}}]
["Mark - Up 15%",{"$nulls":7},{"$f":"ROUND((I122*0.15),2)","v":{"v":20053.23,"d":"R 20,053.23"}}]
["SUb  Total  B",{"$nulls":7},{"$f":"I122+I123","v":{"v":153741.43839999998,"d":"R 153,741.44"}}]
["LABOUR"]
["Item 3"," (Normal Rate)",null,null,"Unit",null,"Quantity","Rate","Amount"]
[1,"Techinician",null,null,"HRS",null,null,{"v":450,"d":"R450.00"},{"$f":"SUM(G127*H127)","v":0}]
[2," Senior Artisan  ",null,null,"HRS",null,null,{"v":350,"d":"R350.00"},{"$f":"SUM(G128*H128)","v":0}]
[3,"Artisan  (Trade Tested)",null,null,"HRS",null,151.5,{"v":300,"d":"R300.00"},{"v":45450,"d":"R 45,450.00"}]
[4,"Utility Man (Non - Trade Tested)",null,null,"HRS",null,null,{"v":200,"d":"R200.00"},0]
[5,"Artisan  Aid",null,null,"HRS",null,151.5,{"v":200,"d":"R200.00"},{"v":30300,"d":"R 30,300.00"}]
[6,"General Worker   ",null,null,"HRS",null,61.5,{"v":140,"d":"R140.00"},{"v":8610,"d":"R 8,610.00"}]
[]
[]
[]
["Sub Total C",{"$nulls":7},{"$f":"SUM(I127:I135)","v":{"v":84360,"d":"R 84,360.00"}}]
["TRANSPORT"]
["Item 4","Destinantion",null,null,"No of Trips",null,"KMs","Rate","Amount"]
[1,"Office to Walton Conyngham & Back",null,null,18,null,374.4,{"v":5,"d":"R 5.00"},{"$f":"H139*G139","v":{"v":1872,"d":"R 1,872.00"}}]
[]
["Sub Total D",{"$nulls":7},{"$f":"SUM(I139:I140)","v":{"v":1872,"d":"R 1,872.00"}}]
[]
[{"$nulls":6}," Sub Total (A+B+C+D)",null,{"$f":"I141+I136+I124+I22","v":{"v":239973.43839999998,"d":"R 239,973.44"}}]
[]
[{"$nulls":6},"Sub Total",null,{"$f":"I143+I144","v":{"v":239973.43839999998,"d":"R 239,973.44"}}]

{"sheet":"Uitenhage Hospital  (91)","index":117,"n_rows":69,"n_cols":13,"rows_kept":69,"hidden":true,"merged":[[8,0,8,4],[8,5,8,6],[8,7,8,8],[9,5,9,6],[9,7,9,8],[10,5,10,6],[10,7,10,8],[11,5,11,6],[11,7,11,8],[12,7,12,8],[13,5,13,6],[13,7,13,8],[14,5,14,6],[14,7,14,8],[15,0,15,8],[16,0,16,8],[17,1,17,3],[18,1,18,3],[19,1,19,3],[20,1,20,3],[21,0,21,7],[22,0,22,8],[23,1,23,5],[24,1,24,5],[25,1,25,5],[26,1,26,5],[27,1,27,5],[28,1,28,5],[29,1,29,5],[30,1,30,5],[31,1,31,5],[32,1,32,5],[33,1,33,5],[34,1,34,5],[35,1,35,5],[36,1,36,5],[37,1,37,5],[38,1,38,5],[39,1,39,5],[40,1,40,5],[41,1,41,5],[42,1,42,5],[43,1,43,5],[44,1,44,5],[45,0,45,7],[46,0,46,7],[47,0,47,7],[48,0,48,8],[49,1,49,3],[49,4,49,5],[50,1,50,3],[50,4,50,5],[51,1,51,3],[51,4,51,5],[52,1,52,3],[52,4,52,5],[53,1,53,3],[53,4,53,5],[54,1,54,3],[54,4,54,5],[55,1,55,3],[55,4,55,5],[56,1,56,3],[57,1,57,3],[58,1,58,3],[59,0,59,7],[60,0,60,8],[61,1,61,3],[61,4,61,5],[62,1,62,3],[62,4,62,5],[63,1,63,3],[63,4,63,5],[64,0,64,7],[66,0,66,1],[66,2,66,4],[66,6,66,7],[67,0,67,1],[67,2,67,4],[68,0,68,1],[68,2,68,4],[68,6,68,7],[69,2,69,5]]}
{"$rows_empty":8}
["QUOTE TO :",{"$nulls":4},"Qoute No           ",null,{"$f":"#REF!","v":{"$error":"#REF!"}}]
["Department of Health",{"$nulls":4},"Date                   ",null,{"$f":"#REF!","v":{"$error":"#REF!"}}]
["717 Dukumbana Building",{"$nulls":4},"Facility              ",null,{"$f":"#REF!","v":{"$error":"#REF!"}}]
["Independent Avenue",{"$nulls":4},"Work Order     ",null,{"$f":"#REF!","v":{"$error":"#REF!"}}]
["Bhisho",{"$nulls":4},"Tender No       ",null,"SCMU3 - 17/18-0303 - HO"]
[{"$nulls":5},"Contract Term ",null,"24 MONTHS",{"$nulls":4}," "]
[{"$nulls":5},"GEN ID",null,"GEN/NMM/UIT/01"]
["WORK  REQUEST : Power generator is faulty"]
["SCHEDULED WORK"]
["Item 1","Description",null,null,"Unit","Sch No","Quantity","Rate","Amount"]
[]
[]
[]
["Sub Total A"]
["NON SCHEDULED WORK"]
["Item 2","Description",{"$nulls":4},"Quantity","Rate","Amount"]
{"$rows_empty":21}
["Sub  Total",{"$nulls":7},{"$f":"SUM(I25:I45)","v":0}]
["Mark - Up 15%",{"$nulls":7},{"$f":"ROUND((I46*0.15),2)","v":0}]
["SUb  Total  B",{"$nulls":7},{"$f":"I46+I47","v":0}]
["LABOUR"]
["Item 3"," (Normal Rate)",null,null,"Unit",null,"Quantity","Rate","Amount"]
[1,"Techinician",null,null,"HRS",null,null,{"v":450,"d":"R450.00"},{"$f":"SUM(G51*H51)","v":0}]
[2," Senior Artisan  ",null,null,"HRS",null,null,{"v":350,"d":"R350.00"},{"$f":"SUM(G52*H52)","v":0}]
[3,"Artisan  (Trade Tested)",null,null,"HRS",null,3,{"v":300,"d":"R300.00"},{"v":900,"d":"R 900.00"}]
[4,"Utility Man (Non - Trade Tested)",null,null,"HRS",null,null,{"v":200,"d":"R200.00"},0]
[5,"Artisan  Aid",null,null,"HRS",null,3,{"v":200,"d":"R200.00"},{"v":600,"d":"R 600.00"}]
[6,"General Worker   (3)",null,null,"HRS",null,null,{"v":140,"d":"R140.00"},0]
[]
[]
[]
["Sub Total C",{"$nulls":7},{"$f":"SUM(I51:I59)","v":{"v":1500,"d":"R 1,500.00"}}]
["TRANSPORT"]
["Item 4","Destinantion",null,null,"No of Trips",null,"KMs","Rate","Amount"]
[1,"Office to Uitenhage Hospital  and back",null,null,1,null,83.6,{"v":5,"d":"R 5.00"},{"$f":"H63*G63","v":{"v":418,"d":"R 418.00"}}]
[]
["Sub Total D",{"$nulls":7},{"$f":"SUM(I63:I64)","v":{"v":418,"d":"R 418.00"}}]
[]
[{"$nulls":6}," Sub Total (A+B+C+D)",null,{"$f":"I65+I60+I48","v":{"v":1918,"d":"R 1,918.00"}}]
[]
[{"$nulls":6},"Sub Total",null,{"$f":"I67+I68","v":{"v":1918,"d":"R 1,918.00"}}]

{"sheet":"Jose Pearson Hospital (92)","index":118,"n_rows":69,"n_cols":13,"rows_kept":69,"hidden":true,"merged":[[8,0,8,4],[8,5,8,6],[8,7,8,8],[9,5,9,6],[9,7,9,8],[10,5,10,6],[10,7,10,8],[11,5,11,6],[11,7,11,8],[12,7,12,8],[13,5,13,6],[13,7,13,8],[14,5,14,6],[14,7,14,8],[15,0,15,8],[16,0,16,8],[17,1,17,3],[18,1,18,3],[19,1,19,3],[20,1,20,3],[21,0,21,7],[22,0,22,8],[23,1,23,5],[24,1,24,5],[25,1,25,5],[26,1,26,5],[27,1,27,5],[28,1,28,5],[29,1,29,5],[30,1,30,5],[31,1,31,5],[32,1,32,5],[33,1,33,5],[34,1,34,5],[35,1,35,5],[36,1,36,5],[37,1,37,5],[38,1,38,5],[39,1,39,5],[40,1,40,5],[41,1,41,5],[42,1,42,5],[43,1,43,5],[44,1,44,5],[45,0,45,7],[46,0,46,7],[47,0,47,7],[48,0,48,8],[49,1,49,3],[49,4,49,5],[50,1,50,3],[50,4,50,5],[51,1,51,3],[51,4,51,5],[52,1,52,3],[52,4,52,5],[53,1,53,3],[53,4,53,5],[54,1,54,3],[54,4,54,5],[55,1,55,3],[55,4,55,5],[56,1,56,3],[57,1,57,3],[58,1,58,3],[59,0,59,7],[60,0,60,8],[61,1,61,3],[61,4,61,5],[62,1,62,3],[62,4,62,5],[63,1,63,3],[63,4,63,5],[64,0,64,7],[66,0,66,1],[66,2,66,4],[66,6,66,7],[67,0,67,1],[67,2,67,4],[68,0,68,1],[68,2,68,4],[68,6,68,7],[69,2,69,5]]}
{"$rows_empty":8}
["QUOTE TO :",{"$nulls":4},"Qoute No           ",null,{"$f":"#REF!","v":{"$error":"#REF!"}}]
["Department of Health",{"$nulls":4},"Date                   ",null,{"$f":"#REF!","v":{"$error":"#REF!"}}]
["717 Dukumbana Building",{"$nulls":4},"Facility              ",null,{"$f":"#REF!","v":{"$error":"#REF!"}}]
["Independent Avenue",{"$nulls":4},"Work Order     ",null,{"$f":"#REF!","v":{"$error":"#REF!"}}]
["Bhisho",{"$nulls":4},"Tender No       ",null,"SCMU3 - 17/18-0303 - HO"]
[{"$nulls":5},"Contract Term ",null,"24 MONTHS",{"$nulls":4}," "]
[{"$nulls":5},"GEN ID",null,"GEN/NMM/JOS/01"]
["WORK  REQUEST : Power generator is faulty."]
["SCHEDULED WORK"]
["Item 1","Description",null,null,"Unit","Sch No","Quantity","Rate","Amount"]
[]
[]
[]
["Sub Total A"]
["NON SCHEDULED WORK"]
["Item 2","Description",{"$nulls":4},"Quantity","Rate","Amount"]
[1,"Fuse 10A",{"$nulls":4},6,{"v":12.4,"d":"R12.40"},{"$f":"H25*G25","v":{"v":74.4,"d":"R 74.40"}}]
[2,"Relay 11 pin",{"$nulls":4},1,{"v":119,"d":"R119.00"},{"$f":"H26*G26","v":{"v":119,"d":"R 119.00"}}]
{"$rows_empty":19}
["Sub  Total",{"$nulls":7},{"$f":"SUM(I25:I45)","v":{"v":193.4,"d":"R 193.40"}}]
["Mark - Up 15%",{"$nulls":7},{"$f":"ROUND((I46*0.15),2)","v":{"v":29.01,"d":"R 29.01"}}]
["SUb  Total  B",{"$nulls":7},{"$f":"I46+I47","v":{"v":222.41,"d":"R 222.41"}}]
["LABOUR"]
["Item 3"," (Normal Rate)",null,null,"Unit",null,"Quantity","Rate","Amount"]
[1,"Techinician",null,null,"HRS",null,null,{"v":450,"d":"R450.00"},{"$f":"SUM(G51*H51)","v":0}]
[2," Senior Artisan  ",null,null,"HRS",null,null,{"v":350,"d":"R350.00"},{"$f":"SUM(G52*H52)","v":0}]
[3,"Artisan  (Trade Tested)",null,null,"HRS",null,6,{"v":300,"d":"R300.00"},{"v":1800,"d":"R 1,800.00"}]
[4,"Utility Man (Non - Trade Tested)",null,null,"HRS",null,null,{"v":200,"d":"R200.00"},0]
[5,"Artisan  Aid",null,null,"HRS",null,6,{"v":200,"d":"R200.00"},{"v":1200,"d":"R 1,200.00"}]
[6,"General Worker   ",null,null,"HRS",null,null,{"v":140,"d":"R140.00"},0]
[]
[]
[]
["Sub Total C",{"$nulls":7},{"$f":"SUM(I51:I59)","v":{"v":3000,"d":"R 3,000.00"}}]
["TRANSPORT"]
["Item 4","Destinantion",null,null,"No of Trips",null,"KMs","Rate","Amount"]
[1,"Office to Jose Pearson Hospital and back",null,null,2,null,113.2,{"v":5,"d":"R 5.00"},{"$f":"H63*G63","v":{"v":566,"d":"R 566.00"}}]
[]
["Sub Total D",{"$nulls":7},{"$f":"SUM(I63:I64)","v":{"v":566,"d":"R 566.00"}}]
[]
[{"$nulls":6}," Sub Total (A+B+C+D)",null,{"$f":"I65+I60+I48","v":{"v":3788.41,"d":"R 3,788.41"}}]
[]
[{"$nulls":6},"Sub Total",null,{"$f":"I67+I68","v":{"v":3788.41,"d":"R 3,788.41"}}]

{"sheet":"Motherwell Hospital (93)","index":119,"n_rows":69,"n_cols":13,"rows_kept":69,"hidden":true,"merged":[[8,0,8,4],[8,5,8,6],[8,7,8,8],[9,5,9,6],[9,7,9,8],[10,5,10,6],[10,7,10,8],[11,5,11,6],[11,7,11,8],[12,7,12,8],[13,5,13,6],[13,7,13,8],[14,5,14,6],[14,7,14,8],[15,0,15,8],[16,0,16,8],[17,1,17,3],[18,1,18,3],[19,1,19,3],[20,1,20,3],[21,0,21,7],[22,0,22,8],[23,1,23,5],[24,1,24,5],[25,1,25,5],[26,1,26,5],[27,1,27,5],[28,1,28,5],[29,1,29,5],[30,1,30,5],[31,1,31,5],[32,1,32,5],[33,1,33,5],[34,1,34,5],[35,1,35,5],[36,1,36,5],[37,1,37,5],[38,1,38,5],[39,1,39,5],[40,1,40,5],[41,1,41,5],[42,1,42,5],[43,1,43,5],[44,1,44,5],[45,0,45,7],[46,0,46,7],[47,0,47,7],[48,0,48,8],[49,1,49,3],[49,4,49,5],[50,1,50,3],[50,4,50,5],[51,1,51,3],[51,4,51,5],[52,1,52,3],[52,4,52,5],[53,1,53,3],[53,4,53,5],[54,1,54,3],[54,4,54,5],[55,1,55,3],[55,4,55,5],[56,1,56,3],[57,1,57,3],[58,1,58,3],[59,0,59,7],[60,0,60,8],[61,1,61,3],[61,4,61,5],[62,1,62,3],[62,4,62,5],[63,1,63,3],[63,4,63,5],[64,0,64,7],[66,0,66,1],[66,2,66,4],[66,6,66,7],[67,0,67,1],[67,2,67,4],[68,0,68,1],[68,2,68,4],[68,6,68,7],[69,2,69,5]]}
{"$rows_empty":8}
["QUOTE TO :",{"$nulls":4},"Qoute No           ",null,{"$f":"#REF!","v":{"$error":"#REF!"}}]
["Department of Health",{"$nulls":4},"Date                   ",null,{"$f":"#REF!","v":{"$error":"#REF!"}}]
["717 Dukumbana Building",{"$nulls":4},"Facility              ",null,{"$f":"#REF!","v":{"$error":"#REF!"}}]
["Independent Avenue",{"$nulls":4},"Work Order     ",null,{"$f":"#REF!","v":{"$error":"#REF!"}}]
["Bhisho",{"$nulls":4},"Tender No       ",null,"SCMU3 - 17/18-0303 - HO"]
[{"$nulls":5},"Contract Term ",null,"24 MONTHS",{"$nulls":4}," "]
[{"$nulls":5},"GEN ID",null,"GEN/NMM/JOS/01"]
["WORK  REQUEST : Generator is faulty."]
["SCHEDULED WORK"]
["Item 1","Description",null,null,"Unit","Sch No","Quantity","Rate","Amount"]
[]
[]
[]
["Sub Total A"]
["NON SCHEDULED WORK"]
["Item 2","Description",{"$nulls":4},"Quantity","Rate","Amount"]
[1,"Pump",{"$nulls":4},1,{"v":1100,"d":"R1,100.00"},{"$f":"H25*G25","v":{"v":1100,"d":"R 1,100.00"}}]
{"$rows_empty":20}
["Sub  Total",{"$nulls":7},{"$f":"SUM(I25:I45)","v":{"v":1100,"d":"R 1,100.00"}}]
["Mark - Up 15%",{"$nulls":7},{"$f":"ROUND((I46*0.15),2)","v":{"v":165,"d":"R 165.00"}}]
["SUb  Total  B",{"$nulls":7},{"$f":"I46+I47","v":{"v":1265,"d":"R 1,265.00"}}]
["LABOUR"]
["Item 3"," (Normal Rate)",null,null,"Unit",null,"Quantity","Rate","Amount"]
[1,"Techinician",null,null,"HRS",null,null,{"v":450,"d":"R450.00"},{"$f":"SUM(G51*H51)","v":0}]
[2," Senior Artisan  ",null,null,"HRS",null,null,{"v":350,"d":"R350.00"},{"$f":"SUM(G52*H52)","v":0}]
[3,"Artisan  (Trade Tested)",null,null,"HRS",null,6,{"v":300,"d":"R300.00"},{"v":1800,"d":"R 1,800.00"}]
[4,"Utility Man (Non - Trade Tested)",null,null,"HRS",null,null,{"v":200,"d":"R200.00"},0]
[5,"Artisan  Aid",null,null,"HRS",null,6,{"v":200,"d":"R200.00"},{"v":1200,"d":"R 1,200.00"}]
[6,"General Worker   (3)",null,null,"HRS",null,null,{"v":140,"d":"R140.00"},0]
[]
[]
[]
["Sub Total C",{"$nulls":7},{"$f":"SUM(I51:I59)","v":{"v":3000,"d":"R 3,000.00"}}]
["TRANSPORT"]
["Item 4","Destinantion",null,null,"No of Trips",null,"KMs","Rate","Amount"]
[1,"Office to Motherwell Hospital and back",null,null,2,null,130,{"v":5,"d":"R 5.00"},{"$f":"H63*G63","v":{"v":650,"d":"R 650.00"}}]
[]
["Sub Total D",{"$nulls":7},{"$f":"SUM(I63:I64)","v":{"v":650,"d":"R 650.00"}}]
[]
[{"$nulls":6}," Sub Total (A+B+C+D)",null,{"$f":"I65+I60+I48","v":{"v":4915,"d":"R 4,915.00"}}]
[]
[{"$nulls":6},"Sub Total",null,{"$f":"I67+I68","v":{"v":4915,"d":"R 4,915.00"}}]

{"sheet":"West End chc (94)","index":120,"n_rows":69,"n_cols":13,"rows_kept":69,"hidden":true,"merged":[[8,0,8,4],[8,5,8,6],[8,7,8,8],[9,5,9,6],[9,7,9,8],[10,5,10,6],[10,7,10,8],[11,5,11,6],[11,7,11,8],[12,7,12,8],[13,5,13,6],[13,7,13,8],[14,5,14,6],[14,7,14,8],[15,0,15,8],[16,0,16,8],[17,1,17,3],[18,1,18,3],[19,1,19,3],[20,1,20,3],[21,0,21,7],[22,0,22,8],[23,1,23,5],[24,1,24,5],[25,1,25,5],[26,1,26,5],[27,1,27,5],[28,1,28,5],[29,1,29,5],[30,1,30,5],[31,1,31,5],[32,1,32,5],[33,1,33,5],[34,1,34,5],[35,1,35,5],[36,1,36,5],[37,1,37,5],[38,1,38,5],[39,1,39,5],[40,1,40,5],[41,1,41,5],[42,1,42,5],[43,1,43,5],[44,1,44,5],[45,0,45,7],[46,0,46,7],[47,0,47,7],[48,0,48,8],[49,1,49,3],[49,4,49,5],[50,1,50,3],[50,4,50,5],[51,1,51,3],[51,4,51,5],[52,1,52,3],[52,4,52,5],[53,1,53,3],[53,4,53,5],[54,1,54,3],[54,4,54,5],[55,1,55,3],[55,4,55,5],[56,1,56,3],[57,1,57,3],[58,1,58,3],[59,0,59,7],[60,0,60,8],[61,1,61,3],[61,4,61,5],[62,1,62,3],[62,4,62,5],[63,1,63,3],[63,4,63,5],[64,0,64,7],[66,0,66,1],[66,2,66,4],[66,6,66,7],[67,0,67,1],[67,2,67,4],[68,0,68,1],[68,2,68,4],[68,6,68,7],[69,2,69,5]]}
{"$rows_empty":8}
["QUOTE TO :",{"$nulls":4},"Qoute No           ",null,{"$f":"#REF!","v":{"$error":"#REF!"}}]
["Department of Health",{"$nulls":4},"Date                   ",null,{"$f":"#REF!","v":{"$error":"#REF!"}}]
["717 Dukumbana Building",{"$nulls":4},"Facility              ",null,{"$f":"#REF!","v":{"$error":"#REF!"}}]
["Independent Avenue",{"$nulls":4},"Work Order     ",null,{"$f":"#REF!","v":{"$error":"#REF!"}}]
["Bhisho",{"$nulls":4},"Tender No       ",null,"SCMU3 - 17/18-0303 - HO"]
[{"$nulls":5},"Contract Term ",null,"24 MONTHS",{"$nulls":4}," "]
[{"$nulls":5},"GEN ID",null,"GEN/NMM/WES/01"]
["WORK  REQUEST : Faulty generator"]
["SCHEDULED WORK"]
["Item 1","Description",null,null,"Unit","Sch No","Quantity","Rate","Amount"]
[]
[]
[]
["Sub Total A"]
["NON SCHEDULED WORK"]
["Item 2","Description",{"$nulls":4},"Quantity","Rate","Amount"]
[1,"Relay",{"$nulls":4},2,{"v":32.4,"d":"R32.40"},{"$f":"H25*G25","v":{"v":64.8,"d":"R 64.80"}}]
[2,"Blue piggy",{"$nulls":4},2,{"v":13.41,"d":"R13.41"},{"$f":"H26*G26","v":{"v":26.82,"d":"R 26.82"}}]
{"$rows_empty":19}
["Sub  Total",{"$nulls":7},{"$f":"SUM(I25:I45)","v":{"v":91.62,"d":"R 91.62"}}]
["Mark - Up 15%",{"$nulls":7},{"$f":"ROUND((I46*0.15),2)","v":{"v":13.74,"d":"R 13.74"}}]
["SUb  Total  B",{"$nulls":7},{"$f":"I46+I47","v":{"v":105.36,"d":"R 105.36"}}]
["LABOUR"]
["Item 3"," (Normal Rate)",null,null,"Unit",null,"Quantity","Rate","Amount"]
[1,"Techinician",null,null,"HRS",null,null,{"v":450,"d":"R450.00"},{"$f":"SUM(G51*H51)","v":0}]
[2," Senior Artisan  ",null,null,"HRS",null,null,{"v":350,"d":"R350.00"},{"$f":"SUM(G52*H52)","v":0}]
[3,"Artisan  (Trade Tested)",null,null,"HRS",null,2,{"v":300,"d":"R300.00"},{"v":600,"d":"R 600.00"}]
[4,"Utility Man (Non - Trade Tested)",null,null,"HRS",null,null,{"v":200,"d":"R200.00"},0]
[5,"Artisan  Aid",null,null,"HRS",null,2,{"v":200,"d":"R200.00"},{"v":400,"d":"R 400.00"}]
[6,"General Worker   ",null,null,"HRS",null,null,{"v":140,"d":"R140.00"},0]
[]
[]
[]
["Sub Total C",{"$nulls":7},{"$f":"SUM(I51:I59)","v":{"v":1000,"d":"R 1,000.00"}}]
["TRANSPORT"]
["Item 4","Destinantion",null,null,"No of Trips",null,"KMs","Rate","Amount"]
[1,"Office to West End chc and back",null,null,1,null,35,{"v":5,"d":"R 5.00"},{"$f":"H63*G63","v":{"v":175,"d":"R 175.00"}}]
[]
["Sub Total D",{"$nulls":7},{"$f":"SUM(I63:I64)","v":{"v":175,"d":"R 175.00"}}]
[]
[{"$nulls":6}," Sub Total (A+B+C+D)",null,{"$f":"I65+I60+I48","v":{"v":1280.36,"d":"R 1,280.36"}}]
[]
[{"$nulls":6},"Sub Total",null,{"$f":"I67+I68","v":{"v":1280.36,"d":"R 1,280.36"}}]

{"sheet":"Qoutation ","index":121,"n_rows":75,"n_cols":18,"rows_kept":75,"hidden":true,"merged":[[8,0,8,4],[8,5,8,6],[8,7,8,8],[9,5,9,6],[9,7,9,8],[10,5,10,6],[10,7,10,8],[11,5,11,6],[11,7,11,8],[12,7,12,8],[13,5,13,6],[13,7,13,8],[14,5,14,6],[14,7,14,8],[15,0,15,8],[16,0,16,8],[17,1,17,3],[18,1,18,3],[19,1,19,3],[20,0,20,7],[21,0,21,8],[22,1,22,5],[23,1,23,5],[24,1,24,5],[25,1,25,5],[26,1,26,5],[27,1,27,5],[28,1,28,5],[29,1,29,5],[30,1,30,5],[31,1,31,5],[32,1,32,5],[33,1,33,5],[34,1,34,5],[35,1,35,5],[36,1,36,5],[37,1,37,5],[38,1,38,5],[39,0,39,7],[40,0,40,7],[41,0,41,7],[42,0,42,8],[43,1,43,3],[43,4,43,5],[44,1,44,3],[44,4,44,5],[45,1,45,3],[45,4,45,5],[46,1,46,3],[46,4,46,5],[47,1,47,3],[47,4,47,5],[48,1,48,3],[48,4,48,5],[49,1,49,3],[49,4,49,5],[50,1,50,7],[51,1,51,3],[51,4,51,5],[52,1,52,3],[52,4,52,5],[53,1,53,3],[53,4,53,5],[54,1,54,3],[54,4,54,5],[55,1,55,3],[55,4,55,5],[56,1,56,3],[56,4,56,5],[57,1,57,7],[58,1,58,3],[58,4,58,5],[59,1,59,3],[59,4,59,5],[60,1,60,3],[60,4,60,5],[61,1,61,3],[61,4,61,5],[62,1,62,3],[62,4,62,5],[63,1,63,3],[63,4,63,5],[64,1,64,6],[65,0,65,7],[66,0,66,8],[67,1,67,3],[67,4,67,5],[68,1,68,3],[68,4,68,5],[69,1,69,3],[69,4,69,5],[70,0,70,7],[72,0,72,1],[72,2,72,4],[72,6,72,7],[73,0,73,1],[73,2,73,4],[74,0,74,1],[74,2,74,4],[74,6,74,7],[75,2,75,5]]}
{"$rows_empty":8}
["QUOTE TO :",{"$nulls":4},"Qoute No           ",null,96]
["Department of Health",{"$nulls":4},"Date                   ",null,"2021-08-01"]
["717 Dukumbana Building",{"$nulls":4},"Facility              ",null,{"$f":"#REF!","v":{"$error":"#REF!"}}]
["Independent Avenue",{"$nulls":4},"Work Order     ",null,"ECDOH   "]
["Bhisho",{"$nulls":4},"Tender No       ",null,"SCMU3 - 17/18-0303 - HO"]
[{"$nulls":5},"Contract Term ",null,"24 MONTHS",{"$nulls":4}," "]
[{"$nulls":5},"GEN ID",null,"GEN/NMM/UIT/01"]
["WORK  REQUEST : Coolant is leaking from the generator"]
["SCHEDULED WORK"]
["Item 1","Description",null,null,"Unit","Sch No","Quantity","Rate","Amount"]
[]
[]
["Sub Total A"]
["NON SCHEDULED WORK"]
["Item 2","Description",{"$nulls":4},"Quantity","Rate","Amount"]
[1,"NO.6 COOLER",{"$nulls":4},1,{"v":925,"d":"R925.00"},{"$f":"H24*G24","v":{"v":925,"d":"R 925.00"}}]
[2,"MANIFOLD",{"$nulls":4},1,{"v":155,"d":"R155.00"},{"$f":"H25*G25","v":{"v":155,"d":"R 155.00"}}]
[3,"NO.2 TURBO",{"$nulls":4},4,{"v":155,"d":"R155.00"},{"$f":"H26*G26","v":{"v":620,"d":"R 620.00"}}]
[4,"NO.24 TURBO",{"$nulls":4},2,{"v":210,"d":"R210.00"},{"v":420,"d":"R 420.00"}]
[5,"NO.29 TURBO",{"$nulls":4},2,{"v":185,"d":"R185.00"},{"v":370,"d":"R 370.00"}]
[6,"NO.2 GASKET INTAKE TURBO ",{"$nulls":4},4,{"v":165,"d":"R165.00"},{"v":660,"d":"R 660.00"}]
[7,"NO.3 STUD INTAKE",{"$nulls":4},2,{"v":155,"d":"R155.00"},{"v":310,"d":"R 310.00"}]
[8,"NO.13 EXHAUST GASKET",{"$nulls":4},1,{"v":155,"d":"R155.00"},{"v":155,"d":"R 155.00"}]
[9,"NO.7 FLANGE NUT",{"$nulls":4},4,{"v":395,"d":"R395.00"},{"v":1580,"d":"R 1,580.00"}]
[10,"NO11 SEALING KIT",{"$nulls":4},2,{"v":845,"d":"R845.00"},{"v":1690,"d":"R 1,690.00"}]
[11,"NO.12 SEALING RING",{"$nulls":4},2,{"v":285,"d":"R285.00"},{"v":570,"d":"R 570.00"}]
[12,"NO.14 MANIFOLD GASKET",{"$nulls":4},6,{"v":235,"d":"R235.00"},{"v":1410,"d":"R 1,410.00"}]
[13,"NO.15 MANIFOLD SPACER",{"$nulls":4},24,{"v":101,"d":"R101.00"},{"v":2424,"d":"R 2,424.00"}]
[14,"NO.16 MANIFOLD STUD",{"$nulls":4},24,{"v":75,"d":"R75.00"},{"$f":"H37*G37","v":{"v":1800,"d":"R 1,800.00"}},{"$nulls":5}," ",null,null," "]
[15,"ANTIFREEZE 20L",{"$nulls":4},1,{"v":983.4,"d":"R983.40"},{"$f":"H38*G38","v":{"v":983.4,"d":"R 983.40"}}]
[]
["Sub  Total",{"$nulls":7},{"$f":"SUM(I24:I39)","v":{"v":14072.4,"d":"R 14,072.40"}}]
["Mark - Up 15%",{"$nulls":7},{"$f":"ROUND((I40*0.15),2)","v":{"v":2110.86,"d":"R 2,110.86"}}]
["SUb  Total  B",{"$nulls":7},{"$f":"I40+I41","v":{"v":16183.26,"d":"R 16,183.26"}}]
["LABOUR"]
["Item 3"," (Normal Rate)",null,null,"Unit",null,"Quantity","Rate","Amount"]
[1,"Techinician",null,null,"HRS",null,10,{"v":450,"d":"R450.00"},{"$f":"SUM(G45*H45)","v":{"v":4500,"d":"R 4,500.00"}}]
[2," Senior Artisan  ",null,null,"HRS",null,null,{"v":350,"d":"R350.00"},{"$f":"SUM(G46*H46)","v":0}]
[3,"Artisan  (Trade Tested)",null,null,"HRS",null,null,{"v":300,"d":"R300.00"},0]
[4,"Utility Man (Non - Trade Tested)",null,null,"HRS",null,null,{"v":200,"d":"R200.00"},0]
[5,"Artisan  Aid",null,null,"HRS",null,10,{"v":200,"d":"R200.00"},{"v":2000,"d":"R 2,000.00"}]
[6,"General Worker   ",null,null,"HRS",null,null,{"v":140,"d":"R140.00"},0]
[null,"(Overtime 1.5)",{"$nulls":6},{"$f":"SUM(I45:I50)","v":{"v":6500,"d":"R 6,500.00"}}]
[1,"Techinician",null,null,"HRS",null,null,{"v":675,"d":"R675.00"},{"$f":"SUM(G52*H52)","v":0}]
[2," Senior Artisan  ",null,null,"HRS",null,null,{"v":525,"d":"R525.00"},{"$f":"SUM(G53*H53)","v":0}]
[3,"Artisan  (Trade Tested)",null,null,"HRS",null,null,{"v":450,"d":"R450.00"},0]
[4,"Utility Man (Non - Trade Tested)",null,null,"HRS",null,null,{"v":300,"d":"R300.00"},0]
[5,"Artisan  Aid",null,null,"HRS",null,null,{"v":300,"d":"R300.00"},0]
[6,"General Worker   (3)",null,null,"HRS",null,null,{"v":210,"d":"R210.00"},0]
[null,"(Overtime 2)",{"$nulls":6},{"$f":"SUM(I52:I57)","v":0}]
[1,"Techinician",null,null,"HRS",null,null,{"v":900,"d":"R900.00"},{"$f":"SUM(G59*H59)","v":0}]
[2," Senior Artisan  ",null,null,"HRS",null,null,{"v":700,"d":"R700.00"},{"$f":"SUM(G60*H60)","v":0}]
[3,"Artisan  (Trade Tested)",null,null,"HRS",null,null,{"v":600,"d":"R600.00"},0]
[4,"Utility Man (Non - Trade Tested)",null,null,"HRS",null,null,{"v":400,"d":"R400.00"},0]
[5,"Artisan  Aid",null,null,"HRS",null,null,{"v":400,"d":"R400.00"},0]
[6,"General Worker   (3)",null,null,"HRS",null,null,{"v":280,"d":"R280.00"},0]
[{"$nulls":8},{"$f":"SUM(I59:I64)","v":0}]
["Sub Total C"]
["TRANSPORT"]
["Item 4","Destinantion",null,null,"No of Trips",null,"KMs","Rate","Amount"]
[1,"Office to Uitenhage Hospital  and back",null,null,3,null,250.8,{"v":5,"d":"R 5.00"},{"$f":"H69*G69","v":{"v":1254,"d":"R 1,254.00"}}]
[]
["Sub Total D",{"$nulls":7},{"$f":"SUM(I69:I70)","v":{"v":1254,"d":"R 1,254.00"}}]
[]
[{"$nulls":6}," Sub Total (A+B+C+D)",null,{"$f":"I71+I65+I58+I51+I42+I21","v":{"v":23937.260000000002,"d":"R 23,937.26"}}]
[]
[{"$nulls":6},"Sub Total",null,{"$f":"I73+I74","v":{"v":23937.260000000002,"d":"R 23,937.26"}}]

{"sheet":"Jose Pearson Hospital (95)","index":122,"n_rows":69,"n_cols":13,"rows_kept":69,"hidden":true,"merged":[[8,0,8,4],[8,5,8,6],[8,7,8,8],[9,5,9,6],[9,7,9,8],[10,5,10,6],[10,7,10,8],[11,5,11,6],[11,7,11,8],[12,7,12,8],[13,5,13,6],[13,7,13,8],[14,5,14,6],[14,7,14,8],[15,0,15,8],[16,0,16,8],[17,1,17,3],[18,1,18,3],[19,1,19,3],[20,1,20,3],[21,0,21,7],[22,0,22,8],[23,1,23,5],[24,1,24,5],[25,1,25,5],[26,1,26,5],[27,1,27,5],[28,1,28,5],[29,1,29,5],[30,1,30,5],[31,1,31,5],[32,1,32,5],[33,1,33,5],[34,1,34,5],[35,1,35,5],[36,1,36,5],[37,1,37,5],[38,1,38,5],[39,1,39,5],[40,1,40,5],[41,1,41,5],[42,1,42,5],[43,1,43,5],[44,1,44,5],[45,0,45,7],[46,0,46,7],[47,0,47,7],[48,0,48,8],[49,1,49,3],[49,4,49,5],[50,1,50,3],[50,4,50,5],[51,1,51,3],[51,4,51,5],[52,1,52,3],[52,4,52,5],[53,1,53,3],[53,4,53,5],[54,1,54,3],[54,4,54,5],[55,1,55,3],[55,4,55,5],[56,1,56,3],[57,1,57,3],[58,1,58,3],[59,0,59,7],[60,0,60,8],[61,1,61,3],[61,4,61,5],[62,1,62,3],[62,4,62,5],[63,1,63,3],[63,4,63,5],[64,0,64,7],[66,0,66,1],[66,2,66,4],[66,6,66,7],[67,0,67,1],[67,2,67,4],[68,0,68,1],[68,2,68,4],[68,6,68,7],[69,2,69,5]]}
{"$rows_empty":8}
["QUOTE TO :",{"$nulls":4},"Qoute No           ",null,{"$f":"#REF!","v":{"$error":"#REF!"}}]
["Department of Health",{"$nulls":4},"Date                   ",null,{"$f":"#REF!","v":{"$error":"#REF!"}}]
["717 Dukumbana Building",{"$nulls":4},"Facility              ",null,{"$f":"#REF!","v":{"$error":"#REF!"}}]
["Independent Avenue",{"$nulls":4},"Work Order     ",null,{"$f":"#REF!","v":{"$error":"#REF!"}}]
["Bhisho",{"$nulls":4},"Tender No       ",null,"SCMU3 - 17/18-0303 - HO"]
[{"$nulls":5},"Contract Term ",null,"24 MONTHS",{"$nulls":4}," "]
[{"$nulls":5},"GEN ID",null,"GEN/NMM/JOS/01"]
["WORK  REQUEST : Generator is faulty."]
["SCHEDULED WORK"]
["Item 1","Description",null,null,"Unit","Sch No","Quantity","Rate","Amount"]
[]
[]
[]
["Sub Total A"]
["NON SCHEDULED WORK"]
["Item 2","Description",{"$nulls":4},"Quantity","Rate","Amount"]
{"$rows_empty":21}
["Sub  Total",{"$nulls":7},{"$f":"SUM(I25:I45)","v":0}]
["Mark - Up 15%",{"$nulls":7},{"$f":"ROUND((I46*0.15),2)","v":0}]
["SUb  Total  B",{"$nulls":7},{"$f":"I46+I47","v":0}]
["LABOUR"]
["Item 3"," (Normal Rate)",null,null,"Unit",null,"Quantity","Rate","Amount"]
[1,"Techinician",null,null,"HRS",null,null,{"v":450,"d":"R450.00"},{"$f":"SUM(G51*H51)","v":0}]
[2," Senior Artisan  ",null,null,"HRS",null,null,{"v":350,"d":"R350.00"},{"$f":"SUM(G52*H52)","v":0}]
[3,"Artisan  (Trade Tested)",null,null,"HRS",null,1,{"v":300,"d":"R300.00"},{"v":300,"d":"R 300.00"}]
[4,"Utility Man (Non - Trade Tested)",null,null,"HRS",null,null,{"v":200,"d":"R200.00"},0]
[5,"Artisan  Aid",null,null,"HRS",null,1,{"v":200,"d":"R200.00"},{"v":200,"d":"R 200.00"}]
[6,"General Worker   ",null,null,"HRS",null,null,{"v":140,"d":"R140.00"},0]
[]
[]
[]
["Sub Total C",{"$nulls":7},{"$f":"SUM(I51:I59)","v":{"v":500,"d":"R 500.00"}}]
["TRANSPORT"]
["Item 4","Destinantion",null,null,"No of Trips",null,"KMs","Rate","Amount"]
[1,"Office to Jose Pearson Hospital and back",null,null,1,null,56.6,{"v":5,"d":"R 5.00"},{"$f":"H63*G63","v":{"v":283,"d":"R 283.00"}}]
[]
["Sub Total D",{"$nulls":7},{"$f":"SUM(I63:I64)","v":{"v":283,"d":"R 283.00"}}]
[]
[{"$nulls":6}," Sub Total (A+B+C+D)",null,{"$f":"I65+I60+I48","v":{"v":783,"d":"R 783.00"}}]
[]
[{"$nulls":6},"Sub Total",null,{"$f":"I67+I68","v":{"v":783,"d":"R 783.00"}}]

{"sheet":"Qoutation Jose Pearson","index":123,"n_rows":81,"n_cols":14,"rows_kept":81,"hidden":true,"merged":[[8,0,8,4],[8,5,8,6],[8,7,8,8],[9,5,9,6],[9,7,9,8],[10,5,10,6],[10,7,10,8],[11,5,11,6],[11,7,11,8],[12,7,12,8],[13,5,13,6],[13,7,13,8],[14,5,14,6],[14,7,14,8],[15,0,15,8],[16,0,16,8],[17,1,17,3],[18,1,18,3],[19,1,19,3],[20,1,20,3],[21,0,21,7],[22,0,22,8],[23,1,23,5],[24,1,24,5],[25,1,25,5],[26,1,26,5],[27,1,27,5],[28,1,28,5],[29,1,29,5],[30,1,30,5],[31,1,31,5],[32,1,32,5],[33,1,33,5],[34,1,34,5],[35,1,35,5],[36,1,36,5],[37,1,37,5],[38,1,38,5],[39,1,39,5],[40,1,40,5],[41,1,41,5],[42,1,42,5],[43,1,43,5],[44,1,44,5],[45,0,45,7],[46,0,46,7],[47,0,47,7],[48,0,48,8],[49,1,49,3],[49,4,49,5],[50,1,50,3],[50,4,50,5],[51,1,51,3],[51,4,51,5],[52,1,52,3],[52,4,52,5],[53,1,53,3],[53,4,53,5],[54,1,54,3],[54,4,54,5],[55,1,55,3],[55,4,55,5],[56,1,56,7],[57,1,57,3],[57,4,57,5],[58,1,58,3],[58,4,58,5],[59,1,59,3],[59,4,59,5],[60,1,60,3],[60,4,60,5],[61,1,61,3],[61,4,61,5],[62,1,62,3],[62,4,62,5],[63,1,63,7],[64,1,64,3],[64,4,64,5],[65,1,65,3],[65,4,65,5],[66,1,66,3],[66,4,66,5],[67,1,67,3],[67,4,67,5],[68,1,68,3],[68,4,68,5],[69,1,69,3],[69,4,69,5],[70,1,70,6],[71,0,71,7],[72,0,72,8],[73,1,73,3],[73,4,73,5],[74,1,74,3],[74,4,74,5],[75,1,75,3],[75,4,75,5],[76,0,76,7],[78,0,78,1],[78,2,78,4],[78,6,78,7],[79,0,79,1],[79,2,79,4],[80,0,80,1],[80,2,80,4],[80,6,80,7],[81,2,81,5]]}
{"$rows_empty":8}
["QUOTE TO :",{"$nulls":4},"Qoute No           ",null,{"$f":"#REF!","v":{"$error":"#REF!"}}]
["Department of Health",{"$nulls":4},"Date                   ",null,"2021-09-10"]
["717 Dukumbana Building",{"$nulls":4},"Facility              ",null,{"$f":"#REF!","v":{"$error":"#REF!"}}]
["Independent Avenue",{"$nulls":4},"Work Order     ",null,"ECDOH  027760"]
["Bhisho",{"$nulls":4},"Tender No       ",null,"SCMU3 - 17/18-0303 - HO"]
[{"$nulls":5},"Contract Term ",null,"24 MONTHS",{"$nulls":4}," "]
[{"$nulls":5},"GEN ID",null,"GEN/NMM/JOS/01"]
["WORK  REQUEST : Faulty generator cuts off ,hospital has no electricity"]
["SCHEDULED WORK"]
["Item 1","Description",null,null,"Unit","Sch No","Quantity","Rate","Amount"]
[]
[]
[]
["Sub Total A"]
["NON SCHEDULED WORK"]
["Item 2","Description",{"$nulls":4},"Quantity","Rate","Amount"]
[1,"Fuel regulater",{"$nulls":4},1,{"v":28000,"d":"R28,000.00"},{"$f":"H25*G25","v":{"v":28000,"d":"R 28,000.00"}}]
[2,"AVR SX 440",{"$nulls":4},1,{"v":1950,"d":"R1,950.00"},{"$f":"H26*G26","v":{"v":1950,"d":"R 1,950.00"}}]
[3]
[]
[]
[]
[]
[]
[]
[{"$nulls":13}," "]
{"$rows_empty":11}
["Sub  Total",{"$nulls":7},{"$f":"SUM(I25:I45)","v":{"v":29950,"d":"R 29,950.00"}}]
["Mark - Up 15%",{"$nulls":7},{"$f":"ROUND((I46*0.15),2)","v":{"v":4492.5,"d":"R 4,492.50"}}]
["SUb  Total  B",{"$nulls":7},{"$f":"I46+I47","v":{"v":34442.5,"d":"R 34,442.50"}}]
["LABOUR"]
["Item 3"," (Normal Rate)",null,null,"Unit",null,"Quantity","Rate","Amount"]
[1,"Techinician",null,null,"HRS",null,10,{"v":450,"d":"R450.00"},{"$f":"SUM(G51*H51)","v":{"v":4500,"d":"R 4,500.00"}}]
[2," Senior Artisan  ",null,null,"HRS",null,null,{"v":350,"d":"R350.00"},{"$f":"SUM(G52*H52)","v":0}]
[3,"Artisan  (Trade Tested)",null,null,"HRS",null,null,{"v":300,"d":"R300.00"},0,{"$nulls":4}," "]
[4,"Utility Man (Non - Trade Tested)",null,null,"HRS",null,null,{"v":200,"d":"R200.00"},0]
[5,"Artisan  Aid",null,null,"HRS",null,10,{"v":200,"d":"R200.00"},{"v":2000,"d":"R 2,000.00"}]
[6,"General Worker   ",null,null,"HRS",null,null,{"v":140,"d":"R140.00"},0]
[null,"(Overtime 1.5)",{"$nulls":6},{"$f":"SUM(I51:I56)","v":{"v":6500,"d":"R 6,500.00"}}]
[1,"Techinician",null,null,"HRS",null,null,{"v":675,"d":"R675.00"},{"$f":"SUM(G58*H58)","v":0}]
[2," Senior Artisan  ",null,null,"HRS",null,null,{"v":525,"d":"R525.00"},{"$f":"SUM(G59*H59)","v":0}]
[3,"Artisan  (Trade Tested)",null,null,"HRS",null,null,{"v":450,"d":"R450.00"},0]
[4,"Utility Man (Non - Trade Tested)",null,null,"HRS",null,null,{"v":300,"d":"R300.00"},0]
[5,"Artisan  Aid",null,null,"HRS",null,null,{"v":300,"d":"R300.00"},0]
[6,"General Worker   (3)",null,null,"HRS",null,null,{"v":210,"d":"R210.00"},0]
[null,"(Overtime 2)",{"$nulls":6},{"$f":"SUM(I58:I63)","v":0}]
[1,"Techinician",null,null,"HRS",null,null,{"v":900,"d":"R900.00"},{"$f":"SUM(G65*H65)","v":0}]
[2," Senior Artisan  ",null,null,"HRS",null,null,{"v":700,"d":"R700.00"},{"$f":"SUM(G66*H66)","v":0}]
[3,"Artisan  (Trade Tested)",null,null,"HRS",null,null,{"v":600,"d":"R600.00"},0]
[4,"Utility Man (Non - Trade Tested)",null,null,"HRS",null,null,{"v":400,"d":"R400.00"},0]
[5,"Artisan  Aid",null,null,"HRS",null,null,{"v":400,"d":"R400.00"},0]
[6,"General Worker   (3)",null,null,"HRS",null,null,{"v":280,"d":"R280.00"},0]
[{"$nulls":8},{"$f":"SUM(I65:I70)","v":0}]
["Sub Total C"]
["TRANSPORT"]
["Item 4","Destinantion",null,null,"No of Trips",null,"KMs","Rate","Amount"]
[1,"Office to Jose Pearson Hospital and back",null,null,3,null,169.8,{"v":5,"d":"R 5.00"},{"$f":"H75*G75","v":{"v":849,"d":"R 849.00"}}]
[]
["Sub Total D",{"$nulls":7},{"$f":"SUM(I75:I76)","v":{"v":849,"d":"R 849.00"}}]
[]
[{"$nulls":6}," Sub Total (A+B+C+D)",null,{"$f":"I77+I71+I64+I57+I48+I27","v":{"v":41791.5,"d":"R 41,791.50"}}]
[]
[{"$nulls":6},"Sub Total",null,{"$f":"I79+I80","v":{"v":41791.5,"d":"R 41,791.50"}}]

{"sheet":"Jose Pearson","index":124,"n_rows":70,"n_cols":14,"rows_kept":70,"hidden":true,"merged":[[8,0,8,4],[8,5,8,6],[8,7,8,8],[9,5,9,6],[9,7,9,8],[10,5,10,6],[10,7,10,8],[11,5,11,6],[11,7,11,8],[12,7,12,8],[13,5,13,6],[13,7,13,8],[14,5,14,6],[14,7,14,8],[15,0,15,8],[16,0,16,8],[17,1,17,3],[18,1,18,3],[19,1,19,3],[20,1,20,3],[21,0,21,7],[22,0,22,8],[23,1,23,5],[24,1,24,5],[25,1,25,5],[26,1,26,5],[27,1,27,5],[28,1,28,5],[29,1,29,5],[30,1,30,5],[31,1,31,5],[32,1,32,5],[33,1,33,5],[34,0,34,7],[35,0,35,7],[36,0,36,7],[37,0,37,8],[38,1,38,3],[38,4,38,5],[39,1,39,3],[39,4,39,5],[40,1,40,3],[40,4,40,5],[41,1,41,3],[41,4,41,5],[42,1,42,3],[42,4,42,5],[43,1,43,3],[43,4,43,5],[44,1,44,3],[44,4,44,5],[45,1,45,7],[46,1,46,3],[46,4,46,5],[47,1,47,3],[47,4,47,5],[48,1,48,3],[48,4,48,5],[49,1,49,3],[49,4,49,5],[50,1,50,3],[50,4,50,5],[51,1,51,3],[51,4,51,5],[52,1,52,7],[53,1,53,3],[53,4,53,5],[54,1,54,3],[54,4,54,5],[55,1,55,3],[55,4,55,5],[56,1,56,3],[56,4,56,5],[57,1,57,3],[57,4,57,5],[58,1,58,3],[58,4,58,5],[59,1,59,6],[60,0,60,7],[61,0,61,8],[62,1,62,3],[62,4,62,5],[63,1,63,3],[63,4,63,5],[64,1,64,3],[64,4,64,5],[65,0,65,7],[67,0,67,1],[67,2,67,4],[67,6,67,7],[68,0,68,1],[68,2,68,4],[69,0,69,1],[69,2,69,4],[69,6,69,7],[70,2,70,5]]}
{"$rows_empty":8}
["QUOTE TO :",{"$nulls":4},"Qoute No           ",null,{"$f":"#REF!","v":{"$error":"#REF!"}}]
["Department of Health",{"$nulls":4},"Date                   ",null,"2021-10-13"]
["717 Dukumbana Building",{"$nulls":4},"Facility              ",null,{"$f":"#REF!","v":{"$error":"#REF!"}}]
["Independent Avenue",{"$nulls":4},"Work Order     ",null,"ECDOH  029047"]
["Bhisho",{"$nulls":4},"Tender No       ",null,"SCMU3 - 17/18-0303 - HO"]
[{"$nulls":5},"Contract Term ",null,"24 MONTHS",{"$nulls":4}," "]
[{"$nulls":5},"GEN ID",null,"GEN/NMM/JOS/01"]
["WORK  REQUEST : Standby generator is faulty."]
["SCHEDULED WORK"]
["Item 1","Description",null,null,"Unit","Sch No","Quantity","Rate","Amount"]
[]
[]
[]
["Sub Total A"]
["NON SCHEDULED WORK"]
["Item 2","Description",{"$nulls":4},"Quantity","Rate","Amount"]
[1,"Motorised change over switch 400A",{"$nulls":4},1,{"v":39726.25,"d":"R39,726.25"},{"$f":"H25*G25","v":{"v":39726.25,"d":"R 39,726.25"}}]
{"$rows_empty":9}
["Sub  Total",{"$nulls":7},{"$f":"SUM(I25:I34)","v":{"v":39726.25,"d":"R 39,726.25"}}]
["Mark - Up 15%",{"$nulls":7},{"$f":"ROUND((I35*0.15),2)","v":{"v":5958.94,"d":"R 5,958.94"}}]
["SUb  Total  B",{"$nulls":7},{"$f":"I35+I36","v":{"v":45685.19,"d":"R 45,685.19"}}]
["LABOUR"]
["Item 3"," (Normal Rate)",null,null,"Unit",null,"Quantity","Rate","Amount"]
[1,"Techinician",null,null,"HRS",null,6,{"v":450,"d":"R450.00"},{"$f":"SUM(G40*H40)","v":{"v":2700,"d":"R 2,700.00"}}]
[2," Senior Artisan  ",null,null,"HRS",null,null,{"v":350,"d":"R350.00"},{"$f":"SUM(G41*H41)","v":0}]
[3,"Artisan  (Trade Tested)",null,null,"HRS",null,null,{"v":300,"d":"R300.00"},0,{"$nulls":4}," "]
[4,"Utility Man (Non - Trade Tested)",null,null,"HRS",null,6,{"v":200,"d":"R200.00"},{"v":1200,"d":"R 1,200.00"}]
[5,"Artisan  Aid",null,null,"HRS",null,null,{"v":200,"d":"R200.00"},0]
[6,"General Worker   ",null,null,"HRS",null,null,{"v":140,"d":"R140.00"},0]
[null,"(Overtime 1.5)",{"$nulls":6},{"$f":"SUM(I40:I45)","v":{"v":3900,"d":"R 3,900.00"}}]
[1,"Techinician",null,null,"HRS",null,null,{"v":675,"d":"R675.00"},{"$f":"SUM(G47*H47)","v":0}]
[2," Senior Artisan  ",null,null,"HRS",null,null,{"v":525,"d":"R525.00"},{"$f":"SUM(G48*H48)","v":0}]
[3,"Artisan  (Trade Tested)",null,null,"HRS",null,null,{"v":450,"d":"R450.00"},0]
[4,"Utility Man (Non - Trade Tested)",null,null,"HRS",null,null,{"v":300,"d":"R300.00"},0]
[5,"Artisan  Aid",null,null,"HRS",null,null,{"v":300,"d":"R300.00"},0]
[6,"General Worker   (3)",null,null,"HRS",null,null,{"v":210,"d":"R210.00"},0]
[null,"(Overtime 2)",{"$nulls":6},{"$f":"SUM(I47:I52)","v":0}]
[1,"Techinician",null,null,"HRS",null,null,{"v":900,"d":"R900.00"},{"$f":"SUM(G54*H54)","v":0}]
[2," Senior Artisan  ",null,null,"HRS",null,null,{"v":700,"d":"R700.00"},{"$f":"SUM(G55*H55)","v":0}]
[3,"Artisan  (Trade Tested)",null,null,"HRS",null,null,{"v":600,"d":"R600.00"},0]
[4,"Utility Man (Non - Trade Tested)",null,null,"HRS",null,null,{"v":400,"d":"R400.00"},0]
[5,"Artisan  Aid",null,null,"HRS",null,null,{"v":400,"d":"R400.00"},0]
[6,"General Worker   (3)",null,null,"HRS",null,null,{"v":280,"d":"R280.00"},0]
[{"$nulls":8},{"$f":"SUM(I54:I59)","v":0}]
["Sub Total C"]
["TRANSPORT"]
["Item 4","Destinantion",null,null,"No of Trips",null,"KMs","Rate","Amount"]
[1,"Office to Jose Pearson Hospital and back",null,null,2,null,113.2,{"v":5,"d":"R 5.00"},{"$f":"H64*G64","v":{"v":566,"d":"R 566.00"}}]
[]
["Sub Total D",{"$nulls":7},{"$f":"SUM(I64:I65)","v":{"v":566,"d":"R 566.00"}}]
[]
[{"$nulls":6}," Sub Total (A+B+C+D)",null,{"$f":"I66+I60+I53+I46+I37+I27","v":{"v":50151.19,"d":"R 50,151.19"}}]
[]
[{"$nulls":6},"Sub Total",null,{"$f":"I68+I69","v":{"v":50151.19,"d":"R 50,151.19"}}]

{"sheet":"Dora Ngiza (96)","index":125,"n_rows":70,"n_cols":14,"rows_kept":70,"hidden":true,"merged":[[8,0,8,4],[8,5,8,6],[8,7,8,8],[9,5,9,6],[9,7,9,8],[10,5,10,6],[10,7,10,8],[11,5,11,6],[11,7,11,8],[12,7,12,8],[13,5,13,6],[13,7,13,8],[14,5,14,6],[14,7,14,8],[15,0,15,8],[16,0,16,8],[17,1,17,3],[18,1,18,3],[19,1,19,3],[20,1,20,3],[21,0,21,7],[22,0,22,8],[23,1,23,5],[24,1,24,5],[25,1,25,5],[26,1,26,5],[27,1,27,5],[28,1,28,5],[29,1,29,5],[30,1,30,5],[31,1,31,5],[32,1,32,5],[33,1,33,5],[34,0,34,7],[35,0,35,7],[36,0,36,7],[37,0,37,8],[38,1,38,3],[38,4,38,5],[39,1,39,3],[39,4,39,5],[40,1,40,3],[40,4,40,5],[41,1,41,3],[41,4,41,5],[42,1,42,3],[42,4,42,5],[43,1,43,3],[43,4,43,5],[44,1,44,3],[44,4,44,5],[45,1,45,7],[46,1,46,3],[46,4,46,5],[47,1,47,3],[47,4,47,5],[48,1,48,3],[48,4,48,5],[49,1,49,3],[49,4,49,5],[50,1,50,3],[50,4,50,5],[51,1,51,3],[51,4,51,5],[52,1,52,7],[53,1,53,3],[53,4,53,5],[54,1,54,3],[54,4,54,5],[55,1,55,3],[55,4,55,5],[56,1,56,3],[56,4,56,5],[57,1,57,3],[57,4,57,5],[58,1,58,3],[58,4,58,5],[59,1,59,6],[60,0,60,7],[61,0,61,8],[62,1,62,3],[62,4,62,5],[63,1,63,3],[63,4,63,5],[64,1,64,3],[64,4,64,5],[65,0,65,7],[67,0,67,1],[67,2,67,4],[67,6,67,7],[68,0,68,1],[68,2,68,4],[69,0,69,1],[69,2,69,4],[69,6,69,7],[70,2,70,5]]}
{"$rows_empty":8}
["QUOTE TO :",{"$nulls":4},"Quote No           ",null,{"$f":"#REF!","v":{"$error":"#REF!"}}]
["Department of Health",{"$nulls":4},"Date                   ",null,{"$f":"#REF!","v":{"$error":"#REF!"}}]
["717 Dukumbana Building",{"$nulls":4},"Facility              ",null,{"$f":"#REF!","v":{"$error":"#REF!"}}]
["Independent Avenue",{"$nulls":4},"Work Order     ",null,"ECDOH  024023"]
["Bhisho",{"$nulls":4},"Tender No       ",null,"SCMU3 - 17/18-0303 - HO"]
[{"$nulls":5},"Contract Term ",null,"24 MONTHS",{"$nulls":4}," "]
[{"$nulls":5},"GEN ID",null,"GEN/NMM/DON/05"]
["WORK  REQUEST : Generator is  faulty (auto change over)"]
["SCHEDULED WORK"]
["Item 1","Description",null,null,"Unit","Sch No","Quantity","Rate","Amount"]
[]
[]
[]
["Sub Total A"]
["NON SCHEDULED WORK"]
["Item 2","Description",{"$nulls":4},"Quantity","Rate","Amount"]
[1,"Motorised change over switch ",{"$nulls":4},1,{"v":73115,"d":"R73,115.00"},{"$f":"H25*G25","v":{"v":73115,"d":"R 73,115.00"}}]
{"$rows_empty":9}
["Sub  Total",{"$nulls":7},{"$f":"SUM(I25:I34)","v":{"v":73115,"d":"R 73,115.00"}}]
["Mark - Up 15%",{"$nulls":7},{"$f":"ROUND((I35*0.15),2)","v":{"v":10967.25,"d":"R 10,967.25"}}]
["SUb  Total  B",{"$nulls":7},{"$f":"I35+I36","v":{"v":84082.25,"d":"R 84,082.25"}}]
["LABOUR"]
["Item 3"," (Normal Rate)",null,null,"Unit",null,"Quantity","Rate","Amount"]
[1,"Techinician",null,null,"HRS",null,11,{"v":450,"d":"R450.00"},{"$f":"SUM(G40*H40)","v":{"v":4950,"d":"R 4,950.00"}}]
[2," Senior Artisan  ",null,null,"HRS",null,null,{"v":350,"d":"R350.00"},{"$f":"SUM(G41*H41)","v":0}]
[3,"Artisan  (Trade Tested)",null,null,"HRS",null,null,{"v":300,"d":"R300.00"},0,{"$nulls":4}," "]
[4,"Utility Man (Non - Trade Tested)",null,null,"HRS",null,11,{"v":200,"d":"R200.00"},{"v":2200,"d":"R 2,200.00"}]
[5,"Artisan  Aid",null,null,"HRS",null,null,{"v":200,"d":"R200.00"},0]
[6,"General Worker   ",null,null,"HRS",null,null,{"v":140,"d":"R140.00"},0]
[null,"(Overtime 1.5)",{"$nulls":6},{"$f":"SUM(I40:I45)","v":{"v":7150,"d":"R 7,150.00"}}]
[1,"Techinician",null,null,"HRS",null,null,{"v":675,"d":"R675.00"},{"$f":"SUM(G47*H47)","v":0}]
[2," Senior Artisan  ",null,null,"HRS",null,null,{"v":525,"d":"R525.00"},{"$f":"SUM(G48*H48)","v":0}]
[3,"Artisan  (Trade Tested)",null,null,"HRS",null,null,{"v":450,"d":"R450.00"},0]
[4,"Utility Man (Non - Trade Tested)",null,null,"HRS",null,null,{"v":300,"d":"R300.00"},0]
[5,"Artisan  Aid",null,null,"HRS",null,null,{"v":300,"d":"R300.00"},0]
[6,"General Worker  ",null,null,"HRS",null,null,{"v":210,"d":"R210.00"},0]
[null,"(Overtime 2)",{"$nulls":6},{"$f":"SUM(I47:I52)","v":0}]
[1,"Techinician",null,null,"HRS",null,null,{"v":900,"d":"R900.00"},{"$f":"SUM(G54*H54)","v":0}]
[2," Senior Artisan  ",null,null,"HRS",null,null,{"v":700,"d":"R700.00"},{"$f":"SUM(G55*H55)","v":0}]
[3,"Artisan  (Trade Tested)",null,null,"HRS",null,null,{"v":600,"d":"R600.00"},0]
[4,"Utility Man (Non - Trade Tested)",null,null,"HRS",null,null,{"v":400,"d":"R400.00"},0]
[5,"Artisan  Aid",null,null,"HRS",null,null,{"v":400,"d":"R400.00"},0]
[6,"General Worker   ",null,null,"HRS",null,null,{"v":280,"d":"R280.00"},0]
[{"$nulls":8},{"$f":"SUM(I54:I59)","v":0}]
["Sub Total C"]
["TRANSPORT"]
["Item 4","Destinantion",null,null,"No of Trips",null,"KMs","Rate","Amount"]
[1,"Office to Dora Ngiza Hospital and back",null,null,2,null,66.4,{"v":5,"d":"R 5.00"},{"$f":"H64*G64","v":{"v":332,"d":"R 332.00"}}]
[]
["Sub Total D",{"$nulls":7},{"$f":"SUM(I64:I65)","v":{"v":332,"d":"R 332.00"}}]
[]
[{"$nulls":6}," Sub Total (A+B+C+D)",null,{"$f":"I66+I60+I53+I46+I37+I27","v":{"v":91564.25,"d":"R 91,564.25"}}]
[]
[{"$nulls":6},"Sub Total",null,{"$f":"I68+I69","v":{"v":91564.25,"d":"R 91,564.25"}}]

{"sheet":"Uitenhage Pro (97)","index":126,"n_rows":65,"n_cols":13,"rows_kept":65,"hidden":true,"merged":[[8,0,8,4],[8,5,8,6],[8,7,8,8],[9,5,9,6],[9,7,9,8],[10,5,10,6],[10,7,10,8],[11,5,11,6],[11,7,11,8],[12,7,12,8],[13,5,13,6],[13,7,13,8],[14,5,14,6],[14,7,14,8],[15,0,15,8],[16,0,16,8],[17,1,17,3],[18,1,18,3],[19,1,19,3],[20,0,20,7],[21,0,21,8],[22,1,22,5],[23,1,23,5],[24,1,24,5],[25,1,25,5],[26,1,26,5],[28,1,28,5],[29,0,29,7],[30,0,30,7],[31,0,31,7],[32,0,32,8],[33,1,33,3],[33,4,33,5],[34,1,34,3],[34,4,34,5],[35,1,35,3],[35,4,35,5],[36,1,36,3],[36,4,36,5],[37,1,37,3],[37,4,37,5],[38,1,38,3],[38,4,38,5],[39,1,39,3],[39,4,39,5],[40,1,40,7],[41,1,41,3],[41,4,41,5],[42,1,42,3],[42,4,42,5],[43,1,43,3],[43,4,43,5],[44,1,44,3],[44,4,44,5],[45,1,45,3],[45,4,45,5],[46,1,46,3],[46,4,46,5],[47,1,47,7],[48,1,48,3],[48,4,48,5],[49,1,49,3],[49,4,49,5],[50,1,50,3],[50,4,50,5],[51,1,51,3],[51,4,51,5],[52,1,52,3],[52,4,52,5],[53,1,53,3],[53,4,53,5],[54,1,54,6],[55,0,55,7],[56,0,56,8],[57,1,57,3],[57,4,57,5],[58,1,58,3],[58,4,58,5],[59,1,59,3],[59,4,59,5],[60,0,60,7],[61,0,61,4],[62,0,62,1],[62,2,62,4],[62,6,62,7],[63,0,63,1],[63,2,63,4],[64,0,64,1],[64,2,64,4],[64,6,64,7],[65,2,65,5]]}
{"$rows_empty":8}
["QUOTE TO :",{"$nulls":4},"Quote No           ",null,{"$f":"#REF!","v":{"$error":"#REF!"}}]
["Department of Health",{"$nulls":4},"Date                   ",null,{"$f":"#REF!","v":{"$error":"#REF!"}}]
["717 Dukumbana Building",{"$nulls":4},"Facility              ",null,{"$f":"#REF!","v":{"$error":"#REF!"}}]
["Independent Avenue",{"$nulls":4},"Work Order     ",null,"ECDOH 24700"]
["Bhisho",{"$nulls":4},"Tender No       ",null,"SCMU3 - 17/18-0303 - HO"]
[{"$nulls":5},"Contract Term ",null,"24 MONTHS",{"$nulls":4}," "]
[{"$nulls":5},"GEN ID",null,"GEN/NMM/UIT/01"]
["WORK  REQUEST : Coolant is leaking from the generator"]
["SCHEDULED WORK"]
["Item 1","Description",null,null,"Unit","Sch No","Quantity","Rate","Amount"]
[]
[]
["Sub Total A"]
["NON SCHEDULED WORK"]
["Item 2","Description",{"$nulls":4},"Quantity","Rate","Amount"]
[1,"Antifreeze (20)",{"$nulls":4},1,{"v":983.4,"d":"R983.40"},{"$f":"H24*G24","v":{"v":983.4,"d":"R 983.40"}}]
[2,"Gaskets",{"$nulls":4},1,{"v":2490,"d":"R2,490.00"},{"$f":"H25*G25","v":{"v":2490,"d":"R 2,490.00"}}]
[3,"Spares from Deutz",{"$nulls":4},1,{"v":10599,"d":"R10,599.00"},{"$f":"H26*G26","v":{"v":10599,"d":"R 10,599.00"}}]
[]
[]
[]
["Sub  Total",{"$nulls":7},{"$f":"SUM(I24:I29)","v":{"v":14072.4,"d":"R 14,072.40"}}]
["Mark - Up 15%",{"$nulls":7},{"$f":"ROUND((I30*0.15),2)","v":{"v":2110.86,"d":"R 2,110.86"}}]
["SUb  Total  B",{"$nulls":7},{"$f":"I30+I31","v":{"v":16183.26,"d":"R 16,183.26"}}]
["LABOUR"]
["Item 3"," (Normal Rate)",null,null,"Unit",null,"Quantity","Rate","Amount"]
[1,"Techinician",null,null,"HRS",null,10,{"v":450,"d":"R450.00"},{"$f":"SUM(G35*H35)","v":{"v":4500,"d":"R 4,500.00"}}]
[2," Senior Artisan  ",null,null,"HRS",null,null,{"v":350,"d":"R350.00"},{"$f":"SUM(G36*H36)","v":0}]
[3,"Artisan  (Trade Tested)",null,null,"HRS",null,null,{"v":300,"d":"R300.00"},0]
[4,"Utility Man (Non - Trade Tested)",null,null,"HRS",null,10,{"v":200,"d":"R200.00"},{"v":2000,"d":"R 2,000.00"}]
[5,"Artisan  Aid",null,null,"HRS",null,null,{"v":200,"d":"R200.00"},0]
[6,"General Worker   ",null,null,"HRS",null,null,{"v":140,"d":"R140.00"},0]
[null,"(Overtime 1.5)",{"$nulls":6},{"$f":"SUM(I35:I40)","v":{"v":6500,"d":"R 6,500.00"}}]
[1,"Techinician",null,null,"HRS",null,null,{"v":675,"d":"R675.00"},{"$f":"SUM(G42*H42)","v":0}]
[2," Senior Artisan  ",null,null,"HRS",null,null,{"v":525,"d":"R525.00"},{"$f":"SUM(G43*H43)","v":0}]
[3,"Artisan  (Trade Tested)",null,null,"HRS",null,null,{"v":450,"d":"R450.00"},0]
[4,"Utility Man (Non - Trade Tested)",null,null,"HRS",null,null,{"v":300,"d":"R300.00"},0]
[5,"Artisan  Aid",null,null,"HRS",null,null,{"v":300,"d":"R300.00"},0]
[6,"General Worker   ",null,null,"HRS",null,null,{"v":210,"d":"R210.00"},0]
[null,"(Overtime 2)",{"$nulls":6},{"$f":"SUM(I42:I47)","v":0}]
[1,"Techinician",null,null,"HRS",null,null,{"v":900,"d":"R900.00"},{"$f":"SUM(G49*H49)","v":0}]
[2," Senior Artisan  ",null,null,"HRS",null,null,{"v":700,"d":"R700.00"},{"$f":"SUM(G50*H50)","v":0}]
[3,"Artisan  (Trade Tested)",null,null,"HRS",null,null,{"v":600,"d":"R600.00"},0]
[4,"Utility Man (Non - Trade Tested)",null,null,"HRS",null,null,{"v":400,"d":"R400.00"},0]
[5,"Artisan  Aid",null,null,"HRS",null,null,{"v":400,"d":"R400.00"},0]
[6,"General Worker   ",null,null,"HRS",null,null,{"v":280,"d":"R280.00"},0]
[{"$nulls":8},{"$f":"SUM(I49:I54)","v":0}]
["Sub Total C"]
["TRANSPORT"]
["Item 4","Destinantion",null,null,"No of Trips",null,"KMs","Rate","Amount"]
[1,"Office to Uitenhage Hospital  and back",null,null,3,null,250.8,{"v":5,"d":"R 5.00"},{"$f":"H59*G59","v":{"v":1254,"d":"R 1,254.00"}}]
[]
["Sub Total D",{"$nulls":7},{"$f":"SUM(I59:I60)","v":{"v":1254,"d":"R 1,254.00"}}]
[]
[{"$nulls":6}," Sub Total (A+B+C+D)",null,{"$f":"I61+I55+I48+I41+I32+I21","v":{"v":23937.260000000002,"d":"R 23,937.26"}}]
[]
[{"$nulls":6},"Sub Total",null,{"$f":"I63+I64","v":{"v":23937.260000000002,"d":"R 23,937.26"}}]

{"sheet":"Jose Pearson (98)","index":127,"n_rows":65,"n_cols":13,"rows_kept":65,"hidden":true,"merged":[[8,0,8,4],[8,5,8,6],[8,7,8,8],[9,5,9,6],[9,7,9,8],[10,5,10,6],[10,7,10,8],[11,5,11,6],[11,7,11,8],[12,7,12,8],[13,5,13,6],[13,7,13,8],[14,5,14,6],[14,7,14,8],[15,0,15,8],[16,0,16,8],[17,1,17,3],[18,1,18,3],[19,1,19,3],[20,0,20,7],[21,0,21,8],[22,1,22,5],[23,1,23,5],[24,1,24,5],[25,1,25,5],[26,1,26,5],[27,1,27,5],[28,1,28,5],[29,0,29,7],[30,0,30,7],[31,0,31,7],[32,0,32,8],[33,1,33,3],[33,4,33,5],[34,1,34,3],[34,4,34,5],[35,1,35,3],[35,4,35,5],[36,1,36,3],[36,4,36,5],[37,1,37,3],[37,4,37,5],[38,1,38,3],[38,4,38,5],[39,1,39,3],[39,4,39,5],[40,1,40,7],[41,1,41,3],[41,4,41,5],[42,1,42,3],[42,4,42,5],[43,1,43,3],[43,4,43,5],[44,1,44,3],[44,4,44,5],[45,1,45,3],[45,4,45,5],[46,1,46,3],[46,4,46,5],[47,1,47,7],[48,1,48,3],[48,4,48,5],[49,1,49,3],[49,4,49,5],[50,1,50,3],[50,4,50,5],[51,1,51,3],[51,4,51,5],[52,1,52,3],[52,4,52,5],[53,1,53,3],[53,4,53,5],[54,1,54,6],[55,0,55,7],[56,0,56,8],[57,1,57,3],[57,4,57,5],[58,1,58,3],[58,4,58,5],[59,1,59,3],[59,4,59,5],[60,0,60,7],[61,0,61,4],[62,0,62,1],[62,2,62,4],[62,6,62,7],[63,0,63,1],[63,2,63,4],[64,0,64,1],[64,2,64,4],[64,6,64,7],[65,2,65,5]]}
{"$rows_empty":8}
["QUOTE TO :",{"$nulls":4},"Quote No           ",null,{"$f":"#REF!","v":{"$error":"#REF!"}}]
["Department of Health",{"$nulls":4},"Date                   ",null,{"$f":"#REF!","v":{"$error":"#REF!"}}]
["717 Dukumbana Building",{"$nulls":4},"Facility              ",null,{"$f":"#REF!","v":{"$error":"#REF!"}}]
["Independent Avenue",{"$nulls":4},"Work Order     ",null,{"$f":"#REF!","v":{"$error":"#REF!"}}]
["Bhisho",{"$nulls":4},"Tender No       ",null,"SCMU3 - 17/18-0303 - HO"]
[{"$nulls":5},"Contract Term ",null,"24 MONTHS",{"$nulls":4}," "]
[{"$nulls":5},"GEN ID",null,"GEN/NMM/JOS/01"]
["WORK  REQUEST : Power generator is not starting."]
["SCHEDULED WORK"]
["Item 1","Description",null,null,"Unit","Sch No","Quantity","Rate","Amount"]
[]
[]
["Sub Total A"]
["NON SCHEDULED WORK"]
["Item 2","Description",{"$nulls":4},"Quantity","Rate","Amount"]
[1,"Powder bond kit",{"$nulls":4},1,{"v":83.48,"d":"R83.48"},{"$f":"H24*G24","v":{"v":83.48,"d":"R 83.48"}}]
[2,"Filter and cover seals",{"$nulls":4},1,{"v":1730,"d":"R1,730.00"},{"$f":"H25*G25","v":{"v":1730,"d":"R 1,730.00"}}]
[]
[]
[]
[]
["Sub  Total",{"$nulls":7},{"$f":"SUM(I24:I29)","v":{"v":1813.48,"d":"R 1,813.48"}}]
["Mark - Up 15%",{"$nulls":7},{"$f":"ROUND((I30*0.15),2)","v":{"v":272.02,"d":"R 272.02"}}]
["SUb  Total  B",{"$nulls":7},{"$f":"I30+I31","v":{"v":2085.5,"d":"R 2,085.50"}}]
["LABOUR"]
["Item 3"," (Normal Rate)",null,null,"Unit",null,"Quantity","Rate","Amount"]
[1,"Techinician",null,null,"HRS",null,null,{"v":450,"d":"R450.00"},{"$f":"SUM(G35*H35)","v":0}]
[2," Senior Artisan  ",null,null,"HRS",null,null,{"v":350,"d":"R350.00"},{"$f":"SUM(G36*H36)","v":0}]
[3,"Artisan  (Trade Tested)",null,null,"HRS",null,5,{"v":300,"d":"R300.00"},{"v":1500,"d":"R 1,500.00"}]
[4,"Utility Man (Non - Trade Tested)",null,null,"HRS",null,5,{"v":200,"d":"R200.00"},{"v":1000,"d":"R 1,000.00"}]
[5,"Artisan  Aid",null,null,"HRS",null,null,{"v":200,"d":"R200.00"},0]
[6,"General Worker   ",null,null,"HRS",null,null,{"v":140,"d":"R140.00"},0]
[null,"(Overtime 1.5)",{"$nulls":6},{"$f":"SUM(I35:I40)","v":{"v":2500,"d":"R 2,500.00"}}]
[1,"Techinician",null,null,"HRS",null,null,{"v":675,"d":"R675.00"},{"$f":"SUM(G42*H42)","v":0}]
[2," Senior Artisan  ",null,null,"HRS",null,null,{"v":525,"d":"R525.00"},{"$f":"SUM(G43*H43)","v":0}]
[3,"Artisan  (Trade Tested)",null,null,"HRS",null,null,{"v":450,"d":"R450.00"},0]
[4,"Utility Man (Non - Trade Tested)",null,null,"HRS",null,null,{"v":300,"d":"R300.00"},0]
[5,"Artisan  Aid",null,null,"HRS",null,null,{"v":300,"d":"R300.00"},0]
[6,"General Worker   ",null,null,"HRS",null,null,{"v":210,"d":"R210.00"},0]
[null,"(Overtime 2)",{"$nulls":6},{"$f":"SUM(I42:I47)","v":0}]
[1,"Techinician",null,null,"HRS",null,null,{"v":900,"d":"R900.00"},{"$f":"SUM(G49*H49)","v":0}]
[2," Senior Artisan  ",null,null,"HRS",null,null,{"v":700,"d":"R700.00"},{"$f":"SUM(G50*H50)","v":0}]
[3,"Artisan  (Trade Tested)",null,null,"HRS",null,null,{"v":600,"d":"R600.00"},0]
[4,"Utility Man (Non - Trade Tested)",null,null,"HRS",null,null,{"v":400,"d":"R400.00"},0]
[5,"Artisan  Aid",null,null,"HRS",null,null,{"v":400,"d":"R400.00"},0]
[6,"General Worker   ",null,null,"HRS",null,null,{"v":280,"d":"R280.00"},0]
[{"$nulls":8},{"$f":"SUM(I49:I54)","v":0}]
["Sub Total C"]
["TRANSPORT"]
["Item 4","Destinantion",null,null,"No of Trips",null,"KMs","Rate","Amount"]
[1,"Office to Jose Pearson Hospital  and back",null,null,3,null,169.8,{"v":5,"d":"R 5.00"},{"$f":"H59*G59","v":{"v":849,"d":"R 849.00"}}]
[]
["Sub Total D",{"$nulls":7},{"$f":"SUM(I59:I60)","v":{"v":849,"d":"R 849.00"}}]
[]
[{"$nulls":6}," Sub Total (A+B+C+D)",null,{"$f":"I61+I55+I48+I41+I32+I21","v":{"v":5434.5,"d":"R 5,434.50"}}]
[]
[{"$nulls":6},"Sub Total",null,{"$f":"I63+I64","v":{"v":5434.5,"d":"R 5,434.50"}}]

{"sheet":"Dora Ngiza (99)","index":128,"n_rows":65,"n_cols":13,"rows_kept":65,"hidden":true,"merged":[[8,0,8,4],[8,5,8,6],[8,7,8,8],[9,5,9,6],[9,7,9,8],[10,5,10,6],[10,7,10,8],[11,5,11,6],[11,7,11,8],[12,7,12,8],[13,5,13,6],[13,7,13,8],[14,5,14,6],[14,7,14,8],[15,0,15,8],[16,0,16,8],[17,1,17,3],[18,1,18,3],[19,1,19,3],[20,0,20,7],[21,0,21,8],[22,1,22,5],[23,1,23,5],[24,1,24,5],[25,1,25,5],[26,1,26,5],[27,1,27,5],[28,1,28,5],[29,0,29,7],[30,0,30,7],[31,0,31,7],[32,0,32,8],[33,1,33,3],[33,4,33,5],[34,1,34,3],[34,4,34,5],[35,1,35,3],[35,4,35,5],[36,1,36,3],[36,4,36,5],[37,1,37,3],[37,4,37,5],[38,1,38,3],[38,4,38,5],[39,1,39,3],[39,4,39,5],[40,1,40,7],[41,1,41,3],[41,4,41,5],[42,1,42,3],[42,4,42,5],[43,1,43,3],[43,4,43,5],[44,1,44,3],[44,4,44,5],[45,1,45,3],[45,4,45,5],[46,1,46,3],[46,4,46,5],[47,1,47,7],[48,1,48,3],[48,4,48,5],[49,1,49,3],[49,4,49,5],[50,1,50,3],[50,4,50,5],[51,1,51,3],[51,4,51,5],[52,1,52,3],[52,4,52,5],[53,1,53,3],[53,4,53,5],[54,1,54,6],[55,0,55,7],[56,0,56,8],[57,1,57,3],[57,4,57,5],[58,1,58,3],[58,4,58,5],[59,1,59,3],[59,4,59,5],[60,0,60,7],[61,0,61,4],[62,0,62,1],[62,2,62,4],[62,6,62,7],[63,0,63,1],[63,2,63,4],[64,0,64,1],[64,2,64,4],[64,6,64,7],[65,2,65,5]]}
{"$rows_empty":8}
["QUOTE TO :",{"$nulls":4},"Quote No           ",null,{"$f":"#REF!","v":{"$error":"#REF!"}}]
["Department of Health",{"$nulls":4},"Date                   ",null,{"$f":"#REF!","v":{"$error":"#REF!"}}]
["717 Dukumbana Building",{"$nulls":4},"Facility              ",null,{"$f":"#REF!","v":{"$error":"#REF!"}}]
["Independent Avenue",{"$nulls":4},"Work Order     ",null,{"$f":"#REF!","v":{"$error":"#REF!"}}]
["Bhisho",{"$nulls":4},"Tender No       ",null,"SCMU3 - 17/18-0303 - HO"]
[{"$nulls":5},"Contract Term ",null,"24 MONTHS",{"$nulls":4}," "]
[{"$nulls":5},"GEN ID",null,"GEN/NMM/DOR/01"]
["WORK  REQUEST : Faulty generator ( High temperature reading)"]
["SCHEDULED WORK"]
["Item 1","Description",null,null,"Unit","Sch No","Quantity","Rate","Amount"]
[]
[]
["Sub Total A"]
["NON SCHEDULED WORK"]
["Item 2","Description",{"$nulls":4},"Quantity","Rate","Amount"]
[]
[]
[]
[]
[]
[]
["Sub  Total",{"$nulls":7},{"$f":"SUM(I24:I29)","v":0}]
["Mark - Up 15%",{"$nulls":7},{"$f":"ROUND((I30*0.15),2)","v":0}]
["SUb  Total  B",{"$nulls":7},{"$f":"I30+I31","v":0}]
["LABOUR"]
["Item 3"," (Normal Rate)",null,null,"Unit",null,"Quantity","Rate","Amount"]
[1,"Techinician",null,null,"HRS",null,null,{"v":450,"d":"R450.00"},{"$f":"SUM(G35*H35)","v":0}]
[2," Senior Artisan  ",null,null,"HRS",null,null,{"v":350,"d":"R350.00"},{"$f":"SUM(G36*H36)","v":0}]
[3,"Artisan  (Trade Tested)",null,null,"HRS",null,1.5,{"v":300,"d":"R300.00"},{"v":450,"d":"R 450.00"}]
[4,"Utility Man (Non - Trade Tested)",null,null,"HRS",null,1.5,{"v":200,"d":"R200.00"},{"v":300,"d":"R 300.00"}]
[5,"Artisan  Aid",null,null,"HRS",null,null,{"v":200,"d":"R200.00"},0]
[6,"General Worker   ",null,null,"HRS",null,null,{"v":140,"d":"R140.00"},0]
[null,"(Overtime 1.5)",{"$nulls":6},{"$f":"SUM(I35:I40)","v":{"v":750,"d":"R 750.00"}}]
[1,"Techinician",null,null,"HRS",null,null,{"v":675,"d":"R675.00"},{"$f":"SUM(G42*H42)","v":0}]
[2," Senior Artisan  ",null,null,"HRS",null,null,{"v":525,"d":"R525.00"},{"$f":"SUM(G43*H43)","v":0}]
[3,"Artisan  (Trade Tested)",null,null,"HRS",null,null,{"v":450,"d":"R450.00"},0]
[4,"Utility Man (Non - Trade Tested)",null,null,"HRS",null,null,{"v":300,"d":"R300.00"},0]
[5,"Artisan  Aid",null,null,"HRS",null,null,{"v":300,"d":"R300.00"},0]
[6,"General Worker   ",null,null,"HRS",null,null,{"v":210,"d":"R210.00"},0]
[null,"(Overtime 2)",{"$nulls":6},{"$f":"SUM(I42:I47)","v":0}]
[1,"Techinician",null,null,"HRS",null,null,{"v":900,"d":"R900.00"},{"$f":"SUM(G49*H49)","v":0}]
[2," Senior Artisan  ",null,null,"HRS",null,null,{"v":700,"d":"R700.00"},{"$f":"SUM(G50*H50)","v":0}]
[3,"Artisan  (Trade Tested)",null,null,"HRS",null,null,{"v":600,"d":"R600.00"},0]
[4,"Utility Man (Non - Trade Tested)",null,null,"HRS",null,null,{"v":400,"d":"R400.00"},0]
[5,"Artisan  Aid",null,null,"HRS",null,null,{"v":400,"d":"R400.00"},0]
[6,"General Worker   ",null,null,"HRS",null,null,{"v":280,"d":"R280.00"},0]
[{"$nulls":8},{"$f":"SUM(I49:I54)","v":0}]
["Sub Total C"]
["TRANSPORT"]
["Item 4","Destinantion",null,null,"No of Trips",null,"KMs","Rate","Amount"]
[1,"Office to Dora Ngiza Hospital  and back",null,null,1,null,33.2,{"v":5,"d":"R 5.00"},{"$f":"H59*G59","v":{"v":166,"d":"R 166.00"}}]
[]
["Sub Total D",{"$nulls":7},{"$f":"SUM(I59:I60)","v":{"v":166,"d":"R 166.00"}}]
[]
[{"$nulls":6}," Sub Total (A+B+C+D)",null,{"$f":"I61+I55+I48+I41+I32+I21","v":{"v":916,"d":"R 916.00"}}]
[]
[{"$nulls":6},"Sub Total",null,{"$f":"I63+I64","v":{"v":916,"d":"R 916.00"}}]

{"sheet":"Gqebera chc (100)","index":129,"n_rows":65,"n_cols":13,"rows_kept":65,"hidden":true,"merged":[[8,0,8,4],[8,5,8,6],[8,7,8,8],[9,5,9,6],[9,7,9,8],[10,5,10,6],[10,7,10,8],[11,5,11,6],[11,7,11,8],[12,7,12,8],[13,5,13,6],[13,7,13,8],[14,5,14,6],[14,7,14,8],[15,0,15,8],[16,0,16,8],[17,1,17,3],[18,1,18,3],[19,1,19,3],[20,0,20,7],[21,0,21,8],[22,1,22,5],[23,1,23,5],[24,1,24,5],[25,1,25,5],[26,1,26,5],[27,1,27,5],[28,1,28,5],[29,0,29,7],[30,0,30,7],[31,0,31,7],[32,0,32,8],[33,1,33,3],[33,4,33,5],[34,1,34,3],[34,4,34,5],[35,1,35,3],[35,4,35,5],[36,1,36,3],[36,4,36,5],[37,1,37,3],[37,4,37,5],[38,1,38,3],[38,4,38,5],[39,1,39,3],[39,4,39,5],[40,1,40,7],[41,1,41,3],[41,4,41,5],[42,1,42,3],[42,4,42,5],[43,1,43,3],[43,4,43,5],[44,1,44,3],[44,4,44,5],[45,1,45,3],[45,4,45,5],[46,1,46,3],[46,4,46,5],[47,1,47,7],[48,1,48,3],[48,4,48,5],[49,1,49,3],[49,4,49,5],[50,1,50,3],[50,4,50,5],[51,1,51,3],[51,4,51,5],[52,1,52,3],[52,4,52,5],[53,1,53,3],[53,4,53,5],[54,1,54,6],[55,0,55,7],[56,0,56,8],[57,1,57,3],[57,4,57,5],[58,1,58,3],[58,4,58,5],[59,1,59,3],[59,4,59,5],[60,0,60,7],[61,0,61,4],[62,0,62,1],[62,2,62,4],[62,6,62,7],[63,0,63,1],[63,2,63,4],[64,0,64,1],[64,2,64,4],[64,6,64,7],[65,2,65,5]]}
{"$rows_empty":8}
["QUOTE TO :",{"$nulls":4},"Quote No           ",null,{"$f":"#REF!","v":{"$error":"#REF!"}}]
["Department of Health",{"$nulls":4},"Date                   ",null,{"$f":"#REF!","v":{"$error":"#REF!"}}]
["717 Dukumbana Building",{"$nulls":4},"Facility              ",null,{"$f":"#REF!","v":{"$error":"#REF!"}}]
["Independent Avenue",{"$nulls":4},"Work Order     ",null,{"$f":"#REF!","v":{"$error":"#REF!"}}]
["Bhisho",{"$nulls":4},"Tender No       ",null,"SCMU3 - 17/18-0303 - HO"]
[{"$nulls":5},"Contract Term ",null,"24 MONTHS",{"$nulls":4}," "]
[{"$nulls":5},"GEN ID",null,"GEN/NMM/QGE/01"]
["WORK  REQUEST : Generator is faulty."]
["SCHEDULED WORK"]
["Item 1","Description",null,null,"Unit","Sch No","Quantity","Rate","Amount"]
[]
[]
["Sub Total A"]
["NON SCHEDULED WORK"]
["Item 2","Description",{"$nulls":4},"Quantity","Rate","Amount"]
[1,"Vdo senser",{"$nulls":4},1,{"v":1872,"d":"R1,872.00"},{"$f":"H24*G24","v":{"v":1872,"d":"R 1,872.00"}}]
[]
[]
[]
[]
[]
["Sub  Total",{"$nulls":7},{"$f":"SUM(I24:I29)","v":{"v":1872,"d":"R 1,872.00"}}]
["Mark - Up 15%",{"$nulls":7},{"$f":"ROUND((I30*0.15),2)","v":{"v":280.8,"d":"R 280.80"}}]
["SUb  Total  B",{"$nulls":7},{"$f":"I30+I31","v":{"v":2152.8,"d":"R 2,152.80"}}]
["LABOUR"]
["Item 3"," (Normal Rate)",null,null,"Unit",null,"Quantity","Rate","Amount"]
[1,"Techinician",null,null,"HRS",null,null,{"v":450,"d":"R450.00"},{"$f":"SUM(G35*H35)","v":0}]
[2," Senior Artisan  ",null,null,"HRS",null,null,{"v":350,"d":"R350.00"},{"$f":"SUM(G36*H36)","v":0}]
[3,"Artisan  (Trade Tested)",null,null,"HRS",null,1,{"v":300,"d":"R300.00"},{"v":300,"d":"R 300.00"}]
[4,"Utility Man (Non - Trade Tested)",null,null,"HRS",null,1,{"v":200,"d":"R200.00"},{"v":200,"d":"R 200.00"}]
[5,"Artisan  Aid",null,null,"HRS",null,null,{"v":200,"d":"R200.00"},0]
[6,"General Worker   ",null,null,"HRS",null,null,{"v":140,"d":"R140.00"},0]
[null,"(Overtime 1.5)",{"$nulls":6},{"$f":"SUM(I35:I40)","v":{"v":500,"d":"R 500.00"}}]
[1,"Techinician",null,null,"HRS",null,null,{"v":675,"d":"R675.00"},{"$f":"SUM(G42*H42)","v":0}]
[2," Senior Artisan  ",null,null,"HRS",null,null,{"v":525,"d":"R525.00"},{"$f":"SUM(G43*H43)","v":0}]
[3,"Artisan  (Trade Tested)",null,null,"HRS",null,null,{"v":450,"d":"R450.00"},0]
[4,"Utility Man (Non - Trade Tested)",null,null,"HRS",null,null,{"v":300,"d":"R300.00"},0]
[5,"Artisan  Aid",null,null,"HRS",null,null,{"v":300,"d":"R300.00"},0]
[6,"General Worker   ",null,null,"HRS",null,null,{"v":210,"d":"R210.00"},0]
[null,"(Overtime 2)",{"$nulls":6},{"$f":"SUM(I42:I47)","v":0}]
[1,"Techinician",null,null,"HRS",null,null,{"v":900,"d":"R900.00"},{"$f":"SUM(G49*H49)","v":0}]
[2," Senior Artisan  ",null,null,"HRS",null,null,{"v":700,"d":"R700.00"},{"$f":"SUM(G50*H50)","v":0}]
[3,"Artisan  (Trade Tested)",null,null,"HRS",null,null,{"v":600,"d":"R600.00"},0]
[4,"Utility Man (Non - Trade Tested)",null,null,"HRS",null,null,{"v":400,"d":"R400.00"},0]
[5,"Artisan  Aid",null,null,"HRS",null,null,{"v":400,"d":"R400.00"},0]
[6,"General Worker   ",null,null,"HRS",null,null,{"v":280,"d":"R280.00"},0]
[{"$nulls":8},{"$f":"SUM(I49:I54)","v":0}]
["Sub Total C"]
["TRANSPORT"]
["Item 4","Destinantion",null,null,"No of Trips",null,"KMs","Rate","Amount"]
[1,"Office to Gqebera CHC  and back",null,null,1,null,11.8,{"v":5,"d":"R 5.00"},{"$f":"H59*G59","v":{"v":59,"d":"R 59.00"}}]
[]
["Sub Total D",{"$nulls":7},{"$f":"SUM(I59:I60)","v":{"v":59,"d":"R 59.00"}}]
[]
[{"$nulls":6}," Sub Total (A+B+C+D)",null,{"$f":"I61+I55+I48+I41+I32+I21","v":{"v":2711.8,"d":"R 2,711.80"}}]
[]
[{"$nulls":6},"Sub Total",null,{"$f":"I63+I64","v":{"v":2711.8,"d":"R 2,711.80"}}]

{"sheet":"Jose Pearson (101)","index":130,"n_rows":65,"n_cols":13,"rows_kept":65,"hidden":true,"merged":[[8,0,8,4],[8,5,8,6],[8,7,8,8],[9,5,9,6],[9,7,9,8],[10,5,10,6],[10,7,10,8],[11,5,11,6],[11,7,11,8],[12,7,12,8],[13,5,13,6],[13,7,13,8],[14,5,14,6],[14,7,14,8],[15,0,15,8],[16,0,16,8],[17,1,17,3],[18,1,18,3],[19,1,19,3],[20,0,20,7],[21,0,21,8],[22,1,22,5],[23,1,23,5],[24,1,24,5],[25,1,25,5],[26,1,26,5],[27,1,27,5],[28,1,28,5],[29,0,29,7],[30,0,30,7],[31,0,31,7],[32,0,32,8],[33,1,33,3],[33,4,33,5],[34,1,34,3],[34,4,34,5],[35,1,35,3],[35,4,35,5],[36,1,36,3],[36,4,36,5],[37,1,37,3],[37,4,37,5],[38,1,38,3],[38,4,38,5],[39,1,39,3],[39,4,39,5],[40,1,40,7],[41,1,41,3],[41,4,41,5],[42,1,42,3],[42,4,42,5],[43,1,43,3],[43,4,43,5],[44,1,44,3],[44,4,44,5],[45,1,45,3],[45,4,45,5],[46,1,46,3],[46,4,46,5],[47,1,47,7],[48,1,48,3],[48,4,48,5],[49,1,49,3],[49,4,49,5],[50,1,50,3],[50,4,50,5],[51,1,51,3],[51,4,51,5],[52,1,52,3],[52,4,52,5],[53,1,53,3],[53,4,53,5],[54,1,54,6],[55,0,55,7],[56,0,56,8],[57,1,57,3],[57,4,57,5],[58,1,58,3],[58,4,58,5],[59,1,59,3],[59,4,59,5],[60,0,60,7],[61,0,61,4],[62,0,62,1],[62,2,62,4],[62,6,62,7],[63,0,63,1],[63,2,63,4],[64,0,64,1],[64,2,64,4],[64,6,64,7],[65,2,65,5]]}
{"$rows_empty":8}
["QUOTE TO :",{"$nulls":4},"Quote No           ",null,{"$f":"#REF!","v":{"$error":"#REF!"}}]
["Department of Health",{"$nulls":4},"Date                   ",null,{"$f":"#REF!","v":{"$error":"#REF!"}}]
["717 Dukumbana Building",{"$nulls":4},"Facility              ",null,{"$f":"#REF!","v":{"$error":"#REF!"}}]
["Independent Avenue",{"$nulls":4},"Work Order     ",null,{"$f":"#REF!","v":{"$error":"#REF!"}}]
["Bhisho",{"$nulls":4},"Tender No       ",null,"SCMU3 - 17/18-0303 - HO"]
[{"$nulls":5},"Contract Term ",null,"24 MONTHS",{"$nulls":4}," "]
[{"$nulls":5},"GEN ID",null,"GEN/NMM/JOS/01"]
["WORK  REQUEST :Faulty generator - cuts off ,hospital has no electricity "]
["SCHEDULED WORK"]
["Item 1","Description",null,null,"Unit","Sch No","Quantity","Rate","Amount"]
[]
[]
["Sub Total A"]
["NON SCHEDULED WORK"]
["Item 2","Description",{"$nulls":4},"Quantity","Rate","Amount"]
[1,"Fuel Regulator",{"$nulls":4},1,{"v":28800,"d":"R28,800.00"},{"$f":"H24*G24","v":{"v":28800,"d":"R 28,800.00"}}]
[2,"AVR SX440",{"$nulls":4},1,{"v":1700,"d":"R1,700.00"},{"$f":"H25*G25","v":{"v":1700,"d":"R 1,700.00"}}]
[3,"Courer",{"$nulls":4},1,{"v":250,"d":"R250.00"},{"$f":"H26*G26","v":{"v":250,"d":"R 250.00"}}]
[]
[]
[]
["Sub  Total",{"$nulls":7},{"$f":"SUM(I24:I29)","v":{"v":30750,"d":"R 30,750.00"}}]
["Mark - Up 15%",{"$nulls":7},{"$f":"ROUND((I30*0.15),2)","v":{"v":4612.5,"d":"R 4,612.50"}}]
["SUb  Total  B",{"$nulls":7},{"$f":"I30+I31","v":{"v":35362.5,"d":"R 35,362.50"}}]
["LABOUR"]
["Item 3"," (Normal Rate)",null,null,"Unit",null,"Quantity","Rate","Amount"]
[1,"Techinician",null,null,"HRS",null,10,{"v":450,"d":"R450.00"},{"$f":"SUM(G35*H35)","v":{"v":4500,"d":"R 4,500.00"}}]
[2," Senior Artisan  ",null,null,"HRS",null,null,{"v":350,"d":"R350.00"},{"$f":"SUM(G36*H36)","v":0}]
[3,"Artisan  (Trade Tested)",null,null,"HRS",null,null,{"v":300,"d":"R300.00"},0]
[4,"Utility Man (Non - Trade Tested)",null,null,"HRS",null,10,{"v":200,"d":"R200.00"},{"v":2000,"d":"R 2,000.00"}]
[5,"Artisan  Aid",null,null,"HRS",null,null,{"v":200,"d":"R200.00"},0]
[6,"General Worker   ",null,null,"HRS",null,null,{"v":140,"d":"R140.00"},0]
[null,"(Overtime 1.5)",{"$nulls":6},{"$f":"SUM(I35:I40)","v":{"v":6500,"d":"R 6,500.00"}}]
[1,"Techinician",null,null,"HRS",null,null,{"v":675,"d":"R675.00"},{"$f":"SUM(G42*H42)","v":0}]
[2," Senior Artisan  ",null,null,"HRS",null,null,{"v":525,"d":"R525.00"},{"$f":"SUM(G43*H43)","v":0}]
[3,"Artisan  (Trade Tested)",null,null,"HRS",null,null,{"v":450,"d":"R450.00"},0]
[4,"Utility Man (Non - Trade Tested)",null,null,"HRS",null,null,{"v":300,"d":"R300.00"},0]
[5,"Artisan  Aid",null,null,"HRS",null,null,{"v":300,"d":"R300.00"},0]
[6,"General Worker   ",null,null,"HRS",null,null,{"v":210,"d":"R210.00"},0]
[null,"(Overtime 2)",{"$nulls":6},{"$f":"SUM(I42:I47)","v":0}]
[1,"Techinician",null,null,"HRS",null,null,{"v":900,"d":"R900.00"},{"$f":"SUM(G49*H49)","v":0}]
[2," Senior Artisan  ",null,null,"HRS",null,null,{"v":700,"d":"R700.00"},{"$f":"SUM(G50*H50)","v":0}]
[3,"Artisan  (Trade Tested)",null,null,"HRS",null,null,{"v":600,"d":"R600.00"},0]
[4,"Utility Man (Non - Trade Tested)",null,null,"HRS",null,null,{"v":400,"d":"R400.00"},0]
[5,"Artisan  Aid",null,null,"HRS",null,null,{"v":400,"d":"R400.00"},0]
[6,"General Worker   ",null,null,"HRS",null,null,{"v":280,"d":"R280.00"},0]
[{"$nulls":8},{"$f":"SUM(I49:I54)","v":0}]
["Sub Total C"]
["TRANSPORT"]
["Item 4","Destinantion",null,null,"No of Trips",null,"KMs","Rate","Amount"]
[1,"Office to Jose Pearson  and back",null,null,3,null,169.8,{"v":5,"d":"R 5.00"},{"$f":"H59*G59","v":{"v":849,"d":"R 849.00"}}]
[]
["Sub Total D",{"$nulls":7},{"$f":"SUM(I59:I60)","v":{"v":849,"d":"R 849.00"}}]
[]
[{"$nulls":6}," Sub Total (A+B+C+D)",null,{"$f":"I61+I55+I48+I41+I32+I21","v":{"v":42711.5,"d":"R 42,711.50"}}]
[]
[{"$nulls":6},"Sub Total",null,{"$f":"I63+I64","v":{"v":42711.5,"d":"R 42,711.50"}}]

{"sheet":"Dora Ngiza (102)","index":131,"n_rows":65,"n_cols":13,"rows_kept":65,"hidden":true,"merged":[[8,0,8,4],[8,5,8,6],[8,7,8,8],[9,5,9,6],[9,7,9,8],[10,5,10,6],[10,7,10,8],[11,5,11,6],[11,7,11,8],[12,7,12,8],[13,5,13,6],[13,7,13,8],[14,5,14,6],[14,7,14,8],[15,0,15,8],[16,0,16,8],[17,1,17,3],[18,1,18,3],[19,1,19,3],[20,0,20,7],[21,0,21,8],[22,1,22,5],[23,1,23,5],[24,1,24,5],[25,1,25,5],[26,1,26,5],[27,1,27,5],[28,1,28,5],[29,0,29,7],[30,0,30,7],[31,0,31,7],[32,0,32,8],[33,1,33,3],[33,4,33,5],[34,1,34,3],[34,4,34,5],[35,1,35,3],[35,4,35,5],[36,1,36,3],[36,4,36,5],[37,1,37,3],[37,4,37,5],[38,1,38,3],[38,4,38,5],[39,1,39,3],[39,4,39,5],[40,1,40,7],[41,1,41,3],[41,4,41,5],[42,1,42,3],[42,4,42,5],[43,1,43,3],[43,4,43,5],[44,1,44,3],[44,4,44,5],[45,1,45,3],[45,4,45,5],[46,1,46,3],[46,4,46,5],[47,1,47,7],[48,1,48,3],[48,4,48,5],[49,1,49,3],[49,4,49,5],[50,1,50,3],[50,4,50,5],[51,1,51,3],[51,4,51,5],[52,1,52,3],[52,4,52,5],[53,1,53,3],[53,4,53,5],[54,1,54,6],[55,0,55,7],[56,0,56,8],[57,1,57,3],[57,4,57,5],[58,1,58,3],[58,4,58,5],[59,1,59,3],[59,4,59,5],[60,0,60,7],[61,0,61,4],[62,0,62,1],[62,2,62,4],[62,6,62,7],[63,0,63,1],[63,2,63,4],[64,0,64,1],[64,2,64,4],[64,6,64,7],[65,2,65,5]]}
{"$rows_empty":8}
["QUOTE TO :",{"$nulls":4},"Quote No           ",null,{"$f":"#REF!","v":{"$error":"#REF!"}}]
["Department of Health",{"$nulls":4},"Date                   ",null,{"$f":"#REF!","v":{"$error":"#REF!"}}]
["717 Dukumbana Building",{"$nulls":4},"Facility              ",null,{"$f":"#REF!","v":{"$error":"#REF!"}}]
["Independent Avenue",{"$nulls":4},"Work Order     ",null,{"$f":"#REF!","v":{"$error":"#REF!"}}]
["Bhisho",{"$nulls":4},"Tender No       ",null,"SCMU3 - 17/18-0303 - HO"]
[{"$nulls":5},"Contract Term ",null,"24 MONTHS",{"$nulls":4}," "]
[{"$nulls":5},"GEN ID",null,"GEN/NMM/DOR/01"]
["WORK  REQUEST : Faulty generator"]
["SCHEDULED WORK"]
["Item 1","Description",null,null,"Unit","Sch No","Quantity","Rate","Amount"]
[]
[]
["Sub Total A"]
["NON SCHEDULED WORK"]
["Item 2","Description",{"$nulls":4},"Quantity","Rate","Amount"]
[]
[]
[]
[]
[]
[]
["Sub  Total",{"$nulls":7},{"$f":"SUM(I24:I29)","v":0}]
["Mark - Up 15%",{"$nulls":7},{"$f":"ROUND((I30*0.15),2)","v":0}]
["SUb  Total  B",{"$nulls":7},{"$f":"I30+I31","v":0}]
["LABOUR"]
["Item 3"," (Normal Rate)",null,null,"Unit",null,"Quantity","Rate","Amount"]
[1,"Techinician",null,null,"HRS",null,null,{"v":450,"d":"R450.00"},{"$f":"SUM(G35*H35)","v":0}]
[2," Senior Artisan  ",null,null,"HRS",null,null,{"v":350,"d":"R350.00"},{"$f":"SUM(G36*H36)","v":0}]
[3,"Artisan  (Trade Tested)",null,null,"HRS",null,1.5,{"v":300,"d":"R300.00"},{"v":450,"d":"R 450.00"}]
[4,"Utility Man (Non - Trade Tested)",null,null,"HRS",null,1.5,{"v":200,"d":"R200.00"},{"v":300,"d":"R 300.00"}]
[5,"Artisan  Aid",null,null,"HRS",null,null,{"v":200,"d":"R200.00"},0]
[6,"General Worker   ",null,null,"HRS",null,null,{"v":140,"d":"R140.00"},0]
[null,"(Overtime 1.5)",{"$nulls":6},{"$f":"SUM(I35:I40)","v":{"v":750,"d":"R 750.00"}}]
[1,"Techinician",null,null,"HRS",null,null,{"v":675,"d":"R675.00"},{"$f":"SUM(G42*H42)","v":0}]
[2," Senior Artisan  ",null,null,"HRS",null,null,{"v":525,"d":"R525.00"},{"$f":"SUM(G43*H43)","v":0}]
[3,"Artisan  (Trade Tested)",null,null,"HRS",null,null,{"v":450,"d":"R450.00"},0]
[4,"Utility Man (Non - Trade Tested)",null,null,"HRS",null,null,{"v":300,"d":"R300.00"},0]
[5,"Artisan  Aid",null,null,"HRS",null,null,{"v":300,"d":"R300.00"},0]
[6,"General Worker   ",null,null,"HRS",null,null,{"v":210,"d":"R210.00"},0]
[null,"(Overtime 2)",{"$nulls":6},{"$f":"SUM(I42:I47)","v":0}]
[1,"Techinician",null,null,"HRS",null,null,{"v":900,"d":"R900.00"},{"$f":"SUM(G49*H49)","v":0}]
[2," Senior Artisan  ",null,null,"HRS",null,null,{"v":700,"d":"R700.00"},{"$f":"SUM(G50*H50)","v":0}]
[3,"Artisan  (Trade Tested)",null,null,"HRS",null,null,{"v":600,"d":"R600.00"},0]
[4,"Utility Man (Non - Trade Tested)",null,null,"HRS",null,null,{"v":400,"d":"R400.00"},0]
[5,"Artisan  Aid",null,null,"HRS",null,null,{"v":400,"d":"R400.00"},0]
[6,"General Worker   ",null,null,"HRS",null,null,{"v":280,"d":"R280.00"},0]
[{"$nulls":8},{"$f":"SUM(I49:I54)","v":0}]
["Sub Total C"]
["TRANSPORT"]
["Item 4","Destinantion",null,null,"No of Trips",null,"KMs","Rate","Amount"]
[1,"Office to Dora Ngiza Hospital  and back",null,null,1,null,33.2,{"v":5,"d":"R 5.00"},{"$f":"H59*G59","v":{"v":166,"d":"R 166.00"}}]
[]
["Sub Total D",{"$nulls":7},{"$f":"SUM(I59:I60)","v":{"v":166,"d":"R 166.00"}}]
[]
[{"$nulls":6}," Sub Total (A+B+C+D)",null,{"$f":"I61+I55+I48+I41+I32+I21","v":{"v":916,"d":"R 916.00"}}]
[]
[{"$nulls":6},"Sub Total",null,{"$f":"I63+I64","v":{"v":916,"d":"R 916.00"}}]

{"sheet":"PE PRO. (103)","index":132,"n_rows":65,"n_cols":13,"rows_kept":65,"hidden":true,"merged":[[8,0,8,4],[8,5,8,6],[8,7,8,8],[9,5,9,6],[9,7,9,8],[10,5,10,6],[10,7,10,8],[11,5,11,6],[11,7,11,8],[12,7,12,8],[13,5,13,6],[13,7,13,8],[14,5,14,6],[14,7,14,8],[15,0,15,8],[16,0,16,8],[17,1,17,3],[18,1,18,3],[19,1,19,3],[20,0,20,7],[21,0,21,8],[22,1,22,5],[23,1,23,5],[24,1,24,5],[25,1,25,5],[26,1,26,5],[27,1,27,5],[28,1,28,5],[29,0,29,7],[30,0,30,7],[31,0,31,7],[32,0,32,8],[33,1,33,3],[33,4,33,5],[34,1,34,3],[34,4,34,5],[35,1,35,3],[35,4,35,5],[36,1,36,3],[36,4,36,5],[37,1,37,3],[37,4,37,5],[38,1,38,3],[38,4,38,5],[39,1,39,3],[39,4,39,5],[40,1,40,7],[41,1,41,3],[41,4,41,5],[42,1,42,3],[42,4,42,5],[43,1,43,3],[43,4,43,5],[44,1,44,3],[44,4,44,5],[45,1,45,3],[45,4,45,5],[46,1,46,3],[46,4,46,5],[47,1,47,7],[48,1,48,3],[48,4,48,5],[49,1,49,3],[49,4,49,5],[50,1,50,3],[50,4,50,5],[51,1,51,3],[51,4,51,5],[52,1,52,3],[52,4,52,5],[53,1,53,3],[53,4,53,5],[54,1,54,6],[55,0,55,7],[56,0,56,8],[57,1,57,3],[57,4,57,5],[58,1,58,3],[58,4,58,5],[59,1,59,3],[59,4,59,5],[60,0,60,7],[61,0,61,4],[62,0,62,1],[62,2,62,4],[62,6,62,7],[63,0,63,1],[63,2,63,4],[64,0,64,1],[64,2,64,4],[64,6,64,7],[65,2,65,5]]}
{"$rows_empty":8}
["QUOTE TO :",{"$nulls":4},"Quote No           ",null,{"$f":"#REF!","v":{"$error":"#REF!"}}]
["Department of Health",{"$nulls":4},"Date                   ",null,{"$f":"#REF!","v":{"$error":"#REF!"}}]
["717 Dukumbana Building",{"$nulls":4},"Facility              ",null,{"$f":"#REF!","v":{"$error":"#REF!"}}]
["Independent Avenue",{"$nulls":4},"Work Order     ",null,{"$f":"#REF!","v":{"$error":"#REF!"}}]
["Bhisho",{"$nulls":4},"Tender No       ",null,"SCMU3 - 17/18-0303 - HO"]
[{"$nulls":5},"Contract Term ",null,"24 MONTHS",{"$nulls":4}," "]
[{"$nulls":5},"GEN ID",null,"GEN/NMM/PEP/01"]
["WORK  REQUEST : Faulty generator"]
["SCHEDULED WORK"]
["Item 1","Description",null,null,"Unit","Sch No","Quantity","Rate","Amount"]
[]
[]
["Sub Total A"]
["NON SCHEDULED WORK"]
["Item 2","Description",{"$nulls":4},"Quantity","Rate","Amount"]
[]
[]
[]
[]
[]
[]
["Sub  Total",{"$nulls":7},{"$f":"SUM(I24:I29)","v":0}]
["Mark - Up 15%",{"$nulls":7},{"$f":"ROUND((I30*0.15),2)","v":0}]
["SUb  Total  B",{"$nulls":7},{"$f":"I30+I31","v":0}]
["LABOUR"]
["Item 3"," (Normal Rate)",null,null,"Unit",null,"Quantity","Rate","Amount"]
[1,"Techinician",null,null,"HRS",null,null,{"v":450,"d":"R450.00"},{"$f":"SUM(G35*H35)","v":0}]
[2," Senior Artisan  ",null,null,"HRS",null,null,{"v":350,"d":"R350.00"},{"$f":"SUM(G36*H36)","v":0}]
[3,"Artisan  (Trade Tested)",null,null,"HRS",null,3,{"v":300,"d":"R300.00"},{"v":900,"d":"R 900.00"}]
[4,"Utility Man (Non - Trade Tested)",null,null,"HRS",null,3,{"v":200,"d":"R200.00"},{"v":600,"d":"R 600.00"}]
[5,"Artisan  Aid",null,null,"HRS",null,null,{"v":200,"d":"R200.00"},0]
[6,"General Worker   ",null,null,"HRS",null,null,{"v":140,"d":"R140.00"},0]
[null,"(Overtime 1.5)",{"$nulls":6},{"$f":"SUM(I35:I40)","v":{"v":1500,"d":"R 1,500.00"}}]
[1,"Techinician",null,null,"HRS",null,null,{"v":675,"d":"R675.00"},{"$f":"SUM(G42*H42)","v":0}]
[2," Senior Artisan  ",null,null,"HRS",null,null,{"v":525,"d":"R525.00"},{"$f":"SUM(G43*H43)","v":0}]
[3,"Artisan  (Trade Tested)",null,null,"HRS",null,null,{"v":450,"d":"R450.00"},0]
[4,"Utility Man (Non - Trade Tested)",null,null,"HRS",null,null,{"v":300,"d":"R300.00"},0]
[5,"Artisan  Aid",null,null,"HRS",null,null,{"v":300,"d":"R300.00"},0]
[6,"General Worker   ",null,null,"HRS",null,null,{"v":210,"d":"R210.00"},0]
[null,"(Overtime 2)",{"$nulls":6},{"$f":"SUM(I42:I47)","v":0}]
[1,"Techinician",null,null,"HRS",null,null,{"v":900,"d":"R900.00"},{"$f":"SUM(G49*H49)","v":0}]
[2," Senior Artisan  ",null,null,"HRS",null,null,{"v":700,"d":"R700.00"},{"$f":"SUM(G50*H50)","v":0}]
[3,"Artisan  (Trade Tested)",null,null,"HRS",null,null,{"v":600,"d":"R600.00"},0]
[4,"Utility Man (Non - Trade Tested)",null,null,"HRS",null,null,{"v":400,"d":"R400.00"},0]
[5,"Artisan  Aid",null,null,"HRS",null,null,{"v":400,"d":"R400.00"},0]
[6,"General Worker   ",null,null,"HRS",null,null,{"v":280,"d":"R280.00"},0]
[{"$nulls":8},{"$f":"SUM(I49:I54)","v":0}]
["Sub Total C"]
["TRANSPORT"]
["Item 4","Destinantion",null,null,"No of Trips",null,"KMs","Rate","Amount"]
[1,"Office to PE Provincial Hospital  and back",null,null,1,null,19.4,{"v":5,"d":"R 5.00"},{"$f":"H59*G59","v":{"v":97,"d":"R 97.00"}}]
[]
["Sub Total D",{"$nulls":7},{"$f":"SUM(I59:I60)","v":{"v":97,"d":"R 97.00"}}]
[]
[{"$nulls":6}," Sub Total (A+B+C+D)",null,{"$f":"I61+I55+I48+I41+I32+I21","v":{"v":1597,"d":"R 1,597.00"}}]
[]
[{"$nulls":6},"Sub Total",null,{"$f":"I63+I64","v":{"v":1597,"d":"R 1,597.00"}}]

{"sheet":"West End (104)","index":133,"n_rows":65,"n_cols":13,"rows_kept":65,"hidden":true,"merged":[[8,0,8,4],[8,5,8,6],[8,7,8,8],[9,5,9,6],[9,7,9,8],[10,5,10,6],[10,7,10,8],[11,5,11,6],[11,7,11,8],[12,7,12,8],[13,5,13,6],[13,7,13,8],[14,5,14,6],[14,7,14,8],[15,0,15,8],[16,0,16,8],[17,1,17,3],[18,1,18,3],[19,1,19,3],[20,0,20,7],[21,0,21,8],[22,1,22,5],[23,1,23,5],[24,1,24,5],[25,1,25,5],[26,1,26,5],[27,1,27,5],[28,1,28,5],[29,0,29,7],[30,0,30,7],[31,0,31,7],[32,0,32,8],[33,1,33,3],[33,4,33,5],[34,1,34,3],[34,4,34,5],[35,1,35,3],[35,4,35,5],[36,1,36,3],[36,4,36,5],[37,1,37,3],[37,4,37,5],[38,1,38,3],[38,4,38,5],[39,1,39,3],[39,4,39,5],[40,1,40,7],[41,1,41,3],[41,4,41,5],[42,1,42,3],[42,4,42,5],[43,1,43,3],[43,4,43,5],[44,1,44,3],[44,4,44,5],[45,1,45,3],[45,4,45,5],[46,1,46,3],[46,4,46,5],[47,1,47,7],[48,1,48,3],[48,4,48,5],[49,1,49,3],[49,4,49,5],[50,1,50,3],[50,4,50,5],[51,1,51,3],[51,4,51,5],[52,1,52,3],[52,4,52,5],[53,1,53,3],[53,4,53,5],[54,1,54,6],[55,0,55,7],[56,0,56,8],[57,1,57,3],[57,4,57,5],[58,1,58,3],[58,4,58,5],[59,1,59,3],[59,4,59,5],[60,0,60,7],[61,0,61,4],[62,0,62,1],[62,2,62,4],[62,6,62,7],[63,0,63,1],[63,2,63,4],[64,0,64,1],[64,2,64,4],[64,6,64,7],[65,2,65,5]]}
{"$rows_empty":8}
["QUOTE TO :",{"$nulls":4},"Quote No           ",null,{"$f":"#REF!","v":{"$error":"#REF!"}}]
["Department of Health",{"$nulls":4},"Date                   ",null,{"$f":"#REF!","v":{"$error":"#REF!"}}]
["717 Dukumbana Building",{"$nulls":4},"Facility              ",null,{"$f":"#REF!","v":{"$error":"#REF!"}}]
["Independent Avenue",{"$nulls":4},"Work Order     ",null,{"$f":"#REF!","v":{"$error":"#REF!"}}]
["Bhisho",{"$nulls":4},"Tender No       ",null,"SCMU3 - 17/18-0303 - HO"]
[{"$nulls":5},"Contract Term ",null,"24 MONTHS",{"$nulls":4}," "]
[{"$nulls":5},"GEN ID",null,"GEN/NMM/WES/01"]
["WORK  REQUEST : Faulty generator ( not starting)"]
["SCHEDULED WORK"]
["Item 1","Description",null,null,"Unit","Sch No","Quantity","Rate","Amount"]
[]
[]
["Sub Total A"]
["NON SCHEDULED WORK"]
["Item 2","Description",{"$nulls":4},"Quantity","Rate","Amount"]
[]
[]
[]
[]
[]
[]
["Sub  Total",{"$nulls":7},{"$f":"SUM(I24:I29)","v":0}]
["Mark - Up 15%",{"$nulls":7},{"$f":"ROUND((I30*0.15),2)","v":0}]
["SUb  Total  B",{"$nulls":7},{"$f":"I30+I31","v":0}]
["LABOUR"]
["Item 3"," (Normal Rate)",null,null,"Unit",null,"Quantity","Rate","Amount"]
[1,"Techinician",null,null,"HRS",null,null,{"v":450,"d":"R450.00"},{"$f":"SUM(G35*H35)","v":0}]
[2," Senior Artisan  ",null,null,"HRS",null,null,{"v":350,"d":"R350.00"},{"$f":"SUM(G36*H36)","v":0}]
[3,"Artisan  (Trade Tested)",null,null,"HRS",null,3,{"v":300,"d":"R300.00"},{"v":900,"d":"R 900.00"}]
[4,"Utility Man (Non - Trade Tested)",null,null,"HRS",null,3,{"v":200,"d":"R200.00"},{"v":600,"d":"R 600.00"}]
[5,"Artisan  Aid",null,null,"HRS",null,null,{"v":200,"d":"R200.00"},0]
[6,"General Worker   ",null,null,"HRS",null,null,{"v":140,"d":"R140.00"},0]
[null,"(Overtime 1.5)",{"$nulls":6},{"$f":"SUM(I35:I40)","v":{"v":1500,"d":"R 1,500.00"}}]
[1,"Techinician",null,null,"HRS",null,null,{"v":675,"d":"R675.00"},{"$f":"SUM(G42*H42)","v":0}]
[2," Senior Artisan  ",null,null,"HRS",null,null,{"v":525,"d":"R525.00"},{"$f":"SUM(G43*H43)","v":0}]
[3,"Artisan  (Trade Tested)",null,null,"HRS",null,null,{"v":450,"d":"R450.00"},0]
[4,"Utility Man (Non - Trade Tested)",null,null,"HRS",null,null,{"v":300,"d":"R300.00"},0]
[5,"Artisan  Aid",null,null,"HRS",null,null,{"v":300,"d":"R300.00"},0]
[6,"General Worker   ",null,null,"HRS",null,null,{"v":210,"d":"R210.00"},0]
[null,"(Overtime 2)",{"$nulls":6},{"$f":"SUM(I42:I47)","v":0}]
[1,"Techinician",null,null,"HRS",null,null,{"v":900,"d":"R900.00"},{"$f":"SUM(G49*H49)","v":0}]
[2," Senior Artisan  ",null,null,"HRS",null,null,{"v":700,"d":"R700.00"},{"$f":"SUM(G50*H50)","v":0}]
[3,"Artisan  (Trade Tested)",null,null,"HRS",null,null,{"v":600,"d":"R600.00"},0]
[4,"Utility Man (Non - Trade Tested)",null,null,"HRS",null,null,{"v":400,"d":"R400.00"},0]
[5,"Artisan  Aid",null,null,"HRS",null,null,{"v":400,"d":"R400.00"},0]
[6,"General Worker   ",null,null,"HRS",null,null,{"v":280,"d":"R280.00"},0]
[{"$nulls":8},{"$f":"SUM(I49:I54)","v":0}]
["Sub Total C"]
["TRANSPORT"]
["Item 4","Destinantion",null,null,"No of Trips",null,"KMs","Rate","Amount"]
[1,"Office to West End  and back",null,null,1,null,35,{"v":5,"d":"R 5.00"},{"$f":"H59*G59","v":{"v":175,"d":"R 175.00"}}]
[]
["Sub Total D",{"$nulls":7},{"$f":"SUM(I59:I60)","v":{"v":175,"d":"R 175.00"}}]
[]
[{"$nulls":6}," Sub Total (A+B+C+D)",null,{"$f":"I61+I55+I48+I41+I32+I21","v":{"v":1675,"d":"R 1,675.00"}}]
[]
[{"$nulls":6},"Sub Total",null,{"$f":"I63+I64","v":{"v":1675,"d":"R 1,675.00"}}]